{"text_format":"1","workbook":"xlsx","n_sheets":6,"sheets":["Web Prepop","PrePop","52723","Reference","Sheet2","Blank"],"not_rendered":{"charts":0,"images":14,"macros":1,"external_links":0,"defined_names":98,"comments":1,"pivot_tables":0},"unopened":[],"bounds":{"document_bytes":16777216,"sheet_cells":100000,"rows_first":2000,"rows_last":500,"rows_between":2000,"halvings":0,"cell_chars":16384,"cell_head_chars":4096},"cells_cut":0,"cells_raw":0,"read":"whole","date_system":"1900"}

{"sheet":"Web Prepop","index":0,"n_rows":60,"n_cols":164,"rows_kept":60,"cut":false,"hidden":true,"merged":[]}
["PHA Code","PHA Name","PPN","Address","City_Zip","Funding_Period","Sub_Type","ACC","HA_FY","DUNS","ROFO","FA_Name","Filing_Date","FO_Code","Region_Code","Phone","Email","H_Units","H_Unit_+","H_Unit_-","H_Unit_total","H_ColA1","H_ColA2","H_ColA3","H_ColA4","H_ColA5","H_ColA6","H_ColA7","H_ColA8","H_ColA9","H_ColA10","H_ColA11","H_ColA12","H_ColA13","H_ColA15","H_ColB1","H_ColB3","H_ColB4","H_ColB5","H_ColB6","H_ColB6a","H_ColB7","H_ColB8","H_ColB9","H_ColB10","H_ColB14","H_ColB15","H_ColB17","H_ColC1","H_ColC2","H_ColC3","H_ColC4","H_ColC15","H_ColC16","H_A1","H_A2","H_A3","H_A4","H_A5","H_A6","H_A7","H_A8","H_A9","H_A10","H_A11","H_A12","H_A13","H_A14","H_A15","H_A16","H_A17","H_B1","H_B2","H_B3","H_B4","H_C1","H_C2","H_C3","H_C4","H_D1","H_D2","H_D3","H_E1","H_E2","H_E3","H_E4","P_Unit","P_Unit_+","P_Unit_-","P_Unit_total","P_ColA1","P_ColA2","P_ColA3","P_ColA4","P_ColA5","P_ColA6","P_ColA7","P_ColA8","P_ColA9","P_ColA10","P_ColA11","P_ColA12","P_ColA13","P_ColA15","P_ColB1","P_ColB3","P_ColB4","P_ColB5","P_ColB6","P_ColB6a","P_ColB7","P_ColB8","P_ColB9","P_ColB10","P_ColB14","P_ColB15","P_ColB17","P_ColC1","P_ColC2","P_ColC3","P_ColC4","P_ColC15","P_ColC16","P_A1","P_A2","P_A3","P_A4","P_A5","P_A6","P_A7","P_A8","P_A9","P_A10","P_A11","P_A12","P_A13","P_A14","P_A15","P_A16","P_A17","P_B1","P_B2","P_B3","P_B4","P_C1","P_C2","P_C3","P_C4","P_D1","P_D2","P_D3","A_M_Fee","CFR215","CFR190","USC","FYE","PHAUNITS","C2Fact","HUDUNITS","PUMUEL","PUMFFI","CFR990","BOM","H_A7"]
["FL005","Miami Dade Housing Agency","FL005000002","1401 NW 7th Street","Miami, FL 33125","01/01/2011  to 12/31/2011","Orig","A-4252","2011-09-30","136721177","0414","Michael J. Carney","2011-09-08T07:43:09","4DPH / MIAMI HUB OFFICE","04 / SOUTHEAST/CARIBBEAN","305-520-5071","michael.j.carney@hud.gov",null,null,null,null,null,null,null,null,null,null,null,null,null,null,null,null,null,null,null,null,null,null,null,null,null,null,null,null,null,null,null,null,null,null,null,null,null,null,null,null,null,null,null,null,null,null,null,null,null,null,null,null,null,null,null,null,null,null,null,null,null,null,null,null,null,null,null,null,null,null,null,null,null,null,null,null,null,null,null,null,null,null,null,null,null,null,null,null,null,null,null,null,null,null,null,null,null,null,null,null,null,null,null,null,null,null,584.37,1.026,599.55999999999995,null,null,null,null,null,null,null,null,null,null,null,null,null,null,null,null,null,null,null,null,null,null,null,null,null,null,null,null,null,null,null,0,null,null,null,null,null,"Yes"]
["FL005","Miami Dade Housing Agency","FL005000014","1401 NW 7th Street","Miami, FL 33125","01/01/2011  to 12/31/2011","Orig","A-4252","2011-09-30","136721177","0414","Michael J. Carney","2011-09-08T07:43:09","4DPH / MIAMI HUB OFFICE","04 / SOUTHEAST/CARIBBEAN","305-520-5071","michael.j.carney@hud.gov",null,null,null,null,null,null,null,null,null,null,null,null,null,null,null,null,null,null,null,null,null,null,null,null,null,null,null,null,null,null,null,null,null,null,null,null,null,null,null,null,null,null,null,null,null,null,null,null,null,null,null,null,null,null,null,null,null,null,null,null,null,null,null,null,null,null,null,null,null,null,null,null,null,null,null,null,null,null,null,null,null,null,null,null,null,null,null,null,null,null,null,null,null,null,null,null,null,null,null,null,null,null,null,null,null,null,379.02,1.026,388.87,null,null,null,null,null,null,null,null,null,null,null,null,null,null,null,null,null,null,null,null,null,null,null,null,null,null,null,null,null,null,null,0,null,null,null,null,null,"Yes"]
["FL005","Miami Dade Housing Agency","FL005000817","1401 NW 7th Street","Miami, FL 33125","01/01/2011  to 12/31/2011","Orig","A-4252","2011-09-30","136721177","0414","Michael J. Carney","2011-09-08T07:43:09","4DPH / MIAMI HUB OFFICE","04 / SOUTHEAST/CARIBBEAN","305-520-5071","michael.j.carney@hud.gov",null,null,null,null,null,null,null,null,null,null,null,null,null,null,null,null,null,null,null,null,null,null,null,null,null,null,null,null,null,null,null,null,null,null,null,null,null,null,null,null,null,null,null,null,null,null,null,null,null,null,null,null,null,null,null,null,null,null,null,null,null,null,null,null,null,null,null,null,null,null,null,null,null,null,null,null,null,null,null,null,null,null,null,null,null,null,null,null,null,null,null,null,null,null,null,null,null,null,null,null,null,null,null,null,null,null,367.68,1.026,377.24,null,null,null,null,null,null,null,null,null,null,null,null,null,null,null,null,null,null,null,null,null,null,null,null,null,null,null,null,null,null,null,0,null,null,null,null,null,"Yes"]
["FL005","Miami Dade Housing Agency","FL005000821","1401 NW 7th Street","Miami, FL 33125","01/01/2011  to 12/31/2011","Orig","A-4252","2011-09-30","136721177","0414","Michael J. Carney","2011-09-08T07:43:09","4DPH / MIAMI HUB OFFICE","04 / SOUTHEAST/CARIBBEAN","305-520-5071","michael.j.carney@hud.gov",null,null,null,null,null,null,null,null,null,null,null,null,null,null,null,null,null,null,null,null,null,null,null,null,null,null,null,null,null,null,null,null,null,null,null,null,null,null,null,null,null,null,null,null,null,null,null,null,null,null,null,null,null,null,null,null,null,null,null,null,null,null,null,null,null,null,null,null,null,null,null,null,null,null,null,null,null,null,null,null,null,null,null,null,null,null,null,null,null,null,null,null,null,null,null,null,null,null,null,null,null,null,null,null,null,null,423.22,1.026,434.22,null,null,null,null,null,null,null,null,null,null,null,null,null,null,null,null,null,null,null,null,null,null,null,null,null,null,null,null,null,null,null,0,null,null,null,null,null,"Yes"]
["FL005","Miami Dade Housing Agency","FL005000822","1401 NW 7th Street","Miami, FL 33125","01/01/2011  to 12/31/2011","Orig","A-4252","2011-09-30","136721177","0414","Michael J. Carney","2011-09-08T07:43:09","4DPH / MIAMI HUB OFFICE","04 / SOUTHEAST/CARIBBEAN","305-520-5071","michael.j.carney@hud.gov",null,null,null,null,null,null,null,null,null,null,null,null,null,null,null,null,null,null,null,null,null,null,null,null,null,null,null,null,null,null,null,null,null,null,null,null,null,null,null,null,null,null,null,null,null,null,null,null,null,null,null,null,null,null,null,null,null,null,null,null,null,null,null,null,null,null,null,null,null,null,null,null,null,null,null,null,null,null,null,null,null,null,null,null,null,null,null,null,null,null,null,null,null,null,null,null,null,null,null,null,null,null,null,null,null,null,401.23,1.026,411.66,null,null,null,null,null,null,null,null,null,null,null,null,null,null,null,null,null,null,null,null,null,null,null,null,null,null,null,null,null,null,null,0,null,null,null,null,null,"Yes"]
["FL005","Miami Dade Housing Agency","FL005000823","1401 NW 7th Street","Miami, FL 33125","01/01/2011  to 12/31/2011","Orig","A-4252","2011-09-30","136721177","0414","Michael J. Carney","2011-09-08T07:43:09","4DPH / MIAMI HUB OFFICE","04 / SOUTHEAST/CARIBBEAN","305-520-5071","michael.j.carney@hud.gov",null,null,null,null,null,null,null,null,null,null,null,null,null,null,null,null,null,null,null,null,null,null,null,null,null,null,null,null,null,null,null,null,null,null,null,null,null,null,null,null,null,null,null,null,null,null,null,null,null,null,null,null,null,null,null,null,null,null,null,null,null,null,null,null,null,null,null,null,null,null,null,null,null,null,null,null,null,null,null,null,null,null,null,null,null,null,null,null,null,null,null,null,null,null,null,null,null,null,null,null,null,null,null,null,null,null,413.54,1.026,424.29,null,null,null,null,null,null,null,null,null,null,null,null,null,null,null,null,null,null,null,null,null,null,null,null,null,null,null,null,null,null,null,0,null,null,null,null,null,"Yes"]
["FL005","Miami Dade Housing Agency","FL005000824","1401 NW 7th Street","Miami, FL 33125","01/01/2011  to 12/31/2011","Orig","A-4252","2011-09-30","136721177","0414","Michael J. Carney","2011-09-08T07:43:09","4DPH / MIAMI HUB OFFICE","04 / SOUTHEAST/CARIBBEAN","305-520-5071","michael.j.carney@hud.gov",null,null,null,null,null,null,null,null,null,null,null,null,null,null,null,null,null,null,null,null,null,null,null,null,null,null,null,null,null,null,null,null,null,null,null,null,null,null,null,null,null,null,null,null,null,null,null,null,null,null,null,null,null,null,null,null,null,null,null,null,null,null,null,null,null,null,null,null,null,null,null,null,null,null,null,null,null,null,null,null,null,null,null,null,null,null,null,null,null,null,null,null,null,null,null,null,null,null,null,null,null,null,null,null,null,null,545.48,1.026,559.66,null,null,null,null,null,null,null,null,null,null,null,null,null,null,null,null,null,null,null,null,null,null,null,null,null,null,null,null,null,null,null,0,null,null,null,null,null,"Yes"]
["FL005","Miami Dade Housing Agency","FL005000825","1401 NW 7th Street","Miami, FL 33125","01/01/2011  to 12/31/2011","Orig","A-4252","2011-09-30","136721177","0414","Michael J. Carney","2011-09-08T07:43:09","4DPH / MIAMI HUB OFFICE","04 / SOUTHEAST/CARIBBEAN","305-520-5071","michael.j.carney@hud.gov",null,null,null,null,null,null,null,null,null,null,null,null,null,null,null,null,null,null,null,null,null,null,null,null,null,null,null,null,null,null,null,null,null,null,null,null,null,null,null,null,null,null,null,null,null,null,null,null,null,null,null,null,null,null,null,null,null,null,null,null,null,null,null,null,null,null,null,null,null,null,null,null,null,null,null,null,null,null,null,null,null,null,null,null,null,null,null,null,null,null,null,null,null,null,null,null,null,null,null,null,null,null,null,null,null,null,367.82,1.026,377.38,null,null,null,null,null,null,null,null,null,null,null,null,null,null,null,null,null,null,null,null,null,null,null,null,null,null,null,null,null,null,null,0,null,null,null,null,null,"Yes"]
["FL005","Miami Dade Housing Agency","FL005000826","1401 NW 7th Street","Miami, FL 33125","01/01/2011  to 12/31/2011","Orig","A-4252","2011-09-30","136721177","0414","Michael J. Carney","2011-09-08T07:43:09","4DPH / MIAMI HUB OFFICE","04 / SOUTHEAST/CARIBBEAN","305-520-5071","michael.j.carney@hud.gov",null,null,null,null,null,null,null,null,null,null,null,null,null,null,null,null,null,null,null,null,null,null,null,null,null,null,null,null,null,null,null,null,null,null,null,null,null,null,null,null,null,null,null,null,null,null,null,null,null,null,null,null,null,null,null,null,null,null,null,null,null,null,null,null,null,null,null,null,null,null,null,null,null,null,null,null,null,null,null,null,null,null,null,null,null,null,null,null,null,null,null,null,null,null,null,null,null,null,null,null,null,null,null,null,null,null,380.12,1.026,390,null,null,null,null,null,null,null,null,null,null,null,null,null,null,null,null,null,null,null,null,null,null,null,null,null,null,null,null,null,null,null,0,null,null,null,null,null,"Yes"]
["FL005","Miami Dade Housing Agency","FL005000827","1401 NW 7th Street","Miami, FL 33125","01/01/2011  to 12/31/2011","Orig","A-4252","2011-09-30","136721177","0414","Michael J. Carney","2011-09-08T07:43:09","4DPH / MIAMI HUB OFFICE","04 / SOUTHEAST/CARIBBEAN","305-520-5071","michael.j.carney@hud.gov",null,null,null,null,null,null,null,null,null,null,null,null,null,null,null,null,null,null,null,null,null,null,null,null,null,null,null,null,null,null,null,null,null,null,null,null,null,null,null,null,null,null,null,null,null,null,null,null,null,null,null,null,null,null,null,null,null,null,null,null,null,null,null,null,null,null,null,null,null,null,null,null,null,null,null,null,null,null,null,null,null,null,null,null,null,null,null,null,null,null,null,null,null,null,null,null,null,null,null,null,null,null,null,null,null,null,515.37,1.026,528.77,null,null,null,null,null,null,null,null,null,null,null,null,null,null,null,null,null,null,null,null,null,null,null,null,null,null,null,null,null,null,null,0,null,null,null,null,null,"Yes"]
["FL005","Miami Dade Housing Agency","FL005000828","1401 NW 7th Street","Miami, FL 33125","01/01/2011  to 12/31/2011","Orig","A-4252","2011-09-30","136721177","0414","Michael J. Carney","2011-09-08T07:43:09","4DPH / MIAMI HUB OFFICE","04 / SOUTHEAST/CARIBBEAN","305-520-5071","michael.j.carney@hud.gov",null,null,null,null,null,null,null,null,null,null,null,null,null,null,null,null,null,null,null,null,null,null,null,null,null,null,null,null,null,null,null,null,null,null,null,null,null,null,null,null,null,null,null,null,null,null,null,null,null,null,null,null,null,null,null,null,null,null,null,null,null,null,null,null,null,null,null,null,null,null,null,null,null,null,null,null,null,null,null,null,null,null,null,null,null,null,null,null,null,null,null,null,null,null,null,null,null,null,null,null,null,null,null,null,null,null,413.54,1.026,424.29,null,null,null,null,null,null,null,null,null,null,null,null,null,null,null,null,null,null,null,null,null,null,null,null,null,null,null,null,null,null,null,0,null,null,null,null,null,"Yes"]
["FL005","Miami Dade Housing Agency","FL005000829","1401 NW 7th Street","Miami, FL 33125","01/01/2011  to 12/31/2011","Orig","A-4252","2011-09-30","136721177","0414","Michael J. Carney","2011-09-08T07:43:09","4DPH / MIAMI HUB OFFICE","04 / SOUTHEAST/CARIBBEAN","305-520-5071","michael.j.carney@hud.gov",null,null,null,null,null,null,null,null,null,null,null,null,null,null,null,null,null,null,null,null,null,null,null,null,null,null,null,null,null,null,null,null,null,null,null,null,null,null,null,null,null,null,null,null,null,null,null,null,null,null,null,null,null,null,null,null,null,null,null,null,null,null,null,null,null,null,null,null,null,null,null,null,null,null,null,null,null,null,null,null,null,null,null,null,null,null,null,null,null,null,null,null,null,null,null,null,null,null,null,null,null,null,null,null,null,null,471.58,1.026,483.84,null,null,null,null,null,null,null,null,null,null,null,null,null,null,null,null,null,null,null,null,null,null,null,null,null,null,null,null,null,null,null,0,null,null,null,null,null,"Yes"]
["FL005","Miami Dade Housing Agency","FL005000830","1401 NW 7th Street","Miami, FL 33125","01/01/2011  to 12/31/2011","Orig","A-4252","2011-09-30","136721177","0414","Michael J. Carney","2011-09-08T07:43:09","4DPH / MIAMI HUB OFFICE","04 / SOUTHEAST/CARIBBEAN","305-520-5071","michael.j.carney@hud.gov",null,null,null,null,null,null,null,null,null,null,null,null,null,null,null,null,null,null,null,null,null,null,null,null,null,null,null,null,null,null,null,null,null,null,null,null,null,null,null,null,null,null,null,null,null,null,null,null,null,null,null,null,null,null,null,null,null,null,null,null,null,null,null,null,null,null,null,null,null,null,null,null,null,null,null,null,null,null,null,null,null,null,null,null,null,null,null,null,null,null,null,null,null,null,null,null,null,null,null,null,null,null,null,null,null,null,461.13,1.026,473.12,null,null,null,null,null,null,null,null,null,null,null,null,null,null,null,null,null,null,null,null,null,null,null,null,null,null,null,null,null,null,null,0,null,null,null,null,null,"Yes"]
["FL005","Miami Dade Housing Agency","FL005000831","1401 NW 7th Street","Miami, FL 33125","01/01/2011  to 12/31/2011","Orig","A-4252","2011-09-30","136721177","0414","Michael J. Carney","2011-09-08T07:43:09","4DPH / MIAMI HUB OFFICE","04 / SOUTHEAST/CARIBBEAN","305-520-5071","michael.j.carney@hud.gov",null,null,null,null,null,null,null,null,null,null,null,null,null,null,null,null,null,null,null,null,null,null,null,null,null,null,null,null,null,null,null,null,null,null,null,null,null,null,null,null,null,null,null,null,null,null,null,null,null,null,null,null,null,null,null,null,null,null,null,null,null,null,null,null,null,null,null,null,null,null,null,null,null,null,null,null,null,null,null,null,null,null,null,null,null,null,null,null,null,null,null,null,null,null,null,null,null,null,null,null,null,null,null,null,null,null,513.77,1.026,527.13,null,null,null,null,null,null,null,null,null,null,null,null,null,null,null,null,null,null,null,null,null,null,null,null,null,null,null,null,null,null,null,0,null,null,null,null,null,"Yes"]
["FL005","Miami Dade Housing Agency","FL005000832","1401 NW 7th Street","Miami, FL 33125","01/01/2011  to 12/31/2011","Orig","A-4252","2011-09-30","136721177","0414","Michael J. Carney","2011-09-08T07:43:09","4DPH / MIAMI HUB OFFICE","04 / SOUTHEAST/CARIBBEAN","305-520-5071","michael.j.carney@hud.gov",null,null,null,null,null,null,null,null,null,null,null,null,null,null,null,null,null,null,null,null,null,null,null,null,null,null,null,null,null,null,null,null,null,null,null,null,null,null,null,null,null,null,null,null,null,null,null,null,null,null,null,null,null,null,null,null,null,null,null,null,null,null,null,null,null,null,null,null,null,null,null,null,null,null,null,null,null,null,null,null,null,null,null,null,null,null,null,null,null,null,null,null,null,null,null,null,null,null,null,null,null,null,null,null,null,null,369.28,1.026,378.88,null,null,null,null,null,null,null,null,null,null,null,null,null,null,null,null,null,null,null,null,null,null,null,null,null,null,null,null,null,null,null,0,null,null,null,null,null,"Yes"]
["FL005","Miami Dade Housing Agency","FL005000833","1401 NW 7th Street","Miami, FL 33125","01/01/2011  to 12/31/2011","Orig","A-4252","2011-09-30","136721177","0414","Michael J. Carney","2011-09-08T07:43:09","4DPH / MIAMI HUB OFFICE","04 / SOUTHEAST/CARIBBEAN","305-520-5071","michael.j.carney@hud.gov",null,null,null,null,null,null,null,null,null,null,null,null,null,null,null,null,null,null,null,null,null,null,null,null,null,null,null,null,null,null,null,null,null,null,null,null,null,null,null,null,null,null,null,null,null,null,null,null,null,null,null,null,null,null,null,null,null,null,null,null,null,null,null,null,null,null,null,null,null,null,null,null,null,null,null,null,null,null,null,null,null,null,null,null,null,null,null,null,null,null,null,null,null,null,null,null,null,null,null,null,null,null,null,null,null,null,379.95,1.026,389.83,null,null,null,null,null,null,null,null,null,null,null,null,null,null,null,null,null,null,null,null,null,null,null,null,null,null,null,null,null,null,null,0,null,null,null,null,null,"Yes"]
["FL005","Miami Dade Housing Agency","FL005000834","1401 NW 7th Street","Miami, FL 33125","01/01/2011  to 12/31/2011","Orig","A-4252","2011-09-30","136721177","0414","Michael J. Carney","2011-09-08T07:43:09","4DPH / MIAMI HUB OFFICE","04 / SOUTHEAST/CARIBBEAN","305-520-5071","michael.j.carney@hud.gov",null,null,null,null,null,null,null,null,null,null,null,null,null,null,null,null,null,null,null,null,null,null,null,null,null,null,null,null,null,null,null,null,null,null,null,null,null,null,null,null,null,null,null,null,null,null,null,null,null,null,null,null,null,null,null,null,null,null,null,null,null,null,null,null,null,null,null,null,null,null,null,null,null,null,null,null,null,null,null,null,null,null,null,null,null,null,null,null,null,null,null,null,null,null,null,null,null,null,null,null,null,null,null,null,null,null,372.5,1.026,382.19,null,null,null,null,null,null,null,null,null,null,null,null,null,null,null,null,null,null,null,null,null,null,null,null,null,null,null,null,null,null,null,0,null,null,null,null,null,"Yes"]
["FL005","Miami Dade Housing Agency","FL005000835","1401 NW 7th Street","Miami, FL 33125","01/01/2011  to 12/31/2011","Orig","A-4252","2011-09-30","136721177","0414","Michael J. Carney","2011-09-08T07:43:09","4DPH / MIAMI HUB OFFICE","04 / SOUTHEAST/CARIBBEAN","305-520-5071","michael.j.carney@hud.gov",null,null,null,null,null,null,null,null,null,null,null,null,null,null,null,null,null,null,null,null,null,null,null,null,null,null,null,null,null,null,null,null,null,null,null,null,null,null,null,null,null,null,null,null,null,null,null,null,null,null,null,null,null,null,null,null,null,null,null,null,null,null,null,null,null,null,null,null,null,null,null,null,null,null,null,null,null,null,null,null,null,null,null,null,null,null,null,null,null,null,null,null,null,null,null,null,null,null,null,null,null,null,null,null,null,null,363.06,1.026,372.5,null,null,null,null,null,null,null,null,null,null,null,null,null,null,null,null,null,null,null,null,null,null,null,null,null,null,null,null,null,null,null,0,null,null,null,null,null,"Yes"]
["FL005","Miami Dade Housing Agency","FL005000836","1401 NW 7th Street","Miami, FL 33125","01/01/2011  to 12/31/2011","Orig","A-4252","2011-09-30","136721177","0414","Michael J. Carney","2011-09-08T07:43:09","4DPH / MIAMI HUB OFFICE","04 / SOUTHEAST/CARIBBEAN","305-520-5071","michael.j.carney@hud.gov",null,null,null,null,null,null,null,null,null,null,null,null,null,null,null,null,null,null,null,null,null,null,null,null,null,null,null,null,null,null,null,null,null,null,null,null,null,null,null,null,null,null,null,null,null,null,null,null,null,null,null,null,null,null,null,null,null,null,null,null,null,null,null,null,null,null,null,null,null,null,null,null,null,null,null,null,null,null,null,null,null,null,null,null,null,null,null,null,null,null,null,null,null,null,null,null,null,null,null,null,null,null,null,null,null,null,367.71,1.026,377.27,null,null,null,null,null,null,null,null,null,null,null,null,null,null,null,null,null,null,null,null,null,null,null,null,null,null,null,null,null,null,null,0,null,null,null,null,null,"Yes"]
["FL005","Miami Dade Housing Agency","FL005000837","1401 NW 7th Street","Miami, FL 33125","01/01/2011  to 12/31/2011","Orig","A-4252","2011-09-30","136721177","0414","Michael J. Carney","2011-09-08T07:43:09","4DPH / MIAMI HUB OFFICE","04 / SOUTHEAST/CARIBBEAN","305-520-5071","michael.j.carney@hud.gov",null,null,null,null,null,null,null,null,null,null,null,null,null,null,null,null,null,null,null,null,null,null,null,null,null,null,null,null,null,null,null,null,null,null,null,null,null,null,null,null,null,null,null,null,null,null,null,null,null,null,null,null,null,null,null,null,null,null,null,null,null,null,null,null,null,null,null,null,null,null,null,null,null,null,null,null,null,null,null,null,null,null,null,null,null,null,null,null,null,null,null,null,null,null,null,null,null,null,null,null,null,null,null,null,null,null,366,1.026,375.52,null,null,null,null,null,null,null,null,null,null,null,null,null,null,null,null,null,null,null,null,null,null,null,null,null,null,null,null,null,null,null,0,null,null,null,null,null,"Yes"]
["FL005","Miami Dade Housing Agency","FL005000838","1401 NW 7th Street","Miami, FL 33125","01/01/2011  to 12/31/2011","Orig","A-4252","2011-09-30","136721177","0414","Michael J. Carney","2011-09-08T07:43:09","4DPH / MIAMI HUB OFFICE","04 / SOUTHEAST/CARIBBEAN","305-520-5071","michael.j.carney@hud.gov",null,null,null,null,null,null,null,null,null,null,null,null,null,null,null,null,null,null,null,null,null,null,null,null,null,null,null,null,null,null,null,null,null,null,null,null,null,null,null,null,null,null,null,null,null,null,null,null,null,null,null,null,null,null,null,null,null,null,null,null,null,null,null,null,null,null,null,null,null,null,null,null,null,null,null,null,null,null,null,null,null,null,null,null,null,null,null,null,null,null,null,null,null,null,null,null,null,null,null,null,null,null,null,null,null,null,366,1.026,375.52,null,null,null,null,null,null,null,null,null,null,null,null,null,null,null,null,null,null,null,null,null,null,null,null,null,null,null,null,null,null,null,0,null,null,null,null,null,"Yes"]
["FL005","Miami Dade Housing Agency","FL005000839","1401 NW 7th Street","Miami, FL 33125","01/01/2011  to 12/31/2011","Orig","A-4252","2011-09-30","136721177","0414","Michael J. Carney","2011-09-08T07:43:09","4DPH / MIAMI HUB OFFICE","04 / SOUTHEAST/CARIBBEAN","305-520-5071","michael.j.carney@hud.gov",null,null,null,null,null,null,null,null,null,null,null,null,null,null,null,null,null,null,null,null,null,null,null,null,null,null,null,null,null,null,null,null,null,null,null,null,null,null,null,null,null,null,null,null,null,null,null,null,null,null,null,null,null,null,null,null,null,null,null,null,null,null,null,null,null,null,null,null,null,null,null,null,null,null,null,null,null,null,null,null,null,null,null,null,null,null,null,null,null,null,null,null,null,null,null,null,null,null,null,null,null,null,null,null,null,null,365.36,1.026,374.86,null,null,null,null,null,null,null,null,null,null,null,null,null,null,null,null,null,null,null,null,null,null,null,null,null,null,null,null,null,null,null,0,null,null,null,null,null,"Yes"]
["FL005","Miami Dade Housing Agency","FL005000840","1401 NW 7th Street","Miami, FL 33125","01/01/2011  to 12/31/2011","Orig","A-4252","2011-09-30","136721177","0414","Michael J. Carney","2011-09-08T07:43:09","4DPH / MIAMI HUB OFFICE","04 / SOUTHEAST/CARIBBEAN","305-520-5071","michael.j.carney@hud.gov",null,null,null,null,null,null,null,null,null,null,null,null,null,null,null,null,null,null,null,null,null,null,null,null,null,null,null,null,null,null,null,null,null,null,null,null,null,null,null,null,null,null,null,null,null,null,null,null,null,null,null,null,null,null,null,null,null,null,null,null,null,null,null,null,null,null,null,null,null,null,null,null,null,null,null,null,null,null,null,null,null,null,null,null,null,null,null,null,null,null,null,null,null,null,null,null,null,null,null,null,null,null,null,null,null,null,374.55,1.026,384.29,null,null,null,null,null,null,null,null,null,null,null,null,null,null,null,null,null,null,null,null,null,null,null,null,null,null,null,null,null,null,null,0,null,null,null,null,null,"Yes"]
["FL005","Miami Dade Housing Agency","FL005000841","1401 NW 7th Street","Miami, FL 33125","01/01/2011  to 12/31/2011","Orig","A-4252","2011-09-30","136721177","0414","Michael J. Carney","2011-09-08T07:43:09","4DPH / MIAMI HUB OFFICE","04 / SOUTHEAST/CARIBBEAN","305-520-5071","michael.j.carney@hud.gov",null,null,null,null,null,null,null,null,null,null,null,null,null,null,null,null,null,null,null,null,null,null,null,null,null,null,null,null,null,null,null,null,null,null,null,null,null,null,null,null,null,null,null,null,null,null,null,null,null,null,null,null,null,null,null,null,null,null,null,null,null,null,null,null,null,null,null,null,null,null,null,null,null,null,null,null,null,null,null,null,null,null,null,null,null,null,null,null,null,null,null,null,null,null,null,null,null,null,null,null,null,null,null,null,null,null,531.83000000000004,1.026,545.66,null,null,null,null,null,null,null,null,null,null,null,null,null,null,null,null,null,null,null,null,null,null,null,null,null,null,null,null,null,null,null,0,null,null,null,null,null,"Yes"]
["FL005","Miami Dade Housing Agency","FL005000842","1401 NW 7th Street","Miami, FL 33125","01/01/2011  to 12/31/2011","Orig","A-4252","2011-09-30","136721177","0414","Michael J. Carney","2011-09-08T07:43:09","4DPH / MIAMI HUB OFFICE","04 / SOUTHEAST/CARIBBEAN","305-520-5071","michael.j.carney@hud.gov",null,null,null,null,null,null,null,null,null,null,null,null,null,null,null,null,null,null,null,null,null,null,null,null,null,null,null,null,null,null,null,null,null,null,null,null,null,null,null,null,null,null,null,null,null,null,null,null,null,null,null,null,null,null,null,null,null,null,null,null,null,null,null,null,null,null,null,null,null,null,null,null,null,null,null,null,null,null,null,null,null,null,null,null,null,null,null,null,null,null,null,null,null,null,null,null,null,null,null,null,null,null,null,null,null,null,385.99,1.026,396.03,null,null,null,null,null,null,null,null,null,null,null,null,null,null,null,null,null,null,null,null,null,null,null,null,null,null,null,null,null,null,null,0,null,null,null,null,null,"Yes"]
["FL005","Miami Dade Housing Agency","FL005000843","1401 NW 7th Street","Miami, FL 33125","01/01/2011  to 12/31/2011","Orig","A-4252","2011-09-30","136721177","0414","Michael J. Carney","2011-09-08T07:43:09","4DPH / MIAMI HUB OFFICE","04 / SOUTHEAST/CARIBBEAN","305-520-5071","michael.j.carney@hud.gov",null,null,null,null,null,null,null,null,null,null,null,null,null,null,null,null,null,null,null,null,null,null,null,null,null,null,null,null,null,null,null,null,null,null,null,null,null,null,null,null,null,null,null,null,null,null,null,null,null,null,null,null,null,null,null,null,null,null,null,null,null,null,null,null,null,null,null,null,null,null,null,null,null,null,null,null,null,null,null,null,null,null,null,null,null,null,null,null,null,null,null,null,null,null,null,null,null,null,null,null,null,null,null,null,null,null,460.6,1.026,472.58,null,null,null,null,null,null,null,null,null,null,null,null,null,null,null,null,null,null,null,null,null,null,null,null,null,null,null,null,null,null,null,0,null,null,null,null,null,"Yes"]
["FL005","Miami Dade Housing Agency","FL005000844","1401 NW 7th Street","Miami, FL 33125","01/01/2011  to 12/31/2011","Orig","A-4252","2011-09-30","136721177","0414","Michael J. Carney","2011-09-08T07:43:09","4DPH / MIAMI HUB OFFICE","04 / SOUTHEAST/CARIBBEAN","305-520-5071","michael.j.carney@hud.gov",null,null,null,null,null,null,null,null,null,null,null,null,null,null,null,null,null,null,null,null,null,null,null,null,null,null,null,null,null,null,null,null,null,null,null,null,null,null,null,null,null,null,null,null,null,null,null,null,null,null,null,null,null,null,null,null,null,null,null,null,null,null,null,null,null,null,null,null,null,null,null,null,null,null,null,null,null,null,null,null,null,null,null,null,null,null,null,null,null,null,null,null,null,null,null,null,null,null,null,null,null,null,null,null,null,null,438.6,1.026,450,null,null,null,null,null,null,null,null,null,null,null,null,null,null,null,null,null,null,null,null,null,null,null,null,null,null,null,null,null,null,null,0,null,null,null,null,null,"Yes"]
["FL005","Miami Dade Housing Agency","FL005000845","1401 NW 7th Street","Miami, FL 33125","01/01/2011  to 12/31/2011","Orig","A-4252","2011-09-30","136721177","0414","Michael J. Carney","2011-09-08T07:43:09","4DPH / MIAMI HUB OFFICE","04 / SOUTHEAST/CARIBBEAN","305-520-5071","michael.j.carney@hud.gov",null,null,null,null,null,null,null,null,null,null,null,null,null,null,null,null,null,null,null,null,null,null,null,null,null,null,null,null,null,null,null,null,null,null,null,null,null,null,null,null,null,null,null,null,null,null,null,null,null,null,null,null,null,null,null,null,null,null,null,null,null,null,null,null,null,null,null,null,null,null,null,null,null,null,null,null,null,null,null,null,null,null,null,null,null,null,null,null,null,null,null,null,null,null,null,null,null,null,null,null,null,null,null,null,null,null,490.72,1.026,503.48,null,null,null,null,null,null,null,null,null,null,null,null,null,null,null,null,null,null,null,null,null,null,null,null,null,null,null,null,null,null,null,0,null,null,null,null,null,"Yes"]
["FL005","Miami Dade Housing Agency","FL005000846","1401 NW 7th Street","Miami, FL 33125","01/01/2011  to 12/31/2011","Orig","A-4252","2011-09-30","136721177","0414","Michael J. Carney","2011-09-08T07:43:09","4DPH / MIAMI HUB OFFICE","04 / SOUTHEAST/CARIBBEAN","305-520-5071","michael.j.carney@hud.gov",null,null,null,null,null,null,null,null,null,null,null,null,null,null,null,null,null,null,null,null,null,null,null,null,null,null,null,null,null,null,null,null,null,null,null,null,null,null,null,null,null,null,null,null,null,null,null,null,null,null,null,null,null,null,null,null,null,null,null,null,null,null,null,null,null,null,null,null,null,null,null,null,null,null,null,null,null,null,null,null,null,null,null,null,null,null,null,null,null,null,null,null,null,null,null,null,null,null,null,null,null,null,null,null,null,null,451.87,1.026,463.62,null,null,null,null,null,null,null,null,null,null,null,null,null,null,null,null,null,null,null,null,null,null,null,null,null,null,null,null,null,null,null,0,null,null,null,null,null,"Yes"]
["FL005","Miami Dade Housing Agency","FL005000847","1401 NW 7th Street","Miami, FL 33125","01/01/2011  to 12/31/2011","Orig","A-4252","2011-09-30","136721177","0414","Michael J. Carney","2011-09-08T07:43:09","4DPH / MIAMI HUB OFFICE","04 / SOUTHEAST/CARIBBEAN","305-520-5071","michael.j.carney@hud.gov",null,null,null,null,null,null,null,null,null,null,null,null,null,null,null,null,null,null,null,null,null,null,null,null,null,null,null,null,null,null,null,null,null,null,null,null,null,null,null,null,null,null,null,null,null,null,null,null,null,null,null,null,null,null,null,null,null,null,null,null,null,null,null,null,null,null,null,null,null,null,null,null,null,null,null,null,null,null,null,null,null,null,null,null,null,null,null,null,null,null,null,null,null,null,null,null,null,null,null,null,null,null,null,null,null,null,468.77,1.026,480.96,null,null,null,null,null,null,null,null,null,null,null,null,null,null,null,null,null,null,null,null,null,null,null,null,null,null,null,null,null,null,null,0,null,null,null,null,null,"Yes"]
["MI001","Detroit Housing Commission","MI001000078","1301 E Jefferson Avenue","Detroit, MI 48207","01/01/2011  to 12/31/2011","Orig","118271910","2011-06-30","830516790","0528","Belinda B. Francisco","2011-08-19T13:24:04","5FPH / DETROIT HUB OFFICE","05 / MIDWEST","312-913-8328","belinda.francisco@hud.gov",null,null,null,null,null,null,null,null,null,null,null,null,null,null,null,null,null,null,null,null,null,null,null,null,null,null,null,null,null,null,null,null,null,null,null,null,null,null,null,null,null,null,null,null,null,null,null,null,null,null,null,null,null,null,null,null,null,null,null,null,null,null,null,null,null,null,null,null,null,null,null,null,null,null,null,null,null,null,null,null,null,null,null,null,null,null,null,null,null,null,null,null,null,null,null,null,null,null,null,null,null,null,null,null,null,null,375.84,1.0309999999999999,387.49,null,null,null,null,null,null,null,null,null,null,null,null,null,null,null,null,null,null,null,null,null,null,null,null,null,null,null,null,null,null,null,23.58,null,null,null,null,null,"No"]
["MI001","Detroit Housing Commission","MI001000079","1301 E Jefferson Avenue","Detroit, MI 48207","01/01/2011  to 12/31/2011","Orig","118271910","2011-06-30","830516790","0528","Belinda B. Francisco","2011-08-19T13:24:04","5FPH / DETROIT HUB OFFICE","05 / MIDWEST","312-913-8328","belinda.francisco@hud.gov",null,null,null,null,null,null,null,null,null,null,null,null,null,null,null,null,null,null,null,null,null,null,null,null,null,null,null,null,null,null,null,null,null,null,null,null,null,null,null,null,null,null,null,null,null,null,null,null,null,null,null,null,null,null,null,null,null,null,null,null,null,null,null,null,null,null,null,null,null,null,null,null,null,null,null,null,null,null,null,null,null,null,null,null,null,null,null,null,null,null,null,null,null,null,null,null,null,null,null,null,null,null,null,null,null,null,390.85,1.0309999999999999,402.97,null,null,null,null,null,null,null,null,null,null,null,null,null,null,null,null,null,null,null,null,null,null,null,null,null,null,null,null,null,null,null,23.58,null,null,null,null,null,"No"]
["MI001","Detroit Housing Commission","MI001000088","1301 E Jefferson Avenue","Detroit, MI 48207","01/01/2011  to 12/31/2011","Orig","118271910","2011-06-30","830516790","0528","Belinda B. Francisco","2011-08-19T13:24:04","5FPH / DETROIT HUB OFFICE","05 / MIDWEST","312-913-8328","belinda.francisco@hud.gov",null,null,null,null,null,null,null,null,null,null,null,null,null,null,null,null,null,null,null,null,null,null,null,null,null,null,null,null,null,null,null,null,null,null,null,null,null,null,null,null,null,null,null,null,null,null,null,null,null,null,null,null,null,null,null,null,null,null,null,null,null,null,null,null,null,null,null,null,null,null,null,null,null,null,null,null,null,null,null,null,null,null,null,null,null,null,null,null,null,null,null,null,null,null,null,null,null,null,null,null,null,null,null,null,null,null,389.71,1.0309999999999999,401.79,null,null,null,null,null,null,null,null,null,null,null,null,null,null,null,null,null,null,null,null,null,null,null,null,null,null,null,null,null,null,null,23.58,null,null,null,null,null,"No"]
["NV018","Southern Nevada Regional Housing Authority","NV018002301",null,"Las Vegas, 89101 ","01/01/2011  to 12/31/2011","Orig","SF-203","2011-09-30",null,null,"Richard Kim",null,"9APH / SAN FRANCISCO HUB OFFICE","09 / PACIFIC/HAWAII",null,null,null,null,null,null,null,null,null,null,null,null,null,null,null,null,null,null,null,null,null,null,null,null,null,null,null,null,null,null,null,null,null,null,null,null,null,null,null,null,null,null,null,null,null,null,null,null,null,null,null,null,null,null,null,null,null,null,null,null,null,null,null,null,null,null,null,null,null,null,null,null,null,null,null,null,null,null,null,null,null,null,null,null,null,null,null,null,null,null,null,null,null,null,null,null,null,null,null,null,null,null,null,null,null,null,null,null,305.66000000000003,1.04,317.89,null,null,null,null,null,null,null,null,null,null,null,null,null,null,null,null,null,null,null,null,null,null,null,null,null,null,null,null,null,null,null,0,null,null,null,null,null,"No"]
["NV018","Southern Nevada Regional Housing Authority","NV018002302",null,"Las Vegas, 89101 ","01/01/2011  to 12/31/2011","Orig","SF-203","2011-09-30",null,null,"Richard Kim",null,"9APH / SAN FRANCISCO HUB OFFICE","09 / PACIFIC/HAWAII",null,null,null,null,null,null,null,null,null,null,null,null,null,null,null,null,null,null,null,null,null,null,null,null,null,null,null,null,null,null,null,null,null,null,null,null,null,null,null,null,null,null,null,null,null,null,null,null,null,null,null,null,null,null,null,null,null,null,null,null,null,null,null,null,null,null,null,null,null,null,null,null,null,null,null,null,null,null,null,null,null,null,null,null,null,null,null,null,null,null,null,null,null,null,null,null,null,null,null,null,null,null,null,null,null,null,null,null,340.87,1.04,354.5,null,null,null,null,null,null,null,null,null,null,null,null,null,null,null,null,null,null,null,null,null,null,null,null,null,null,null,null,null,null,null,0,null,null,null,null,null,"No"]
["NV018","Southern Nevada Regional Housing Authority","NV018002303",null,"Las Vegas, 89101","01/01/2011  to 12/31/2011","Orig","SF-203","2011-09-30",null,null,"Richard Kim",null,"9APH / SAN FRANCISCO HUB OFFICE","9 / PACIFIC/HAWAII",null,null,null,null,null,null,null,null,null,null,null,null,null,null,null,null,null,null,null,null,null,null,null,null,null,null,null,null,null,null,null,null,null,null,null,null,null,null,null,null,null,null,null,null,null,null,null,null,null,null,null,null,null,null,null,null,null,null,null,null,null,null,null,null,null,null,null,null,null,null,null,null,null,null,null,null,null,null,null,null,null,null,null,null,null,null,null,null,null,null,null,null,null,null,null,null,null,null,null,null,null,null,null,null,null,null,null,null,299.87,1.04,311.86,null,null,null,null,null,null,null,null,null,null,null,null,null,null,null,null,null,null,null,null,null,null,null,null,null,null,null,null,null,null,null,0,null,null,null,null,null,"No"]
["NV018","Southern Nevada Regional Housing Authority","NV018002304",null,"Las Vegas, 89101","01/01/2011  to 12/31/2011","Orig","SF-203","2011-09-30",null,null,"Richard Kim",null,"9APH / SAN FRANCISCO HUB OFFICE","9 / PACIFIC/HAWAII",null,null,null,null,null,null,null,null,null,null,null,null,null,null,null,null,null,null,null,null,null,null,null,null,null,null,null,null,null,null,null,null,null,null,null,null,null,null,null,null,null,null,null,null,null,null,null,null,null,null,null,null,null,null,null,null,null,null,null,null,null,null,null,null,null,null,null,null,null,null,null,null,null,null,null,null,null,null,null,null,null,null,null,null,null,null,null,null,null,null,null,null,null,null,null,null,null,null,null,null,null,null,null,null,null,null,null,null,436.43,1.04,453.89,null,null,null,null,null,null,null,null,null,null,null,null,null,null,null,null,null,null,null,null,null,null,null,null,null,null,null,null,null,null,null,0,null,null,null,null,null,"No"]
["NV018","Southern Nevada Regional Housing Authority","NV018002306",null,"Las Vegas, 89101","01/01/2011  to 12/31/2011","Orig","SF-203","2011-09-30",null,null,"Richard Kim",null,"9APH / SAN FRANCISCO HUB OFFICE","9 / PACIFIC/HAWAII",null,null,null,null,null,null,null,null,null,null,null,null,null,null,null,null,null,null,null,null,null,null,null,null,null,null,null,null,null,null,null,null,null,null,null,null,null,null,null,null,null,null,null,null,null,null,null,null,null,null,null,null,null,null,null,null,null,null,null,null,null,null,null,null,null,null,null,null,null,null,null,null,null,null,null,null,null,null,null,null,null,null,null,null,null,null,null,null,null,null,null,null,null,null,null,null,null,null,null,null,null,null,null,null,null,null,null,null,323.66000000000003,1.04,336.61,null,null,null,null,null,null,null,null,null,null,null,null,null,null,null,null,null,null,null,null,null,null,null,null,null,null,null,null,null,null,null,0,null,null,null,null,null,"No"]
["NV018","Southern Nevada Regional Housing Authority","NV018002307",null,"Las Vegas, 89101","01/01/2011  to 12/31/2011","Orig","SF-203","2011-09-30",null,null,"Richard Kim",null,"9APH / SAN FRANCISCO HUB OFFICE","9 / PACIFIC/HAWAII",null,null,null,null,null,null,null,null,null,null,null,null,null,null,null,null,null,null,null,null,null,null,null,null,null,null,null,null,null,null,null,null,null,null,null,null,null,null,null,null,null,null,null,null,null,null,null,null,null,null,null,null,null,null,null,null,null,null,null,null,null,null,null,null,null,null,null,null,null,null,null,null,null,null,null,null,null,null,null,null,null,null,null,null,null,null,null,null,null,null,null,null,null,null,null,null,null,null,null,null,null,null,null,null,null,null,null,null,323.44,1.04,336.38,null,null,null,null,null,null,null,null,null,null,null,null,null,null,null,null,null,null,null,null,null,null,null,null,null,null,null,null,null,null,null,0,null,null,null,null,null,"No"]
["NV018","Southern Nevada Regional Housing Authority","NV018002308",null,"Las Vegas, 89101","01/01/2011  to 12/31/2011","Orig","SF-203","2011-09-30",null,null,"Richard Kim",null,"9APH / SAN FRANCISCO HUB OFFICE","9 / PACIFIC/HAWAII",null,null,null,null,null,null,null,null,null,null,null,null,null,null,null,null,null,null,null,null,null,null,null,null,null,null,null,null,null,null,null,null,null,null,null,null,null,null,null,null,null,null,null,null,null,null,null,null,null,null,null,null,null,null,null,null,null,null,null,null,null,null,null,null,null,null,null,null,null,null,null,null,null,null,null,null,null,null,null,null,null,null,null,null,null,null,null,null,null,null,null,null,null,null,null,null,null,null,null,null,null,null,null,null,null,null,null,null,453.07,1.04,471.19,null,null,null,null,null,null,null,null,null,null,null,null,null,null,null,null,null,null,null,null,null,null,null,null,null,null,null,null,null,null,null,0,null,null,null,null,null,"No"]
["NV018","Southern Nevada Regional Housing Authority","NV018002309",null,"Las Vegas, 89101","01/01/2011  to 12/31/2011","Orig","SF-203","2011-09-30",null,null,"Richard Kim",null,"9APH / SAN FRANCISCO HUB OFFICE","9 / PACIFIC/HAWAII",null,null,null,null,null,null,null,null,null,null,null,null,null,null,null,null,null,null,null,null,null,null,null,null,null,null,null,null,null,null,null,null,null,null,null,null,null,null,null,null,null,null,null,null,null,null,null,null,null,null,null,null,null,null,null,null,null,null,null,null,null,null,null,null,null,null,null,null,null,null,null,null,null,null,null,null,null,null,null,null,null,null,null,null,null,null,null,null,null,null,null,null,null,null,null,null,null,null,null,null,null,null,null,null,null,null,null,null,454.92,1.04,473.12,null,null,null,null,null,null,null,null,null,null,null,null,null,null,null,null,null,null,null,null,null,null,null,null,null,null,null,null,null,null,null,0,null,null,null,null,null,"No"]
["NV018","Southern Nevada Regional Housing Authority","NV018002310",null,"Las Vegas, 89101","01/01/2011  to 12/31/2011","Orig","SF-203","2011-09-30",null,null,"Richard Kim",null,"9APH / SAN FRANCISCO HUB OFFICE","9 / PACIFIC/HAWAII",null,null,null,null,null,null,null,null,null,null,null,null,null,null,null,null,null,null,null,null,null,null,null,null,null,null,null,null,null,null,null,null,null,null,null,null,null,null,null,null,null,null,null,null,null,null,null,null,null,null,null,null,null,null,null,null,null,null,null,null,null,null,null,null,null,null,null,null,null,null,null,null,null,null,null,null,null,null,null,null,null,null,null,null,null,null,null,null,null,null,null,null,null,null,null,null,null,null,null,null,null,null,null,null,null,null,null,null,431.41,1.04,448.67,null,null,null,null,null,null,null,null,null,null,null,null,null,null,null,null,null,null,null,null,null,null,null,null,null,null,null,null,null,null,null,0,null,null,null,null,null,"No"]
["NV018","Southern Nevada Regional Housing Authority","NV018002311",null,"Las Vegas, 89101","01/01/2011  to 12/31/2011","Orig","SF-203","2011-09-30",null,null,"Richard Kim",null,"9APH / SAN FRANCISCO HUB OFFICE","9 / PACIFIC/HAWAII",null,null,null,null,null,null,null,null,null,null,null,null,null,null,null,null,null,null,null,null,null,null,null,null,null,null,null,null,null,null,null,null,null,null,null,null,null,null,null,null,null,null,null,null,null,null,null,null,null,null,null,null,null,null,null,null,null,null,null,null,null,null,null,null,null,null,null,null,null,null,null,null,null,null,null,null,null,null,null,null,null,null,null,null,null,null,null,null,null,null,null,null,null,null,null,null,null,null,null,null,null,null,null,null,null,null,null,null,433.87,1.04,451.22,null,null,null,null,null,null,null,null,null,null,null,null,null,null,null,null,null,null,null,null,null,null,null,null,null,null,null,null,null,null,null,0,null,null,null,null,null,"No"]
["NV018","Southern Nevada Regional Housing Authority","NV018002312",null,"Las Vegas, 89101","01/01/2011  to 12/31/2011","Orig","SF-203","2011-09-30",null,null,"Richard Kim",null,"9APH / SAN FRANCISCO HUB OFFICE","9 / PACIFIC/HAWAII",null,null,null,null,null,null,null,null,null,null,null,null,null,null,null,null,null,null,null,null,null,null,null,null,null,null,null,null,null,null,null,null,null,null,null,null,null,null,null,null,null,null,null,null,null,null,null,null,null,null,null,null,null,null,null,null,null,null,null,null,null,null,null,null,null,null,null,null,null,null,null,null,null,null,null,null,null,null,null,null,null,null,null,null,null,null,null,null,null,null,null,null,null,null,null,null,null,null,null,null,null,null,null,null,null,null,null,null,433.87,1.04,451.22,null,null,null,null,null,null,null,null,null,null,null,null,null,null,null,null,null,null,null,null,null,null,null,null,null,null,null,null,null,null,null,0,null,null,null,null,null,"No"]
["NV018","Southern Nevada Regional Housing Authority","NV018002313",null,"Las Vegas, 89101","01/01/2011  to 12/31/2011","Orig","SF-203","2011-09-30",null,null,"Richard Kim",null,"9APH / SAN FRANCISCO HUB OFFICE","9 / PACIFIC/HAWAII",null,null,null,null,null,null,null,null,null,null,null,null,null,null,null,null,null,null,null,null,null,null,null,null,null,null,null,null,null,null,null,null,null,null,null,null,null,null,null,null,null,null,null,null,null,null,null,null,null,null,null,null,null,null,null,null,null,null,null,null,null,null,null,null,null,null,null,null,null,null,null,null,null,null,null,null,null,null,null,null,null,null,null,null,null,null,null,null,null,null,null,null,null,null,null,null,null,null,null,null,null,null,null,null,null,null,null,null,409.73,1.04,426.12,null,null,null,null,null,null,null,null,null,null,null,null,null,null,null,null,null,null,null,null,null,null,null,null,null,null,null,null,null,null,null,0,null,null,null,null,null,"No"]
["NV018","Southern Nevada Regional Housing Authority","NV018002314",null,"Las Vegas, 89101","01/01/2011  to 12/31/2011","Orig","SF-203","2011-09-30",null,null,"Richard Kim",null,"9APH / SAN FRANCISCO HUB OFFICE","9 / PACIFIC/HAWAII",null,null,null,null,null,null,null,null,null,null,null,null,null,null,null,null,null,null,null,null,null,null,null,null,null,null,null,null,null,null,null,null,null,null,null,null,null,null,null,null,null,null,null,null,null,null,null,null,null,null,null,null,null,null,null,null,null,null,null,null,null,null,null,null,null,null,null,null,null,null,null,null,null,null,null,null,null,null,null,null,null,null,null,null,null,null,null,null,null,null,null,null,null,null,null,null,null,null,null,null,null,null,null,null,null,null,null,null,397.77,1.04,413.68,null,null,null,null,null,null,null,null,null,null,null,null,null,null,null,null,null,null,null,null,null,null,null,null,null,null,null,null,null,null,null,0,null,null,null,null,null,"No"]
["NV018","Southern Nevada Regional Housing Authority","NV018002315",null,"Las Vegas, 89101","01/01/2011  to 12/31/2011","Orig","SF-203","2011-09-30",null,null,"Richard Kim",null,"9APH / SAN FRANCISCO HUB OFFICE","9 / PACIFIC/HAWAII",null,null,null,null,null,null,null,null,null,null,null,null,null,null,null,null,null,null,null,null,null,null,null,null,null,null,null,null,null,null,null,null,null,null,null,null,null,null,null,null,null,null,null,null,null,null,null,null,null,null,null,null,null,null,null,null,null,null,null,null,null,null,null,null,null,null,null,null,null,null,null,null,null,null,null,null,null,null,null,null,null,null,null,null,null,null,null,null,null,null,null,null,null,null,null,null,null,null,null,null,null,null,null,null,null,null,null,null,414.52,1.04,431.1,null,null,null,null,null,null,null,null,null,null,null,null,null,null,null,null,null,null,null,null,null,null,null,null,null,null,null,null,null,null,null,0,null,null,null,null,null,"No"]
["NV018","Southern Nevada Regional Housing Authority","NV018007001",null,"Las Vegas, 89101","01/01/2011  to 12/31/2011","Orig","SF-203","2011-09-30",null,null,"Richard Kim",null,"9APH / SAN FRANCISCO HUB OFFICE","9 / PACIFIC/HAWAII",null,null,null,null,null,null,null,null,null,null,null,null,null,null,null,null,null,null,null,null,null,null,null,null,null,null,null,null,null,null,null,null,null,null,null,null,null,null,null,null,null,null,null,null,null,null,null,null,null,null,null,null,null,null,null,null,null,null,null,null,null,null,null,null,null,null,null,null,null,null,null,null,null,null,null,null,null,null,null,null,null,null,null,null,null,null,null,null,null,null,null,null,null,null,null,null,null,null,null,null,null,null,null,null,null,null,null,null,328.16,1.04,341.29,null,null,null,null,null,null,null,null,null,null,null,null,null,null,null,null,null,null,null,null,null,null,null,null,null,null,null,null,null,null,null,0,null,null,null,null,null,"No"]
["NV018","Southern Nevada Regional Housing Authority","NV018013002",null,"Las Vegas, 89101","01/01/2011  to 12/31/2011","Orig","SF-203","2011-09-30",null,null,"Richard Kim",null,"9APH / SAN FRANCISCO HUB OFFICE","9 / PACIFIC/HAWAII",null,null,null,null,null,null,null,null,null,null,null,null,null,null,null,null,null,null,null,null,null,null,null,null,null,null,null,null,null,null,null,null,null,null,null,null,null,null,null,null,null,null,null,null,null,null,null,null,null,null,null,null,null,null,null,null,null,null,null,null,null,null,null,null,null,null,null,null,null,null,null,null,null,null,null,null,null,null,null,null,null,null,null,null,null,null,null,null,null,null,null,null,null,null,null,null,null,null,null,null,null,null,null,null,null,null,null,null,321.61,1.04,334.47,null,null,null,null,null,null,null,null,null,null,null,null,null,null,null,null,null,null,null,null,null,null,null,null,null,null,null,null,null,null,null,0,null,null,null,null,null,"No"]
["NV018","Southern Nevada Regional Housing Authority","NV018013003",null,"Las Vegas, 89101","01/01/2011  to 12/31/2011","Orig","SF-203","2011-09-30",null,null,"Richard Kim",null,"9APH / SAN FRANCISCO HUB OFFICE","9 / PACIFIC/HAWAII",null,null,null,null,null,null,null,null,null,null,null,null,null,null,null,null,null,null,null,null,null,null,null,null,null,null,null,null,null,null,null,null,null,null,null,null,null,null,null,null,null,null,null,null,null,null,null,null,null,null,null,null,null,null,null,null,null,null,null,null,null,null,null,null,null,null,null,null,null,null,null,null,null,null,null,null,null,null,null,null,null,null,null,null,null,null,null,null,null,null,null,null,null,null,null,null,null,null,null,null,null,null,null,null,null,null,null,null,464.26,1.04,482.83,null,null,null,null,null,null,null,null,null,null,null,null,null,null,null,null,null,null,null,null,null,null,null,null,null,null,null,null,null,null,null,0,null,null,null,null,null,"No"]
["NV018","Southern Nevada Regional Housing Authority","NV018013005",null,"Las Vegas, 89101","01/01/2011  to 12/31/2011","Orig","SF-203","2011-09-30",null,null,"Richard Kim",null,"9APH / SAN FRANCISCO HUB OFFICE","9 / PACIFIC/HAWAII",null,null,null,null,null,null,null,null,null,null,null,null,null,null,null,null,null,null,null,null,null,null,null,null,null,null,null,null,null,null,null,null,null,null,null,null,null,null,null,null,null,null,null,null,null,null,null,null,null,null,null,null,null,null,null,null,null,null,null,null,null,null,null,null,null,null,null,null,null,null,null,null,null,null,null,null,null,null,null,null,null,null,null,null,null,null,null,null,null,null,null,null,null,null,null,null,null,null,null,null,null,null,null,null,null,null,null,null,399.98,1.04,415.98,null,null,null,null,null,null,null,null,null,null,null,null,null,null,null,null,null,null,null,null,null,null,null,null,null,null,null,null,null,null,null,0,null,null,null,null,null,"No"]
["NV018","Southern Nevada Regional Housing Authority","NV018013007",null,"Las Vegas, 89101","01/01/2011  to 12/31/2011","Orig","SF-203","2011-09-30",null,null,"Richard Kim",null,"9APH / SAN FRANCISCO HUB OFFICE","9 / PACIFIC/HAWAII",null,null,null,null,null,null,null,null,null,null,null,null,null,null,null,null,null,null,null,null,null,null,null,null,null,null,null,null,null,null,null,null,null,null,null,null,null,null,null,null,null,null,null,null,null,null,null,null,null,null,null,null,null,null,null,null,null,null,null,null,null,null,null,null,null,null,null,null,null,null,null,null,null,null,null,null,null,null,null,null,null,null,null,null,null,null,null,null,null,null,null,null,null,null,null,null,null,null,null,null,null,null,null,null,null,null,null,null,412.87,1.04,429.38,null,null,null,null,null,null,null,null,null,null,null,null,null,null,null,null,null,null,null,null,null,null,null,null,null,null,null,null,null,null,null,0,null,null,null,null,null,"No"]
["NV018","Southern Nevada Regional Housing Authority","NV018013008",null,"Las Vegas, 89101","01/01/2011  to 12/31/2011","Orig","SF-203","2011-09-30",null,null,"Richard Kim",null,"9APH / SAN FRANCISCO HUB OFFICE","9 / PACIFIC/HAWAII",null,null,null,null,null,null,null,null,null,null,null,null,null,null,null,null,null,null,null,null,null,null,null,null,null,null,null,null,null,null,null,null,null,null,null,null,null,null,null,null,null,null,null,null,null,null,null,null,null,null,null,null,null,null,null,null,null,null,null,null,null,null,null,null,null,null,null,null,null,null,null,null,null,null,null,null,null,null,null,null,null,null,null,null,null,null,null,null,null,null,null,null,null,null,null,null,null,null,null,null,null,null,null,null,null,null,null,null,408.48,1.04,424.82,null,null,null,null,null,null,null,null,null,null,null,null,null,null,null,null,null,null,null,null,null,null,null,null,null,null,null,null,null,null,null,0,null,null,null,null,null,"No"]
["NV018","Southern Nevada Regional Housing Authority","NV018013009",null,"Las Vegas, 89101","01/01/2011  to 12/31/2011","Orig","SF-203","2011-09-30",null,null,"Richard Kim",null,"9APH / SAN FRANCISCO HUB OFFICE","9 / PACIFIC/HAWAII",null,null,null,null,null,null,null,null,null,null,null,null,null,null,null,null,null,null,null,null,null,null,null,null,null,null,null,null,null,null,null,null,null,null,null,null,null,null,null,null,null,null,null,null,null,null,null,null,null,null,null,null,null,null,null,null,null,null,null,null,null,null,null,null,null,null,null,null,null,null,null,null,null,null,null,null,null,null,null,null,null,null,null,null,null,null,null,null,null,null,null,null,null,null,null,null,null,null,null,null,null,null,null,null,null,null,null,null,308.58,1.04,320.92,null,null,null,null,null,null,null,null,null,null,null,null,null,null,null,null,null,null,null,null,null,null,null,null,null,null,null,null,null,null,null,0,null,null,null,null,null,"No"]
["NV018","Southern Nevada Regional Housing Authority","NV018013010",null,"Las Vegas, 89101","01/01/2011  to 12/31/2011","Orig","SF-203","2011-09-30",null,null,"Richard Kim",null,"9APH / SAN FRANCISCO HUB OFFICE","9 / PACIFIC/HAWAII",null,null,null,null,null,null,null,null,null,null,null,null,null,null,null,null,null,null,null,null,null,null,null,null,null,null,null,null,null,null,null,null,null,null,null,null,null,null,null,null,null,null,null,null,null,null,null,null,null,null,null,null,null,null,null,null,null,null,null,null,null,null,null,null,null,null,null,null,null,null,null,null,null,null,null,null,null,null,null,null,null,null,null,null,null,null,null,null,null,null,null,null,null,null,null,null,null,null,null,null,null,null,null,null,null,null,null,null,415.21,1.04,431.82,null,null,null,null,null,null,null,null,null,null,null,null,null,null,null,null,null,null,null,null,null,null,null,null,null,null,null,null,null,null,null,0,null,null,null,null,null,"No"]
["NV018","Southern Nevada Regional Housing Authority","NV018013016",null,"Las Vegas, 89101","01/01/2011  to 12/31/2011","Orig","SF-203","2011-09-30",null,null,"Richard Kim",null,"9APH / SAN FRANCISCO HUB OFFICE","9 / PACIFIC/HAWAII",null,null,null,null,null,null,null,null,null,null,null,null,null,null,null,null,null,null,null,null,null,null,null,null,null,null,null,null,null,null,null,null,null,null,null,null,null,null,null,null,null,null,null,null,null,null,null,null,null,null,null,null,null,null,null,null,null,null,null,null,null,null,null,null,null,null,null,null,null,null,null,null,null,null,null,null,null,null,null,null,null,null,null,null,null,null,null,null,null,null,null,null,null,null,null,null,null,null,null,null,null,null,null,null,null,null,null,null,433.87,1.04,451.22,null,null,null,null,null,null,null,null,null,null,null,null,null,null,null,null,null,null,null,null,null,null,null,null,null,null,null,null,null,null,null,0,null,null,null,null,null,"No"]
["NV018","Southern Nevada Regional Housing Authority","NV018013020",null,"Las Vegas, 89101","01/01/2011  to 12/31/2011","Orig","SF-203","2011-09-30",null,null,"Richard Kim",null,"9APH / SAN FRANCISCO HUB OFFICE","9 / PACIFIC/HAWAII",null,null,null,null,null,null,null,null,null,null,null,null,null,null,null,null,null,null,null,null,null,null,null,null,null,null,null,null,null,null,null,null,null,null,null,null,null,null,null,null,null,null,null,null,null,null,null,null,null,null,null,null,null,null,null,null,null,null,null,null,null,null,null,null,null,null,null,null,null,null,null,null,null,null,null,null,null,null,null,null,null,null,null,null,null,null,null,null,null,null,null,null,null,null,null,null,null,null,null,null,null,null,null,null,null,null,null,null,423.34,1.04,440.27,null,null,null,null,null,null,null,null,null,null,null,null,null,null,null,null,null,null,null,null,null,null,null,null,null,null,null,null,null,null,null,0,null,null,null,null,null,"No"]
["PA011","Bethlehem Housing Authority","PA011000003","645 Main Street","Bethlehem, PA 18018","01/01/2011  to 12/31/2011","Orig","Z-123","2011-03-31","080878192","0301","James Gannone","2011-08-12T14:27:56","3APH / PHILADELPHIA HUB OFFICE","03 / MID-ATLANTIC","215-861-7682","david.l.kinnard@hud.gov",null,null,null,null,null,null,null,null,null,null,null,null,null,null,null,null,null,null,null,null,null,null,null,null,null,null,null,null,null,null,null,null,null,null,null,null,null,null,null,null,null,null,null,null,null,null,null,null,null,null,null,null,null,null,null,null,null,null,null,null,null,null,null,null,null,null,null,null,null,null,null,null,null,null,null,null,null,null,null,null,null,null,null,null,null,null,null,null,null,null,null,null,null,null,null,null,null,null,null,null,null,null,null,null,null,null,367.09,1.028,377.37,null,null,null,null,null,null,null,null,null,null,null,null,null,null,null,null,null,null,null,null,null,null,null,null,null,null,null,null,null,null,null,0,null,null,null,null,null,"Yes"]
["SC027","Housing Authority of Florence","SC027000020","PO Box 969","Florence, SC 29503","01/01/2011  to 12/31/2011","Orig","A-3954","2011-09-30","098251036","0416","Cali Garson","2011-08-18T17:07:31","4EPH / COLUMBIA PROGRAM CENTER","04 / SOUTHEAST/CARIBBEAN","(803) 451-4304","Cali.M.Garson@hud.gov",null,null,null,null,null,null,null,null,null,null,null,null,null,null,null,null,null,null,null,null,null,null,null,null,null,null,null,null,null,null,null,null,null,null,null,null,null,null,null,null,null,null,null,null,null,null,null,null,null,null,null,null,null,null,null,null,null,null,null,null,null,null,null,null,null,null,null,null,null,null,null,null,null,null,null,null,null,null,null,null,null,null,null,null,null,null,null,null,null,null,null,null,null,null,null,null,null,null,null,null,null,null,null,null,null,null,393.62,1.0329999999999999,406.61,null,null,null,null,null,null,null,null,null,null,null,null,null,null,null,null,null,null,null,null,null,null,null,null,null,null,null,null,null,null,null,0,null,null,null,null,null,"Yes"]

{"sheet":"PrePop","index":1,"n_rows":1,"n_cols":166,"rows_kept":1,"cut":false,"hidden":true,"merged":[]}
["PHA Code","PHA Name","Please Select a Project","Address","City_Zip","Funding_Period","Sub_Type","ACC","HA_FY","DUNS","ROFO","FA_Name","Filing_Date","FO_Code","Region_Code","Phone","Email","H_Units","H_Unit_+","H_Unit_-","H_Unit_total","H_ColA1","H_ColA2","H_ColA3","H_ColA4","H_ColA5","H_ColA6","H_ColA7","H_ColA8","H_ColA9","H_ColA10","H_ColA11","H_ColA12","H_ColA13","H_ColA15","H_ColB1","H_ColB3","H_ColB4","H_ColB5","H_ColB6","H_ColB6a","H_ColB7","H_ColB8","H_ColB9","H_ColB10","H_ColB14","H_ColB15","H_ColB17","H_ColC1","H_ColC2","H_ColC3","H_ColC4","H_ColC15","H_ColC16","H_A1","H_A2","H_A3","H_A4","H_A5","H_A6","H_A7","H_A8","H_A9","H_A10","H_A11","H_A12","H_A13","H_A14","H_A15","H_A16","H_A17","H_B1","H_B2","H_B3","H_B4","H_C1","H_C2","H_C3","H_C4","H_D1","H_D2","H_D3","H_E1","H_E2","H_E3","H_E4","P_Unit","P_Unit_+","P_Unit_-","P_Unit_total","P_ColA1","P_ColA2","P_ColA3","P_ColA4","P_ColA5","P_ColA6","P_ColA7","P_ColA8","P_ColA9","P_ColA10","P_ColA11","P_ColA12","P_ColA13","P_ColA15","P_ColB1","P_ColB3","P_ColB4","P_ColB5","P_ColB6","P_ColB6a","P_ColB7","P_ColB8","P_ColB9","P_ColB10","P_ColB14","P_ColB15","P_ColB17","P_ColC1","P_ColC2","P_ColC3","P_ColC4","P_ColC15","P_ColC16","P_A1","P_A2","P_A3","P_A4","P_A5","P_A6","P_A7","P_A8","P_A9","P_A10","P_A11","P_A12","P_A13","P_A14","P_A15","P_A16","P_A17","P_B1","P_B2","P_B3","P_B4","P_C1","P_C2","P_C3","P_C4","P_D1","P_D2","P_D3","A_M_Fee","CFR215","CFR190","USC","FYE","PHAUNITS","C2Fact","HUDUNITS","PUMUEL","PUMFFI","CFR990","BOM","H_A7","ResidentUtilities","Comments"]

{"sheet":"52723","index":2,"n_rows":172,"n_cols":13,"rows_kept":172,"cut":false,"hidden":true,"merged":[[0,7,0,9],[1,7,1,9],[91,0,91,9],[71,8,71,9],[71,6,71,7],[71,1,71,5],[78,1,78,5],[73,6,73,7],[76,8,76,9],[74,8,74,9],[58,0,59,0],[60,0,60,9],[58,8,59,9],[61,0,61,9],[58,6,59,7],[90,1,90,5],[69,0,69,9],[87,6,87,7],[88,8,88,9],[70,1,70,5],[90,8,90,9],[81,0,81,9],[78,6,78,7],[79,8,79,9],[82,8,82,9],[80,6,80,7],[75,6,75,7],[63,8,63,9],[63,6,63,7],[64,8,64,9],[70,8,70,9],[67,6,67,7],[66,0,66,9],[63,1,63,5],[68,8,68,9],[68,6,68,7],[6,0,6,9],[54,1,54,3],[50,8,50,9],[48,1,48,3],[30,4,30,5],[30,8,30,9],[18,1,18,5],[11,0,11,9],[17,1,17,5],[12,0,12,9],[28,4,28,5],[41,1,41,3],[37,1,37,3],[38,0,38,9],[30,6,30,7],[42,1,42,3],[36,1,36,3],[29,6,29,7],[28,6,28,7],[52,1,52,3],[14,5,14,8],[29,4,29,5],[40,1,40,3],[16,8,16,9],[15,0,15,9],[47,8,47,9],[51,0,51,3],[51,4,51,7],[35,1,35,3],[39,1,39,3],[45,1,45,3],[46,1,46,3],[47,0,47,3],[28,8,28,9],[33,0,33,3],[32,0,32,3],[34,1,34,3],[22,3,22,9],[23,4,23,5],[26,4,26,5],[28,0,28,2],[27,8,27,9],[27,6,27,7],[23,1,23,2],[27,4,27,5],[29,8,29,9],[24,0,24,9],[21,7,21,8],[27,0,27,2],[29,1,31,3],[29,0,31,0],[55,0,55,9],[73,8,73,9],[64,6,64,7],[67,8,67,9],[65,6,65,7],[67,1,67,5],[70,6,70,7],[58,1,59,5],[65,1,65,5],[64,1,64,5],[62,1,62,5],[56,1,56,3],[68,1,68,5],[65,8,65,9],[62,8,62,9],[73,1,73,5],[43,1,43,3],[44,1,44,3],[72,8,72,9],[57,0,57,9],[62,6,62,7],[21,1,21,2],[53,1,53,3],[51,8,51,9],[49,1,49,3],[104,8,104,9],[107,0,138,9],[98,1,98,5],[99,1,99,5],[99,8,99,9],[98,6,98,7],[83,6,83,7],[84,8,84,9],[83,1,83,5],[74,1,74,5],[47,4,47,7],[72,6,72,7],[94,6,94,7],[94,1,94,5],[94,8,94,9],[85,6,85,7],[76,1,76,5],[72,1,72,5],[79,1,79,5],[77,1,77,5],[139,0,139,9],[105,0,105,9],[96,6,96,7],[96,1,96,5],[98,8,98,9],[96,8,96,9],[13,0,13,9],[26,0,26,2],[97,1,97,5],[99,6,99,7],[97,8,97,9],[97,6,97,7],[26,6,26,7],[19,1,19,5],[25,0,25,9],[26,8,26,9],[95,0,95,9],[82,1,82,5],[78,8,78,9],[88,4,88,5],[83,8,83,9],[80,1,80,5],[86,0,86,9],[85,1,85,5],[87,1,87,5],[84,1,84,5],[75,8,75,9],[74,6,74,7],[77,6,77,7],[84,6,84,7],[93,1,93,5],[93,8,93,9],[93,6,93,7],[89,8,89,9],[85,8,85,9],[87,8,87,9],[82,6,82,7],[79,6,79,7],[77,8,77,9],[76,6,76,7],[80,8,80,9],[92,6,92,7],[92,8,92,9],[92,1,92,5],[88,6,88,7],[89,1,89,5],[89,6,89,7],[90,6,90,7],[155,1,155,9],[157,1,157,9],[165,1,165,9],[159,1,159,9],[161,1,161,9],[141,1,141,9],[143,1,143,9],[145,1,145,9],[147,1,147,9]]}
["Please Select a Project",null,{"$f":"+LATESTVERSION","v":"Version 1.6"},null,null,null,null,"<<<This button Loads the Project Data"]
[null,null,null,null,null,null,null,"<<<This button Stores the Loaded  Project Data"]
[null,null,null,null,null,null,null,null,null,null,null,null,false]
[null,null,null,null,null,null,null,null,null,null,null,null,false]
[]
[]
[]
["Operating Fund",null,null,null,null,null,"  U.S. Department of Housing and",null,null,null,null,null,false]
["Calculation of Operating Subsidy",null,null,null,null,null,"            Urban Development",null,null,null,null,null,false]
["PHA-Owned Rental Housing",null,null,null,null,null,"  Office of Public and Indian Housing",null,null,null,null,null,true]
[null,null,null,null,null,null,null,null,null,"OMB Approval No. 2577-0029 (exp.05/31/2014)",null,null,false]
["Public Reporting Burden for this collection of information is estimated to average .75 hours per response, including the time for reviewing instructions, searching existing data sources, gathering and maintaining the data needed, and completing and reviewing the collection of information.  This agency may not collect this information, and you are not required to complete this form, unless it displays a currently valid OMB control number.  This information is required by Section 9(a) of the U.S. Housing Act of 1937, as amended, and by 24 CFR Part 990 HUD regulations.  HUD makes payments for the operation and maintenance of low-income housing projects to PHAs/projects.  The Operating Fund determines the amount of operating subsidy to be paid to PHAs/projects.  PHAs/projects provide information on the Project Expense Level (PEL), Utilities Expense Level (UEL), Other Formula Expenses (Add-ons) and Formula Income – the major Operating Fund components.  HUD reviews the information to determine each PHA’s/project’s Formula Amount and the funds to be obligated for the Funding Period to each PHA/project based on the appropriation by Congress.  HUD also uses the information as the basis for requesting annual appropriations from Congress.  Responses to the collection of information are required to obtain a benefit.  The information requested does not lend itself to confidentiality.  Formula Amount and the funds to be obligated for the Funding Period to each PHA/project based on the appropriation by Congress.  HUD also uses the information as the basis for requesting annual appropriations from Congress.  Responses to the collection of information are required to obtain a benefit.  The information requested does not lend itself to confidentiality."]
[]
[]
[null,null,null,null,null,"Enter Total Number of ACC Units for this PHA >  >",null,null,null,0]
[]
["1. Name and Address of Public Housing Agency:",null,null,null,null,null,"2. Funding Period:",null,"01/01/2012  to 12/31/2012 "]
[]
[null,null,null,null,null,null,"3. Type of Submission:"]
[]
["4. ACC Number:    ",null,null,"5. Fiscal Year End:",null,null,"6. Operating Fund Project Number:"]
[]
["7. DUNS Number:",null,null,"HUD Use Only"]
[null,null,null,"8. ROFO Code:    "]
["Section 2"]
["Calculation of ACC Units for 12-month period from July 1 to June 30 that is prior to the first day of the Funding Period:"]
[null,null,null,"ACC Units on 7/1/2010","Units Added to ACC                  (+)",null,"Units Deleted from ACC        (-)",null,"ACC Units on 6/30/2011    (=)"]
["Requested by PHA",null,null,null,null,null,null,null,{"$f":"+P_Units+P_UnitsPl-P_UnitsMi","v":0}]
["HUD Modifications"]
["Line No.","Category",null,null,"Column A",null,"Column B",null,"Column C"]
[null,null,null,null,"Unit Months",null,"Eligible Unit Months (EUMs)",null,"Resident Participation Unit Months"]
[null,null,null,null,"Req'd by PHA","HUD Mod.","Req'd by PHA","HUD Mod.","Req'd by PHA","HUD Mod."]
["Categorization of Unit Months:"]
["Occupied Unit Months"]
[1,"Occupied dwelling units -- by public housing eligible family under lease",null,null,null,null,{"$f":"E35","v":0},null,{"$f":"E35","v":0}]
[2,"Occupied dwelling units -- by PHA employee, police officer, or other security personnel who is not otherwise eligible for public housing",null,null,null,null,null,null,{"$f":"E36","v":0}]
[3,"New units -- eligible to receive subsidy during the Funding Period but not included on Lines 01, 02, or 05-13 of this section",null,null,null,null,{"$f":"E37","v":0},null,{"$f":"E37","v":0}]
[4,"New units -- eligible to receive subsidy from 10/1 to 12/31 of previous funding period but not included on previous Calculation of Operating Subsidy",null,null,null,null,{"$f":"E38","v":0},null,{"$f":"E38","v":0}]
["Vacant Unit Months"]
[5,"Units undergoing modernization",null,null,null,null,{"$f":"E40","v":0}]
[6,"Special use units",null,null,null,null,{"$f":"E41","v":0}]
["06a","Units on Line 02 that are occupied by police officers and that also qualify as special use units"]
[7,"Units vacant due to litigation",null,null,null,null,{"$f":"E43","v":0}]
[8,"Units vacant due to disasters",null,null,null,null,{"$f":"E44","v":0}]
[9,"Units vacant due to casualty losses",null,null,null,null,{"$f":"E45","v":0}]
[10,"Units vacant due to changing market conditions",null,null,null,null,{"$f":"E46","v":0}]
[11,"Units vacant and not categorized above"]
["Other ACC Unit Months"]
[12,"Units eligible for asset repositioning fee and still on ACC (occupied or vacant)"]
[13,"All other ACC units not categorized above"]
[null,null,null,null,null,null,"Operating Fund Project No.:",null,{"$f":"IF(PPN=\"\",\"\",PPN)","v":""}]
["Calculations Based on Unit Months:"]
[14,"Limited vacancies",null,null,null,null,{"$f":"IF(HA_Unit_Total<=0,0,(IF(HA_Unit_Total>100,ROUND(MIN(E54*0.03,IF(E47=\"\",0,E47)),0),MIN(60,IF(E47=\"\",0,E47)))))","v":0}]
[15,"Total Unit Months",null,null,{"$f":"E35+E36+E37+E38+E40+E41+E43+E44+E45+E46+E47+E49+E50","v":0},null,{"$f":"G35+G37+G38+G40+G41+G42+G43+G44+G45+G46+G53","v":0},null,{"$f":"SUM(I35:I38)","v":0}]
[16,"Units eligible for funding for resident participation activities (Line 15C divided by 12)",null,null,null,null,null,null,{"$f":"ROUND(I54/12,0)","v":0}]
["Special Provision for Calculation of Utilities Expense Level:"]
[17,"Unit months for which actual consumption is included on Line 01 of form HUD-52722 and that were removed from Lines 01 through 11, above,  because of removal from inventory, including eligibility for the asset repositioning fee"]
["Section 3"]
["Line No.","Description",null,null,null,null,"Requested by PHA",null,"HUD Modifications"]
[]
["Part A.  Formula Expenses"]
["Project Expense Level (PEL)"]
[1,"PUM project expense level (PEL)"]
[2,"Inflation factor"]
[3,"PUM inflated PEL (Part A, Line 01 times Line 02)",null,null,null,null,{"$f":"ROUND(P_A01*P_A02,2)","v":0}]
[4,"PEL (Part A, Line 03 times Section 2, Line 15, Column B)",null,null,null,null,{"$f":"ROUND(G65*G54,0)","v":0}]
["Utilities Expense Level (UEL)"]
[5,"PUM utilities expense level (UEL) (from Line 26 of form HUD-52722)"]
[6,"UEL (Part A, Line 05 times Section 2, Line 15, Column B)",null,null,null,null,{"$f":"ROUND(G68*G54,0)","v":0}]
["Add-Ons"]
[7,"Self-sufficiency"]
[8,"Energy loan amortization"]
[9,"Payment in lieu of taxes (PILOT)"]
[10,"Cost of independent audit"]
[11,"Funding for resident participation activities",null,null,null,null,{"$f":"ROUND(IF(I55=0,0,25*I55),0)","v":0}]
[12,"Asset management fee",null,null,null,null,{"$f":"IF(OR(HA_Unit_Total=\"\",HA_Unit_Total=0),0,IF(HA_Unit_Total>400,4*E_54,IF(AND(ASSETMGMT=TRUE,HA_Unit_Total>=250),4*E_54,IF(AND(ASSETMGMT=TRUE,HA_Unit_Total<250),2*E_54,0))))","v":0}]
[13,"Information technology fee",null,null,null,null,{"$f":"ROUND(2*E54,0)","v":0}]
[14,"Asset repositioning fee"]
[15,"Costs attributable to changes in federal law, regulation, or economy"]
[16,"Total Add-Ons (Sum of Part A, Lines 07 through 15)",null,null,null,null,{"$f":"SUM(G71:G79)","v":0}]
[17,"Total Formula Expenses (Part A, Line 04 plus Line 06 plus Line 16)",null,null,null,null,{"$f":"G66+G69+G80","v":0}]
["Part B. Formula Income"]
[1,"PUM formula income"]
[2,"PUM change in utility allowances"]
[3,"PUM adjusted formula income (Sum of Part B, Lines 01 and 02)",null,null,null,null,{"$f":"SUM(G83:G84)","v":0}]
[4,"Total Formula Income (Part B, Line 03 times Section 2, Line 15, Column B)",null,null,null,null,{"$f":"ROUND(G85*G54,0)","v":0}]
["Part C. Other Formula Provisions"]
[1,"Moving-to-Work (MTW)"]
[2,"Transition funding",null,null,null,null,{"$f":"ROUND(E89*G54,0)","v":0}]
[3,"Other"]
[4,"Total Other Formula Provisions (Sum of Part C, Lines 01 through 03)",null,null,null,null,{"$f":"SUM(G88:G90)","v":0}]
["Part D. Calculation of Formula Amount"]
[1,"Formula calculation (Part A, Line 17 minus Part B, Line 04 plus Part C, Line 04)",null,null,null,null,{"$f":"G81-G86+G91","v":0}]
[2,"Cost of independent audit (Same as Part A, Line 10)",null,null,null,null,{"$f":"G74","v":0}]
[3,"Formula amount (Greater of Part D, Lines 01 or 02)",null,null,null,null,{"$f":"MAX(G93,G94)","v":0}]
["Part E. Calculation of Operating Subsidy (HUD Use Only)"]
[1,"Formula amount (Same as Part D, Line 03)"]
[2,"Adjustment due to availability of funds"]
[3,"HUD discretionary adjustments"]
[4,"Funds Obligated for Period (Part E, Line 01 minus Line 02 minus Line 03)                                             Appropriation symbol(s):"]
[]
[]
[]
[]
[null,null,null,null,null,null,"Operating Fund Project No.:",null,{"$f":"IF(PPN=\"\",\"\",PPN)","v":""}]
["Section 4"]
["Remarks (provide section, part and line numbers):"]
[]
[]
[]
[]
[]
[]
[]
[]
[]
[]
[]
[]
[]
[]
[]
[]
[]
[]
[]
[]
[]
[]
[]
[]
[]
[]
[]
[]
[]
[]
[]
[]
["Section 5"]
[]
[null,{"$f":"+B156","v":"In accordance with 24 CFR 990.215, I hereby certify that  Housing Agency is in compliance with the annual income reexamination requirements and that rents and utility allowance calculations have been or will be adjusted in accordance with current HUD requirements and regulations."}]
[]
[null,{"$f":"+B158","v":"In accordance with § 223 of Title II of Division K of the Consolidated Appropriations Act, 2010, Pub. L. 111-117 (approved December 16, 2009) and subsequent acts containing the same provisions, I hereby certify that  Housing Agency has 400 or fewer units and is implementing asset management."}]
[]
[null,{"$f":"+B160","v":"In accordance with 24 CFR 990.255 through 990.285 of Subpart H – Asset Management, I hereby certify that  has 250 units or more and is in compliance with asset management.  I understand in accordance with 24 CFR 990.190(f), PHAs that are not in compliance with asset management will forfeit the asset management fee."}]
[]
[null,{"$f":"+B162","v":"I hereby certify that all the information stated herein, as well as any information provided in the accompaniment herewith, is true and accurate.  Warning:  HUD will prosecute false claims and statements.  Conviction may result in criminal and/or civil penalties.  (18 U.S.C. 1001, 1010, 1012; 31 U.S.C. 3729, 3802) "}]
[]
[null,"Signature of Authorized PHA Representative & Date:",null,null,null,"Signature of Authorized HUD Representative & Date:"]
[null,"X",null,null,null,"X"]
[]
[]
[]
[]
[null,{"$f":"+B165&\" \"&HA_Name&\" \"&B166","v":"In accordance with 24 CFR 990.215, I hereby certify that  Housing Agency is in compliance with the annual income reexamination requirements and that rents and utility allowance calculations have been or will be adjusted in accordance with current HUD requirements and regulations."}]
[]
[null,{"$f":"+B168&\" \"&HA_Name&\" \"&B169","v":"In accordance with § 223 of Title II of Division K of the Consolidated Appropriations Act, 2010, Pub. L. 111-117 (approved December 16, 2009) and subsequent acts containing the same provisions, I hereby certify that  Housing Agency has 400 or fewer units and is implementing asset management."}]
[]
[null,{"$f":"+B171&\" \"&HA_Name&\" \"&B172","v":"In accordance with 24 CFR 990.255 through 990.285 of Subpart H – Asset Management, I hereby certify that  has 250 units or more and is in compliance with asset management.  I understand in accordance with 24 CFR 990.190(f), PHAs that are not in compliance with asset management will forfeit the asset management fee."}]
[]
[null,"I hereby certify that all the information stated herein, as well as any information provided in the accompaniment herewith, is true and accurate.  Warning:  HUD will prosecute false claims and statements.  Conviction may result in criminal and/or civil penalties.  (18 U.S.C. 1001, 1010, 1012; 31 U.S.C. 3729, 3802) "]
[]
[]
[null,"In accordance with 24 CFR 990.215, I hereby certify that"]
[null,"Housing Agency is in compliance with the annual income reexamination requirements and that rents and utility allowance calculations have been or will be adjusted in accordance with current HUD requirements and regulations."]
[]
[null,"In accordance with § 223 of Title II of Division K of the Consolidated Appropriations Act, 2010, Pub. L. 111-117 (approved December 16, 2009) and subsequent acts containing the same provisions, I hereby certify that"]
[null,"Housing Agency has 400 or fewer units and is implementing asset management."]
[]
[null,"In accordance with 24 CFR 990.255 through 990.285 of Subpart H – Asset Management, I hereby certify that"]
[null,"has 250 units or more and is in compliance with asset management.  I understand in accordance with 24 CFR 990.190(f), PHAs that are not in compliance with asset management will forfeit the asset management fee."]

{"sheet":"Reference","index":3,"n_rows":3145,"n_cols":32,"rows_kept":3145,"cut":false,"hidden":true,"merged":[]}
[null,null,null,null,null,null,null,null,null,null,null,null,null,null,null,null,null,null,null,null,null,null,null,null,null,null,null,null,"LatestVersion>>>","Version 1.6"]
[null,null,"State","PHAs","State","HA_Code",null,null,"Funding Period","01/01/2009  to 12/31/2009",null,null,null,null,null,null,null,null,null,null,null,null,null,null,null,"State"]
["AK001",null,"AK",{"$f":"COUNTIF($E$3:$E$4000,C3)","v":0},{"$f":"LEFT(F3,2)","v":"FL"},"FL005","Miami Dade Housing Agency",null,null,null,null,null,null,null,null,null,null,null,null,null,null,null,null,null,"AL006","AK",null,null,null,"Version 1.3","2011-10-19","Includes AM formula fix"]
[null,null,"AL",{"$f":"COUNTIF($E$3:$E$4000,C4)","v":116},"MI","MI001","Detroit Housing Commission",null,null,"Starting","Ending",null,null,null,null,null,null,null,null,null,null,"AK001","Yes",null,null,"AL",null,null,null,null,null,"First/End of Month fix"]
[null,null,"AR",106,"MS","MS107","The Housing Authority of the City of Greenwood",null,"AMP","al001",{"$f":"+_LC2","v":{"$error":"#NAME?"}},null,null,null,null,null,null,null,null,null,null,"AL001","No",null,null,"AR"]
[null,null,"AZ",15,"NV","NV018","Southern Nevada Regional Housing Authority",null,"Row",{"$f":"IF(LEN(AMP)=5,MATCH(AMP,PHAS,0)+2,MATCH(AMP,DDAMP,0)+2)","v":{"$error":"#N/A"}},{"$f":"IF(LEN(_AMP2)=5,MATCH(_AMP2,PHAS,0)+2,MATCH(_AMP2,DDAMP,0)+2)","v":{"$error":"#NAME?"}},{"$f":"MATCH(_LC3,PrePop!$C$2:$C$8071,0)+2","v":{"$error":"#NAME?"}},null,null,null,null,null,null,null,null,null,"AL002","No",null,null,"AZ"]
[null,null,"CA",53,"PA","PA011","Bethlehem Housing Authority",null,"Count",{"$f":"IF(LEN(AMP)=5,COUNTIF(PHAS,AMP),0)","v":0},{"$f":"IF(LEN(_AMP2)=5,COUNTIF(PHAS,_AMP2),0)","v":{"$error":"#NAME?"}},null,null,null,null,null,null,null,null,null,null,"AL004","No",null,null,"CA"]
[null,null,"CO",44,"SC","SC027","Housing Authority of Florence",null,"Cell Locations","AK001","WY015","NY011000012",null,null,null,null,null,null,null,null,null,"AL005","No",null,null,"CO"]
[null,null,"CT",33,"NY","NY011","Niagara Falls Housing Authority",null,null,null,null,null,null,null,null,null,null,null,null,null,null,"AL006","No",null,null,"CT"]
[null,null,"DC",1,"PA","PA006","Allegheny County Housing Authority",null,null,null,null,null,null,null,null,null,null,null,null,null,null,"AL007","No",null,null,"DC"]
[null,null,"DE",4,"PA","PA021","Housing Authority of the County of Lycoming",null,null,null,null,null,null,null,null,null,null,null,null,null,null,"AL008","No",null,null,"DE"]
[null,null,"FL",78,"RQ","RQ005","Puerto Rico Public Housing Administration",null,null,null,null,null,null,null,null,null,null,null,null,null,null,"AL009","No",null,null,"FL"]
[null,null,"GA",183,"TN","TN014","Fayetteville Housing Authority",null,null,null,null,null,null,null,null,null,null,null,null,null,null,"AL010","No",null,null,"GA"]
[null,null,"GQ",1,"VT","VT003","Rutland Housing Authority",null,null,null,null,null,null,null,null,null,null,null,null,null,null,"AL011","No",null,null,"GQ"]
[null,null,"HI",1,"TN","TN014","Fayetteville Housing Authority",null,null,null,null,null,null,null,null,null,null,null,null,null,null,"AL012","No",null,null,"HI"]
[null,null,"IA",48,"VT","VT003","Rutland Housing Authority",null,null,null,null,null,null,null,null,null,null,null,null,null,null,"AL013","No",null,null,"IA"]
[null,null,"ID",10,"TN","TN125","Franklin County Consolidated Housing Authority",null,null,null,null,null,null,null,null,null,null,null,null,null,null,"AL014","No",null,null,"ID"]
[null,null,"IL",99,"TX","TX073","Pharr Housing Authority",null,null,null,null,null,null,null,null,null,null,null,null,null,null,"AL047","No",null,null,"IL"]
[null,null,"IN",41,"VA","VA003","Newport News Redevelopment & Housng Authority",null,null,null,null,null,null,null,null,null,null,null,null,null,null,"AL048","No",null,null,"IN"]
[null,null,"KS",93,"NC","NC010","Eastern Carolina Regional Housing Authority",null,null,null,null,null,null,null,null,null,null,null,null,null,null,"AL049","No",null,null,"KS"]
[null,null,"KY",105,"NC","NC011","Housing Authority of the City of Greensboro",null,null,null,null,null,null,null,null,null,null,null,null,null,null,"AL050","No",null,null,"KY"]
[null,null,"LA",102,"NJ","NJ003","Elizabeth Housing Authority",null,null,null,null,null,null,null,null,null,null,null,null,null,null,"AL051","No",null,null,"LA"]
[null,null,"MA",67,"NJ","NJ010","Camden Housing Authority",null,null,null,null,null,null,null,null,null,null,null,null,null,null,"AL052","No",null,null,"MA"]
[null,null,"MD",25,"NJ","NJ021","Paterson Housing Authority",null,null,null,null,null,null,null,null,null,null,null,null,null,null,"AL053","No",null,null,"MD"]
[null,null,"ME",20,"NY","NY009","Albany Housing Authority",null,null,null,null,null,null,null,null,null,null,null,null,null,null,"AL054","Yes",null,null,"ME"]
[null,null,"MI",123,"OH","OH014","Jefferson Metropolitan Housing Authority",null,null,null,null,null,null,null,null,null,null,null,null,null,null,"AL055","No",null,null,"MI"]
[null,null,"MN",122,"SC","SC001","Housing Authority of Charleston",null,null,null,null,null,null,null,null,null,null,null,null,null,null,"AL056","No",null,null,"MN"]
[null,null,"MO",106,"SC","SC057","Housing Authority of N Charleston",null,null,null,null,null,null,null,null,null,null,null,null,null,null,"AL057","No",null,null,"MO"]
[null,null,"MS",52,"TX","TX003","HOUSING AUTHORITY OF THE CITY OF EL PASO, TX",null,null,null,null,null,null,null,null,null,null,null,null,null,null,"AL058","No",null,null,"MS"]
[null,null,"MT",10,"TX","TX005","Houston Housing Authority",null,null,null,null,null,null,null,null,null,null,null,null,null,null,"AL059","No",null,null,"MT"]
[null,null,"NC",101,"WA","WA002","HA of King County",null,null,null,null,null,null,null,null,null,null,null,null,null,null,"AL060","No",null,null,"NC"]
[null,null,"ND",15,"WA","WA003","HA City of Bremerton",null,null,null,null,null,null,null,null,null,null,null,null,null,null,"AL061","No",null,null,"ND"]
[null,null,"NE",98,"WV","WV001","Charleston-Kanawha Housing Authority",null,null,null,null,null,null,null,null,null,null,null,null,null,null,"AL062","No",null,null,"NE"]
[null,null,"NH",15,"WV","WV001","Charleston-Kanawha Housing Authority",null,null,null,null,null,null,null,null,null,null,null,null,null,null,"AL063","No",null,null,"NH"]
[null,null,"NJ",83,"AL","AL065","Housing Authority of the City of Roanoke, Al",null,null,null,null,null,null,null,null,null,null,null,null,null,null,"AL064","No",null,null,"NJ"]
[null,null,"NM",37,"AL","AL066","Housing Authority of Reform",null,null,null,null,null,null,null,null,null,null,null,null,null,null,"AL065","No",null,null,"NM"]
[null,null,"NV",5,"AL","AL067","HOUSING AUTHORITY OF THE CITY OF ATHENS, AL",null,null,null,null,null,null,null,null,null,null,null,null,null,null,"AL066","No",null,null,"NV"]
[null,null,"NY",86,"AL","AL068","Sheffield Housing Authority",null,null,null,null,null,null,null,null,null,null,null,null,null,null,"AL067","No",null,null,"NY"]
[null,null,"OH",53,"AL","AL069","HA Leeds",null,null,null,null,null,null,null,null,null,null,null,null,null,null,"AL068","No",null,null,"OH"]
[null,null,"OK",103,"AL","AL070","City of Union Springs Housing Authority",null,null,null,null,null,null,null,null,null,null,null,null,null,null,"AL069","No",null,null,"OK"]
[null,null,"OR",16,"AL","AL071","Housing Authority of Guin, Alabama",null,null,null,null,null,null,null,null,null,null,null,null,null,null,"AL070","No",null,null,"OR"]
[null,null,"PA",85,"AL","AL072","HA Columbiana",null,null,null,null,null,null,null,null,null,null,null,null,null,null,"AL071","No",null,null,"PA"]
[null,null,"RI",25,"AL","AL073","Ozark Housing Authority",null,null,null,null,null,null,null,null,null,null,null,null,null,null,"AL072","No",null,null,"RI"]
[null,null,"RQ",2,"AL","AL074","Housing Authority of Boston",null,null,null,null,null,null,null,null,null,null,null,null,null,null,"AL073","No",null,null,"RQ"]
[null,null,"SC",44,"AL","AL075","Boaz Housing Authority",null,null,null,null,null,null,null,null,null,null,null,null,null,null,"AL074","No",null,null,"SC"]
[null,null,"SD",26,"AL","AL076","Hackleburg Housing Authority",null,null,null,null,null,null,null,null,null,null,null,null,null,null,"AL075","No",null,null,"SD"]
[null,null,"TN",87,"AL","AL077","HA Tuscaloosa",null,null,null,null,null,null,null,null,null,null,null,null,null,null,"AL076","No",null,null,"TN"]
[null,null,"TX",353,"AL","AL078","Housing Authority of the Town of Berry",null,null,null,null,null,null,null,null,null,null,null,null,null,null,"AL077","No",null,null,"TX"]
[null,null,"UT",12,"AL","AL079","Housing Authority of the Town of Montevallo",null,null,null,null,null,null,null,null,null,null,null,null,null,null,"AL078","No",null,null,"UT"]
[null,null,"VA",29,"AL","AL080","Housing Authority of the City of Moulton, Al",null,null,null,null,null,null,null,null,null,null,null,null,null,null,"AL079","No",null,null,"VA"]
[null,null,"VQ",1,"AL","AL081","Bear Creek Housing Authority",null,null,null,null,null,null,null,null,null,null,null,null,null,null,"AL080","No",null,null,"VQ"]
[null,null,"VT",10,"AL","AL082","Crossville Housing Auhtority",null,null,null,null,null,null,null,null,null,null,null,null,null,null,"AL081","No",null,null,"VT"]
[null,null,"WA",31,"AL","AL083","Collinsville Housing Authority",null,null,null,null,null,null,null,null,null,null,null,null,null,null,"AL082","No",null,null,"WA"]
[null,null,"WI",95,"AL","AL084","Housing Authority of the City of Vernon, Al",null,null,null,null,null,null,null,null,null,null,null,null,null,null,"AL083","No",null,null,"WI"]
[null,null,"WV",40,"AL","AL085","Housing Authority of the Town of Calera",null,null,null,null,null,null,null,null,null,null,null,null,null,null,"AL084","No",null,null,"WV"]
[null,null,"WY",17,"AL","AL086","Jefferson County Housing Authority",null,null,null,null,null,null,null,null,null,null,null,null,null,null,"AL085","No",null,null,"WY"]
[null,null,null,null,"AL","AL087","Housing Authority of the City of Hartselle",null,null,null,null,null,null,null,null,null,null,null,null,null,null,"AL086","No"]
[null,null,null,null,"AL","AL088","Housing Authority of the City of Luverne, Al",null,null,null,null,null,null,null,null,null,null,null,null,null,null,"AL087","No"]
[null,null,null,null,"AL","AL089","Vincent Housing Authority",null,null,null,null,null,null,null,null,null,null,null,null,null,null,"AL088","No"]
[null,null,null,null,"AL","AL090","Phil Campbell Housing Authority",null,null,null,null,null,null,null,null,null,null,null,null,null,null,"AL089","No"]
[null,null,null,null,"AL","AL091","HA Arab",null,null,null,null,null,null,null,null,null,null,null,null,null,null,"AL090","No"]
[null,null,null,null,"AL","AL093","Housing Authority of the Town of Hanceville",null,null,null,null,null,null,null,null,null,null,null,null,null,null,"AL091","No"]
[null,null,null,null,"AL","AL094","Housing Authority of the City of Georgiana",null,null,null,null,null,null,null,null,null,null,null,null,null,null,"AL093","No"]
[null,null,null,null,"AL","AL095","HA Millport",null,null,null,null,null,null,null,null,null,null,null,null,null,null,"AL094","No"]
[null,null,null,null,"AL","AL096","Housing Authority of the City of Heflin",null,null,null,null,null,null,null,null,null,null,null,null,null,null,"AL095","No"]
[null,null,null,null,"AL","AL098","Housing Authority of the City of Aliceville",null,null,null,null,null,null,null,null,null,null,null,null,null,null,"AL096","No"]
[null,null,null,null,{"$f":"LEFT(F67,2)","v":"AL"},"AL099","HA Scottsboro",null,null,null,null,null,null,null,null,null,null,null,null,null,null,"AL098","No"]
[null,null,null,null,"AL","AL100","Housing Authority of the City of Columbia",null,null,null,null,null,null,null,null,null,null,null,null,null,null,"AL099","No"]
[null,null,null,null,"AL","AL101","Abbeville Housing Authority",null,null,null,null,null,null,null,null,null,null,null,null,null,null,"AL100","No"]
[null,null,null,null,"AL","AL102","Altoona Housing Authority",null,null,null,null,null,null,null,null,null,null,null,null,null,null,"AL101","No"]
[null,null,null,null,"AL","AL103","Housing Authority of the City of Hartford",null,null,null,null,null,null,null,null,null,null,null,null,null,null,"AL102","No"]
[null,null,null,null,"AL","AL104","Cottonwood Housing Authority",null,null,null,null,null,null,null,null,null,null,null,null,null,null,"AL103","No"]
[null,null,null,null,"AL","AL105","Housing Authority of the City of Talladega, Al",null,null,null,null,null,null,null,null,null,null,null,null,null,null,"AL104","No"]
[null,null,null,null,"AL","AL106","Pell City Housing Authority",null,null,null,null,null,null,null,null,null,null,null,null,null,null,"AL105","No"]
[null,null,null,null,"AL","AL107","HA Elba",null,null,null,null,null,null,null,null,null,null,null,null,null,null,"AL106","No"]
[null,null,null,null,"AL","AL108","Ragland Housing Authority",null,null,null,null,null,null,null,null,null,null,null,null,null,null,"AL107","No"]
[null,null,null,null,"AL","AL109","Housing Authority of the City of Demopolis, Al",null,null,null,null,null,null,null,null,null,null,null,null,null,null,"AL108","No"]
[null,null,null,null,"AL","AL110","HA Piedmont",null,null,null,null,null,null,null,null,null,null,null,null,null,null,"AL109","No"]
[null,null,null,null,"AL","AL111","Housing Authority of the City of Florala",null,null,null,null,null,null,null,null,null,null,null,null,null,null,"AL110","No"]
[null,null,null,null,"AL","AL112","HA Opp",null,null,null,null,null,null,null,null,null,null,null,null,null,null,"AL111","No"]
[null,null,null,null,"AL","AL114","Lineville Housing Authority",null,null,null,null,null,null,null,null,null,null,null,null,null,null,"AL112","No"]
[null,null,null,null,"AL","AL115","Enterprise Housing Authority",null,null,null,null,null,null,null,null,null,null,null,null,null,null,"AL114","No"]
[null,null,null,null,"AL","AL116","York Housing Authority",null,null,null,null,null,null,null,null,null,null,null,null,null,null,"AL115","No"]
[null,null,null,null,"AL","AL117","Washington County Housing Authority",null,null,null,null,null,null,null,null,null,null,null,null,null,null,"AL116","No"]
[null,null,null,null,"AL","AL118","Eufaula Housing Authority",null,null,null,null,null,null,null,null,null,null,null,null,null,null,"AL117","No"]
[null,null,null,null,"AL","AL119","Housing Authority of the City of Sulligent, Al",null,null,null,null,null,null,null,null,null,null,null,null,null,null,"AL118","No"]
[null,null,null,null,"AL","AL120","Housing Authority of the City of Linden",null,null,null,null,null,null,null,null,null,null,null,null,null,null,"AL119","No"]
[null,null,null,null,"AL","AL121","Albertville Housing Authority",null,null,null,null,null,null,null,null,null,null,null,null,null,null,"AL120","No"]
[null,null,null,null,"AL","AL122","Childersburg Housing Authority",null,null,null,null,null,null,null,null,null,null,null,null,null,null,"AL121","No"]
[null,null,null,null,"AL","AL123","Housing Authority of the City of Headland, Al",null,null,null,null,null,null,null,null,null,null,null,null,null,null,"AL122","No"]
[null,null,null,null,"AL","AL124","HA Midland City",null,null,null,null,null,null,null,null,null,null,null,null,null,null,"AL123","No"]
[null,null,null,null,"AL","AL125","HA Bessemer",null,null,null,null,null,null,null,null,null,null,null,null,null,null,"AL124","No"]
[null,null,null,null,"AL","AL126","Brundidge Housing Authority",null,null,null,null,null,null,null,null,null,null,null,null,null,null,"AL125","No"]
[null,null,null,null,"AL","AL127","HA Andalusia",null,null,null,null,null,null,null,null,null,null,null,null,null,null,"AL126","No"]
[null,null,null,null,"AL","AL128","HA Samson",null,null,null,null,null,null,null,null,null,null,null,null,null,null,"AL127","No"]
[null,null,null,null,"AL","AL129","Walker County Housing Authority",null,null,null,null,null,null,null,null,null,null,null,null,null,null,"AL128","No"]
[null,null,null,null,"AL","AL131","Housing Authority of the City of Prattville, Al",null,null,null,null,null,null,null,null,null,null,null,null,null,null,"AL129","No"]
[null,null,null,null,"AL","AL132","Housing Authority of the City of Goodwater",null,null,null,null,null,null,null,null,null,null,null,null,null,null,"AL131","No"]
[null,null,null,null,"AL","AL133","Housing Authority of the Town of Hobson City",null,null,null,null,null,null,null,null,null,null,null,null,null,null,"AL132","No"]
[null,null,null,null,"AL","AL134","Housing Authority of the Town of Blountsville, Al",null,null,null,null,null,null,null,null,null,null,null,null,null,null,"AL133","No"]
[null,null,null,null,"AL","AL135","Housing Authority of the Town of Valley Head, Al",null,null,null,null,null,null,null,null,null,null,null,null,null,null,"AL134","No"]
[null,null,null,null,"AL","AL136","Housing Authority of the Town of Ashland",null,null,null,null,null,null,null,null,null,null,null,null,null,null,"AL135","No"]
[null,null,null,null,"AL","AL137","Housing Authority of the City of Fayette",null,null,null,null,null,null,null,null,null,null,null,null,null,null,"AL136","No"]
[null,null,null,null,"AL","AL138","Gordo Housing Authority",null,null,null,null,null,null,null,null,null,null,null,null,null,null,"AL137","No"]
[null,null,null,null,"AL","AL139","HA Jacksonville",null,null,null,null,null,null,null,null,null,null,null,null,null,null,"AL138","No"]
[null,null,null,null,"AL","AL140","Housing Authority of the City of Centre, Al",null,null,null,null,null,null,null,null,null,null,null,null,null,null,"AL139","No"]
[null,null,null,null,"AL","AL141","Housing Authority of the Town of Kennedy",null,null,null,null,null,null,null,null,null,null,null,null,null,null,"AL140","No"]
[null,null,null,null,"AL","AL142","Housing Authority of the City of Newton",null,null,null,null,null,null,null,null,null,null,null,null,null,null,"AL141","No"]
[null,null,null,null,"AL","AL143","Housing Authority of the Town of Slocomb",null,null,null,null,null,null,null,null,null,null,null,null,null,null,"AL142","No"]
[null,null,null,null,"AL","AL144","HA Ashford",null,null,null,null,null,null,null,null,null,null,null,null,null,null,"AL143","No"]
[null,null,null,null,"AL","AL145","Housing Authority of the City of Brantley",null,null,null,null,null,null,null,null,null,null,null,null,null,null,"AL144","No"]
[null,null,null,null,"AL","AL146","Housing Authority of the City of Eutaw",null,null,null,null,null,null,null,null,null,null,null,null,null,null,"AL145","No"]
[null,null,null,null,"AL","AL147","Housing Authority of the City of Bridgeport",null,null,null,null,null,null,null,null,null,null,null,null,null,null,"AL146","No"]
[null,null,null,null,"AL","AL149","Housing Authority of the Town of New Brockton",null,null,null,null,null,null,null,null,null,null,null,null,null,null,"AL147","No"]
[null,null,null,null,"AL","AL150","Housing Authority of the City of Clanton",null,null,null,null,null,null,null,null,null,null,null,null,null,null,"AL149","No"]
[null,null,null,null,"AL","AL151","Housing Authority of the City of Brent",null,null,null,null,null,null,null,null,null,null,null,null,null,null,"AL150","No"]
[null,null,null,null,"AL","AL152","HA Northport",null,null,null,null,null,null,null,null,null,null,null,null,null,null,"AL151","No"]
[null,null,null,null,"AL","AL153","Housing Authority of the Town of Parrish",null,null,null,null,null,null,null,null,null,null,null,null,null,null,"AL152","No"]
[null,null,null,null,"AL","AL154","HA Atmore",null,null,null,null,null,null,null,null,null,null,null,null,null,null,"AL153","No"]
[null,null,null,null,"AL","AL155","Housing Authority of the City of Greenville",null,null,null,null,null,null,null,null,null,null,null,null,null,null,"AL154","No"]
[null,null,null,null,"AL","AL156","Housing Authority of the City of Brewton",null,null,null,null,null,null,null,null,null,null,null,null,null,null,"AL155","No"]
[null,null,null,null,"AL","AL157","Housing Authority of the City of Greensboro",null,null,null,null,null,null,null,null,null,null,null,null,null,null,"AL156","No"]
[null,null,null,null,"AL","AL158","Housing Authority of the Town of Clayton",null,null,null,null,null,null,null,null,null,null,null,null,null,null,"AL157","No"]
[null,null,null,null,"AL","AL159","Housing Authority of the City of Lafayette",null,null,null,null,null,null,null,null,null,null,null,null,null,null,"AL158","No"]
[null,null,null,null,"AL","AL160","Tuskegee Housing Authority",null,null,null,null,null,null,null,null,null,null,null,null,null,null,"AL159","No"]
[null,null,null,null,"AL","AL161","Housing Authority of the City of Marion, Al",null,null,null,null,null,null,null,null,null,null,null,null,null,null,"AL160","No"]
[null,null,null,null,"AL","AL164","HA Bay Minette",null,null,null,null,null,null,null,null,null,null,null,null,null,null,"AL161","No"]
[null,null,null,null,"AL","AL165","HA Foley",null,null,null,null,null,null,null,null,null,null,null,null,null,null,"AL164","No"]
[null,null,null,null,"AL","AL166","Housing Authority of the City of Chickasaw",null,null,null,null,null,null,null,null,null,null,null,null,null,null,"AL165","No"]
[null,null,null,null,"AL","AL167","Stevenson Housing Authority",null,null,null,null,null,null,null,null,null,null,null,null,null,null,"AL166","No"]
[null,null,null,null,{"$f":"LEFT(F131,2)","v":"AL"},"AL168","Rainsville Housing Authority",null,null,null,null,null,null,null,null,null,null,null,null,null,null,"AL167","No"]
[null,null,null,null,"AL","AL169","The Housing Authority of the City of Prichard",null,null,null,null,null,null,null,null,null,null,null,null,null,null,"AL168","No"]
[null,null,null,null,"AL","AL171","Uniontown Housing Authority",null,null,null,null,null,null,null,null,null,null,null,null,null,null,"AL169","No"]
[null,null,null,null,"AL","AL172","HA Tallassee",null,null,null,null,null,null,null,null,null,null,null,null,null,null,"AL171","No"]
[null,null,null,null,"AL","AL173","HA Monroeville",null,null,null,null,null,null,null,null,null,null,null,null,null,null,"AL172","No"]
[null,null,null,null,"AL","AL174","Housing Authority of the City of Alexander City",null,null,null,null,null,null,null,null,null,null,null,null,null,null,"AL173","No"]
[null,null,null,null,"AL","AL175","Housing Authority of the City of Livingston",null,null,null,null,null,null,null,null,null,null,null,null,null,null,"AL174","No"]
[null,null,null,null,"AL","AL176","Sumiton Housing Authority",null,null,null,null,null,null,null,null,null,null,null,null,null,null,"AL175","No"]
[null,null,null,null,"AL","AL177","HA Troy",null,null,null,null,null,null,null,null,null,null,null,null,null,null,"AL176","No"]
[null,null,null,null,"AL","AL178","Housing Authority of the City of Dadeville",null,null,null,null,null,null,null,null,null,null,null,null,null,null,"AL177","No"]
[null,null,null,null,"AL","AL179","Housing Authority of the City of Daleville",null,null,null,null,null,null,null,null,null,null,null,null,null,null,"AL178","No"]
[null,null,null,null,"AL","AL181","Evergreen Housing Authority",null,null,null,null,null,null,null,null,null,null,null,null,null,null,"AL179","No"]
[null,null,null,null,"AL","AL182","Triana Housing Authority",null,null,null,null,null,null,null,null,null,null,null,null,null,null,"AL181","No"]
[null,null,null,null,"AL","AL187","Regional HA of Lawrence, Cullman & Morgan Counties",null,null,null,null,null,null,null,null,null,null,null,null,null,null,"AL182","No"]
[null,null,null,null,"AL","AL189","Top of Alabama Regional Housing Authority",null,null,null,null,null,null,null,null,null,null,null,null,null,null,"AL187","No"]
[null,null,null,null,"AL","AL190","Housing Authority of Greene County, Al",null,null,null,null,null,null,null,null,null,null,null,null,null,null,"AL189","No"]
[null,null,null,null,"AL","AL192","South Central Alabama Regional HA",null,null,null,null,null,null,null,null,null,null,null,null,null,null,"AL190","No"]
[null,null,null,null,"AL","AL193","Housing Authority of the Town of Fort Deposit",null,null,null,null,null,null,null,null,null,null,null,null,null,null,"AL192","No"]
[null,null,null,null,"AL","AL199","Housing Authority of the City of Valley",null,null,null,null,null,null,null,null,null,null,null,null,null,null,"AL193","No"]
[null,null,null,null,"AL","AL202","Mobile County Housing Authority",null,null,null,null,null,null,null,null,null,null,null,null,null,null,"AL199","No"]
[null,null,null,null,"AR","AR002","North Little Rock Housing Authority",null,null,null,null,null,null,null,null,null,null,null,null,null,null,"AL202","No"]
[null,null,null,null,"AR","AR003","The Housing Authority of the City of Fort Smi",null,null,null,null,null,null,null,null,null,null,null,null,null,null,"AR002","Yes"]
[null,null,null,null,"AR","AR004","Housing Authority of the City of Little Rock",null,null,null,null,null,null,null,null,null,null,null,null,null,null,"AR003","No"]
[null,null,null,null,"AR","AR005","Blytheville Housing Authority",null,null,null,null,null,null,null,null,null,null,null,null,null,null,"AR004","No"]
[null,null,null,null,"AR","AR006","Housing Authority of the City of Conway",null,null,null,null,null,null,null,null,null,null,null,null,null,null,"AR005","No"]
[null,null,null,null,"AR","AR010","NW Regional Housing Authority",null,null,null,null,null,null,null,null,null,null,null,null,null,null,"AR006","No"]
[null,null,null,null,"AR","AR012","Arkadelphia Housing Authority",null,null,null,null,null,null,null,null,null,null,null,null,null,null,"AR010","No"]
[null,null,null,null,"AR","AR015","Housing Authority of the City of Texarkana",null,null,null,null,null,null,null,null,null,null,null,null,null,null,"AR012","No"]
[null,null,null,null,"AR","AR016","CAMDEN HOUSING AUTHORITY",null,null,null,null,null,null,null,null,null,null,null,null,null,null,"AR015","No"]
[null,null,null,null,"AR","AR017","Pine Bluff Housing Authority",null,null,null,null,null,null,null,null,null,null,null,null,null,null,"AR016","No"]
[null,null,null,null,"AR","AR018","Housing Authority of the City of Magnolia",null,null,null,null,null,null,null,null,null,null,null,null,null,null,"AR017","No"]
[null,null,null,null,"AR","AR020","Little River County Housing Authority",null,null,null,null,null,null,null,null,null,null,null,null,null,null,"AR018","No"]
[null,null,null,null,"AR","AR021","Housing Authority of the City of Osceola",null,null,null,null,null,null,null,null,null,null,null,null,null,null,"AR020","No"]
[null,null,null,null,"AR","AR022","Housing Authority of the County of Sevier",null,null,null,null,null,null,null,null,null,null,null,null,null,null,"AR021","No"]
[null,null,null,null,"AR","AR023","Housing Authority of the County of Poinsett",null,null,null,null,null,null,null,null,null,null,null,null,null,null,"AR022","No"]
[null,null,null,null,"AR","AR024","West Memphis Housing Authority",null,null,null,null,null,null,null,null,null,null,null,null,null,null,"AR023","No"]
[null,null,null,null,"AR","AR025","Housing Authority of the County of Howard",null,null,null,null,null,null,null,null,null,null,null,null,null,null,"AR024","No"]
[null,null,null,null,"AR","AR026","Housing Authority of the City of Morrilton",null,null,null,null,null,null,null,null,null,null,null,null,null,null,"AR025","No"]
[null,null,null,null,"AR","AR027","Housing Authority of the City of Marianna",null,null,null,null,null,null,null,null,null,null,null,null,null,null,"AR026","No"]
[null,null,null,null,"AR","AR028","Housing Authority of the City of Newport",null,null,null,null,null,null,null,null,null,null,null,null,null,null,"AR027","No"]
[null,null,null,null,"AR","AR029","Housing Authority of the City of Van Buren",null,null,null,null,null,null,null,null,null,null,null,null,null,null,"AR028","No"]
[null,null,null,null,"AR","AR031","Hot Springs Housing Authority",null,null,null,null,null,null,null,null,null,null,null,null,null,null,"AR029","No"]
[null,null,null,null,"AR","AR032","Housing Authority of the City of Paris",null,null,null,null,null,null,null,null,null,null,null,null,null,null,"AR031","No"]
[null,null,null,null,"AR","AR034","Trumann Housing Authority",null,null,null,null,null,null,null,null,null,null,null,null,null,null,"AR032","No"]
[null,null,null,null,"AR","AR035","Searcy Housing Authority",null,null,null,null,null,null,null,null,null,null,null,null,null,null,"AR034","No"]
[null,null,null,null,"AR","AR037","Housing Authority of the City of Prescott",null,null,null,null,null,null,null,null,null,null,null,null,null,null,"AR035","No"]
[null,null,null,null,"AR","AR038","Housing Authority of the City of Booneville",null,null,null,null,null,null,null,null,null,null,null,null,null,null,"AR037","No"]
[null,null,null,null,"AR","AR039","Wynne Housing Authority",null,null,null,null,null,null,null,null,null,null,null,null,null,null,"AR038","No"]
[null,null,null,null,"AR","AR040","Housing Authority of the City of Des Arc",null,null,null,null,null,null,null,null,null,null,null,null,null,null,"AR039","No"]
[null,null,null,null,"AR","AR041","Lonoke County Housing Authority",null,null,null,null,null,null,null,null,null,null,null,null,null,null,"AR040","No"]
[null,null,null,null,"AR","AR042","Star City Housing Authority",null,null,null,null,null,null,null,null,null,null,null,null,null,null,"AR041","No"]
[null,null,null,null,"AR","AR043","Housing Authority of the City of Dumas",null,null,null,null,null,null,null,null,null,null,null,null,null,null,"AR042","No"]
[null,null,null,null,"AR","AR044","Housing Authority of the City of Waldron",null,null,null,null,null,null,null,null,null,null,null,null,null,null,"AR043","No"]
[null,null,null,null,"AR","AR045","Pike County Housing Authority",null,null,null,null,null,null,null,null,null,null,null,null,null,null,"AR044","No"]
[null,null,null,null,"AR","AR046","HOUSING AUTHORITY OF THE CITY OF AMITY",null,null,null,null,null,null,null,null,null,null,null,null,null,null,"AR045","No"]
[null,null,null,null,"AR","AR047","Housing Authority of the City of Hoxie",null,null,null,null,null,null,null,null,null,null,null,null,null,null,"AR046","No"]
[null,null,null,null,"AR","AR048","Housing Authority of the City of Dewitt",null,null,null,null,null,null,null,null,null,null,null,null,null,null,"AR047","No"]
[null,null,null,null,"AR","AR049","Housing Authority of the City of Gurdon",null,null,null,null,null,null,null,null,null,null,null,null,null,null,"AR048","No"]
[null,null,null,null,"AR","AR050","Housing Authority of the City of Helena",null,null,null,null,null,null,null,null,null,null,null,null,null,null,"AR049","No"]
[null,null,null,null,"AR","AR051","Housing Authority of the City of Clarksville",null,null,null,null,null,null,null,null,null,null,null,null,null,null,"AR050","No"]
[null,null,null,null,"AR","AR052","Clarendon Housing Authority",null,null,null,null,null,null,null,null,null,null,null,null,null,null,"AR051","No"]
[null,null,null,null,"AR","AR053","Housing Authority of the City of McGehee",null,null,null,null,null,null,null,null,null,null,null,null,null,null,"AR052","No"]
[null,null,null,null,"AR","AR054","Housing Authority of the City of Wilson",null,null,null,null,null,null,null,null,null,null,null,null,null,null,"AR053","No"]
[null,null,null,null,"AR","AR055","Housing Authority of the City of Dardanelle",null,null,null,null,null,null,null,null,null,null,null,null,null,null,"AR054","No"]
[null,null,null,null,{"$f":"LEFT(F195,2)","v":"AR"},"AR057","Housing Authority of the City of Imboden",null,null,null,null,null,null,null,null,null,null,null,null,null,null,"AR055","No"]
[null,null,null,null,"AR","AR058","Housing Authority of the County of Arkansas",null,null,null,null,null,null,null,null,null,null,null,null,null,null,"AR057","No"]
[null,null,null,null,"AR","AR059","Housing Authority of the City of Brinkley",null,null,null,null,null,null,null,null,null,null,null,null,null,null,"AR058","No"]
[null,null,null,null,"AR","AR060","Housing Authority of the City of West Helena",null,null,null,null,null,null,null,null,null,null,null,null,null,null,"AR059","No"]
[null,null,null,null,"AR","AR061","Housing Authority of the City of Hughes",null,null,null,null,null,null,null,null,null,null,null,null,null,null,"AR060","No"]
[null,null,null,null,"AR","AR063","Housing Authority of the City of Pocahontas",null,null,null,null,null,null,null,null,null,null,null,null,null,null,"AR061","No"]
[null,null,null,null,"AR","AR064","Housing Authority of the City of Earle",null,null,null,null,null,null,null,null,null,null,null,null,null,null,"AR063","No"]
[null,null,null,null,"AR","AR065","Housing Authority of the City of Stephens",null,null,null,null,null,null,null,null,null,null,null,null,null,null,"AR064","No"]
[null,null,null,null,"AR","AR066","Russellville Housing Authority",null,null,null,null,null,null,null,null,null,null,null,null,null,null,"AR065","No"]
[null,null,null,null,"AR","AR068","Hope Housing Authority",null,null,null,null,null,null,null,null,null,null,null,null,null,null,"AR066","No"]
[null,null,null,null,"AR","AR069","Housing Authority of the City of Rector",null,null,null,null,null,null,null,null,null,null,null,null,null,null,"AR068","No"]
[null,null,null,null,"AR","AR070","Housing Authority of the City of Monette",null,null,null,null,null,null,null,null,null,null,null,null,null,null,"AR069","No"]
[null,null,null,null,"AR","AR071","Housing Authority of the City of Batesville",null,null,null,null,null,null,null,null,null,null,null,null,null,null,"AR070","No"]
[null,null,null,null,"AR","AR072","Housing Authority of the City of Parkin",null,null,null,null,null,null,null,null,null,null,null,null,null,null,"AR071","No"]
[null,null,null,null,"AR","AR073","Housing Authority of the City of Sparkman",null,null,null,null,null,null,null,null,null,null,null,null,null,null,"AR072","No"]
[null,null,null,null,"AR","AR074","Housing Authority of the City of Salem",null,null,null,null,null,null,null,null,null,null,null,null,null,null,"AR073","No"]
[null,null,null,null,"AR","AR075","Housing Authority of the City of Leachville",null,null,null,null,null,null,null,null,null,null,null,null,null,null,"AR074","No"]
[null,null,null,null,"AR","AR076","Housing Authority of the City of Mount Ida",null,null,null,null,null,null,null,null,null,null,null,null,null,null,"AR075","No"]
[null,null,null,null,"AR","AR078","Housing Authority of the City of Dell",null,null,null,null,null,null,null,null,null,null,null,null,null,null,"AR076","No"]
[null,null,null,null,"AR","AR079","Housing Authority of the City of Luxora",null,null,null,null,null,null,null,null,null,null,null,null,null,null,"AR078","No"]
[null,null,null,null,"AR","AR080","Housing Authority of the City of Manila",null,null,null,null,null,null,null,null,null,null,null,null,null,null,"AR079","No"]
[null,null,null,null,"AR","AR081","Housing Authority of the City of Carthage",null,null,null,null,null,null,null,null,null,null,null,null,null,null,"AR080","No"]
[null,null,null,null,"AR","AR082","Warren Housing Authority",null,null,null,null,null,null,null,null,null,null,null,null,null,null,"AR081","No"]
[null,null,null,null,"AR","AR083","Housing Authority of the City of Gould",null,null,null,null,null,null,null,null,null,null,null,null,null,null,"AR082","No"]
[null,null,null,null,"AR","AR084","Housing Authority of the City of Bald Knob",null,null,null,null,null,null,null,null,null,null,null,null,null,null,"AR083","No"]
[null,null,null,null,"AR","AR085","Housing Authority of the City of Dover",null,null,null,null,null,null,null,null,null,null,null,null,null,null,"AR084","No"]
[null,null,null,null,"AR","AR086","Housing Authority of the City of Mammoth Spring",null,null,null,null,null,null,null,null,null,null,null,null,null,null,"AR085","No"]
[null,null,null,null,"AR","AR087","Housing Authority of the City of Crossett",null,null,null,null,null,null,null,null,null,null,null,null,null,null,"AR086","No"]
[null,null,null,null,"AR","AR088","Housing Authority of the City of Lake City",null,null,null,null,null,null,null,null,null,null,null,null,null,null,"AR087","No"]
[null,null,null,null,"AR","AR089","Housing Authority of the City of Newark",null,null,null,null,null,null,null,null,null,null,null,null,null,null,"AR088","No"]
[null,null,null,null,"AR","AR090","Housing Authority of the City of Judsonia",null,null,null,null,null,null,null,null,null,null,null,null,null,null,"AR089","No"]
[null,null,null,null,"AR","AR091","Housing Authority of the City of Ola",null,null,null,null,null,null,null,null,null,null,null,null,null,null,"AR090","No"]
[null,null,null,null,"AR","AR092","Housing Authority of the City of Caraway",null,null,null,null,null,null,null,null,null,null,null,null,null,null,"AR091","No"]
[null,null,null,null,"AR","AR093","Housing Authority of the City of Hickory Ridge",null,null,null,null,null,null,null,null,null,null,null,null,null,null,"AR092","No"]
[null,null,null,null,"AR","AR094","Housing Authority of the City of Malvern",null,null,null,null,null,null,null,null,null,null,null,null,null,null,"AR093","No"]
[null,null,null,null,"AR","AR095","Housing Authority of the City of Decatur",null,null,null,null,null,null,null,null,null,null,null,null,null,null,"AR094","No"]
[null,null,null,null,"AR","AR096","Housing Authority of the City of Alma",null,null,null,null,null,null,null,null,null,null,null,null,null,null,"AR095","No"]
[null,null,null,null,"AR","AR097","Housing Authority of the City of Fayetteville",null,null,null,null,null,null,null,null,null,null,null,null,null,null,"AR096","No"]
[null,null,null,null,"AR","AR098","Housing Authority of the City of McRae",null,null,null,null,null,null,null,null,null,null,null,null,null,null,"AR097","No"]
[null,null,null,null,"AR","AR099","Housing Authority of the City of Forrest City",null,null,null,null,null,null,null,null,null,null,null,null,null,null,"AR098","No"]
[null,null,null,null,"AR","AR101","Housing Authority of the City of Ozark",null,null,null,null,null,null,null,null,null,null,null,null,null,null,"AR099","No"]
[null,null,null,null,"AR","AR102","Housing Authority of the City of Coal Hill",null,null,null,null,null,null,null,null,null,null,null,null,null,null,"AR101","No"]
[null,null,null,null,"AR","AR103","Housing Authority of the City of Melbourne",null,null,null,null,null,null,null,null,null,null,null,null,null,null,"AR102","No"]
[null,null,null,null,"AR","AR104","Springdale Housing Authority",null,null,null,null,null,null,null,null,null,null,null,null,null,null,"AR103","No"]
[null,null,null,null,"AR","AR106","Housing Authority of the City of Beebe",null,null,null,null,null,null,null,null,null,null,null,null,null,null,"AR104","No"]
[null,null,null,null,"AR","AR111","Housing Authority of the City of Rison",null,null,null,null,null,null,null,null,null,null,null,null,null,null,"AR106","No"]
[null,null,null,null,"AR","AR112","Housing Authority of the City of Marmaduke",null,null,null,null,null,null,null,null,null,null,null,null,null,null,"AR111","No"]
[null,null,null,null,"AR","AR113","Housing Authority of the City of Heber Springs",null,null,null,null,null,null,null,null,null,null,null,null,null,null,"AR112","No"]
[null,null,null,null,"AR","AR117","Polk County Housing Authority",null,null,null,null,null,null,null,null,null,null,null,null,null,null,"AR113","No"]
[null,null,null,null,"AR","AR118","Housing Authority of the City of McCrory",null,null,null,null,null,null,null,null,null,null,null,null,null,null,"AR117","No"]
[null,null,null,null,"AR","AR121","Paragould Housing Authority",null,null,null,null,null,null,null,null,null,null,null,null,null,null,"AR118","No"]
[null,null,null,null,"AR","AR122","Housing Authority of the City of Yellville",null,null,null,null,null,null,null,null,null,null,null,null,null,null,"AR121","No"]
[null,null,null,null,"AR","AR123","Housing Authority of the City of Augusta",null,null,null,null,null,null,null,null,null,null,null,null,null,null,"AR122","No"]
[null,null,null,null,"AR","AR131","Jonesboro Urban Renewal HA",null,null,null,null,null,null,null,null,null,null,null,null,null,null,"AR123","No"]
[null,null,null,null,"AR","AR141","Housing Authority of the City of Atkins",null,null,null,null,null,null,null,null,null,null,null,null,null,null,"AR131","No"]
[null,null,null,null,"AR","AR146","Housing Authority of the City of Kensett",null,null,null,null,null,null,null,null,null,null,null,null,null,null,"AR141","No"]
[null,null,null,null,"AR","AR148","Housing Authority of the City of England",null,null,null,null,null,null,null,null,null,null,null,null,null,null,"AR146","No"]
[null,null,null,null,"AR","AR170","Jacksonville Housing Authority",null,null,null,null,null,null,null,null,null,null,null,null,null,null,"AR148","No"]
[null,null,null,null,"AR","AR171","Housing Authority of the City of Greenwood",null,null,null,null,null,null,null,null,null,null,null,null,null,null,"AR170","No"]
[null,null,null,null,"AR","AR172","Housing Authority of the City of Cotton Plant",null,null,null,null,null,null,null,null,null,null,null,null,null,null,"AR171","No"]
[null,null,null,null,"AR","AR175","Housing Authority of the City of Benton, Ar",null,null,null,null,null,null,null,null,null,null,null,null,null,null,"AR172","No"]
[null,null,null,null,"AR","AR197","White River Regional Housing Authority",null,null,null,null,null,null,null,null,null,null,null,null,null,null,"AR175","No"]
[null,null,null,null,"AZ","AZ001","City of Phoenix Housing Department",null,null,null,null,null,null,null,null,null,null,null,null,null,null,"AR197","No"]
[null,null,null,null,"AZ","AZ003","City of Glendale Housing Authority",null,null,null,null,null,null,null,null,null,null,null,null,null,null,"AZ001","No"]
[null,null,null,null,{"$f":"LEFT(F259,2)","v":"AZ"},"AZ004","Community Services Department of Tucson",null,null,null,null,null,null,null,null,null,null,null,null,null,null,"AZ003","Yes"]
[null,null,null,null,"AZ","AZ006","Flagstaff Housing Authority",null,null,null,null,null,null,null,null,null,null,null,null,null,null,"AZ004","No"]
[null,null,null,null,"AZ","AZ008","Winslow Public Housing Authority",null,null,null,null,null,null,null,null,null,null,null,null,null,null,"AZ006","Yes"]
[null,null,null,null,"AZ","AZ009","Housing Authority of Maricopa County",null,null,null,null,null,null,null,null,null,null,null,null,null,null,"AZ008","No"]
[null,null,null,null,"AZ","AZ010","Pinal County Housing Authority",null,null,null,null,null,null,null,null,null,null,null,null,null,null,"AZ009","No"]
[null,null,null,null,"AZ","AZ013","Yuma County Housing Department",null,null,null,null,null,null,null,null,null,null,null,null,null,null,"AZ010","No"]
[null,null,null,null,"AZ","AZ021","Eloy Housing Authority",null,null,null,null,null,null,null,null,null,null,null,null,null,null,"AZ013","No"]
[null,null,null,null,"AZ","AZ023","Nogales Housing Authority",null,null,null,null,null,null,null,null,null,null,null,null,null,null,"AZ021","No"]
[null,null,null,null,"AZ","AZ025","South Tucson Housing Authority",null,null,null,null,null,null,null,null,null,null,null,null,null,null,"AZ023","No"]
[null,null,null,null,"AZ","AZ028","Chandler Housing & Redevelopment Division",null,null,null,null,null,null,null,null,null,null,null,null,null,null,"AZ025","No"]
[null,null,null,null,"AZ","AZ035","Yuma City Housing Authority",null,null,null,null,null,null,null,null,null,null,null,null,null,null,"AZ028","No"]
[null,null,null,null,"AZ","AZ038","Peoria Housing Authority",null,null,null,null,null,null,null,null,null,null,null,null,null,null,"AZ035","No"]
[null,null,null,null,"AZ","AZ041","Williams Housing Authority",null,null,null,null,null,null,null,null,null,null,null,null,null,null,"AZ038","No"]
[null,null,null,null,"CA","CA001","San Francisco Housing Authority",null,null,null,null,null,null,null,null,null,null,null,null,null,null,"AZ041","No"]
[null,null,null,null,"CA","CA002","Housing Authority of the County of Los Angeles",null,null,null,null,null,null,null,null,null,null,null,null,null,null,"CA001","No"]
[null,null,null,null,"CA","CA003","Oakland Housing Authority",null,null,null,null,null,null,null,null,null,null,null,null,null,null,"CA002","No"]
[null,null,null,null,"CA","CA004","Housing Authority of the City of Los Angeles",null,null,null,null,null,null,null,null,null,null,null,null,null,null,"CA003","No"]
[null,null,null,null,"CA","CA005","City of Sacramento Housing Authority",null,null,null,null,null,null,null,null,null,null,null,null,null,null,"CA004","Yes"]
[null,null,null,null,"CA","CA006","Housing Authority City of Fresno",null,null,null,null,null,null,null,null,null,null,null,null,null,null,"CA005","No"]
[null,null,null,null,"CA","CA007","County of Sacramento Housing Authority",null,null,null,null,null,null,null,null,null,null,null,null,null,null,"CA006","Yes"]
[null,null,null,null,"CA","CA008","Housing Authority of the County of Kern",null,null,null,null,null,null,null,null,null,null,null,null,null,null,"CA007","No"]
[null,null,null,null,"CA","CA009","Housing Authority of the City of Upland",null,null,null,null,null,null,null,null,null,null,null,null,null,null,"CA008","No"]
[null,null,null,null,"CA","CA010","City of Richmond Housing Authority",null,null,null,null,null,null,null,null,null,null,null,null,null,null,"CA009","Yes"]
[null,null,null,null,"CA","CA011","County of Contra Costa Housing Authority",null,null,null,null,null,null,null,null,null,null,null,null,null,null,"CA010","No"]
[null,null,null,null,"CA","CA014","County of San Mateo Housing Authority",null,null,null,null,null,null,null,null,null,null,null,null,null,null,"CA011","No"]
[null,null,null,null,"CA","CA015","City of South San Francisco Housing Authority",null,null,null,null,null,null,null,null,null,null,null,null,null,null,"CA014","No"]
[null,null,null,null,"CA","CA017","Housing Authority of the City of Riverbank",null,null,null,null,null,null,null,null,null,null,null,null,null,null,"CA015","No"]
[null,null,null,null,"CA","CA019","Housing Authority of the County of San Bernardino",null,null,null,null,null,null,null,null,null,null,null,null,null,null,"CA017","No"]
[null,null,null,null,"CA","CA021","Housing Authority of the County of Santa Barbara",null,null,null,null,null,null,null,null,null,null,null,null,null,null,"CA019","No"]
[null,null,null,null,"CA","CA022","Housing Authority of the City of Needles",null,null,null,null,null,null,null,null,null,null,null,null,null,null,"CA021","No"]
[null,null,null,null,"CA","CA023","County of Merced Housing Authority",null,null,null,null,null,null,null,null,null,null,null,null,null,null,"CA022","No"]
[null,null,null,null,"CA","CA024","County of San Joaquin Housing Auth.",null,null,null,null,null,null,null,null,null,null,null,null,null,null,"CA023","No"]
[null,null,null,null,"CA","CA025","City of Eureka Hsg Auth",null,null,null,null,null,null,null,null,null,null,null,null,null,null,"CA024","No"]
[null,null,null,null,"CA","CA026","County of Stanislaus Housing Auth",null,null,null,null,null,null,null,null,null,null,null,null,null,null,"CA025","No"]
[null,null,null,null,"CA","CA027","Housing Authority of the County of Riverside",null,null,null,null,null,null,null,null,null,null,null,null,null,null,"CA026","No"]
[null,null,null,null,"CA","CA028","Housing Authority of Fresno County",null,null,null,null,null,null,null,null,null,null,null,null,null,null,"CA027","No"]
[null,null,null,null,"CA","CA030","Tulare County Housing Authority",null,null,null,null,null,null,null,null,null,null,null,null,null,null,"CA028","No"]
[null,null,null,null,"CA","CA031","Housing Authority of the City of Oxnard",null,null,null,null,null,null,null,null,null,null,null,null,null,null,"CA030","No"]
[null,null,null,null,"CA","CA032","Housing Authority of the City of Port Hueneme",null,null,null,null,null,null,null,null,null,null,null,null,null,null,"CA031","No"]
[null,null,null,null,"CA","CA033","County of Monterey Hsg Auth",null,null,null,null,null,null,null,null,null,null,null,null,null,null,"CA032","No"]
[null,null,null,null,"CA","CA035","Housing Authority of the City of San Buenaventura",null,null,null,null,null,null,null,null,null,null,null,null,null,null,"CA033","No"]
[null,null,null,null,"CA","CA039","Housing Authority of the City of Calexico",null,null,null,null,null,null,null,null,null,null,null,null,null,null,"CA035","No"]
[null,null,null,null,"CA","CA041","City of Benicia Hsg Auth",null,null,null,null,null,null,null,null,null,null,null,null,null,null,"CA039","Yes"]
[null,null,null,null,"CA","CA043","County of Butte Hsg Auth",null,null,null,null,null,null,null,null,null,null,null,null,null,null,"CA041","No"]
[null,null,null,null,"CA","CA044","Yolo County Hsg Authority",null,null,null,null,null,null,null,null,null,null,null,null,null,null,"CA043","No"]
[null,null,null,null,"CA","CA046","City of Wasco Housing Authority",null,null,null,null,null,null,null,null,null,null,null,null,null,null,"CA044","No"]
[null,null,null,null,"CA","CA048","Consolidated Area Housing Authority",null,null,null,null,null,null,null,null,null,null,null,null,null,null,"CA046","No"]
[null,null,null,null,"CA","CA050","HOUSING AUTHORITY OF THE CITY OF PASO ROBLES",null,null,null,null,null,null,null,null,null,null,null,null,null,null,"CA048","No"]
[null,null,null,null,"CA","CA052","Housing Authority of County of Marin",null,null,null,null,null,null,null,null,null,null,null,null,null,null,"CA050","No"]
[null,null,null,null,"CA","CA053","Kings County Housing Auth",null,null,null,null,null,null,null,null,null,null,null,null,null,null,"CA052","No"]
[null,null,null,null,"CA","CA058","City of Berkeley Housing Authority",null,null,null,null,null,null,null,null,null,null,null,null,null,null,"CA053","No"]
[null,null,null,null,"CA","CA059","Housing Authority of the County Santa Clara",null,null,null,null,null,null,null,null,null,null,null,null,null,null,"CA058","No"]
[null,null,null,null,"CA","CA063","SAN DIEGO HOUSING COMMISSION",null,null,null,null,null,null,null,null,null,null,null,null,null,null,"CA059","No"]
[null,null,null,null,{"$f":"LEFT(F312,2)","v":"CA"},"CA064","Housing Authority of the City of San Luis Obispo",null,null,null,null,null,null,null,null,null,null,null,null,null,null,"CA062","No"]
[null,null,null,null,"CA","CA067","Alameda County Hsg Auth",null,null,null,null,null,null,null,null,null,null,null,null,null,null,"CA062","No"]
[null,null,null,null,"CA","CA069","The Housing Authority of the City of Madera",null,null,null,null,null,null,null,null,null,null,null,null,null,null,"CA058","No"]
[null,null,null,null,"CA","CA070","County of Plumas Housing Authority",null,null,null,null,null,null,null,null,null,null,null,null,null,null,"CA059","Yes"]
[null,null,null,null,"CA","CA072","Santa Cruz County Hsg Auth",null,null,null,null,null,null,null,null,null,null,null,null,null,null,"CA062","No"]
[null,null,null,null,"CA","CA074","Hsg Auth of the City of Livermore",null,null,null,null,null,null,null,null,null,null,null,null,null,null,"CA063","No"]
[null,null,null,null,"CA","CA076","Housing Authority of the City of Santa Barbara",null,null,null,null,null,null,null,null,null,null,null,null,null,null,"CA064","No"]
[null,null,null,null,"CA","CA081","Housing Authority of the City of Pleasanton",null,null,null,null,null,null,null,null,null,null,null,null,null,null,"CA067","No"]
[null,null,null,null,"CA","CA092","Housing Authority of the County of Ventura",null,null,null,null,null,null,null,null,null,null,null,null,null,null,"CA069","No"]
[null,null,null,null,"CA","CA108","Housing Authority of the County of San Diego",null,null,null,null,null,null,null,null,null,null,null,null,null,null,"CA070","No"]
[null,null,null,null,"CA","CA139","Housing Authority of the City of Lomita",null,null,null,null,null,null,null,null,null,null,null,null,null,null,"CA072","No"]
[null,null,null,null,{"$f":"LEFT(F323,2)","v":"CA"},"CA142","Dublin Housing Authority",null,null,null,null,null,null,null,null,null,null,null,null,null,null,"CA074","No"]
[null,null,null,null,"CA","CA143","Imperial Valley Housing Authority",null,null,null,null,null,null,null,null,null,null,null,null,null,null,"CA076","No"]
[null,null,null,null,"CO","CO001","Housing Authority of the City And County of Denver",null,null,null,null,null,null,null,null,null,null,null,null,null,null,"CA081","No"]
[null,null,null,null,"CO","CO002","Housing Authority of the City of Pueblo",null,null,null,null,null,null,null,null,null,null,null,null,null,null,"CA084","No"]
[null,null,null,null,"CO","CO003","Housing Authority of the City of Walsenburg",null,null,null,null,null,null,null,null,null,null,null,null,null,null,"CA092","No"]
[null,null,null,null,"CO","CO004","Housing Authority of the City of Alamosa",null,null,null,null,null,null,null,null,null,null,null,null,null,null,"CA108","No"]
[null,null,null,null,"CO","CO005","Trinidad Housing Authority",null,null,null,null,null,null,null,null,null,null,null,null,null,null,"CA120","No"]
[null,null,null,null,"CO","CO006","Housing Authority of the City of Lamar",null,null,null,null,null,null,null,null,null,null,null,null,null,null,"CA139","No"]
[null,null,null,null,"CO","CO007","Housing Authority of the Town of Holly",null,null,null,null,null,null,null,null,null,null,null,null,null,null,"CA142","Yes"]
[null,null,null,null,"CO","CO008","Housing Authority of Antonito",null,null,null,null,null,null,null,null,null,null,null,null,null,null,"CA143","No"]
[null,null,null,null,"CO","CO009","Housing Authority of the Town of Yuma",null,null,null,null,null,null,null,null,null,null,null,null,null,null,"CO001","No"]
[null,null,null,null,"CO","CO011","Fort Morgan Housing Authority",null,null,null,null,null,null,null,null,null,null,null,null,null,null,"CO002","No"]
[null,null,null,null,"CO","CO012","Housing Authority of the Town of Limon",null,null,null,null,null,null,null,null,null,null,null,null,null,null,"CO003","No"]
[null,null,null,null,"CO","CO013","Housing Authority of the City of Salida",null,null,null,null,null,null,null,null,null,null,null,null,null,null,"CO004","No"]
[null,null,null,null,"CO","CO014","Wellington Housing Authority",null,null,null,null,null,null,null,null,null,null,null,null,null,null,"CO005","No"]
[null,null,null,null,"CO","CO015","Housing Authority of the Town of Aguilar",null,null,null,null,null,null,null,null,null,null,null,null,null,null,"CO006","No"]
[null,null,null,null,"CO","CO016","Boulder Housing Partners",null,null,null,null,null,null,null,null,null,null,null,null,null,null,"CO007","No"]
[null,null,null,null,"CO","CO017","Housing Authority of the Town of Haxtun",null,null,null,null,null,null,null,null,null,null,null,null,null,null,"CO008","No"]
[null,null,null,null,"CO","CO018","Housing Authority of the Town of Kersey",null,null,null,null,null,null,null,null,null,null,null,null,null,null,"CO009","No"]
[null,null,null,null,"CO","CO019","Housing Authority of the City of Brighton",null,null,null,null,null,null,null,null,null,null,null,null,null,null,"CO011","No"]
[null,null,null,null,"CO","CO020","Housing Authority of the Town of Keenesburg",null,null,null,null,null,null,null,null,null,null,null,null,null,null,"CO012","No"]
[null,null,null,null,"CO","CO021","Julesburg Housing Authority",null,null,null,null,null,null,null,null,null,null,null,null,null,null,"CO013","No"]
[null,null,null,null,"CO","CO022","Housing Authority of the City of Wray",null,null,null,null,null,null,null,null,null,null,null,null,null,null,"CO014","No"]
[null,null,null,null,"CO","CO023","Holyoke Housing Authority",null,null,null,null,null,null,null,null,null,null,null,null,null,null,"CO015","No"]
[null,null,null,null,"CO","CO025","Housing Authority of the City of Sterling",null,null,null,null,null,null,null,null,null,null,null,null,null,null,"CO016","No"]
[null,null,null,null,"CO","CO026","Housing Authority for the Town of Cheyenne Wells",null,null,null,null,null,null,null,null,null,null,null,null,null,null,"CO017","No"]
[null,null,null,null,"CO","CO028","Housing Authority of the City of Colorado Springs",null,null,null,null,null,null,null,null,null,null,null,null,null,null,"CO018","No"]
[null,null,null,null,"CO","CO029","Housing Authority of the City of Fort Lupton",null,null,null,null,null,null,null,null,null,null,null,null,null,null,"CO019","No"]
[null,null,null,null,"CO","CO030","Burlington Housing Authority",null,null,null,null,null,null,null,null,null,null,null,null,null,null,"CO020","No"]
[null,null,null,null,"CO","CO031","La Junta Housing Authority",null,null,null,null,null,null,null,null,null,null,null,null,null,null,"CO021","No"]
[null,null,null,null,"CO","CO034","Loveland Housing Authority",null,null,null,null,null,null,null,null,null,null,null,null,null,null,"CO022","No"]
[null,null,null,null,"CO","CO035","Housing Authority of the City of Greeley",null,null,null,null,null,null,null,null,null,null,null,null,null,null,"CO023","No"]
[null,null,null,null,"CO","CO036","Littleton Housing Authority",null,null,null,null,null,null,null,null,null,null,null,null,null,null,"CO025","No"]
[null,null,null,null,"CO","CO037","Costilla County Housing Authority",null,null,null,null,null,null,null,null,null,null,null,null,null,null,"CO026","No"]
[null,null,null,null,"CO","CO038","Conejos County Housing Authority",null,null,null,null,null,null,null,null,null,null,null,null,null,null,"CO028","No"]
[null,null,null,null,"CO","CO040","Delta Housing Authority",null,null,null,null,null,null,null,null,null,null,null,null,null,null,"CO029","No"]
[null,null,null,null,"CO","CO041","Fort Collins Housing Authority",null,null,null,null,null,null,null,null,null,null,null,null,null,null,"CO030","No"]
[null,null,null,null,"CO","CO043","Center Housing Authority",null,null,null,null,null,null,null,null,null,null,null,null,null,null,"CO031","No"]
[null,null,null,null,"CO","CO044","Housing Authority of the City of Brush",null,null,null,null,null,null,null,null,null,null,null,null,null,null,"CO034","No"]
[null,null,null,null,"CO","CO048","Englewood Housing Authority",null,null,null,null,null,null,null,null,null,null,null,null,null,null,"CO035","No"]
[null,null,null,null,"CO","CO049","Lakewood Housing Authority",null,null,null,null,null,null,null,null,null,null,null,null,null,null,"CO036","No"]
[null,null,null,null,"CO","CO052","Aurora Housing Authority",null,null,null,null,null,null,null,null,null,null,null,null,null,null,"CO037","No"]
[null,null,null,null,"CO","CO058","Adams County Housing Authority",null,null,null,null,null,null,null,null,null,null,null,null,null,null,"CO038","No"]
[null,null,null,null,"CO","CO059","Louisville Housing Authority",null,null,null,null,null,null,null,null,null,null,null,null,null,null,"CO040","No"]
[null,null,null,null,"CO","CO071","Housing Authority of the City of Fountain",null,null,null,null,null,null,null,null,null,null,null,null,null,null,"CO041","No"]
[null,null,null,null,"CO","CO079","Housing Authority of the County of Montezuma",null,null,null,null,null,null,null,null,null,null,null,null,null,null,"CO043","No"]
[null,null,null,null,"CT","CT001","Housing Authority of the City of Bridgeport",null,null,null,null,null,null,null,null,null,null,null,null,null,null,"CO044","No"]
[null,null,null,null,"CT","CT002","Housing Authority of the City of Norwalk",null,null,null,null,null,null,null,null,null,null,null,null,null,null,"CO048","No"]
[null,null,null,null,"CT","CT003","Housing Authority of the City of Hartford",null,null,null,null,null,null,null,null,null,null,null,null,null,null,"CO049","No"]
[null,null,null,null,"CT","CT004","Housing Authority of the City of New Haven",null,null,null,null,null,null,null,null,null,null,null,null,null,null,"CO051","No"]
[null,null,null,null,"CT","CT005","Housing Authority of the City of New Britain",null,null,null,null,null,null,null,null,null,null,null,null,null,null,"CO052","No"]
[null,null,null,null,"CT","CT006","Waterbury Housing Authority",null,null,null,null,null,null,null,null,null,null,null,null,null,null,"CO058","No"]
[null,null,null,null,"CT","CT007","Stamford Housing Authority",null,null,null,null,null,null,null,null,null,null,null,null,null,null,"CO059","No"]
[null,null,null,null,"CT","CT009","Middletown Housing Authority",null,null,null,null,null,null,null,null,null,null,null,null,null,null,"CO061","No"]
[null,null,null,null,"CT","CT010","Willimantic Housing Authority",null,null,null,null,null,null,null,null,null,null,null,null,null,null,"CO070","No"]
[null,null,null,null,"CT","CT011","Housing Authority of the City of Meriden",null,null,null,null,null,null,null,null,null,null,null,null,null,null,"CO071","Yes"]
[null,null,null,null,"CT","CT013","East Hartford Housing Authority",null,null,null,null,null,null,null,null,null,null,null,null,null,null,"CO079","Yes"]
[null,null,null,null,"CT","CT015","Housing Authority of the City of Ansonia",null,null,null,null,null,null,null,null,null,null,null,null,null,null,"CT001","Yes"]
[null,null,null,null,"CT","CT018","Norwich Housing Authority",null,null,null,null,null,null,null,null,null,null,null,null,null,null,"CT002","No"]
[null,null,null,null,"CT","CT019","Greenwich Housing Authority",null,null,null,null,null,null,null,null,null,null,null,null,null,null,"CT003","Yes"]
[null,null,null,null,"CT","CT020","Housing Authority of the City of Danbury",null,null,null,null,null,null,null,null,null,null,null,null,null,null,"CT004","No"]
[null,null,null,null,"CT","CT022","New London Housing Authority",null,null,null,null,null,null,null,null,null,null,null,null,null,null,"CT005","No"]
[null,null,null,null,"CT","CT023","Bristol Housing Authority",null,null,null,null,null,null,null,null,null,null,null,null,null,null,"CT006","No"]
[null,null,null,null,"CT","CT024","Putnam Housing Authority",null,null,null,null,null,null,null,null,null,null,null,null,null,null,"CT007","No"]
[null,null,null,null,{"$f":"LEFT(F387,2)","v":"CT"},"CT025","Winchester Housing Authority",null,null,null,null,null,null,null,null,null,null,null,null,null,null,"CT009","No"]
[null,null,null,null,"CT","CT026","Manchester Housing Authority",null,null,null,null,null,null,null,null,null,null,null,null,null,null,"CT010","Yes"]
[null,null,null,null,"CT","CT027","Housing Authority of the Town of Stratford",null,null,null,null,null,null,null,null,null,null,null,null,null,null,"CT011","No"]
[null,null,null,null,"CT","CT028","Vernon Housing Authority",null,null,null,null,null,null,null,null,null,null,null,null,null,null,"CT013","No"]
[null,null,null,null,"CT","CT029","West Haven Housing Authority",null,null,null,null,null,null,null,null,null,null,null,null,null,null,"CT015","No"]
[null,null,null,null,"CT","CT030","Milford Redevelopment & Housing Partnership",null,null,null,null,null,null,null,null,null,null,null,null,null,null,"CT018","No"]
[null,null,null,null,"CT","CT031","Torrington Housing Authority",null,null,null,null,null,null,null,null,null,null,null,null,null,null,"CT019","No"]
[null,null,null,null,"CT","CT032","Windsor Locks Housing Authority",null,null,null,null,null,null,null,null,null,null,null,null,null,null,"CT020","No"]
[null,null,null,null,"CT","CT035","Housing Authority of the Town of Seymour",null,null,null,null,null,null,null,null,null,null,null,null,null,null,"CT022","No"]
[null,null,null,null,"CT","CT036","Portland Housing Authority",null,null,null,null,null,null,null,null,null,null,null,null,null,null,"CT023","No"]
[null,null,null,null,"CT","CT040","Housing Authority of the Town of Glastonbury",null,null,null,null,null,null,null,null,null,null,null,null,null,null,"CT024","No"]
[null,null,null,null,"CT","CT047","Naugatuck Housing Authority",null,null,null,null,null,null,null,null,null,null,null,null,null,null,"CT025","No"]
[null,null,null,null,"CT","CT054","New Canaan Housing Authority",null,null,null,null,null,null,null,null,null,null,null,null,null,null,"CT026","No"]
[null,null,null,null,"CT","CT056","Bloomfield Housing Authority",null,null,null,null,null,null,null,null,null,null,null,null,null,null,"CT027","Yes"]
[null,null,null,null,"CT","CT066","Brooklyn Housing Authority",null,null,null,null,null,null,null,null,null,null,null,null,null,null,"CT028","No"]
[null,null,null,null,"DC","DC001","D.C Housing Authority",null,null,null,null,null,null,null,null,null,null,null,null,null,null,"CT029","No"]
[null,null,null,null,"DE","DE001","Wilmington Housing Authority",null,null,null,null,null,null,null,null,null,null,null,null,null,null,"CT030","No"]
[null,null,null,null,"DE","DE002","DOVER HOUSING AUTHORITY",null,null,null,null,null,null,null,null,null,null,null,null,null,null,"CT031","No"]
[null,null,null,null,"DE","DE003","Newark Housing Authority",null,null,null,null,null,null,null,null,null,null,null,null,null,null,"CT032","No"]
[null,null,null,null,"DE","DE004","Delaware State Housing Authority",null,null,null,null,null,null,null,null,null,null,null,null,null,null,"CT035","No"]
[null,null,null,null,"FL","FL001","Jacksonville Housing Authority",null,null,null,null,null,null,null,null,null,null,null,null,null,null,"CT036","No"]
[null,null,null,null,"FL","FL002","Housing Authority of the City of St. Petersburg",null,null,null,null,null,null,null,null,null,null,null,null,null,null,"CT039","No"]
[null,null,null,null,"FL","FL003","Tampa Housing Authority",null,null,null,null,null,null,null,null,null,null,null,null,null,null,"CT040","No"]
[null,null,null,null,"FL","FL004","Orlando Housing Authority",null,null,null,null,null,null,null,null,null,null,null,null,null,null,"CT047","No"]
[null,null,null,null,"FL","FL005","Miami Dade Housing Agency",null,null,null,null,null,null,null,null,null,null,null,null,null,null,"CT054","No"]
[null,null,null,null,"FL","FL006","Area Housing Commission",null,null,null,null,null,null,null,null,null,null,null,null,null,null,"CT056","No"]
[null,null,null,null,"FL","FL007","Housing Authority of City of Daytona Beach",null,null,null,null,null,null,null,null,null,null,null,null,null,null,"CT066","No"]
[null,null,null,null,"FL","FL008","Housing Authority of the City of Sarasota",null,null,null,null,null,null,null,null,null,null,null,null,null,null,"DC001","No"]
[null,null,null,null,"FL","FL009","West Palm Beach Housing Authority",null,null,null,null,null,null,null,null,null,null,null,null,null,null,"DE001","No"]
[null,null,null,null,"FL","FL010","Housing Authority of the City of Fort Lauderdale",null,null,null,null,null,null,null,null,null,null,null,null,null,null,"DE002","No"]
[null,null,null,null,"FL","FL011","Housing Authority of the City of Lakeland",null,null,null,null,null,null,null,null,null,null,null,null,null,null,"DE003","Yes"]
[null,null,null,null,"FL","FL012","HOUSING AUTHORITY OF AVON PARK",null,null,null,null,null,null,null,null,null,null,null,null,null,null,"DE004","No"]
[null,null,null,null,"FL","FL013","Housing Authority of the City of Key West",null,null,null,null,null,null,null,null,null,null,null,null,null,null,"FL001","No"]
[null,null,null,null,"FL","FL015","Northwest Florida Regional Housing Authority",null,null,null,null,null,null,null,null,null,null,null,null,null,null,"FL002","No"]
[null,null,null,null,"FL","FL016","The Housing Authority of the City of Sanford, Florida",null,null,null,null,null,null,null,null,null,null,null,null,null,null,"FL003","Yes"]
[null,null,null,null,"FL","FL017","Housing Authority of the City of Miami Beach",null,null,null,null,null,null,null,null,null,null,null,null,null,null,"FL004","No"]
[null,null,null,null,"FL","FL018","Panama City Housing Authority",null,null,null,null,null,null,null,null,null,null,null,null,null,null,"FL005","No"]
[null,null,null,null,"FL","FL019","Housing Authority of the City of Cocoa",null,null,null,null,null,null,null,null,null,null,null,null,null,null,"FL006","No"]
[null,null,null,null,"FL","FL020","Housing Authority of Brevard County",null,null,null,null,null,null,null,null,null,null,null,null,null,null,"FL007","No"]
[null,null,null,null,"FL","FL021","Pahokee Housing Authority",null,null,null,null,null,null,null,null,null,null,null,null,null,null,"FL008","No"]
[null,null,null,null,"FL","FL022","Housing Authority of New Smyrna Beach",null,null,null,null,null,null,null,null,null,null,null,null,null,null,"FL009","No"]
[null,null,null,null,"FL","FL023","Housing Authority of the City of Bradenton",null,null,null,null,null,null,null,null,null,null,null,null,null,null,"FL010","No"]
[null,null,null,null,"FL","FL024","Ormond Beach Housing Authority",null,null,null,null,null,null,null,null,null,null,null,null,null,null,"FL011","No"]
[null,null,null,null,"FL","FL025","Housing Authority of the City of Titusville",null,null,null,null,null,null,null,null,null,null,null,null,null,null,"FL012","No"]
[null,null,null,null,"FL","FL026","Housing Authority of Bartow",null,null,null,null,null,null,null,null,null,null,null,null,null,null,"FL013","No"]
[null,null,null,null,"FL","FL027","Housing Authority of the City of Live Oak",null,null,null,null,null,null,null,null,null,null,null,null,null,null,"FL015","No"]
[null,null,null,null,"FL","FL030","Housing Authority of the County of Flagler",null,null,null,null,null,null,null,null,null,null,null,null,null,null,"FL016","No"]
[null,null,null,null,"FL","FL031","Housing Authority of the City of Marianna",null,null,null,null,null,null,null,null,null,null,null,null,null,null,"FL017","No"]
[null,null,null,null,"FL","FL032","Ocala Housing Authority",null,null,null,null,null,null,null,null,null,null,null,null,null,null,"FL018","No"]
[null,null,null,null,"FL","FL033","Seminole County Housing Authority",null,null,null,null,null,null,null,null,null,null,null,null,null,null,"FL019","No"]
[null,null,null,null,"FL","FL034","Plant City Housing Authority",null,null,null,null,null,null,null,null,null,null,null,null,null,null,"FL020","No"]
[null,null,null,null,"FL","FL035","Housing Authority of Springfield",null,null,null,null,null,null,null,null,null,null,null,null,null,null,"FL021","No"]
[null,null,null,null,"FL","FL036","Housing Authority of the City of Apalachicola",null,null,null,null,null,null,null,null,null,null,null,null,null,null,"FL022","No"]
[null,null,null,null,"FL","FL037","Housing Authority of City of Fernandina Beach",null,null,null,null,null,null,null,null,null,null,null,null,null,null,"FL023","No"]
[null,null,null,null,"FL","FL038","Chipley Housing Authority",null,null,null,null,null,null,null,null,null,null,null,null,null,null,"FL024","No"]
[null,null,null,null,"FL","FL039","Defuniak Springs Housing Authority",null,null,null,null,null,null,null,null,null,null,null,null,null,null,"FL025","No"]
[null,null,null,null,"FL","FL040","Housing Authority of the City of Eustis",null,null,null,null,null,null,null,null,null,null,null,null,null,null,"FL026","No"]
[null,null,null,null,"FL","FL041","Housing Authority of the City of Fort Pierce",null,null,null,null,null,null,null,null,null,null,null,null,null,null,"FL027","No"]
[null,null,null,null,"FL","FL042","Union County Housing Authority",null,null,null,null,null,null,null,null,null,null,null,null,null,null,"FL028","No"]
[null,null,null,null,"FL","FL045","Housing Authority of the City of Stuart",null,null,null,null,null,null,null,null,null,null,null,null,null,null,"FL030","No"]
[null,null,null,null,"FL","FL046","Crestview Housing Authority",null,null,null,null,null,null,null,null,null,null,null,null,null,null,"FL031","No"]
[null,null,null,null,"FL","FL047","Housing Authority of the Ctiy of Fort Myers",null,null,null,null,null,null,null,null,null,null,null,null,null,null,"FL032","No"]
[null,null,null,null,"FL","FL049","Levy County Housing Authority",null,null,null,null,null,null,null,null,null,null,null,null,null,null,"FL033","No"]
[null,null,null,null,"FL","FL050","Suwannee County Housing Authority",null,null,null,null,null,null,null,null,null,null,null,null,null,null,"FL034","No"]
[null,null,null,null,{"$f":"LEFT(F451,2)","v":"FL"},"FL051","Gilchrist County Housing Authority",null,null,null,null,null,null,null,null,null,null,null,null,null,null,"FL035","No"]
[null,null,null,null,"FL","FL052","Niceville Housing Authority",null,null,null,null,null,null,null,null,null,null,null,null,null,null,"FL036","No"]
[null,null,null,null,"FL","FL053","Milton Housing Authority",null,null,null,null,null,null,null,null,null,null,null,null,null,null,"FL037","No"]
[null,null,null,null,"FL","FL054","Housing Authority of the City of Mulberry",null,null,null,null,null,null,null,null,null,null,null,null,null,null,"FL038","No"]
[null,null,null,null,"FL","FL055","Housing Authority of the City of Arcadia",null,null,null,null,null,null,null,null,null,null,null,null,null,null,"FL039","Yes"]
[null,null,null,null,"FL","FL056","Melbourne Housing Authority",null,null,null,null,null,null,null,null,null,null,null,null,null,null,"FL040","No"]
[null,null,null,null,"FL","FL057","Palatka Housing Authority",null,null,null,null,null,null,null,null,null,null,null,null,null,null,"FL041","No"]
[null,null,null,null,"FL","FL058","Tarpon Springs Housing Authority",null,null,null,null,null,null,null,null,null,null,null,null,null,null,"FL042","No"]
[null,null,null,null,"FL","FL060","Punta Gorda Housing Authority",null,null,null,null,null,null,null,null,null,null,null,null,null,null,"FL045","Yes"]
[null,null,null,null,"FL","FL062","Pinellas County Housing Authority",null,null,null,null,null,null,null,null,null,null,null,null,null,null,"FL046","No"]
[null,null,null,null,"FL","FL063","Gainesville Housing Authority",null,null,null,null,null,null,null,null,null,null,null,null,null,null,"FL047","No"]
[null,null,null,null,"FL","FL064","Venice Housing Authority",null,null,null,null,null,null,null,null,null,null,null,null,null,null,"FL049","No"]
[null,null,null,null,"FL","FL065","Macclenny Housing Authority",null,null,null,null,null,null,null,null,null,null,null,null,null,null,"FL050","No"]
[null,null,null,null,"FL","FL066","Hialeah Housing Authority",null,null,null,null,null,null,null,null,null,null,null,null,null,null,"FL051","No"]
[null,null,null,null,"FL","FL069","Fort Walton Beach Housing Authority",null,null,null,null,null,null,null,null,null,null,null,null,null,null,"FL052","No"]
[null,null,null,null,"FL","FL070","Alachua County Housing Authority",null,null,null,null,null,null,null,null,null,null,null,null,null,null,"FL053","No"]
[null,null,null,null,"FL","FL071","Lake Wales Housing Authority",null,null,null,null,null,null,null,null,null,null,null,null,null,null,"FL054","No"]
[null,null,null,null,"FL","FL073","Tallahassee Housing Authority",null,null,null,null,null,null,null,null,null,null,null,null,null,null,"FL055","No"]
[null,null,null,null,"FL","FL074","Brooksville Housing Authority",null,null,null,null,null,null,null,null,null,null,null,null,null,null,"FL056","No"]
[null,null,null,null,"FL","FL075","Clearwater Housing Authority",null,null,null,null,null,null,null,null,null,null,null,null,null,null,"FL057","No"]
[null,null,null,null,"FL","FL079","Broward County Housing Authority",null,null,null,null,null,null,null,null,null,null,null,null,null,null,"FL058","No"]
[null,null,null,null,"FL","FL080","Palm Beach County Housing Authority",null,null,null,null,null,null,null,null,null,null,null,null,null,null,"FL060","No"]
[null,null,null,null,"FL","FL081","Housing Authority of the City of Deerfield Beach",null,null,null,null,null,null,null,null,null,null,null,null,null,null,"FL062","No"]
[null,null,null,null,"FL","FL082","Housing Authority of Winter Park",null,null,null,null,null,null,null,null,null,null,null,null,null,null,"FL063","No"]
[null,null,null,null,"FL","FL104","Pasco County Housing Authority",null,null,null,null,null,null,null,null,null,null,null,null,null,null,"FL064","No"]
[null,null,null,null,"FL","FL105","Manatee County Housing Authority",null,null,null,null,null,null,null,null,null,null,null,null,null,null,"FL065","No"]
[null,null,null,null,"FL","FL116","Dania Beach Housing Authority",null,null,null,null,null,null,null,null,null,null,null,null,null,null,"FL066","No"]
[null,null,null,null,"FL","FL119","HA Boca Raton",null,null,null,null,null,null,null,null,null,null,null,null,null,null,"FL069","No"]
[null,null,null,null,"FL","FL125","Columbia County Housing Authority",null,null,null,null,null,null,null,null,null,null,null,null,null,null,"FL070","No"]
[null,null,null,null,"FL","FL128","HA LEE COUNTY",null,null,null,null,null,null,null,null,null,null,null,null,null,null,"FL071","No"]
[null,null,null,null,"FL","FL136","HA Hollywood",null,null,null,null,null,null,null,null,null,null,null,null,null,null,"FL072","No"]
[null,null,null,null,"FL","FL139","Winter Haven Housing Authority",null,null,null,null,null,null,null,null,null,null,null,null,null,null,"FL073","No"]
[null,null,null,null,"FL","FL144","Monroe County Housing Authority",null,null,null,null,null,null,null,null,null,null,null,null,null,null,"FL074","No"]
[null,null,null,null,"GA","GA001","Housing Authority of the City of Augusta",null,null,null,null,null,null,null,null,null,null,null,null,null,null,"FL075","No"]
[null,null,null,null,"GA","GA002","Housing Authority of Savannah",null,null,null,null,null,null,null,null,null,null,null,null,null,null,"FL076","No"]
[null,null,null,null,"GA","GA003","Housing Authority of the City of Athens",null,null,null,null,null,null,null,null,null,null,null,null,null,null,"FL079","No"]
[null,null,null,null,"GA","GA004","Housing Authority of the City of Columbus",null,null,null,null,null,null,null,null,null,null,null,null,null,null,"FL080","No"]
[null,null,null,null,"GA","GA006","Housing Authority of the City of Atlanta Georgia",null,null,null,null,null,null,null,null,null,null,null,null,null,null,"FL081","No"]
[null,null,null,null,"GA","GA007","Housing Authority of the City of Macon",null,null,null,null,null,null,null,null,null,null,null,null,null,null,"FL082","No"]
[null,null,null,null,"GA","GA009","Housing Authority of the City of Brunswick",null,null,null,null,null,null,null,null,null,null,null,null,null,null,"FL083","No"]
[null,null,null,null,"GA","GA010","Housing Authority of the City of Marietta",null,null,null,null,null,null,null,null,null,null,null,null,null,null,"FL104","No"]
[null,null,null,null,"GA","GA011","Housing Authority of the City Decatur, GA",null,null,null,null,null,null,null,null,null,null,null,null,null,null,"FL105","No"]
[null,null,null,null,"GA","GA023","Housing Authority of the City of Albany",null,null,null,null,null,null,null,null,null,null,null,null,null,null,"FL116","No"]
[null,null,null,null,"GA","GA024","Housing Authority of the City of Thomasville",null,null,null,null,null,null,null,null,null,null,null,null,null,null,"FL119","No"]
[null,null,null,null,"GA","GA025","Housing Authority of the City of Cedartown",null,null,null,null,null,null,null,null,null,null,null,null,null,null,"FL125","No"]
[null,null,null,null,"GA","GA026","Housing Authority of the City of Lagrange",null,null,null,null,null,null,null,null,null,null,null,null,null,null,"FL128","No"]
[null,null,null,null,"GA","GA028","Housing Authority of the City of Waycross",null,null,null,null,null,null,null,null,null,null,null,null,null,null,"FL136","No"]
[null,null,null,null,"GA","GA059","Housing Authority of the City of Gainesville",null,null,null,null,null,null,null,null,null,null,null,null,null,null,"FL139","Yes"]
[null,null,null,null,"GA","GA060","Housing Authority of the City of Moultrie",null,null,null,null,null,null,null,null,null,null,null,null,null,null,"FL144","No"]
[null,null,null,null,"GA","GA061","Housing Authority of the City of Griffin",null,null,null,null,null,null,null,null,null,null,null,null,null,null,"GA001","No"]
[null,null,null,null,"GA","GA062","Housing Authority of the City of Americus",null,null,null,null,null,null,null,null,null,null,null,null,null,null,"GA002","No"]
[null,null,null,null,"GA","GA063","Housing Authority of the City of Cordele",null,null,null,null,null,null,null,null,null,null,null,null,null,null,"GA003","No"]
[null,null,null,null,"GA","GA064","Housing Authority of the City of Bainbridge",null,null,null,null,null,null,null,null,null,null,null,null,null,null,"GA004","No"]
[null,null,null,null,"GA","GA065","Housing Authority of the City of West Point",null,null,null,null,null,null,null,null,null,null,null,null,null,null,"GA006","No"]
[null,null,null,null,"GA","GA066","Housing Authority of the City of Jesup",null,null,null,null,null,null,null,null,null,null,null,null,null,null,"GA007","No"]
[null,null,null,null,"GA","GA067","Housing Authority of the City of Dawson",null,null,null,null,null,null,null,null,null,null,null,null,null,null,"GA009","No"]
[null,null,null,null,"GA","GA069","Housing Authority of the City of Dublin",null,null,null,null,null,null,null,null,null,null,null,null,null,null,"GA010","No"]
[null,null,null,null,"GA","GA070","Housing Authority of the City of Fitzgerald",null,null,null,null,null,null,null,null,null,null,null,null,null,null,"GA011","No"]
[null,null,null,null,"GA","GA071","Housing Authority of the City of Baxley",null,null,null,null,null,null,null,null,null,null,null,null,null,null,"GA023","No"]
[null,null,null,null,"GA","GA072","Housing Authority of the City of Eatonton",null,null,null,null,null,null,null,null,null,null,null,null,null,null,"GA024","No"]
[null,null,null,null,"GA","GA073","Housing Authority of the City of Monroe",null,null,null,null,null,null,null,null,null,null,null,null,null,null,"GA025","No"]
[null,null,null,null,"GA","GA074","Housing Authority of the City of Elberton",null,null,null,null,null,null,null,null,null,null,null,null,null,null,"GA026","No"]
[null,null,null,null,"GA","GA076","Housing Authority of the City of Douglas",null,null,null,null,null,null,null,null,null,null,null,null,null,null,"GA028","No"]
[null,null,null,null,"GA","GA077","Housing Authority of the City of Cochran",null,null,null,null,null,null,null,null,null,null,null,null,null,null,"GA059","No"]
[null,null,null,null,{"$f":"LEFT(F515,2)","v":"GA"},"GA078","Housing Authority of the City of East Point",null,null,null,null,null,null,null,null,null,null,null,null,null,null,"GA060","No"]
[null,null,null,null,"GA","GA080","Housing Authority of the City of Eastman",null,null,null,null,null,null,null,null,null,null,null,null,null,null,"GA061","No"]
[null,null,null,null,"GA","GA081","Housing Authority of the City of Hartwell",null,null,null,null,null,null,null,null,null,null,null,null,null,null,"GA062","No"]
[null,null,null,null,"GA","GA083","Housing Authority of the City of Cairo",null,null,null,null,null,null,null,null,null,null,null,null,null,null,"GA063","No"]
[null,null,null,null,"GA","GA084","Housing Authority of the City of McRae",null,null,null,null,null,null,null,null,null,null,null,null,null,null,"GA064","No"]
[null,null,null,null,"GA","GA085","Housing Authority of the City of Quitman",null,null,null,null,null,null,null,null,null,null,null,null,null,null,"GA065","No"]
[null,null,null,null,"GA","GA086","Housing Authority of the City of Waynesboro",null,null,null,null,null,null,null,null,null,null,null,null,null,null,"GA066","No"]
[null,null,null,null,"GA","GA087","Housing Authority of the City of Ashburn",null,null,null,null,null,null,null,null,null,null,null,null,null,null,"GA067","No"]
[null,null,null,null,"GA","GA088","Housing Authority of the City of Adel",null,null,null,null,null,null,null,null,null,null,null,null,null,null,"GA069","No"]
[null,null,null,null,"GA","GA089","Housing Authority of the City of Hawkinsville",null,null,null,null,null,null,null,null,null,null,null,null,null,null,"GA070","No"]
[null,null,null,null,"GA","GA090","Housing Authority of the City of Royston",null,null,null,null,null,null,null,null,null,null,null,null,null,null,"GA071","No"]
[null,null,null,null,"GA","GA091","Housing Authority of the City of Buford",null,null,null,null,null,null,null,null,null,null,null,null,null,null,"GA072","No"]
[null,null,null,null,"GA","GA092","Housing Authority of the City of Nashville",null,null,null,null,null,null,null,null,null,null,null,null,null,null,"GA073","No"]
[null,null,null,null,"GA","GA093","Housing Authority of the City of Lawrenceville",null,null,null,null,null,null,null,null,null,null,null,null,null,null,"GA074","No"]
[null,null,null,null,"GA","GA094","Housing Authority of the City of Lavonia",null,null,null,null,null,null,null,null,null,null,null,null,null,null,"GA076","No"]
[null,null,null,null,"GA","GA095","Housing Authority of the City of Newnan",null,null,null,null,null,null,null,null,null,null,null,null,null,null,"GA077","No"]
[null,null,null,null,"GA","GA096","Housing Authority of the City of Camilla",null,null,null,null,null,null,null,null,null,null,null,null,null,null,"GA078","No"]
[null,null,null,null,"GA","GA097","Housing Authority of the City of Tallapoosa",null,null,null,null,null,null,null,null,null,null,null,null,null,null,"GA080","No"]
[null,null,null,null,"GA","GA098","Housing Authority of the City of Pelham",null,null,null,null,null,null,null,null,null,null,null,null,null,null,"GA081","No"]
[null,null,null,null,"GA","GA099","Housing Authority of the City of Roswell",null,null,null,null,null,null,null,null,null,null,null,null,null,null,"GA082","No"]
[null,null,null,null,"GA","GA100","Housing Authority of the City of Valdosta",null,null,null,null,null,null,null,null,null,null,null,null,null,null,"GA083","No"]
[null,null,null,null,"GA","GA101","Housing Authority of the City of Tifton",null,null,null,null,null,null,null,null,null,null,null,null,null,null,"GA084","No"]
[null,null,null,null,"GA","GA103","Housing Authority of the City of Comer",null,null,null,null,null,null,null,null,null,null,null,null,null,null,"GA085","No"]
[null,null,null,null,"GA","GA104","Housing Authority of the City of Sylvester",null,null,null,null,null,null,null,null,null,null,null,null,null,null,"GA086","No"]
[null,null,null,null,"GA","GA105","Housing Authority of the City of Greensboro",null,null,null,null,null,null,null,null,null,null,null,null,null,null,"GA087","No"]
[null,null,null,null,"GA","GA106","Housing Authority of the County of Douglas",null,null,null,null,null,null,null,null,null,null,null,null,null,null,"GA088","No"]
[null,null,null,null,"GA","GA107","Housing Authority of the City of Villa Rica",null,null,null,null,null,null,null,null,null,null,null,null,null,null,"GA089","No"]
[null,null,null,null,"GA","GA108","Housing Authority of the City of Manchester",null,null,null,null,null,null,null,null,null,null,null,null,null,null,"GA090","No"]
[null,null,null,null,"GA","GA109","Housing Authority of the City of Newton",null,null,null,null,null,null,null,null,null,null,null,null,null,null,"GA091","No"]
[null,null,null,null,"GA","GA110","Housing Authority of the City of Hampton",null,null,null,null,null,null,null,null,null,null,null,null,null,null,"GA092","No"]
[null,null,null,null,"GA","GA111","Housing Authority of the City of Arlington",null,null,null,null,null,null,null,null,null,null,null,null,null,null,"GA093","No"]
[null,null,null,null,"GA","GA112","Housing Authority of the City of Doerun",null,null,null,null,null,null,null,null,null,null,null,null,null,null,"GA094","No"]
[null,null,null,null,"GA","GA113","Housing Authority of the City of Nicholls",null,null,null,null,null,null,null,null,null,null,null,null,null,null,"GA095","No"]
[null,null,null,null,"GA","GA114","Housing Authority of the City of Blakely",null,null,null,null,null,null,null,null,null,null,null,null,null,null,"GA096","No"]
[null,null,null,null,"GA","GA115","Housing Authority of the City of Clayton",null,null,null,null,null,null,null,null,null,null,null,null,null,null,"GA097","No"]
[null,null,null,null,"GA","GA116","Housing Authority of the City of Carrollton",null,null,null,null,null,null,null,null,null,null,null,null,null,null,"GA098","No"]
[null,null,null,null,"GA","GA117","Housing Authority of the City of Boston",null,null,null,null,null,null,null,null,null,null,null,null,null,null,"GA099","No"]
[null,null,null,null,"GA","GA118","Housing Authority of the County of Stewart",null,null,null,null,null,null,null,null,null,null,null,null,null,null,"GA100","No"]
[null,null,null,null,"GA","GA119","Housing Authority of the City of Calhoun",null,null,null,null,null,null,null,null,null,null,null,null,null,null,"GA101","No"]
[null,null,null,null,"GA","GA120","Housing Authority of the City of Lyons",null,null,null,null,null,null,null,null,null,null,null,null,null,null,"GA103","No"]
[null,null,null,null,"GA","GA123","Housing Authority of the City of Acworth",null,null,null,null,null,null,null,null,null,null,null,null,null,null,"GA104","No"]
[null,null,null,null,"GA","GA124","Housing Authority of the City of Buchanan",null,null,null,null,null,null,null,null,null,null,null,null,null,null,"GA105","No"]
[null,null,null,null,"GA","GA125","Housing Authority of the City of Commerce",null,null,null,null,null,null,null,null,null,null,null,null,null,null,"GA106","No"]
[null,null,null,null,"GA","GA126","Housing Authority of the City of Danielsville",null,null,null,null,null,null,null,null,null,null,null,null,null,null,"GA107","No"]
[null,null,null,null,"GA","GA127","Housing Authority of the City of Warrenton",null,null,null,null,null,null,null,null,null,null,null,null,null,null,"GA108","No"]
[null,null,null,null,"GA","GA128","Housing Authority of the City of Thomson",null,null,null,null,null,null,null,null,null,null,null,null,null,null,"GA109","No"]
[null,null,null,null,"GA","GA129","Housing Authority of the County of Lee",null,null,null,null,null,null,null,null,null,null,null,null,null,null,"GA110","No"]
[null,null,null,null,"GA","GA130","Housing Authority of the City of Cave Spring",null,null,null,null,null,null,null,null,null,null,null,null,null,null,"GA111","No"]
[null,null,null,null,"GA","GA131","Housing Authority of the City of Swainsboro",null,null,null,null,null,null,null,null,null,null,null,null,null,null,"GA112","No"]
[null,null,null,null,"GA","GA132","Housing Authority of the City of Statesboro",null,null,null,null,null,null,null,null,null,null,null,null,null,null,"GA113","No"]
[null,null,null,null,"GA","GA133","Housing Authority of the City of Alma",null,null,null,null,null,null,null,null,null,null,null,null,null,null,"GA114","Yes"]
[null,null,null,null,"GA","GA134","Housing Authority of the City of Blackshear",null,null,null,null,null,null,null,null,null,null,null,null,null,null,"GA115","No"]
[null,null,null,null,"GA","GA135","Housing Authority of the City of Hogansville",null,null,null,null,null,null,null,null,null,null,null,null,null,null,"GA116","No"]
[null,null,null,null,"GA","GA136","Housing Authority of the City of Hahira",null,null,null,null,null,null,null,null,null,null,null,null,null,null,"GA117","No"]
[null,null,null,null,"GA","GA137","Housing Authority of the City of Hazlehurst",null,null,null,null,null,null,null,null,null,null,null,null,null,null,"GA118","No"]
[null,null,null,null,"GA","GA138","Housing Authority of the City of Lakeland",null,null,null,null,null,null,null,null,null,null,null,null,null,null,"GA119","No"]
[null,null,null,null,"GA","GA139","Housing Authority of the City of Glennville",null,null,null,null,null,null,null,null,null,null,null,null,null,null,"GA120","No"]
[null,null,null,null,"GA","GA141","Housing Authority of the County of Screven",null,null,null,null,null,null,null,null,null,null,null,null,null,null,"GA123","No"]
[null,null,null,null,"GA","GA142","Housing Authority of the City of Millen",null,null,null,null,null,null,null,null,null,null,null,null,null,null,"GA124","No"]
[null,null,null,null,"GA","GA144","Housing Authority of the City of Washington",null,null,null,null,null,null,null,null,null,null,null,null,null,null,"GA125","No"]
[null,null,null,null,"GA","GA145","Housing Authority of the City of Vidalia",null,null,null,null,null,null,null,null,null,null,null,null,null,null,"GA126","No"]
[null,null,null,null,"GA","GA147","Housing Authority of the City of Social Circle",null,null,null,null,null,null,null,null,null,null,null,null,null,null,"GA127","No"]
[null,null,null,null,"GA","GA148","Housing Authority of the City of Dallas",null,null,null,null,null,null,null,null,null,null,null,null,null,null,"GA128","No"]
[null,null,null,null,"GA","GA152","Housing Authority of the City of Sylvania",null,null,null,null,null,null,null,null,null,null,null,null,null,null,"GA129","No"]
[null,null,null,null,{"$f":"LEFT(F579,2)","v":"GA"},"GA153","Housing Authority of the City of Summerville",null,null,null,null,null,null,null,null,null,null,null,null,null,null,"GA130","No"]
[null,null,null,null,"GA","GA155","Housing Authority of the City of Lumber City",null,null,null,null,null,null,null,null,null,null,null,null,null,null,"GA131","No"]
[null,null,null,null,"GA","GA157","Housing Authority of the City of Louisville",null,null,null,null,null,null,null,null,null,null,null,null,null,null,"GA132","No"]
[null,null,null,null,"GA","GA158","Housing Authority of the County of Atkinson",null,null,null,null,null,null,null,null,null,null,null,null,null,null,"GA133","No"]
[null,null,null,null,"GA","GA160","Housing Authority of the City of Warner Robins",null,null,null,null,null,null,null,null,null,null,null,null,null,null,"GA134","No"]
[null,null,null,null,"GA","GA161","Housing Authority of the County of Harris",null,null,null,null,null,null,null,null,null,null,null,null,null,null,"GA135","No"]
[null,null,null,null,"GA","GA162","Housing Authority of the City of Edison",null,null,null,null,null,null,null,null,null,null,null,null,null,null,"GA136","No"]
[null,null,null,null,"GA","GA163","Housing Authority of the City of Jefferson",null,null,null,null,null,null,null,null,null,null,null,null,null,null,"GA137","No"]
[null,null,null,null,"GA","GA165","Housing Authority of the City of Pearson",null,null,null,null,null,null,null,null,null,null,null,null,null,null,"GA138","No"]
[null,null,null,null,"GA","GA166","Housing Authority of the City of Claxton",null,null,null,null,null,null,null,null,null,null,null,null,null,null,"GA139","No"]
[null,null,null,null,"GA","GA167","Housing Authority of the City of Fort Gaines",null,null,null,null,null,null,null,null,null,null,null,null,null,null,"GA141","No"]
[null,null,null,null,"GA","GA168","Housing Authority of the City of Ocilla",null,null,null,null,null,null,null,null,null,null,null,null,null,null,"GA142","No"]
[null,null,null,null,"GA","GA169","Housing Authority of the City of Harlem",null,null,null,null,null,null,null,null,null,null,null,null,null,null,"GA144","No"]
[null,null,null,null,"GA","GA170","Housing Authority of the City of Lafayette",null,null,null,null,null,null,null,null,null,null,null,null,null,null,"GA145","No"]
[null,null,null,null,"GA","GA171","Housing Authority of the City of Loganville",null,null,null,null,null,null,null,null,null,null,null,null,null,null,"GA147","No"]
[null,null,null,null,"GA","GA172","Housing Authority of the City of Homerville",null,null,null,null,null,null,null,null,null,null,null,null,null,null,"GA148","No"]
[null,null,null,null,"GA","GA174","Housing Authority of the City of Dahlonega",null,null,null,null,null,null,null,null,null,null,null,null,null,null,"GA152","No"]
[null,null,null,null,"GA","GA175","Housing Authority of the City of Rochelle",null,null,null,null,null,null,null,null,null,null,null,null,null,null,"GA153","No"]
[null,null,null,null,"GA","GA176","Housing Authority of the City of Ellijay",null,null,null,null,null,null,null,null,null,null,null,null,null,null,"GA155","No"]
[null,null,null,null,"GA","GA177","Housing Authority of the City of Barnesville",null,null,null,null,null,null,null,null,null,null,null,null,null,null,"GA157","No"]
[null,null,null,null,"GA","GA178","Housing Authority of the City of Alamo",null,null,null,null,null,null,null,null,null,null,null,null,null,null,"GA158","No"]
[null,null,null,null,"GA","GA179","Housing Authority of the City of Buena Vista",null,null,null,null,null,null,null,null,null,null,null,null,null,null,"GA160","No"]
[null,null,null,null,"GA","GA180","Housing Authority of the City of Fairburn",null,null,null,null,null,null,null,null,null,null,null,null,null,null,"GA161","No"]
[null,null,null,null,"GA","GA181","Housing Authority of the City of Wrightsville",null,null,null,null,null,null,null,null,null,null,null,null,null,null,"GA162","No"]
[null,null,null,null,"GA","GA182","Housing Authority of the City of McDonough",null,null,null,null,null,null,null,null,null,null,null,null,null,null,"GA163","No"]
[null,null,null,null,"GA","GA183","Housing Authority of the City of Winder",null,null,null,null,null,null,null,null,null,null,null,null,null,null,"GA165","No"]
[null,null,null,null,"GA","GA184","Housing Authority of the City of Conyers",null,null,null,null,null,null,null,null,null,null,null,null,null,null,"GA166","No"]
[null,null,null,null,"GA","GA185","Housing Authority of the City of Jackson",null,null,null,null,null,null,null,null,null,null,null,null,null,null,"GA167","No"]
[null,null,null,null,"GA","GA186","Housing Authority of the City of Abbeville",null,null,null,null,null,null,null,null,null,null,null,null,null,null,"GA168","No"]
[null,null,null,null,"GA","GA187","Housing Authority of the City of Palmetto",null,null,null,null,null,null,null,null,null,null,null,null,null,null,"GA169","No"]
[null,null,null,null,"GA","GA188","Housing Authority of the City of Lithonia",null,null,null,null,null,null,null,null,null,null,null,null,null,null,"GA170","No"]
[null,null,null,null,"GA","GA189","Housing Authority of the City of Metter",null,null,null,null,null,null,null,null,null,null,null,null,null,null,"GA171","No"]
[null,null,null,null,"GA","GA190","Housing Authority of the City of Gibson",null,null,null,null,null,null,null,null,null,null,null,null,null,null,"GA172","No"]
[null,null,null,null,"GA","GA191","Housing Authority of the City of Union Point",null,null,null,null,null,null,null,null,null,null,null,null,null,null,"GA174","No"]
[null,null,null,null,"GA","GA192","Housing Authority of the City of Crawfordville",null,null,null,null,null,null,null,null,null,null,null,null,null,null,"GA175","No"]
[null,null,null,null,"GA","GA193","Housing Authority of the City of Madison",null,null,null,null,null,null,null,null,null,null,null,null,null,null,"GA176","No"]
[null,null,null,null,"GA","GA194","Housing Authority of the City of Glenwood",null,null,null,null,null,null,null,null,null,null,null,null,null,null,"GA177","No"]
[null,null,null,null,"GA","GA195","Housing Authority of the City of Tennille",null,null,null,null,null,null,null,null,null,null,null,null,null,null,"GA178","No"]
[null,null,null,null,"GA","GA196","Housing Authority of the City of Cumming",null,null,null,null,null,null,null,null,null,null,null,null,null,null,"GA179","No"]
[null,null,null,null,"GA","GA197","Housing Authority of the City of Union City",null,null,null,null,null,null,null,null,null,null,null,null,null,null,"GA180","No"]
[null,null,null,null,"GA","GA198","Housing Authority of the City of Colquitt",null,null,null,null,null,null,null,null,null,null,null,null,null,null,"GA181","No"]
[null,null,null,null,"GA","GA199","Housing Authority of the City of Sandersville",null,null,null,null,null,null,null,null,null,null,null,null,null,null,"GA182","No"]
[null,null,null,null,"GA","GA200","Housing Authority of the City of Milledgeville",null,null,null,null,null,null,null,null,null,null,null,null,null,null,"GA183","No"]
[null,null,null,null,"GA","GA201","Housing Authority of the City of Jasper",null,null,null,null,null,null,null,null,null,null,null,null,null,null,"GA184","No"]
[null,null,null,null,"GA","GA202","Housing Authority of the City of Blue Ridge",null,null,null,null,null,null,null,null,null,null,null,null,null,null,"GA185","No"]
[null,null,null,null,"GA","GA203","Housing Authority of the City of Monticello",null,null,null,null,null,null,null,null,null,null,null,null,null,null,"GA186","No"]
[null,null,null,null,"GA","GA204","Housing Authority of the City of Senoia",null,null,null,null,null,null,null,null,null,null,null,null,null,null,"GA187","No"]
[null,null,null,null,"GA","GA205","Housing Authority of the City of Fort Valley",null,null,null,null,null,null,null,null,null,null,null,null,null,null,"GA188","No"]
[null,null,null,null,"GA","GA206","Housing Authority of the City of Chatsworth",null,null,null,null,null,null,null,null,null,null,null,null,null,null,"GA189","No"]
[null,null,null,null,"GA","GA207","Housing Authority of the City of Bowdon",null,null,null,null,null,null,null,null,null,null,null,null,null,null,"GA190","No"]
[null,null,null,null,"GA","GA208","Housing Authority of the City of Vienna",null,null,null,null,null,null,null,null,null,null,null,null,null,null,"GA191","No"]
[null,null,null,null,"GA","GA209","Housing Authority of the City of Norcross",null,null,null,null,null,null,null,null,null,null,null,null,null,null,"GA192","No"]
[null,null,null,null,"GA","GA210","Housing Authority of the City of Sparta",null,null,null,null,null,null,null,null,null,null,null,null,null,null,"GA193","No"]
[null,null,null,null,"GA","GA211","Housing Authority of the City of Lincolnton",null,null,null,null,null,null,null,null,null,null,null,null,null,null,"GA194","No"]
[null,null,null,null,"GA","GA213","Housing Authority of the City of Canton",null,null,null,null,null,null,null,null,null,null,null,null,null,null,"GA195","No"]
[null,null,null,null,"GA","GA214","Housing Authority of the City of Ellaville",null,null,null,null,null,null,null,null,null,null,null,null,null,null,"GA196","No"]
[null,null,null,null,"GA","GA216","Housing Authority of the City of Ringgold",null,null,null,null,null,null,null,null,null,null,null,null,null,null,"GA197","No"]
[null,null,null,null,"GA","GA217","Housing Authority of the City of Unadilla",null,null,null,null,null,null,null,null,null,null,null,null,null,null,"GA198","No"]
[null,null,null,null,"GA","GA218","Housing Authority of the City of Grantville",null,null,null,null,null,null,null,null,null,null,null,null,null,null,"GA199","No"]
[null,null,null,null,"GA","GA220","Housing Authority of the City of Reidsville",null,null,null,null,null,null,null,null,null,null,null,null,null,null,"GA200","No"]
[null,null,null,null,"GA","GA221","Housing Authority of the City of Hinesville",null,null,null,null,null,null,null,null,null,null,null,null,null,null,"GA201","No"]
[null,null,null,null,"GA","GA223","Housing Authority of the City of Roberta",null,null,null,null,null,null,null,null,null,null,null,null,null,null,"GA202","No"]
[null,null,null,null,"GA","GA224","Housing Authority of the City of Greenville",null,null,null,null,null,null,null,null,null,null,null,null,null,null,"GA203","No"]
[null,null,null,null,"GA","GA226","Housing Authority of the City of Cuthbert",null,null,null,null,null,null,null,null,null,null,null,null,null,null,"GA204","No"]
[null,null,null,null,{"$f":"LEFT(F643,2)","v":"GA"},"GA228","Housing Authority of the City of Jonesboro",null,null,null,null,null,null,null,null,null,null,null,null,null,null,"GA205","No"]
[null,null,null,null,"GA","GA229","Housing Authority of the City of Shellman",null,null,null,null,null,null,null,null,null,null,null,null,null,null,"GA206","No"]
[null,null,null,null,"GA","GA232","Housing Authority of the City of College Park",null,null,null,null,null,null,null,null,null,null,null,null,null,null,"GA207","No"]
[null,null,null,null,"GA","GA233","Housing Authority of the City of Franklin",null,null,null,null,null,null,null,null,null,null,null,null,null,null,"GA208","No"]
[null,null,null,null,"GA","GA237","Housing Authority of the County of Dekalb, GA",null,null,null,null,null,null,null,null,null,null,null,null,null,null,"GA209","No"]
[null,null,null,null,"GA","GA238","Housing Authority of the City of Mount Vernon",null,null,null,null,null,null,null,null,null,null,null,null,null,null,"GA210","No"]
[null,null,null,null,"GA","GA239","Housing Authority of the City of Soperton",null,null,null,null,null,null,null,null,null,null,null,null,null,null,"GA211","No"]
[null,null,null,null,"GA","GA241","Housing Authority of the City of McCaysville",null,null,null,null,null,null,null,null,null,null,null,null,null,null,"GA213","No"]
[null,null,null,null,"GA","GA243","Housing Authority of the City of Byron",null,null,null,null,null,null,null,null,null,null,null,null,null,null,"GA214","No"]
[null,null,null,null,"GA","GA244","Housing Authority of the City of Menlo",null,null,null,null,null,null,null,null,null,null,null,null,null,null,"GA216","No"]
[null,null,null,null,"GA","GA245","Housing Authority of the City of Covington",null,null,null,null,null,null,null,null,null,null,null,null,null,null,"GA217","No"]
[null,null,null,null,"GA","GA246","Housing Authority of the City of Fort Oglethorpe",null,null,null,null,null,null,null,null,null,null,null,null,null,null,"GA218","No"]
[null,null,null,null,"GA","GA247","Housing Authority of the City of Thomaston",null,null,null,null,null,null,null,null,null,null,null,null,null,null,"GA220","No"]
[null,null,null,null,"GA","GA252","Housing Authority of the City of Perry",null,null,null,null,null,null,null,null,null,null,null,null,null,null,"GA221","No"]
[null,null,null,null,"GA","GA254","Housing Authority of the City of Bremen",null,null,null,null,null,null,null,null,null,null,null,null,null,null,"GA223","No"]
[null,null,null,null,"GA","GA263","Housing Authority of the City of Nahunta",null,null,null,null,null,null,null,null,null,null,null,null,null,null,"GA224","No"]
[null,null,null,null,"GA","GA264","Housing Authority of Fulton County",null,null,null,null,null,null,null,null,null,null,null,null,null,null,"GA226","No"]
[null,null,null,null,"GA","GA268","Housing Authority of the County of Houston",null,null,null,null,null,null,null,null,null,null,null,null,null,null,"GA228","No"]
[null,null,null,null,"GA","GA280","Flint Area Consolidated",null,null,null,null,null,null,null,null,null,null,null,null,null,null,"GA229","No"]
[null,null,null,null,"GA","GA281","Etowah Area Consolidated",null,null,null,null,null,null,null,null,null,null,null,null,null,null,"GA230","No"]
[null,null,null,null,"GA","GA282","Southeast Georgia Consolidated Housing Author",null,null,null,null,null,null,null,null,null,null,null,null,null,null,"GA232","No"]
[null,null,null,null,"GA","GA283","Consolidated Housing Authority of Talbot Co",null,null,null,null,null,null,null,null,null,null,null,null,null,null,"GA233","No"]
[null,null,null,null,"GA","GA284","Northeast Georgia Housing Authority",null,null,null,null,null,null,null,null,null,null,null,null,null,null,"GA237","No"]
[null,null,null,null,"GA","GA285","Northwest GA Housing Authority",null,null,null,null,null,null,null,null,null,null,null,null,null,null,"GA238","No"]
[null,null,null,null,"GQ","GQ001","Guam Housing & Urban Renewal Authority",null,null,null,null,null,null,null,null,null,null,null,null,null,null,"GA239","No"]
[null,null,null,null,"HI","HI001","Hawaii Public Housing Authority",null,null,null,null,null,null,null,null,null,null,null,null,null,null,"GA241","No"]
[null,null,null,null,"IA","IA001","Corning Housing Commission",null,null,null,null,null,null,null,null,null,null,null,null,null,null,"GA243","No"]
[null,null,null,null,"IA","IA002","Charles City Hsg And Redev Authority",null,null,null,null,null,null,null,null,null,null,null,null,null,null,"GA244","No"]
[null,null,null,null,"IA","IA003","Afton Housing Commission",null,null,null,null,null,null,null,null,null,null,null,null,null,null,"GA245","No"]
[null,null,null,null,"IA","IA004","Ottumwa Housing Authority",null,null,null,null,null,null,null,null,null,null,null,null,null,null,"GA246","No"]
[null,null,null,null,"IA","IA005","Stanton Housing Commission",null,null,null,null,null,null,null,null,null,null,null,null,null,null,"GA247","No"]
[null,null,null,null,"IA","IA006","Lone Tree Housing Commission",null,null,null,null,null,null,null,null,null,null,null,null,null,null,"GA252","No"]
[null,null,null,null,"IA","IA007","Low Rent Housing Agency of Hamburg",null,null,null,null,null,null,null,null,null,null,null,null,null,null,"GA254","No"]
[null,null,null,null,"IA","IA008","Low Rent Housing Agency of Sidney",null,null,null,null,null,null,null,null,null,null,null,null,null,null,"GA263","No"]
[null,null,null,null,"IA","IA009","Malvern Low Rent Housing Agency",null,null,null,null,null,null,null,null,null,null,null,null,null,null,"GA264","No"]
[null,null,null,null,"IA","IA010","Low Rent Housing Agency of Farragut",null,null,null,null,null,null,null,null,null,null,null,null,null,null,"GA268","No"]
[null,null,null,null,"IA","IA011","Low Rent Housing Agency of Sioux Center",null,null,null,null,null,null,null,null,null,null,null,null,null,null,"GA280","No"]
[null,null,null,null,"IA","IA012","Tabor Low Rent Housing Agency",null,null,null,null,null,null,null,null,null,null,null,null,null,null,"GA281","No"]
[null,null,null,null,"IA","IA013","Low Rent Housing Agency of Waverly",null,null,null,null,null,null,null,null,null,null,null,null,null,null,"GA282","No"]
[null,null,null,null,"IA","IA014","Low Rent Housing Agency of Onawa",null,null,null,null,null,null,null,null,null,null,null,null,null,null,"GA283","No"]
[null,null,null,null,"IA","IA015","Low Rent Housing Agency of Burlington",null,null,null,null,null,null,null,null,null,null,null,null,null,null,"GA284","No"]
[null,null,null,null,"IA","IA016","Chariton Housing Authority",null,null,null,null,null,null,null,null,null,null,null,null,null,null,"GA285","No"]
[null,null,null,null,"IA","IA017","Low Rent Housing Agency of Winterset",null,null,null,null,null,null,null,null,null,null,null,null,null,null,"GQ001","No"]
[null,null,null,null,"IA","IA019","Shenandoah Low Rent Housing Agency",null,null,null,null,null,null,null,null,null,null,null,null,null,null,"HI001","No"]
[null,null,null,null,"IA","IA020","Des Moines Municipal Housing Agency",null,null,null,null,null,null,null,null,null,null,null,null,null,null,"IA001","No"]
[null,null,null,null,"IA","IA021","Municipal Housing Agency of Manning",null,null,null,null,null,null,null,null,null,null,null,null,null,null,"IA002","Yes"]
[null,null,null,null,"IA","IA022","Iowa City Housing Authority",null,null,null,null,null,null,null,null,null,null,null,null,null,null,"IA003","No"]
[null,null,null,null,"IA","IA023","Municipal Housing Agency of Council Bluffs",null,null,null,null,null,null,null,null,null,null,null,null,null,null,"IA004","No"]
[null,null,null,null,"IA","IA025","Essex Low Rent Housing Agency",null,null,null,null,null,null,null,null,null,null,null,null,null,null,"IA005","No"]
[null,null,null,null,"IA","IA026","Low Rent Housing Agency of Mount Ayr",null,null,null,null,null,null,null,null,null,null,null,null,null,null,"IA006","No"]
[null,null,null,null,"IA","IA027","Low Rent Housing Agency of Leon",null,null,null,null,null,null,null,null,null,null,null,null,null,null,"IA007","No"]
[null,null,null,null,{"$f":"LEFT(F694,2)","v":"IA"},"IA028","Low Rent Housing Agency of Bancroft",null,null,null,null,null,null,null,null,null,null,null,null,null,null,"IA008","No"]
[null,null,null,null,"IA","IA029","Low Rent Housing Agency of Missouri Valley",null,null,null,null,null,null,null,null,null,null,null,null,null,null,"IA009","No"]
[null,null,null,null,"IA","IA030","Keokuk Housing Authority",null,null,null,null,null,null,null,null,null,null,null,null,null,null,"IA010","No"]
[null,null,null,null,"IA","IA032","Lenox Low Rent Housing Agency",null,null,null,null,null,null,null,null,null,null,null,null,null,null,"IA011","No"]
[null,null,null,null,"IA","IA034","Clarinda Low Rent Housing Agency",null,null,null,null,null,null,null,null,null,null,null,null,null,null,"IA012","No"]
[null,null,null,null,"IA","IA038","Evansdale Municipal Housing Authority",null,null,null,null,null,null,null,null,null,null,null,null,null,null,"IA013","No"]
[null,null,null,null,"IA","IA042","Centerville Municipal Housing Agency",null,null,null,null,null,null,null,null,null,null,null,null,null,null,"IA014","No"]
[null,null,null,null,"IA","IA044","Low Rent Housing Agency of Red Oak",null,null,null,null,null,null,null,null,null,null,null,null,null,null,"IA015","No"]
[null,null,null,null,"IA","IA045","Davenport Housing Commission",null,null,null,null,null,null,null,null,null,null,null,null,null,null,"IA016","No"]
[null,null,null,null,"IA","IA046","Rock Rapids Municipal Housing Agency",null,null,null,null,null,null,null,null,null,null,null,null,null,null,"IA017","Yes"]
[null,null,null,null,"IA","IA047","Fort Madison Housing Authority",null,null,null,null,null,null,null,null,null,null,null,null,null,null,"IA019","No"]
[null,null,null,null,"IA","IA049","Muscatine Municipal Housing Agency",null,null,null,null,null,null,null,null,null,null,null,null,null,null,"IA020","No"]
[null,null,null,null,"IA","IA050","Waterloo Housing Authority",null,null,null,null,null,null,null,null,null,null,null,null,null,null,"IA021","No"]
[null,null,null,null,{"$f":"LEFT(F707,2)","v":"IA"},"IA079","Villisca Low Rent Housing Agency",null,null,null,null,null,null,null,null,null,null,null,null,null,null,"IA022","No"]
[null,null,null,null,"IA","IA098","Low Rent Housing Agency of Clinton",null,null,null,null,null,null,null,null,null,null,null,null,null,null,"IA023","No"]
[null,null,null,null,"IA","IA107","Fort Dodge Municipal Housing Agency",null,null,null,null,null,null,null,null,null,null,null,null,null,null,"IA025","No"]
[null,null,null,null,"IA","IA114","Albia Low Rent Housing Agency",null,null,null,null,null,null,null,null,null,null,null,null,null,null,"IA026","No"]
[null,null,null,null,"IA","IA117","Southern Iowa Regional Housing Authority",null,null,null,null,null,null,null,null,null,null,null,null,null,null,"IA027","No"]
[null,null,null,null,"IA","IA119","Low Rent Housing Agency of Knoxville",null,null,null,null,null,null,null,null,null,null,null,null,null,null,"IA028","No"]
[null,null,null,null,"IA","IA124","Area XV Multi-County Housing Agency",null,null,null,null,null,null,null,null,null,null,null,null,null,null,"IA029","No"]
[null,null,null,null,"IA","IA126","Eastern Iowa Regional Housing Authority",null,null,null,null,null,null,null,null,null,null,null,null,null,null,"IA030","No"]
[null,null,null,null,"IA","IA127","North Iowa Regional Housing Authority",null,null,null,null,null,null,null,null,null,null,null,null,null,null,"IA032","No"]
[null,null,null,null,"IA","IA131","Central Iowa Regional Housing Authority",null,null,null,null,null,null,null,null,null,null,null,null,null,null,"IA034","No"]
[null,null,null,null,"ID","ID001","Twin Falls Housing Authority",null,null,null,null,null,null,null,null,null,null,null,null,null,null,"IA038","No"]
[null,null,null,null,"ID","ID002","Nampa Housing Authority",null,null,null,null,null,null,null,null,null,null,null,null,null,null,"IA042","No"]
[null,null,null,null,"ID","ID005","Housing Authority of the City of Pocatello",null,null,null,null,null,null,null,null,null,null,null,null,null,null,"IA044","No"]
[null,null,null,null,"ID","ID010","Housing Authority of the City of Buhl",null,null,null,null,null,null,null,null,null,null,null,null,null,null,"IA045","No"]
[null,null,null,null,"ID","ID011","Housing Authority of the City Jerome",null,null,null,null,null,null,null,null,null,null,null,null,null,null,"IA046","No"]
[null,null,null,null,"ID","ID012","Housing Authority of the City of American Falls",null,null,null,null,null,null,null,null,null,null,null,null,null,null,"IA047","No"]
[null,null,null,null,"ID","ID013","Boise City Housing Authority",null,null,null,null,null,null,null,null,null,null,null,null,null,null,"IA049","No"]
[null,null,null,null,"ID","ID016","Southwestern Idaho Cooperative Housing Authority",null,null,null,null,null,null,null,null,null,null,null,null,null,null,"IA050","No"]
[null,null,null,null,"ID","ID020","Idaho Housing And Finance Association",null,null,null,null,null,null,null,null,null,null,null,null,null,null,"IA079","No"]
[null,null,null,null,"ID","ID021","Ada County Housing Authority",null,null,null,null,null,null,null,null,null,null,null,null,null,null,"IA098","No"]
[null,null,null,null,"IL","IL001","The Housing Authority of City of East St. Louis",null,null,null,null,null,null,null,null,null,null,null,null,null,null,"IA107","No"]
[null,null,null,null,"IL","IL002","CHICAGO HOUSING AUTHORITY",null,null,null,null,null,null,null,null,null,null,null,null,null,null,"IA114","No"]
[null,null,null,null,"IL","IL003","Peoria Housing Authority",null,null,null,null,null,null,null,null,null,null,null,null,null,null,"IA117","No"]
[null,null,null,null,"IL","IL004","SPRINGFIELD HOUSING AUTHORITY",null,null,null,null,null,null,null,null,null,null,null,null,null,null,"IA119","No"]
[null,null,null,null,"IL","IL005","Granite City Housing Authority",null,null,null,null,null,null,null,null,null,null,null,null,null,null,"IA124","No"]
[null,null,null,null,"IL","IL006","Housing Authority of Champaign County",null,null,null,null,null,null,null,null,null,null,null,null,null,null,"IA126","No"]
[null,null,null,null,"IL","IL007","Alexander County Housing Authority",null,null,null,null,null,null,null,null,null,null,null,null,null,null,"IA127","No"]
[null,null,null,null,"IL","IL009","The Housing Authority of Henry County",null,null,null,null,null,null,null,null,null,null,null,null,null,null,"IA131","No"]
[null,null,null,null,"IL","IL010","Grtr Metro. Area Hsng Auth of Rock Island County",null,null,null,null,null,null,null,null,null,null,null,null,null,null,"ID001","No"]
[null,null,null,null,"IL","IL011","The Housing Authority of the City of Danville, IL",null,null,null,null,null,null,null,null,null,null,null,null,null,null,"ID002","No"]
[null,null,null,null,"IL","IL012","DECATUR HOUSING AUTHORITY",null,null,null,null,null,null,null,null,null,null,null,null,null,null,"ID005","No"]
[null,null,null,null,"IL","IL014","Housing Authority for Lasalle County",null,null,null,null,null,null,null,null,null,null,null,null,null,null,"ID010","No"]
[null,null,null,null,"IL","IL015","Madison County Housing Authority",null,null,null,null,null,null,null,null,null,null,null,null,null,null,"ID011","No"]
[null,null,null,null,"IL","IL016","Quincy Housing Authority",null,null,null,null,null,null,null,null,null,null,null,null,null,null,"ID012","No"]
[null,null,null,null,"IL","IL018","Housing Authority of the City of Rock Island",null,null,null,null,null,null,null,null,null,null,null,null,null,null,"ID013","No"]
[null,null,null,null,"IL","IL020","Moline Housing Authority",null,null,null,null,null,null,null,null,null,null,null,null,null,null,"ID016","No"]
[null,null,null,null,"IL","IL022","Rockford Housing Authority",null,null,null,null,null,null,null,null,null,null,null,null,null,null,"ID020","Yes"]
[null,null,null,null,"IL","IL024","Housing Authority of Joliet",null,null,null,null,null,null,null,null,null,null,null,null,null,null,"ID021","Yes"]
[null,null,null,null,"IL","IL025","Housing Authority of the County of Cook",null,null,null,null,null,null,null,null,null,null,null,null,null,null,"IL001","No"]
[null,null,null,null,"IL","IL026","Housing Authority of the City of Waukegan",null,null,null,null,null,null,null,null,null,null,null,null,null,null,"IL002","No"]
[null,null,null,null,"IL","IL027","Grundy County Housing Authority",null,null,null,null,null,null,null,null,null,null,null,null,null,null,"IL003","No"]
[null,null,null,null,"IL","IL028","Menard County Housing Authority",null,null,null,null,null,null,null,null,null,null,null,null,null,null,"IL004","No"]
[null,null,null,null,"IL","IL029","Housing Authority of the City of Freeport",null,null,null,null,null,null,null,null,null,null,null,null,null,null,"IL005","No"]
[null,null,null,null,"IL","IL030","St. Clair County Housing Authority",null,null,null,null,null,null,null,null,null,null,null,null,null,null,"IL006","No"]
[null,null,null,null,"IL","IL031","Dewitt County Housing Authority",null,null,null,null,null,null,null,null,null,null,null,null,null,null,"IL007","No"]
[null,null,null,null,"IL","IL032","Whiteside County Housing Authority",null,null,null,null,null,null,null,null,null,null,null,null,null,null,"IL009","No"]
[null,null,null,null,"IL","IL034","Housing Authority of the County of Ford",null,null,null,null,null,null,null,null,null,null,null,null,null,null,"IL010","Yes"]
[null,null,null,null,"IL","IL035","Lee County Housing Authority",null,null,null,null,null,null,null,null,null,null,null,null,null,null,"IL011","No"]
[null,null,null,null,"IL","IL036","Housing Authority of the County of Vermilion, Ill.",null,null,null,null,null,null,null,null,null,null,null,null,null,null,"IL012","No"]
[null,null,null,null,"IL","IL037","Montgomery County Housing Authority",null,null,null,null,null,null,null,null,null,null,null,null,null,null,"IL014","No"]
[null,null,null,null,"IL","IL038","Housing Authority of Christian County, Illinois",null,null,null,null,null,null,null,null,null,null,null,null,null,null,"IL015","No"]
[null,null,null,null,"IL","IL039","Kankakee County Housing Authority",null,null,null,null,null,null,null,null,null,null,null,null,null,null,"IL016","No"]
[null,null,null,null,"IL","IL040","Logan County Housing Authority",null,null,null,null,null,null,null,null,null,null,null,null,null,null,"IL018","Yes"]
[null,null,null,null,"IL","IL041","Massac County Housing Authority",null,null,null,null,null,null,null,null,null,null,null,null,null,null,"IL020","Yes"]
[null,null,null,null,"IL","IL042","Mason County Housing Authority",null,null,null,null,null,null,null,null,null,null,null,null,null,null,"IL022","Yes"]
[null,null,null,null,"IL","IL043","Housing Authority - County of Saline",null,null,null,null,null,null,null,null,null,null,null,null,null,null,"IL024","No"]
[null,null,null,null,"IL","IL044","Housing Authority of the City of Pekin",null,null,null,null,null,null,null,null,null,null,null,null,null,null,"IL025","No"]
[null,null,null,null,"IL","IL045","Housing Authority of Pulaski County",null,null,null,null,null,null,null,null,null,null,null,null,null,null,"IL026","No"]
[null,null,null,null,"IL","IL046","Housing Authority of Adams County",null,null,null,null,null,null,null,null,null,null,null,null,null,null,"IL027","No"]
[null,null,null,null,"IL","IL047","Macoupin County Housing Authority",null,null,null,null,null,null,null,null,null,null,null,null,null,null,"IL028","Yes"]
[null,null,null,null,"IL","IL048","Perry County Housing Authority",null,null,null,null,null,null,null,null,null,null,null,null,null,null,"IL029","No"]
[null,null,null,null,"IL","IL049","Housing Authority of Calhoun County",null,null,null,null,null,null,null,null,null,null,null,null,null,null,"IL030","No"]
[null,null,null,null,"IL","IL050","Housing Authority of the County of Williamson",null,null,null,null,null,null,null,null,null,null,null,null,null,null,"IL031","No"]
[null,null,null,null,"IL","IL051","Housing Authority of the City of Bloomington, IL",null,null,null,null,null,null,null,null,null,null,null,null,null,null,"IL032","No"]
[null,null,null,null,{"$f":"LEFT(F771,2)","v":"IL"},"IL052","Randolph County Housing Authority",null,null,null,null,null,null,null,null,null,null,null,null,null,null,"IL034","No"]
[null,null,null,null,"IL","IL053","Housing Authority of the County of Jackson, Il.",null,null,null,null,null,null,null,null,null,null,null,null,null,null,"IL035","No"]
[null,null,null,null,"IL","IL055","Housing Authority - City of Alton",null,null,null,null,null,null,null,null,null,null,null,null,null,null,"IL036","No"]
[null,null,null,null,"IL","IL056","Housing Authority of the County of Lake, Il.",null,null,null,null,null,null,null,null,null,null,null,null,null,null,"IL037","No"]
[null,null,null,null,"IL","IL057","Housing Authority of Marion County",null,null,null,null,null,null,null,null,null,null,null,null,null,null,"IL038","No"]
[null,null,null,null,"IL","IL058","Housing Authority of Pope County",null,null,null,null,null,null,null,null,null,null,null,null,null,null,"IL039","No"]
[null,null,null,null,"IL","IL059","Housing Authority of Jefferson County",null,null,null,null,null,null,null,null,null,null,null,null,null,null,"IL040","No"]
[null,null,null,null,"IL","IL060","Housing Authority of Gallatin County",null,null,null,null,null,null,null,null,null,null,null,null,null,null,"IL041","No"]
[null,null,null,null,"IL","IL061","Housing Authority of the County of Franklin",null,null,null,null,null,null,null,null,null,null,null,null,null,null,"IL042","No"]
[null,null,null,null,"IL","IL062","Effingham County Housing Authority",null,null,null,null,null,null,null,null,null,null,null,null,null,null,"IL043","No"]
[null,null,null,null,"IL","IL063","Housing Authority of Johnson County",null,null,null,null,null,null,null,null,null,null,null,null,null,null,"IL044","No"]
[null,null,null,null,"IL","IL065","Clay County Housing Authority",null,null,null,null,null,null,null,null,null,null,null,null,null,null,"IL045","No"]
[null,null,null,null,"IL","IL066","Housing Authority of the County of Hardin",null,null,null,null,null,null,null,null,null,null,null,null,null,null,"IL046","No"]
[null,null,null,null,"IL","IL067","Housing Authority of the County of Union",null,null,null,null,null,null,null,null,null,null,null,null,null,null,"IL047","No"]
[null,null,null,null,"IL","IL068","White County Housing Authority",null,null,null,null,null,null,null,null,null,null,null,null,null,null,"IL048","No"]
[null,null,null,null,"IL","IL069","Housing Authority of the County of Clark, Il.",null,null,null,null,null,null,null,null,null,null,null,null,null,null,"IL049","Yes"]
[null,null,null,null,"IL","IL070","Housing Authority of the County of Cumberland, Il.",null,null,null,null,null,null,null,null,null,null,null,null,null,null,"IL050","No"]
[null,null,null,null,"IL","IL071","Pike County Housing Authority",null,null,null,null,null,null,null,null,null,null,null,null,null,null,"IL051","No"]
[null,null,null,null,"IL","IL072","Housing Authority of Greene County",null,null,null,null,null,null,null,null,null,null,null,null,null,null,"IL052","No"]
[null,null,null,null,"IL","IL073","Scott County Housing Authority",null,null,null,null,null,null,null,null,null,null,null,null,null,null,"IL053","Yes"]
[null,null,null,null,"IL","IL074","Housing Authority of the County of Jersey",null,null,null,null,null,null,null,null,null,null,null,null,null,null,"IL055","No"]
[null,null,null,null,"IL","IL076","Housing Authority of the County of McDonough",null,null,null,null,null,null,null,null,null,null,null,null,null,null,"IL056","No"]
[null,null,null,null,"IL","IL078","Housing Authority of the County of Bond",null,null,null,null,null,null,null,null,null,null,null,null,null,null,"IL057","No"]
[null,null,null,null,"IL","IL079","Morgan County Housing Authority",null,null,null,null,null,null,null,null,null,null,null,null,null,null,"IL058","No"]
[null,null,null,null,"IL","IL080","Edwards County Housing Authority",null,null,null,null,null,null,null,null,null,null,null,null,null,null,"IL059","No"]
[null,null,null,null,"IL","IL081","Carroll County Housing Authority",null,null,null,null,null,null,null,null,null,null,null,null,null,null,"IL060","No"]
[null,null,null,null,"IL","IL082","Housing Authority of the County of Jodaviess",null,null,null,null,null,null,null,null,null,null,null,null,null,null,"IL061","No"]
[null,null,null,null,"IL","IL083","Winnebago County Housing Authority",null,null,null,null,null,null,null,null,null,null,null,null,null,null,"IL062","No"]
[null,null,null,null,"IL","IL084","Fulton County Housing Authority",null,null,null,null,null,null,null,null,null,null,null,null,null,null,"IL063","No"]
[null,null,null,null,"IL","IL085","Knox County Housing Authority",null,null,null,null,null,null,null,null,null,null,null,null,null,null,"IL065","No"]
[null,null,null,null,"IL","IL086","Bureau County Housing Authority",null,null,null,null,null,null,null,null,null,null,null,null,null,null,"IL066","No"]
[null,null,null,null,"IL","IL087","Housing Authority of the County of Shelby, Il.",null,null,null,null,null,null,null,null,null,null,null,null,null,null,"IL067","No"]
[null,null,null,null,"IL","IL088","Housing Authority of the County of Wayne, Illinois",null,null,null,null,null,null,null,null,null,null,null,null,null,null,"IL068","No"]
[null,null,null,null,"IL","IL089","Housing Authority of the County of Dekalb",null,null,null,null,null,null,null,null,null,null,null,null,null,null,"IL069","No"]
[null,null,null,null,"IL","IL090","Aurora Housing Authority Ofthe City of Aurora",null,null,null,null,null,null,null,null,null,null,null,null,null,null,"IL070","No"]
[null,null,null,null,"IL","IL091","Warren County Housing Authority",null,null,null,null,null,null,null,null,null,null,null,null,null,null,"IL071","No"]
[null,null,null,null,"IL","IL092","Housing Authority of Elgin",null,null,null,null,null,null,null,null,null,null,null,null,null,null,"IL072","No"]
[null,null,null,null,"IL","IL093","Housing Authority of the County of Wabash, Il.",null,null,null,null,null,null,null,null,null,null,null,null,null,null,"IL073","No"]
[null,null,null,null,"IL","IL094","Livingston County Housing Authority",null,null,null,null,null,null,null,null,null,null,null,null,null,null,"IL074","No"]
[null,null,null,null,"IL","IL095","Ogle County Housing Authority",null,null,null,null,null,null,null,null,null,null,null,null,null,null,"IL076","No"]
[null,null,null,null,"IL","IL096","Housing Authority of the County of Richland",null,null,null,null,null,null,null,null,null,null,null,null,null,null,"IL078","No"]
[null,null,null,null,"IL","IL097","Hancock County Housing Authority",null,null,null,null,null,null,null,null,null,null,null,null,null,null,"IL079","No"]
[null,null,null,null,"IL","IL099","Housing Authority of the County of Brown",null,null,null,null,null,null,null,null,null,null,null,null,null,null,"IL080","No"]
[null,null,null,null,"IL","IL100","Housing Authority County of Coles",null,null,null,null,null,null,null,null,null,null,null,null,null,null,"IL081","Yes"]
[null,null,null,null,"IL","IL102","The Housing Authority of the County of Cass Il.",null,null,null,null,null,null,null,null,null,null,null,null,null,null,"IL082","No"]
[null,null,null,null,"IL","IL103","Housing Authority of the Village of Oak Park",null,null,null,null,null,null,null,null,null,null,null,null,null,null,"IL083","No"]
[null,null,null,null,"IL","IL104","Woodford County Housing Authority",null,null,null,null,null,null,null,null,null,null,null,null,null,null,"IL084","No"]
[null,null,null,null,"IL","IL107","Housing Authority of the City of North Chicago, IL",null,null,null,null,null,null,null,null,null,null,null,null,null,null,"IL085","No"]
[null,null,null,null,"IL","IL108","Housing Authority of the County of Lawrence, Il.",null,null,null,null,null,null,null,null,null,null,null,null,null,null,"IL086","No"]
[null,null,null,null,"IL","IL116","McHenry County Housing Authority",null,null,null,null,null,null,null,null,null,null,null,null,null,null,"IL087","No"]
[null,null,null,null,"IL","IL118","Hamilton County Housing Authority",null,null,null,null,null,null,null,null,null,null,null,null,null,null,"IL088","No"]
[null,null,null,null,"IL","IL120","Housing Authority of Edgar County",null,null,null,null,null,null,null,null,null,null,null,null,null,null,"IL089","No"]
[null,null,null,null,"IL","IL126","Housing Authority of the City of Marion, Illinois",null,null,null,null,null,null,null,null,null,null,null,null,null,null,"IL090","No"]
[null,null,null,null,"IL","IL128","Housing Authority of Piatt County",null,null,null,null,null,null,null,null,null,null,null,null,null,null,"IL091","No"]
[null,null,null,null,"IL","IL131","Mercer County Housing Authority",null,null,null,null,null,null,null,null,null,null,null,null,null,null,"IL092","No"]
[null,null,null,null,"IN","IN002","Vincennes Housing Authority",null,null,null,null,null,null,null,null,null,null,null,null,null,null,"IL093","No"]
[null,null,null,null,"IN","IN003","Fort Wayne Housing Authority",null,null,null,null,null,null,null,null,null,null,null,null,null,null,"IL094","No"]
[null,null,null,null,"IN","IN004","Delaware County Housing Authority",null,null,null,null,null,null,null,null,null,null,null,null,null,null,"IL095","No"]
[null,null,null,null,"IN","IN005","Muncie Housing Authority",null,null,null,null,null,null,null,null,null,null,null,null,null,null,"IL096","No"]
[null,null,null,null,"IN","IN006","Housing Authority of the City of Anderson",null,null,null,null,null,null,null,null,null,null,null,null,null,null,"IL097","No"]
[null,null,null,null,"IN","IN007","Kokomo Housing Authority",null,null,null,null,null,null,null,null,null,null,null,null,null,null,"IL099","No"]
[null,null,null,null,"IN","IN009","Housing Authority of the City of Richmond",null,null,null,null,null,null,null,null,null,null,null,null,null,null,"IL100","No"]
[null,null,null,null,"IN","IN010","Housing Authority of the City of Hammond",null,null,null,null,null,null,null,null,null,null,null,null,null,null,"IL102","No"]
[null,null,null,null,"IN","IN011","Housing Authority of the City of Gary",null,null,null,null,null,null,null,null,null,null,null,null,null,null,"IL103","No"]
[null,null,null,null,{"$f":"LEFT(F835,2)","v":"IN"},"IN012","Housing Authority of the City of New Albany",null,null,null,null,null,null,null,null,null,null,null,null,null,null,"IL104","No"]
[null,null,null,null,"IN","IN015","Housing Authority of South Bend",null,null,null,null,null,null,null,null,null,null,null,null,null,null,"IL107","No"]
[null,null,null,null,"IN","IN016","Housing Authority of the City of Evansville",null,null,null,null,null,null,null,null,null,null,null,null,null,null,"IL108","No"]
[null,null,null,null,"IN","IN017","Indianapolis Housing Agency",null,null,null,null,null,null,null,null,null,null,null,null,null,null,"IL116","No"]
[null,null,null,null,"IN","IN018","Housing Authority of the City of Tell City",null,null,null,null,null,null,null,null,null,null,null,null,null,null,"IL118","No"]
[null,null,null,null,"IN","IN019","Housing Authority of the City of Michigan City",null,null,null,null,null,null,null,null,null,null,null,null,null,null,"IL120","No"]
[null,null,null,null,"IN","IN020","Housing Authority of the City of Mishawaka",null,null,null,null,null,null,null,null,null,null,null,null,null,null,"IL126","No"]
[null,null,null,null,"IN","IN021","Housing Authority of the City of Terre Haute",null,null,null,null,null,null,null,null,null,null,null,null,null,null,"IL128","No"]
[null,null,null,null,"IN","IN022","Housing Authority of the City of Bloomington",null,null,null,null,null,null,null,null,null,null,null,null,null,null,"IL131","Yes"]
[null,null,null,null,"IN","IN023","Housing Authority of the City of Jeffersonville",null,null,null,null,null,null,null,null,null,null,null,null,null,null,"IN002","No"]
[null,null,null,null,"IN","IN024","Rockport Housing Authority",null,null,null,null,null,null,null,null,null,null,null,null,null,null,"IN003","No"]
[null,null,null,null,"IN","IN025","Housing Authority of the City of Charlestown",null,null,null,null,null,null,null,null,null,null,null,null,null,null,"IN004","No"]
[null,null,null,null,"IN","IN026","Housing Authority of the City of Elkhart",null,null,null,null,null,null,null,null,null,null,null,null,null,null,"IN005","Yes"]
[null,null,null,null,"IN","IN028","Housing Authority of the City of Huntingburg",null,null,null,null,null,null,null,null,null,null,null,null,null,null,"IN006","No"]
[null,null,null,null,"IN","IN029","Housing Authority of the City of East Chicago",null,null,null,null,null,null,null,null,null,null,null,null,null,null,"IN007","Yes"]
[null,null,null,null,"IN","IN030","Washington Housing Authority",null,null,null,null,null,null,null,null,null,null,null,null,null,null,"IN009","No"]
[null,null,null,null,"IN","IN031","Housing Authority of the City of Bedford",null,null,null,null,null,null,null,null,null,null,null,null,null,null,"IN010","No"]
[null,null,null,null,"IN","IN032","Bloomfield Housing Authority",null,null,null,null,null,null,null,null,null,null,null,null,null,null,"IN011","No"]
[null,null,null,null,"IN","IN034","Sullivan Housing Authority",null,null,null,null,null,null,null,null,null,null,null,null,null,null,"IN012","No"]
[null,null,null,null,"IN","IN035","Brazil Housing Authority",null,null,null,null,null,null,null,null,null,null,null,null,null,null,"IN015","Yes"]
[null,null,null,null,"IN","IN036","Housing Authority of the City of Kendallville",null,null,null,null,null,null,null,null,null,null,null,null,null,null,"IN016","No"]
[null,null,null,null,"IN","IN037","Mount Vernon Housing Authority",null,null,null,null,null,null,null,null,null,null,null,null,null,null,"IN017","No"]
[null,null,null,null,"IN","IN039","Housing Authority of the City of Angola",null,null,null,null,null,null,null,null,null,null,null,null,null,null,"IN018","No"]
[null,null,null,null,"IN","IN041","Housing Authority of the City of Marion, In",null,null,null,null,null,null,null,null,null,null,null,null,null,null,"IN019","No"]
[null,null,null,null,"IN","IN050","New Castle Housing Authority",null,null,null,null,null,null,null,null,null,null,null,null,null,null,"IN020","No"]
[null,null,null,null,"IN","IN055","Linton Housing Authority",null,null,null,null,null,null,null,null,null,null,null,null,null,null,"IN021","No"]
[null,null,null,null,"IN","IN058","Columbus Housing Authority",null,null,null,null,null,null,null,null,null,null,null,null,null,null,"IN022","No"]
[null,null,null,null,"IN","IN067","Knox County Housing Authority",null,null,null,null,null,null,null,null,null,null,null,null,null,null,"IN023","No"]
[null,null,null,null,"IN","IN085","Fremont Housing Authority",null,null,null,null,null,null,null,null,null,null,null,null,null,null,"IN024","No"]
[null,null,null,null,"IN","IN089","Housing Authority of the City of Rome City",null,null,null,null,null,null,null,null,null,null,null,null,null,null,"IN025","No"]
[null,null,null,null,"IN","IN090","Greendale Housing Authority",null,null,null,null,null,null,null,null,null,null,null,null,null,null,"IN026","No"]
[null,null,null,null,"IN","IN091","Housing Authority of the City of Peru",null,null,null,null,null,null,null,null,null,null,null,null,null,null,"IN028","No"]
[null,null,null,null,"KS","KS001","Kansas City, KS Housing Authority",null,null,null,null,null,null,null,null,null,null,null,null,null,null,"IN029","No"]
[null,null,null,null,"KS","KS002","Topeka Housing Authority",null,null,null,null,null,null,null,null,null,null,null,null,null,null,"IN030","No"]
[null,null,null,null,"KS","KS003","Bird City Housing Authority",null,null,null,null,null,null,null,null,null,null,null,null,null,null,"IN031","No"]
[null,null,null,null,"KS","KS004","Wichita Housing Authority",null,null,null,null,null,null,null,null,null,null,null,null,null,null,"IN032","No"]
[null,null,null,null,"KS","KS005","Housing Authority of the City of Colby",null,null,null,null,null,null,null,null,null,null,null,null,null,null,"IN034","No"]
[null,null,null,null,"KS","KS006","Dodge City Housing Authority",null,null,null,null,null,null,null,null,null,null,null,null,null,null,"IN035","No"]
[null,null,null,null,"KS","KS007","Washington Housing Authority",null,null,null,null,null,null,null,null,null,null,null,null,null,null,"IN036","No"]
[null,null,null,null,"KS","KS008","Holton Housing Authority",null,null,null,null,null,null,null,null,null,null,null,null,null,null,"IN037","No"]
[null,null,null,null,"KS","KS009","Bonner Springs Housing Authority",null,null,null,null,null,null,null,null,null,null,null,null,null,null,"IN039","No"]
[null,null,null,null,"KS","KS010","Seneca Housing Authority",null,null,null,null,null,null,null,null,null,null,null,null,null,null,"IN041","No"]
[null,null,null,null,"KS","KS011","Horton Housing Authority",null,null,null,null,null,null,null,null,null,null,null,null,null,null,"IN050","No"]
[null,null,null,null,"KS","KS012","Oberlin Housing Authority",null,null,null,null,null,null,null,null,null,null,null,null,null,null,"IN055","No"]
[null,null,null,null,"KS","KS013","Hanover Housing Authority",null,null,null,null,null,null,null,null,null,null,null,null,null,null,"IN058","No"]
[null,null,null,null,"KS","KS014","Linn Housing Authority",null,null,null,null,null,null,null,null,null,null,null,null,null,null,"IN067","No"]
[null,null,null,null,"KS","KS015","North Newton Housing Authority",null,null,null,null,null,null,null,null,null,null,null,null,null,null,"IN085","No"]
[null,null,null,null,"KS","KS016","South Hutchinson Housing Authority",null,null,null,null,null,null,null,null,null,null,null,null,null,null,"IN089","No"]
[null,null,null,null,"KS","KS017","Atchison Housing Authority",null,null,null,null,null,null,null,null,null,null,null,null,null,null,"IN090","No"]
[null,null,null,null,"KS","KS018","Anthony Housing Authority",null,null,null,null,null,null,null,null,null,null,null,null,null,null,"IN091","No"]
[null,null,null,null,"KS","KS019","Beloit Housing Authority",null,null,null,null,null,null,null,null,null,null,null,null,null,null,"KS001","No"]
[null,null,null,null,"KS","KS020","Osborne Housing Authority",null,null,null,null,null,null,null,null,null,null,null,null,null,null,"KS002","No"]
[null,null,null,null,"KS","KS021","Oakley Housing Authority",null,null,null,null,null,null,null,null,null,null,null,null,null,null,"KS003","No"]
[null,null,null,null,"KS","KS022","Atwood Housing Authority",null,null,null,null,null,null,null,null,null,null,null,null,null,null,"KS004","No"]
[null,null,null,null,"KS","KS023","Kinsley Housing Authority",null,null,null,null,null,null,null,null,null,null,null,null,null,null,"KS005","No"]
[null,null,null,null,"KS","KS025","Lyons Housing Authority",null,null,null,null,null,null,null,null,null,null,null,null,null,null,"KS006","No"]
[null,null,null,null,"KS","KS026","Luray Housing Authority",null,null,null,null,null,null,null,null,null,null,null,null,null,null,"KS007","No"]
[null,null,null,null,"KS","KS027","Russell Housing Authority",null,null,null,null,null,null,null,null,null,null,null,null,null,null,"KS008","No"]
[null,null,null,null,"KS","KS028","Sterling Housing Authority",null,null,null,null,null,null,null,null,null,null,null,null,null,null,"KS009","No"]
[null,null,null,null,"KS","KS029","Augusta Housing Authority",null,null,null,null,null,null,null,null,null,null,null,null,null,null,"KS010","No"]
[null,null,null,null,"KS","KS030","Blue Rapids Housing Authority",null,null,null,null,null,null,null,null,null,null,null,null,null,null,"KS011","No"]
[null,null,null,null,"KS","KS031","Clay Center Housing Authority",null,null,null,null,null,null,null,null,null,null,null,null,null,null,"KS012","No"]
[null,null,null,null,"KS","KS032","Marion Housing Authority",null,null,null,null,null,null,null,null,null,null,null,null,null,null,"KS013","No"]
[null,null,null,null,"KS","KS033","Minneapolis Housing Authority",null,null,null,null,null,null,null,null,null,null,null,null,null,null,"KS014","No"]
[null,null,null,null,{"$f":"LEFT(F899,2)","v":"KS"},"KS034","Norton Housing Authority",null,null,null,null,null,null,null,null,null,null,null,null,null,null,"KS015","Yes"]
[null,null,null,null,"KS","KS036","Phillipsburg Housing Authority",null,null,null,null,null,null,null,null,null,null,null,null,null,null,"KS016","No"]
[null,null,null,null,"KS","KS037","Wellington Housing Authority",null,null,null,null,null,null,null,null,null,null,null,null,null,null,"KS017","No"]
[null,null,null,null,"KS","KS038","Salina Housing Authority",null,null,null,null,null,null,null,null,null,null,null,null,null,null,"KS018","No"]
[null,null,null,null,"KS","KS039","Paola Housing Authority",null,null,null,null,null,null,null,null,null,null,null,null,null,null,"KS019","No"]
[null,null,null,null,"KS","KS040","Fort Scott Housing Authority",null,null,null,null,null,null,null,null,null,null,null,null,null,null,"KS020","No"]
[null,null,null,null,"KS","KS041","Great Bend Housing Authority",null,null,null,null,null,null,null,null,null,null,null,null,null,null,"KS021","No"]
[null,null,null,null,"KS","KS042","Wamego Housing Authority",null,null,null,null,null,null,null,null,null,null,null,null,null,null,"KS022","No"]
[null,null,null,null,"KS","KS043","Olathe Housing Authority",null,null,null,null,null,null,null,null,null,null,null,null,null,null,"KS023","No"]
[null,null,null,null,"KS","KS044","Parsons Housing Authority",null,null,null,null,null,null,null,null,null,null,null,null,null,null,"KS025","No"]
[null,null,null,null,"KS","KS045","Galena Housing Authority",null,null,null,null,null,null,null,null,null,null,null,null,null,null,"KS026","No"]
[null,null,null,null,"KS","KS047","Jetmore Housing Authority",null,null,null,null,null,null,null,null,null,null,null,null,null,null,"KS027","No"]
[null,null,null,null,"KS","KS049","Iola Housing Authority",null,null,null,null,null,null,null,null,null,null,null,null,null,null,"KS028","No"]
[null,null,null,null,"KS","KS050","Agra Housing Authority",null,null,null,null,null,null,null,null,null,null,null,null,null,null,"KS029","No"]
[null,null,null,null,"KS","KS051","Gaylord Housing Authority",null,null,null,null,null,null,null,null,null,null,null,null,null,null,"KS030","No"]
[null,null,null,null,"KS","KS052","Pleasanton Housing Authority",null,null,null,null,null,null,null,null,null,null,null,null,null,null,"KS031","No"]
[null,null,null,null,"KS","KS053","Lawrence/Douglas County Housing Authority",null,null,null,null,null,null,null,null,null,null,null,null,null,null,"KS032","No"]
[null,null,null,null,"KS","KS054","Sabetha Housing Authority",null,null,null,null,null,null,null,null,null,null,null,null,null,null,"KS033","No"]
[null,null,null,null,"KS","KS055","Housing Authority of the City of Goodland",null,null,null,null,null,null,null,null,null,null,null,null,null,null,"KS034","No"]
[null,null,null,null,"KS","KS057","Housing Authority of Medicine Lodge",null,null,null,null,null,null,null,null,null,null,null,null,null,null,"KS036","No"]
[null,null,null,null,"KS","KS058","Ulysses Housing Authority",null,null,null,null,null,null,null,null,null,null,null,null,null,null,"KS037","No"]
[null,null,null,null,"KS","KS059","Moundridge Housing Authority",null,null,null,null,null,null,null,null,null,null,null,null,null,null,"KS038","No"]
[null,null,null,null,"KS","KS060","Waterville Housing Authority",null,null,null,null,null,null,null,null,null,null,null,null,null,null,"KS039","No"]
[null,null,null,null,"KS","KS061","Humboldt Housing Authority",null,null,null,null,null,null,null,null,null,null,null,null,null,null,"KS040","No"]
[null,null,null,null,"KS","KS062","Chanute Housing Authority",null,null,null,null,null,null,null,null,null,null,null,null,null,null,"KS041","No"]
[null,null,null,null,"KS","KS063","Manhattan Housing Authority",null,null,null,null,null,null,null,null,null,null,null,null,null,null,"KS042","No"]
[null,null,null,null,"KS","KS065","Lindsborg Housing Authority",null,null,null,null,null,null,null,null,null,null,null,null,null,null,"KS043","No"]
[null,null,null,null,"KS","KS066","Sedgwick Housing Authority",null,null,null,null,null,null,null,null,null,null,null,null,null,null,"KS044","No"]
[null,null,null,null,"KS","KS068","Leavenworth Housing Authority",null,null,null,null,null,null,null,null,null,null,null,null,null,null,"KS045","No"]
[null,null,null,null,"KS","KS069","Neodesha Housing Authority",null,null,null,null,null,null,null,null,null,null,null,null,null,null,"KS047","No"]
[null,null,null,null,"KS","KS070","Strong City Housing Authority",null,null,null,null,null,null,null,null,null,null,null,null,null,null,"KS049","No"]
[null,null,null,null,"KS","KS071","Garden City Housing Authority",null,null,null,null,null,null,null,null,null,null,null,null,null,null,"KS050","No"]
[null,null,null,null,"KS","KS072","Liberal Housing Authority",null,null,null,null,null,null,null,null,null,null,null,null,null,null,"KS051","Yes"]
[null,null,null,null,"KS","KS073","Newton Housing Authority",null,null,null,null,null,null,null,null,null,null,null,null,null,null,"KS052","No"]
[null,null,null,null,"KS","KS076","St. Francis Housing Authority",null,null,null,null,null,null,null,null,null,null,null,null,null,null,"KS053","No"]
[null,null,null,null,"KS","KS077","Girard Housing Authority",null,null,null,null,null,null,null,null,null,null,null,null,null,null,"KS054","No"]
[null,null,null,null,"KS","KS078","Burrton Housing Authority",null,null,null,null,null,null,null,null,null,null,null,null,null,null,"KS055","No"]
[null,null,null,null,"KS","KS079","Howard Housing Authority",null,null,null,null,null,null,null,null,null,null,null,null,null,null,"KS056","No"]
[null,null,null,null,"KS","KS080","Housing Authority of the City of Hoxie",null,null,null,null,null,null,null,null,null,null,null,null,null,null,"KS057","No"]
[null,null,null,null,"KS","KS081","Nicodemus Housing Authority",null,null,null,null,null,null,null,null,null,null,null,null,null,null,"KS058","No"]
[null,null,null,null,"KS","KS082","Hill City Housing Authority",null,null,null,null,null,null,null,null,null,null,null,null,null,null,"KS059","No"]
[null,null,null,null,"KS","KS083","Greenleaf Housing Authority",null,null,null,null,null,null,null,null,null,null,null,null,null,null,"KS060","No"]
[null,null,null,null,"KS","KS086","Downs Housing Authority",null,null,null,null,null,null,null,null,null,null,null,null,null,null,"KS061","No"]
[null,null,null,null,"KS","KS091","Hays Housing Authority",null,null,null,null,null,null,null,null,null,null,null,null,null,null,"KS062","No"]
[null,null,null,null,"KS","KS094","Florence Housing Authority",null,null,null,null,null,null,null,null,null,null,null,null,null,null,"KS063","No"]
[null,null,null,null,"KS","KS095","Belleville Housing Authority",null,null,null,null,null,null,null,null,null,null,null,null,null,null,"KS065","No"]
[null,null,null,null,"KS","KS096","Hillsboro Housing Authority",null,null,null,null,null,null,null,null,null,null,null,null,null,null,"KS066","No"]
[null,null,null,null,"KS","KS100","Housing Authority of the City of Herington KS",null,null,null,null,null,null,null,null,null,null,null,null,null,null,"KS068","No"]
[null,null,null,null,"KS","KS105","Junction City Housing Authority",null,null,null,null,null,null,null,null,null,null,null,null,null,null,"KS069","No"]
[null,null,null,null,"KS","KS112","Halstead Housing Authority",null,null,null,null,null,null,null,null,null,null,null,null,null,null,"KS070","No"]
[null,null,null,null,"KS","KS113","Cawker City Housing Authority",null,null,null,null,null,null,null,null,null,null,null,null,null,null,"KS071","No"]
[null,null,null,null,"KS","KS121","Lincoln Housing Authority",null,null,null,null,null,null,null,null,null,null,null,null,null,null,"KS072","No"]
[null,null,null,null,"KS","KS131","Frontenac Housing Authority",null,null,null,null,null,null,null,null,null,null,null,null,null,null,"KS073","No"]
[null,null,null,null,"KS","KS132","Winfield Housing Authority",null,null,null,null,null,null,null,null,null,null,null,null,null,null,"KS076","No"]
[null,null,null,null,"KS","KS141","Mankato Housing Authority",null,null,null,null,null,null,null,null,null,null,null,null,null,null,"KS077","No"]
[null,null,null,null,"KS","KS142","Stafford Housing Authority",null,null,null,null,null,null,null,null,null,null,null,null,null,null,"KS078","No"]
[null,null,null,null,"KS","KS143","Columbus Housing Authority",null,null,null,null,null,null,null,null,null,null,null,null,null,null,"KS079","No"]
[null,null,null,null,"KS","KS147","Chapman Housing Authority",null,null,null,null,null,null,null,null,null,null,null,null,null,null,"KS080","No"]
[null,null,null,null,"KS","KS152","Solomon Housing Authority",null,null,null,null,null,null,null,null,null,null,null,null,null,null,"KS081","No"]
[null,null,null,null,"KS","KS155","Cherryvale Housing Authority",null,null,null,null,null,null,null,null,null,null,null,null,null,null,"KS082","No"]
[null,null,null,null,"KS","KS158","Victoria Housing Authority",null,null,null,null,null,null,null,null,null,null,null,null,null,null,"KS083","No"]
[null,null,null,null,"KY","KY001","LOUISVILLE METRO HOUSING AUTHORITY",null,null,null,null,null,null,null,null,null,null,null,null,null,null,"KS086","No"]
[null,null,null,null,"KY","KY002","Housing Authority of Covington",null,null,null,null,null,null,null,null,null,null,null,null,null,null,"KS091","No"]
[null,null,null,null,"KY","KY003","Housing Authority of Frankfort",null,null,null,null,null,null,null,null,null,null,null,null,null,null,"KS094","No"]
[null,null,null,null,{"$f":"LEFT(F963,2)","v":"KY"},"KY004","Housing Authority of Lexington",null,null,null,null,null,null,null,null,null,null,null,null,null,null,"KS095","No"]
[null,null,null,null,"KY","KY006","Housing Authority of Paducah",null,null,null,null,null,null,null,null,null,null,null,null,null,null,"KS096","No"]
[null,null,null,null,"KY","KY007","Housing Authority of Madisonville",null,null,null,null,null,null,null,null,null,null,null,null,null,null,"KS100","No"]
[null,null,null,null,"KY","KY008","Housing Authority of Somerset",null,null,null,null,null,null,null,null,null,null,null,null,null,null,"KS105","No"]
[null,null,null,null,"KY","KY009","Housing Authority of Owensboro",null,null,null,null,null,null,null,null,null,null,null,null,null,null,"KS112","No"]
[null,null,null,null,"KY","KY010","Housing Authority of Corbin",null,null,null,null,null,null,null,null,null,null,null,null,null,null,"KS113","No"]
[null,null,null,null,"KY","KY011","Housing Authority of Hopkinsville",null,null,null,null,null,null,null,null,null,null,null,null,null,null,"KS121","No"]
[null,null,null,null,"KY","KY012","Housing Authority of Henderson",null,null,null,null,null,null,null,null,null,null,null,null,null,null,"KS131","No"]
[null,null,null,null,"KY","KY013","Housing Authority of Paris",null,null,null,null,null,null,null,null,null,null,null,null,null,null,"KS132","No"]
[null,null,null,null,"KY","KY014","Housing Authority of Danville",null,null,null,null,null,null,null,null,null,null,null,null,null,null,"KS141","No"]
[null,null,null,null,"KY","KY015","Housing Authority of Newport",null,null,null,null,null,null,null,null,null,null,null,null,null,null,"KS142","No"]
[null,null,null,null,"KY","KY016","Housing Authority of Richmond",null,null,null,null,null,null,null,null,null,null,null,null,null,null,"KS143","No"]
[null,null,null,null,"KY","KY017","Housing Authority of Maysville",null,null,null,null,null,null,null,null,null,null,null,null,null,null,"KS147","No"]
[null,null,null,null,"KY","KY018","Housing Authority of Winchester",null,null,null,null,null,null,null,null,null,null,null,null,null,null,"KS152","No"]
[null,null,null,null,"KY","KY019","Housing Authority of Middlesborough",null,null,null,null,null,null,null,null,null,null,null,null,null,null,"KS155","No"]
[null,null,null,null,"KY","KY020","Housing Authority of Mount Sterling",null,null,null,null,null,null,null,null,null,null,null,null,null,null,"KS158","No"]
[null,null,null,null,"KY","KY021","Housing Authority of Cynthiana",null,null,null,null,null,null,null,null,null,null,null,null,null,null,"KY001","No"]
[null,null,null,null,"KY","KY022","Housing Authority of Lebanon",null,null,null,null,null,null,null,null,null,null,null,null,null,null,"KY002","Yes"]
[null,null,null,null,"KY","KY023","Housing Authority of Russellville",null,null,null,null,null,null,null,null,null,null,null,null,null,null,"KY003","Yes"]
[null,null,null,null,"KY","KY024","Housing Authority of Hazard",null,null,null,null,null,null,null,null,null,null,null,null,null,null,"KY004","No"]
[null,null,null,null,"KY","KY025","Housing Authority of Lyon County",null,null,null,null,null,null,null,null,null,null,null,null,null,null,"KY006","No"]
[null,null,null,null,"KY","KY026","Housing Authority of Glasgow",null,null,null,null,null,null,null,null,null,null,null,null,null,null,"KY007","No"]
[null,null,null,null,"KY","KY027","Housing Authority of Paintsville",null,null,null,null,null,null,null,null,null,null,null,null,null,null,"KY008","No"]
[null,null,null,null,"KY","KY028","Housing Authority of Barbourville",null,null,null,null,null,null,null,null,null,null,null,null,null,null,"KY009","No"]
[null,null,null,null,"KY","KY029","Housing Authority of Cumberland",null,null,null,null,null,null,null,null,null,null,null,null,null,null,"KY010","Yes"]
[null,null,null,null,"KY","KY030","Housing Authority of Murray",null,null,null,null,null,null,null,null,null,null,null,null,null,null,"KY011","No"]
[null,null,null,null,"KY","KY031","Housing Authority of Williamsburg",null,null,null,null,null,null,null,null,null,null,null,null,null,null,"KY012","No"]
[null,null,null,null,"KY","KY032","Housing Authority of Morehead",null,null,null,null,null,null,null,null,null,null,null,null,null,null,"KY013","No"]
[null,null,null,null,"KY","KY033","Housing Authority of Catlettsburg",null,null,null,null,null,null,null,null,null,null,null,null,null,null,"KY014","No"]
[null,null,null,null,"KY","KY034","Housing Authority of Nicholasville",null,null,null,null,null,null,null,null,null,null,null,null,null,null,"KY015","No"]
[null,null,null,null,"KY","KY035","Housing Authority of Prestonsburg",null,null,null,null,null,null,null,null,null,null,null,null,null,null,"KY016","No"]
[null,null,null,null,"KY","KY036","Housing Authority of Irvine",null,null,null,null,null,null,null,null,null,null,null,null,null,null,"KY017","No"]
[null,null,null,null,"KY","KY037","Housing Authority of Hickman",null,null,null,null,null,null,null,null,null,null,null,null,null,null,"KY018","No"]
[null,null,null,null,"KY","KY038","Housing Authority of Martin",null,null,null,null,null,null,null,null,null,null,null,null,null,null,"KY019","No"]
[null,null,null,null,"KY","KY039","Housing Authority of Pineville",null,null,null,null,null,null,null,null,null,null,null,null,null,null,"KY020","No"]
[null,null,null,null,"KY","KY040","Housing Authority of Mayfield",null,null,null,null,null,null,null,null,null,null,null,null,null,null,"KY021","No"]
[null,null,null,null,"KY","KY041","Housing Authority of Morgantown",null,null,null,null,null,null,null,null,null,null,null,null,null,null,"KY022","No"]
[null,null,null,null,"KY","KY042","Housing Authority of Cadiz",null,null,null,null,null,null,null,null,null,null,null,null,null,null,"KY023","No"]
[null,null,null,null,"KY","KY043","Housing Authority of Fulton",null,null,null,null,null,null,null,null,null,null,null,null,null,null,"KY024","Yes"]
[null,null,null,null,"KY","KY044","Housing Authority of Whitesburg",null,null,null,null,null,null,null,null,null,null,null,null,null,null,"KY025","No"]
[null,null,null,null,"KY","KY045","Housing Authority of Jackson",null,null,null,null,null,null,null,null,null,null,null,null,null,null,"KY026","No"]
[null,null,null,null,"KY","KY046","Housing Authority of Albany",null,null,null,null,null,null,null,null,null,null,null,null,null,null,"KY027","No"]
[null,null,null,null,"KY","KY047","Campbellsville Housing And Redevelopment Authority",null,null,null,null,null,null,null,null,null,null,null,null,null,null,"KY028","No"]
[null,null,null,null,"KY","KY048","Housing Authority of Monticello",null,null,null,null,null,null,null,null,null,null,null,null,null,null,"KY029","No"]
[null,null,null,null,"KY","KY049","Housing Authority of Versailles",null,null,null,null,null,null,null,null,null,null,null,null,null,null,"KY030","No"]
[null,null,null,null,"KY","KY050","Housing Authority of Tompkinsville",null,null,null,null,null,null,null,null,null,null,null,null,null,null,"KY031","No"]
[null,null,null,null,"KY","KY052","Housing Authority of Lancaster",null,null,null,null,null,null,null,null,null,null,null,null,null,null,"KY032","No"]
[null,null,null,null,"KY","KY053","Housing Authority of Greensburg",null,null,null,null,null,null,null,null,null,null,null,null,null,null,"KY033","No"]
[null,null,null,null,"KY","KY054","Housing Authority of Elizabethtown",null,null,null,null,null,null,null,null,null,null,null,null,null,null,"KY034","No"]
[null,null,null,null,"KY","KY055","Housing Authority of Burkesville",null,null,null,null,null,null,null,null,null,null,null,null,null,null,"KY035","No"]
[null,null,null,null,"KY","KY056","Housing Authority of Springfield",null,null,null,null,null,null,null,null,null,null,null,null,null,null,"KY036","No"]
[null,null,null,null,"KY","KY057","Housing Authority of Carrollton",null,null,null,null,null,null,null,null,null,null,null,null,null,null,"KY037","No"]
[null,null,null,null,"KY","KY058","Housing Authority of Beattyville",null,null,null,null,null,null,null,null,null,null,null,null,null,null,"KY038","Yes"]
[null,null,null,null,"KY","KY059","Housing Authority of Falmouth",null,null,null,null,null,null,null,null,null,null,null,null,null,null,"KY039","No"]
[null,null,null,null,"KY","KY060","Housing Authority of Flemingsburg",null,null,null,null,null,null,null,null,null,null,null,null,null,null,"KY040","No"]
[null,null,null,null,"KY","KY061","Housing Authority of Georgetown",null,null,null,null,null,null,null,null,null,null,null,null,null,null,"KY041","No"]
[null,null,null,null,"KY","KY062","Housing Authority of Harrodsburg",null,null,null,null,null,null,null,null,null,null,null,null,null,null,"KY042","No"]
[null,null,null,null,"KY","KY063","Housing Authority of Bowling Green",null,null,null,null,null,null,null,null,null,null,null,null,null,null,"KY043","No"]
[null,null,null,null,"KY","KY064","Housing Authority of Columbia",null,null,null,null,null,null,null,null,null,null,null,null,null,null,"KY044","No"]
[null,null,null,null,"KY","KY065","Housing Authority of London",null,null,null,null,null,null,null,null,null,null,null,null,null,null,"KY045","No"]
[null,null,null,null,"KY","KY066","Housing Authority of Manchester",null,null,null,null,null,null,null,null,null,null,null,null,null,null,"KY046","No"]
[null,null,null,null,"KY","KY067","Housing Authority of Horse Cave",null,null,null,null,null,null,null,null,null,null,null,null,null,null,"KY047","No"]
[null,null,null,null,"KY","KY069","Housing Authority of Williamstown",null,null,null,null,null,null,null,null,null,null,null,null,null,null,"KY048","No"]
[null,null,null,null,"KY","KY070","Housing Authority of Central City",null,null,null,null,null,null,null,null,null,null,null,null,null,null,"KY049","No"]
[null,null,null,null,{"$f":"LEFT(F1027,2)","v":"KY"},"KY071","Housing Authority of Bardstown",null,null,null,null,null,null,null,null,null,null,null,null,null,null,"KY050","No"]
[null,null,null,null,"KY","KY072","Housing Authority of Princeton",null,null,null,null,null,null,null,null,null,null,null,null,null,null,"KY052","No"]
[null,null,null,null,"KY","KY073","Housing Authority of Liberty",null,null,null,null,null,null,null,null,null,null,null,null,null,null,"KY053","No"]
[null,null,null,null,"KY","KY074","Housing Authority of Ashland",null,null,null,null,null,null,null,null,null,null,null,null,null,null,"KY054","No"]
[null,null,null,null,"KY","KY075","Housing Authority of Dawson Springs",null,null,null,null,null,null,null,null,null,null,null,null,null,null,"KY055","No"]
[null,null,null,null,"KY","KY077","Housing Authority of Harlan",null,null,null,null,null,null,null,null,null,null,null,null,null,null,"KY056","No"]
[null,null,null,null,"KY","KY078","Housing Authority of Eminence",null,null,null,null,null,null,null,null,null,null,null,null,null,null,"KY057","No"]
[null,null,null,null,"KY","KY079","Housing Authority of Stanford",null,null,null,null,null,null,null,null,null,null,null,null,null,null,"KY058","No"]
[null,null,null,null,"KY","KY080","Housing Authority of Stanton",null,null,null,null,null,null,null,null,null,null,null,null,null,null,"KY059","No"]
[null,null,null,null,"KY","KY081","Housing Authority of McCreary County",null,null,null,null,null,null,null,null,null,null,null,null,null,null,"KY060","No"]
[null,null,null,null,"KY","KY083","Housing Authority of Hodgenville",null,null,null,null,null,null,null,null,null,null,null,null,null,null,"KY061","Yes"]
[null,null,null,null,"KY","KY084","Housing Authority Vanceburg",null,null,null,null,null,null,null,null,null,null,null,null,null,null,"KY062","No"]
[null,null,null,null,"KY","KY085","Housing Authority of Providence",null,null,null,null,null,null,null,null,null,null,null,null,null,null,"KY063","No"]
[null,null,null,null,"KY","KY086","HA of Lawrence County",null,null,null,null,null,null,null,null,null,null,null,null,null,null,"KY064","No"]
[null,null,null,null,"KY","KY087","Housing Authority of Radcliff",null,null,null,null,null,null,null,null,null,null,null,null,null,null,"KY065","Yes"]
[null,null,null,null,"KY","KY089","Housing Authority of Shelbyville",null,null,null,null,null,null,null,null,null,null,null,null,null,null,"KY066","No"]
[null,null,null,null,"KY","KY090","Housing Authority of Berea",null,null,null,null,null,null,null,null,null,null,null,null,null,null,"KY067","No"]
[null,null,null,null,"KY","KY091","Housing Authority of Benton",null,null,null,null,null,null,null,null,null,null,null,null,null,null,"KY069","No"]
[null,null,null,null,"KY","KY092","Olive Hill PHA",null,null,null,null,null,null,null,null,null,null,null,null,null,null,"KY070","No"]
[null,null,null,null,"KY","KY093","Housing Authority of Morganfield",null,null,null,null,null,null,null,null,null,null,null,null,null,null,"KY071","No"]
[null,null,null,null,"KY","KY094","Housing Authority of Sturgis",null,null,null,null,null,null,null,null,null,null,null,null,null,null,"KY072","No"]
[null,null,null,null,"KY","KY096","Housing Authority of Knott County",null,null,null,null,null,null,null,null,null,null,null,null,null,null,"KY073","No"]
[null,null,null,null,"KY","KY097","Housing Authority of Mount Vernon",null,null,null,null,null,null,null,null,null,null,null,null,null,null,"KY074","No"]
[null,null,null,null,"KY","KY098","Housing Authority of Owenton",null,null,null,null,null,null,null,null,null,null,null,null,null,null,"KY075","No"]
[null,null,null,null,"KY","KY099","Housing Authority of Franklin",null,null,null,null,null,null,null,null,null,null,null,null,null,null,"KY077","No"]
[null,null,null,null,"KY","KY100","Housing Authority of Greenville",null,null,null,null,null,null,null,null,null,null,null,null,null,null,"KY078","No"]
[null,null,null,null,"KY","KY101","Housing Authority of Irvington",null,null,null,null,null,null,null,null,null,null,null,null,null,null,"KY079","No"]
[null,null,null,null,"KY","KY104","Housing Authority of Scottsville",null,null,null,null,null,null,null,null,null,null,null,null,null,null,"KY080","No"]
[null,null,null,null,"KY","KY106","Housing Authority of Owingsville",null,null,null,null,null,null,null,null,null,null,null,null,null,null,"KY081","No"]
[null,null,null,null,"KY","KY107","Housing Authority of Pikeville",null,null,null,null,null,null,null,null,null,null,null,null,null,null,"KY083","No"]
[null,null,null,null,"KY","KY122","Housing Authority of Beaver Dam",null,null,null,null,null,null,null,null,null,null,null,null,null,null,"KY084","No"]
[null,null,null,null,"KY","KY129","Housing Authority of Dayton",null,null,null,null,null,null,null,null,null,null,null,null,null,null,"KY085","No"]
[null,null,null,null,"KY","KY147","Housing Authority of McKee",null,null,null,null,null,null,null,null,null,null,null,null,null,null,"KY086","No"]
[null,null,null,null,"KY","KY149","Housing Authority of Martin County",null,null,null,null,null,null,null,null,null,null,null,null,null,null,"KY087","No"]
[null,null,null,null,"KY","KY157","Housing Authority of Floyd County",null,null,null,null,null,null,null,null,null,null,null,null,null,null,"KY089","No"]
[null,null,null,null,"KY","KY158","Housing Authority of Dry Ridge",null,null,null,null,null,null,null,null,null,null,null,null,null,null,"KY090","No"]
[null,null,null,null,"KY","KY170","Housing Authority of Todd County",null,null,null,null,null,null,null,null,null,null,null,null,null,null,"KY091","No"]
[null,null,null,null,"KY","KY177","Housing Authority of Salyersville/Magoffin Co.",null,null,null,null,null,null,null,null,null,null,null,null,null,null,"KY092","No"]
[null,null,null,null,"LA","LA001","HOUSING AUTHORITY OF NEW ORLEANS",null,null,null,null,null,null,null,null,null,null,null,null,null,null,"KY093","No"]
[null,null,null,null,"LA","LA002","Housing Authority of the City of Shreveport",null,null,null,null,null,null,null,null,null,null,null,null,null,null,"KY094","No"]
[null,null,null,null,"LA","LA003","Housing Authority of East Baton Rouge",null,null,null,null,null,null,null,null,null,null,null,null,null,null,"KY096","No"]
[null,null,null,null,"LA","LA004","Housing Authority of Lake Charles",null,null,null,null,null,null,null,null,null,null,null,null,null,null,"KY097","No"]
[null,null,null,null,"LA","LA005","Housing Authority of the City of Lafayette",null,null,null,null,null,null,null,null,null,null,null,null,null,null,"KY098","No"]
[null,null,null,null,"LA","LA006","Housing Authority of Monroe",null,null,null,null,null,null,null,null,null,null,null,null,null,null,"KY099","No"]
[null,null,null,null,"LA","LA011","Housing Authority of Westwego",null,null,null,null,null,null,null,null,null,null,null,null,null,null,"KY100","No"]
[null,null,null,null,"LA","LA012","Housing Authority of the City of Kenner",null,null,null,null,null,null,null,null,null,null,null,null,null,null,"KY101","No"]
[null,null,null,null,"LA","LA013","Housing Authority of Jefferson Parish",null,null,null,null,null,null,null,null,null,null,null,null,null,null,"KY104","No"]
[null,null,null,null,"LA","LA023","Housing Authority of the City of Alexandria",null,null,null,null,null,null,null,null,null,null,null,null,null,null,"KY105","No"]
[null,null,null,null,"LA","LA024","Bogalusa Housing Authority",null,null,null,null,null,null,null,null,null,null,null,null,null,null,"KY106","No"]
[null,null,null,null,"LA","LA025","Housing Authority of the City of Eunice",null,null,null,null,null,null,null,null,null,null,null,null,null,null,"KY107","No"]
[null,null,null,null,"LA","LA026","Housing Authority of Kaplan",null,null,null,null,null,null,null,null,null,null,null,null,null,null,"KY122","No"]
[null,null,null,null,"LA","LA027","Housing Authority of New Iberia",null,null,null,null,null,null,null,null,null,null,null,null,null,null,"KY129","No"]
[null,null,null,null,"LA","LA028","Housing Authority of Rayne",null,null,null,null,null,null,null,null,null,null,null,null,null,null,"KY147","No"]
[null,null,null,null,"LA","LA029","Housing Authority of Crowley",null,null,null,null,null,null,null,null,null,null,null,null,null,null,"KY149","No"]
[null,null,null,null,"LA","LA030","Housing Authority of Ville Platte",null,null,null,null,null,null,null,null,null,null,null,null,null,null,"KY157","No"]
[null,null,null,null,"LA","LA031","Housing Authority of the Town of Mamou",null,null,null,null,null,null,null,null,null,null,null,null,null,null,"KY158","No"]
[null,null,null,null,"LA","LA032","Housing Authority of the Town of Church Point",null,null,null,null,null,null,null,null,null,null,null,null,null,null,"KY170","No"]
[null,null,null,null,"LA","LA033","Housing Authority of Oakdale",null,null,null,null,null,null,null,null,null,null,null,null,null,null,"KY177","No"]
[null,null,null,null,"LA","LA034","Housing Authority of the City of Abbeville",null,null,null,null,null,null,null,null,null,null,null,null,null,null,"LA001","Yes"]
[null,null,null,null,"LA","LA035","Housing Authority of the Town of Gueydan",null,null,null,null,null,null,null,null,null,null,null,null,null,null,"LA002","No"]
[null,null,null,null,"LA","LA036","Housing Authority of the City of Morgan City",null,null,null,null,null,null,null,null,null,null,null,null,null,null,"LA003","No"]
[null,null,null,null,"LA","LA037","Housing Authority of the City of Minden",null,null,null,null,null,null,null,null,null,null,null,null,null,null,"LA004","No"]
[null,null,null,null,"LA","LA038","Housing Authority of the Town of Marksville",null,null,null,null,null,null,null,null,null,null,null,null,null,null,"LA005","No"]
[null,null,null,null,"LA","LA039","Housing Authority of the Town of Welsh",null,null,null,null,null,null,null,null,null,null,null,null,null,null,"LA006","No"]
[null,null,null,null,{"$f":"LEFT(F1091,2)","v":"LA"},"LA040","Housing Auth. of the Town of St. Martinville",null,null,null,null,null,null,null,null,null,null,null,null,null,null,"LA011","No"]
[null,null,null,null,"LA","LA041","Housing Authority of the Town of Lake Arthur",null,null,null,null,null,null,null,null,null,null,null,null,null,null,"LA012","No"]
[null,null,null,null,"LA","LA042","Housing Authority of the City of Bossier City",null,null,null,null,null,null,null,null,null,null,null,null,null,null,"LA013","No"]
[null,null,null,null,"LA","LA043","Housing Authority of the City of Donaldsonville",null,null,null,null,null,null,null,null,null,null,null,null,null,null,"LA023","No"]
[null,null,null,null,"LA","LA044","Housing Authority of the City of Thibodaux",null,null,null,null,null,null,null,null,null,null,null,null,null,null,"LA024","No"]
[null,null,null,null,"LA","LA045","Housing Authority of the Town of Arcadia",null,null,null,null,null,null,null,null,null,null,null,null,null,null,"LA025","No"]
[null,null,null,null,"LA","LA046","Housing Authority of the Town of Vinton",null,null,null,null,null,null,null,null,null,null,null,null,null,null,"LA026","No"]
[null,null,null,null,"LA","LA047","Housing Authority of the Town of Erath",null,null,null,null,null,null,null,null,null,null,null,null,null,null,"LA027","No"]
[null,null,null,null,"LA","LA052","Housing Authority of Farmerville",null,null,null,null,null,null,null,null,null,null,null,null,null,null,"LA028","No"]
[null,null,null,null,"LA","LA054","Housing Authority of Ruston",null,null,null,null,null,null,null,null,null,null,null,null,null,null,"LA029","No"]
[null,null,null,null,"LA","LA055","Housing Authority of City of Opelousas",null,null,null,null,null,null,null,null,null,null,null,null,null,null,"LA030","No"]
[null,null,null,null,"LA","LA056","Housing Authority of the Town of Berwick",null,null,null,null,null,null,null,null,null,null,null,null,null,null,"LA031","No"]
[null,null,null,null,"LA","LA057","Pineville Housing Authority",null,null,null,null,null,null,null,null,null,null,null,null,null,null,"LA032","No"]
[null,null,null,null,"LA","LA058","Housing Authority of the Town of Basile",null,null,null,null,null,null,null,null,null,null,null,null,null,null,"LA033","No"]
[null,null,null,null,"LA","LA059","Housing Authority of the City of Breaux Bridge",null,null,null,null,null,null,null,null,null,null,null,null,null,null,"LA034","No"]
[null,null,null,null,"LA","LA061","Housing Authority of the Town of Jonesboro",null,null,null,null,null,null,null,null,null,null,null,null,null,null,"LA035","No"]
[null,null,null,null,"LA","LA062","Housing Authority of the Town of Bunkie",null,null,null,null,null,null,null,null,null,null,null,null,null,null,"LA036","No"]
[null,null,null,null,"LA","LA063","Housing Authority of the City of Sulphur",null,null,null,null,null,null,null,null,null,null,null,null,null,null,"LA037","No"]
[null,null,null,null,"LA","LA065","Housing Authority of the Town of Delcambre",null,null,null,null,null,null,null,null,null,null,null,null,null,null,"LA038","No"]
[null,null,null,null,"LA","LA066","Housing Authority of the Town of Elton",null,null,null,null,null,null,null,null,null,null,null,null,null,null,"LA039","No"]
[null,null,null,null,"LA","LA067","Housing Authority of the Parish of St. Landry",null,null,null,null,null,null,null,null,null,null,null,null,null,null,"LA040","No"]
[null,null,null,null,"LA","LA068","Housing Authority of the Town of Oberlin",null,null,null,null,null,null,null,null,null,null,null,null,null,null,"LA041","No"]
[null,null,null,null,"LA","LA069","Housing Authority of the Town of Kinder",null,null,null,null,null,null,null,null,null,null,null,null,null,null,"LA042","No"]
[null,null,null,null,"LA","LA070","Housing Authority of the Town of Patterson",null,null,null,null,null,null,null,null,null,null,null,null,null,null,"LA043","No"]
[null,null,null,null,"LA","LA071","Housing Authority of the Town of Cottonport",null,null,null,null,null,null,null,null,null,null,null,null,null,null,"LA044","No"]
[null,null,null,null,"LA","LA072","Housing Authority of the Town of Simmesport",null,null,null,null,null,null,null,null,null,null,null,null,null,null,"LA045","No"]
[null,null,null,null,"LA","LA073","Housing Authority of South Landry",null,null,null,null,null,null,null,null,null,null,null,null,null,null,"LA046","No"]
[null,null,null,null,"LA","LA074","Housing Authority of Sabine Parish",null,null,null,null,null,null,null,null,null,null,null,null,null,null,"LA047","No"]
[null,null,null,null,"LA","LA075","Housing Authority of the Town of Pontchatoula",null,null,null,null,null,null,null,null,null,null,null,null,null,null,"LA052","No"]
[null,null,null,null,"LA","LA076","Housing Authority of Ferriday",null,null,null,null,null,null,null,null,null,null,null,null,null,null,"LA054","No"]
[null,null,null,null,"LA","LA077","Housing Authority of the Town of Logansport",null,null,null,null,null,null,null,null,null,null,null,null,null,null,"LA055","No"]
[null,null,null,null,"LA","LA080","Housing Authority of Lafourche Parish",null,null,null,null,null,null,null,null,null,null,null,null,null,null,"LA056","No"]
[null,null,null,null,"LA","LA082","Housing Authority of the Town of Merryville",null,null,null,null,null,null,null,null,null,null,null,null,null,null,"LA057","No"]
[null,null,null,null,"LA","LA084","Housing Authority of the Village of Parks",null,null,null,null,null,null,null,null,null,null,null,null,null,null,"LA058","No"]
[null,null,null,null,"LA","LA086","Housing Authority of the City of Deridder",null,null,null,null,null,null,null,null,null,null,null,null,null,null,"LA059","No"]
[null,null,null,null,"LA","LA088","Housing Authority of Vivian",null,null,null,null,null,null,null,null,null,null,null,null,null,null,"LA061","No"]
[null,null,null,null,"LA","LA089","Housing Authority of Homer",null,null,null,null,null,null,null,null,null,null,null,null,null,null,"LA062","No"]
[null,null,null,null,"LA","LA090","Housing Authority of the City of Houma",null,null,null,null,null,null,null,null,null,null,null,null,null,null,"LA063","No"]
[null,null,null,null,"LA","LA091","Southwest Acadia Consolidated Housing Authority",null,null,null,null,null,null,null,null,null,null,null,null,null,null,"LA065","No"]
[null,null,null,null,"LA","LA092","Housing Authority of St. James Parish",null,null,null,null,null,null,null,null,null,null,null,null,null,null,"LA066","No"]
[null,null,null,null,"LA","LA093","Housing Authority of the Town of White Castle",null,null,null,null,null,null,null,null,null,null,null,null,null,null,"LA067","No"]
[null,null,null,null,"LA","LA094","Housing Authority of St. Charles Parish",null,null,null,null,null,null,null,null,null,null,null,null,null,null,"LA068","No"]
[null,null,null,null,"LA","LA095","Housing Authority of St. John the Baptist Parish",null,null,null,null,null,null,null,null,null,null,null,null,null,null,"LA069","No"]
[null,null,null,null,"LA","LA096","Housing Authority of the Town of Haynesville",null,null,null,null,null,null,null,null,null,null,null,null,null,null,"LA070","No"]
[null,null,null,null,"LA","LA097","Housing Authority of the Town of Grambling",null,null,null,null,null,null,null,null,null,null,null,null,null,null,"LA071","No"]
[null,null,null,null,"LA","LA098","Housing Authority of Gibsland",null,null,null,null,null,null,null,null,null,null,null,null,null,null,"LA072","No"]
[null,null,null,null,"LA","LA099","Town of Independence HA",null,null,null,null,null,null,null,null,null,null,null,null,null,null,"LA073","No"]
[null,null,null,null,"LA","LA100","Housing Authority of the Town of Youngsville",null,null,null,null,null,null,null,null,null,null,null,null,null,null,"LA074","No"]
[null,null,null,null,"LA","LA101","Housing Authority of the City of Denham Springs",null,null,null,null,null,null,null,null,null,null,null,null,null,null,"LA075","No"]
[null,null,null,null,"LA","LA102","Housing Authority of the Town of Lake Providence",null,null,null,null,null,null,null,null,null,null,null,null,null,null,"LA076","No"]
[null,null,null,null,"LA","LA103","Housing Authority of City of Slidell",null,null,null,null,null,null,null,null,null,null,null,null,null,null,"LA077","No"]
[null,null,null,null,"LA","LA105","Housing Authority of the Town of Rayville",null,null,null,null,null,null,null,null,null,null,null,null,null,null,"LA080","No"]
[null,null,null,null,"LA","LA106","Housing Authority of the City of Dequincy",null,null,null,null,null,null,null,null,null,null,null,null,null,null,"LA082","No"]
[null,null,null,null,"LA","LA108","Housing Authority of the Town of Oil City",null,null,null,null,null,null,null,null,null,null,null,null,null,null,"LA084","No"]
[null,null,null,null,"LA","LA109","Housing Authority of the Town of Winnsboro",null,null,null,null,null,null,null,null,null,null,null,null,null,null,"LA086","No"]
[null,null,null,null,"LA","LA111","Housing Authority of the City of Leesville",null,null,null,null,null,null,null,null,null,null,null,null,null,null,"LA088","No"]
[null,null,null,null,"LA","LA112","Housing Authority of the Town of Mansfield",null,null,null,null,null,null,null,null,null,null,null,null,null,null,"LA089","No"]
[null,null,null,null,"LA","LA113","Housing Authority of the Town of New Roads",null,null,null,null,null,null,null,null,null,null,null,null,null,null,"LA090","No"]
[null,null,null,null,"LA","LA115","Housing Authority of the City of Natchitoches",null,null,null,null,null,null,null,null,null,null,null,null,null,null,"LA091","No"]
[null,null,null,null,"LA","LA117","Housing Authority of the Town of Cotton Valley",null,null,null,null,null,null,null,null,null,null,null,null,null,null,"LA092","No"]
[null,null,null,null,"LA","LA118","Housing Authority of the City of Jennings",null,null,null,null,null,null,null,null,null,null,null,null,null,null,"LA093","No"]
[null,null,null,null,"LA","LA120","Housing Authority of Grant Parish",null,null,null,null,null,null,null,null,null,null,null,null,null,null,"LA094","No"]
[null,null,null,null,"LA","LA122","Housing Authority of the Town of Colfax",null,null,null,null,null,null,null,null,null,null,null,null,null,null,"LA095","No"]
[null,null,null,null,"LA","LA123","Housing Authority of Winnfield",null,null,null,null,null,null,null,null,null,null,null,null,null,null,"LA096","No"]
[null,null,null,null,{"$f":"LEFT(F1155,2)","v":"LA"},"LA124","Housing Authority of the Town of Olla",null,null,null,null,null,null,null,null,null,null,null,null,null,null,"LA097","No"]
[null,null,null,null,"LA","LA125","Housing Authority of the Parish of Caldwell",null,null,null,null,null,null,null,null,null,null,null,null,null,null,"LA098","No"]
[null,null,null,null,"LA","LA127","Housing Authority of the Town of East Hodge",null,null,null,null,null,null,null,null,null,null,null,null,null,null,"LA099","No"]
[null,null,null,null,"LA","LA128","Housing Authority of Vernon Parish",null,null,null,null,null,null,null,null,null,null,null,null,null,null,"LA100","No"]
[null,null,null,null,"LA","LA129","Housing Authority of Rapides Parish",null,null,null,null,null,null,null,null,null,null,null,null,null,null,"LA101","No"]
[null,null,null,null,"LA","LA130","Housing Authority of Duson",null,null,null,null,null,null,null,null,null,null,null,null,null,null,"LA102","No"]
[null,null,null,null,"LA","LA142","Housing Authority of Jena",null,null,null,null,null,null,null,null,null,null,null,null,null,null,"LA103","No"]
[null,null,null,null,"LA","LA166","Housing Authority of Natchitoches Parish",null,null,null,null,null,null,null,null,null,null,null,null,null,null,"LA105","No"]
[null,null,null,null,"LA","LA231","Housing Authority of the Town of Iowa",null,null,null,null,null,null,null,null,null,null,null,null,null,null,"LA106","No"]
[null,null,null,null,"LA","LA238","Housing Authority of City of Covington",null,null,null,null,null,null,null,null,null,null,null,null,null,null,"LA108","No"]
[null,null,null,null,"LA","LA261","Village of Fenton Housing Authority",null,null,null,null,null,null,null,null,null,null,null,null,null,null,"LA109","No"]
[null,null,null,null,"LA","LA262","East Carroll Parish Housing Authority",null,null,null,null,null,null,null,null,null,null,null,null,null,null,"LA111","No"]
[null,null,null,null,"MA","MA001","Lowell Housing Authority",null,null,null,null,null,null,null,null,null,null,null,null,null,null,"LA112","No"]
[null,null,null,null,"MA","MA002","Boston Housing Authority",null,null,null,null,null,null,null,null,null,null,null,null,null,null,"LA113","No"]
[null,null,null,null,"MA","MA003","Cambridge Housing Authority (MTW)",null,null,null,null,null,null,null,null,null,null,null,null,null,null,"LA115","No"]
[null,null,null,null,"MA","MA005","Holyoke Housing Authority",null,null,null,null,null,null,null,null,null,null,null,null,null,null,"LA117","No"]
[null,null,null,null,"MA","MA006","Fall River Housing Authority",null,null,null,null,null,null,null,null,null,null,null,null,null,null,"LA118","No"]
[null,null,null,null,"MA","MA007","New Bedford Housing Authority",null,null,null,null,null,null,null,null,null,null,null,null,null,null,"LA120","No"]
[null,null,null,null,"MA","MA008","Chicopee Housing Authority",null,null,null,null,null,null,null,null,null,null,null,null,null,null,"LA122","No"]
[null,null,null,null,"MA","MA010","Lawrence Housing Authority",null,null,null,null,null,null,null,null,null,null,null,null,null,null,"LA123","No"]
[null,null,null,null,"MA","MA012","Worcester Housing Authority",null,null,null,null,null,null,null,null,null,null,null,null,null,null,"LA124","No"]
[null,null,null,null,"MA","MA013","Waltham Housing Authority",null,null,null,null,null,null,null,null,null,null,null,null,null,null,"LA125","No"]
[null,null,null,null,"MA","MA014","Revere Housing Authority",null,null,null,null,null,null,null,null,null,null,null,null,null,null,"LA127","No"]
[null,null,null,null,"MA","MA015","Medford Housing Authority",null,null,null,null,null,null,null,null,null,null,null,null,null,null,"LA128","No"]
[null,null,null,null,"MA","MA016","Chelsea Housing Authority",null,null,null,null,null,null,null,null,null,null,null,null,null,null,"LA129","No"]
[null,null,null,null,"MA","MA017","Taunton Housing Authority",null,null,null,null,null,null,null,null,null,null,null,null,null,null,"LA130","No"]
[null,null,null,null,"MA","MA019","Woburn Housing Authority",null,null,null,null,null,null,null,null,null,null,null,null,null,null,"LA142","No"]
[null,null,null,null,"MA","MA020","Quincy Housing Authority",null,null,null,null,null,null,null,null,null,null,null,null,null,null,"LA166","No"]
[null,null,null,null,"MA","MA021","Clinton Housing Authority",null,null,null,null,null,null,null,null,null,null,null,null,null,null,"LA231","No"]
[null,null,null,null,"MA","MA022","Malden Housing Authority",null,null,null,null,null,null,null,null,null,null,null,null,null,null,"LA238","No"]
[null,null,null,null,"MA","MA023","Lynn Housing Authority",null,null,null,null,null,null,null,null,null,null,null,null,null,null,"LA261","No"]
[null,null,null,null,"MA","MA024","Brockton Housing Authority",null,null,null,null,null,null,null,null,null,null,null,null,null,null,"LA262","Yes"]
[null,null,null,null,"MA","MA025","Gloucester Housing Authority",null,null,null,null,null,null,null,null,null,null,null,null,null,null,"MA001","Yes"]
[null,null,null,null,"MA","MA026","Northampton Housing Authority",null,null,null,null,null,null,null,null,null,null,null,null,null,null,"MA002","No"]
[null,null,null,null,"MA","MA028","Framingham Housing Authority",null,null,null,null,null,null,null,null,null,null,null,null,null,null,"MA003","No"]
[null,null,null,null,"MA","MA029","Pittsfield Housing Authority",null,null,null,null,null,null,null,null,null,null,null,null,null,null,"MA005","Yes"]
[null,null,null,null,"MA","MA031","Somerville Housing Authority",null,null,null,null,null,null,null,null,null,null,null,null,null,null,"MA006","No"]
[null,null,null,null,"MA","MA032","Newburyport Housing Authority",null,null,null,null,null,null,null,null,null,null,null,null,null,null,"MA007","Yes"]
[null,null,null,null,"MA","MA033","Brookline Housing Authority",null,null,null,null,null,null,null,null,null,null,null,null,null,null,"MA008","Yes"]
[null,null,null,null,"MA","MA034","North Adams Housing Authority",null,null,null,null,null,null,null,null,null,null,null,null,null,null,"MA010","No"]
[null,null,null,null,"MA","MA035","Springfield Housing Authority",null,null,null,null,null,null,null,null,null,null,null,null,null,null,"MA012","No"]
[null,null,null,null,"MA","MA036","Newton Housing Authority",null,null,null,null,null,null,null,null,null,null,null,null,null,null,"MA013","No"]
[null,null,null,null,"MA","MA039","Winchendon Housing Authority",null,null,null,null,null,null,null,null,null,null,null,null,null,null,"MA014","Yes"]
[null,null,null,null,"MA","MA040","Dedham Housing Authority",null,null,null,null,null,null,null,null,null,null,null,null,null,null,"MA015","No"]
[null,null,null,null,"MA","MA041","Shrewsbury Housing Authority",null,null,null,null,null,null,null,null,null,null,null,null,null,null,"MA016","No"]
[null,null,null,null,"MA","MA043","Dracut Housing Authority",null,null,null,null,null,null,null,null,null,null,null,null,null,null,"MA017","No"]
[null,null,null,null,"MA","MA044","Beverly Housing Authority",null,null,null,null,null,null,null,null,null,null,null,null,null,null,"MA019","No"]
[null,null,null,null,"MA","MA045","Weymouth Housing Authority",null,null,null,null,null,null,null,null,null,null,null,null,null,null,"MA020","Yes"]
[null,null,null,null,"MA","MA046","Barnstable Housing Authority",null,null,null,null,null,null,null,null,null,null,null,null,null,null,"MA021","Yes"]
[null,null,null,null,"MA","MA047","Falmouth Housing Authority",null,null,null,null,null,null,null,null,null,null,null,null,null,null,"MA022","Yes"]
[null,null,null,null,"MA","MA049","Scituate Housing Authority",null,null,null,null,null,null,null,null,null,null,null,null,null,null,"MA023","No"]
[null,null,null,null,"MA","MA055","Salem Housing Authority",null,null,null,null,null,null,null,null,null,null,null,null,null,null,"MA024","No"]
[null,null,null,null,"MA","MA059","Plymouth Housing Authority",null,null,null,null,null,null,null,null,null,null,null,null,null,null,"MA025","No"]
[null,null,null,null,"MA","MA065","Needham Housing Authority",null,null,null,null,null,null,null,null,null,null,null,null,null,null,"MA026","No"]
[null,null,null,null,"MA","MA067","Lexington Housing Authority",null,null,null,null,null,null,null,null,null,null,null,null,null,null,"MA028","Yes"]
[null,null,null,null,"MA","MA069","Milford Housing Authority",null,null,null,null,null,null,null,null,null,null,null,null,null,null,"MA029","No"]
[null,null,null,null,"MA","MA074","Wakefield Housing Authority",null,null,null,null,null,null,null,null,null,null,null,null,null,null,"MA031","Yes"]
[null,null,null,null,"MA","MA081","Methuen Housing Authority",null,null,null,null,null,null,null,null,null,null,null,null,null,null,"MA032","No"]
[null,null,null,null,"MA","MA085","Amherst Housing Authority",null,null,null,null,null,null,null,null,null,null,null,null,null,null,"MA033","No"]
[null,null,null,null,"MA","MA091","Hudson Housing Authority",null,null,null,null,null,null,null,null,null,null,null,null,null,null,"MA034","No"]
[null,null,null,null,"MA","MA093","Watertown Housing Authority",null,null,null,null,null,null,null,null,null,null,null,null,null,null,"MA035","No"]
[null,null,null,null,"MA","MA098","Concord Housing Authority",null,null,null,null,null,null,null,null,null,null,null,null,null,null,"MA036","No"]
[null,null,null,null,"MA","MA099","Saugus Housing Authority",null,null,null,null,null,null,null,null,null,null,null,null,null,null,"MA037","No"]
[null,null,null,null,"MA","MA101","Wayland Housing Authority",null,null,null,null,null,null,null,null,null,null,null,null,null,null,"MA039","No"]
[null,null,null,null,{"$f":"LEFT(F1219,2)","v":"MA"},"MA107","North Andover Housing Authority",null,null,null,null,null,null,null,null,null,null,null,null,null,null,"MA040","No"]
[null,null,null,null,"MA","MA109","Norwood Housing Authority",null,null,null,null,null,null,null,null,null,null,null,null,null,null,"MA041","No"]
[null,null,null,null,"MA","MA110","Bourne Housing Authority",null,null,null,null,null,null,null,null,null,null,null,null,null,null,"MA043","No"]
[null,null,null,null,"MA","MA111","Pembroke Housing Authority",null,null,null,null,null,null,null,null,null,null,null,null,null,null,"MA044","No"]
[null,null,null,null,"MA","MA117","Stoughton Housing Authority",null,null,null,null,null,null,null,null,null,null,null,null,null,null,"MA045","No"]
[null,null,null,null,"MA","MA118","Danvers Housing Authority",null,null,null,null,null,null,null,null,null,null,null,null,null,null,"MA046","No"]
[null,null,null,null,"MA","MA123","Webster Housing Authority",null,null,null,null,null,null,null,null,null,null,null,null,null,null,"MA047","No"]
[null,null,null,null,"MA","MA132","Groveland Housing Authority",null,null,null,null,null,null,null,null,null,null,null,null,null,null,"MA049","No"]
[null,null,null,null,"MA","MA133","Rockland Housing Authority",null,null,null,null,null,null,null,null,null,null,null,null,null,null,"MA055","No"]
[null,null,null,null,"MA","MA137","Maynard Housing Authority",null,null,null,null,null,null,null,null,null,null,null,null,null,null,"MA059","No"]
[null,null,null,null,"MA","MA139","Tewksbury Housing Authority",null,null,null,null,null,null,null,null,null,null,null,null,null,null,"MA065","No"]
[null,null,null,null,"MA","MA155","Hanson Housing Authority",null,null,null,null,null,null,null,null,null,null,null,null,null,null,"MA067","No"]
[null,null,null,null,"MA","MA157","Medway Housing Authority",null,null,null,null,null,null,null,null,null,null,null,null,null,null,"MA069","No"]
[null,null,null,null,"MA","MA159","Auburn Housing Authority",null,null,null,null,null,null,null,null,null,null,null,null,null,null,"MA074","No"]
[null,null,null,null,"MA","MA169","Swansea Housing Authority",null,null,null,null,null,null,null,null,null,null,null,null,null,null,"MA081","No"]
[null,null,null,null,"MD","MD001","Housing Authority of the City of Annapolis",null,null,null,null,null,null,null,null,null,null,null,null,null,null,"MA085","No"]
[null,null,null,null,"MD","MD002","HOUSING AUTHORITY OF BALTIMORE CITY",null,null,null,null,null,null,null,null,null,null,null,null,null,null,"MA091","No"]
[null,null,null,null,"MD","MD003","Frederick Housing Authority",null,null,null,null,null,null,null,null,null,null,null,null,null,null,"MA093","No"]
[null,null,null,null,"MD","MD004","Housing Opprty Com of Montgomery Co",null,null,null,null,null,null,null,null,null,null,null,null,null,null,"MA098","No"]
[null,null,null,null,"MD","MD005","Housing Authority of the City of Cumberland",null,null,null,null,null,null,null,null,null,null,null,null,null,null,"MA099","No"]
[null,null,null,null,"MD","MD006","Hagerstown Housing Authority",null,null,null,null,null,null,null,null,null,null,null,null,null,null,"MA101","No"]
[null,null,null,null,"MD","MD007","Housing Authority of the City of Rockville",null,null,null,null,null,null,null,null,null,null,null,null,null,null,"MA107","No"]
[null,null,null,null,"MD","MD008","Housing Authority of the City of Frostburg",null,null,null,null,null,null,null,null,null,null,null,null,null,null,"MA109","No"]
[null,null,null,null,"MD","MD009","Housing Authority of Crisfield",null,null,null,null,null,null,null,null,null,null,null,null,null,null,"MA110","No"]
[null,null,null,null,"MD","MD010","Housing Authority of Cambridge",null,null,null,null,null,null,null,null,null,null,null,null,null,null,"MA111","No"]
[null,null,null,null,"MD","MD011","Glenarden Housing Authority",null,null,null,null,null,null,null,null,null,null,null,null,null,null,"MA117","No"]
[null,null,null,null,"MD","MD012","Havre De Grace Housing Authority",null,null,null,null,null,null,null,null,null,null,null,null,null,null,"MA118","No"]
[null,null,null,null,"MD","MD013","St. Michaels Housing Authority",null,null,null,null,null,null,null,null,null,null,null,null,null,null,"MA123","No"]
[null,null,null,null,"MD","MD014","Wicomico County Housing Authority",null,null,null,null,null,null,null,null,null,null,null,null,null,null,"MA132","No"]
[null,null,null,null,"MD","MD015","HOUSING AUTHORITY OF PRINCE GEORGES COUNTY",null,null,null,null,null,null,null,null,null,null,null,null,null,null,"MA133","No"]
[null,null,null,null,"MD","MD016","Elkton Housing Authority",null,null,null,null,null,null,null,null,null,null,null,null,null,null,"MA137","No"]
[null,null,null,null,"MD","MD017","College Park Housing Authority",null,null,null,null,null,null,null,null,null,null,null,null,null,null,"MA139","No"]
[null,null,null,null,"MD","MD018","Housing Commisson of Anne Arundel County",null,null,null,null,null,null,null,null,null,null,null,null,null,null,"MA155","No"]
[null,null,null,null,"MD","MD019","Housing Authority of the Town of Easton",null,null,null,null,null,null,null,null,null,null,null,null,null,null,"MA157","No"]
[null,null,null,null,"MD","MD021","Housing Authority of St. Mary's County, MD",null,null,null,null,null,null,null,null,null,null,null,null,null,null,"MA159","No"]
[null,null,null,null,"MD","MD022","Housing Authority of Calvert County",null,null,null,null,null,null,null,null,null,null,null,null,null,null,"MA169","Yes"]
[null,null,null,null,"MD","MD023","Howard County Housing Commission",null,null,null,null,null,null,null,null,null,null,null,null,null,null,"MD001","No"]
[null,null,null,null,"MD","MD028","Housing Authority of Washington County",null,null,null,null,null,null,null,null,null,null,null,null,null,null,"MD002","Yes"]
[null,null,null,null,"MD","MD030","Housing Authority of Allegany County",null,null,null,null,null,null,null,null,null,null,null,null,null,null,"MD003","Yes"]
[null,null,null,null,"MD","MD034","Queen Anne's County Housing Authority",null,null,null,null,null,null,null,null,null,null,null,null,null,null,"MD004","Yes"]
[null,null,null,null,"ME","ME001","Van Buren Housing Authority",null,null,null,null,null,null,null,null,null,null,null,null,null,null,"MD005","No"]
[null,null,null,null,"ME","ME002","Fort Fairfield Housing Authority",null,null,null,null,null,null,null,null,null,null,null,null,null,null,"MD006","No"]
[null,null,null,null,"ME","ME003","Portland Housing Authority",null,null,null,null,null,null,null,null,null,null,null,null,null,null,"MD007","No"]
[null,null,null,null,"ME","ME004","Presque Isle Housing Authority",null,null,null,null,null,null,null,null,null,null,null,null,null,null,"MD008","No"]
[null,null,null,null,"ME","ME005","Lewiston Housing Authority",null,null,null,null,null,null,null,null,null,null,null,null,null,null,"MD009","No"]
[null,null,null,null,"ME","ME006","Brunswick Housing Authority",null,null,null,null,null,null,null,null,null,null,null,null,null,null,"MD010","No"]
[null,null,null,null,"ME","ME007","Auburn Housing Authority",null,null,null,null,null,null,null,null,null,null,null,null,null,null,"MD011","No"]
[null,null,null,null,"ME","ME008","Waterville Housing Authority",null,null,null,null,null,null,null,null,null,null,null,null,null,null,"MD012","No"]
[null,null,null,null,"ME","ME009","Housing Authority City of Bangor",null,null,null,null,null,null,null,null,null,null,null,null,null,null,"MD013","No"]
[null,null,null,null,"ME","ME011","Sanford Housing Authority",null,null,null,null,null,null,null,null,null,null,null,null,null,null,"MD014","No"]
[null,null,null,null,"ME","ME015","Westbrook Housing Authority",null,null,null,null,null,null,null,null,null,null,null,null,null,null,"MD015","No"]
[null,null,null,null,"ME","ME018","Old Town Housing Authority",null,null,null,null,null,null,null,null,null,null,null,null,null,null,"MD016","No"]
[null,null,null,null,"ME","ME019","Bath Housing Authority",null,null,null,null,null,null,null,null,null,null,null,null,null,null,"MD017","No"]
[null,null,null,null,"ME","ME020","South Portland Housing Authority",null,null,null,null,null,null,null,null,null,null,null,null,null,null,"MD018","No"]
[null,null,null,null,"ME","ME021","Brewer Housing Authority",null,null,null,null,null,null,null,null,null,null,null,null,null,null,"MD019","No"]
[null,null,null,null,"ME","ME022","Southwest Harbor Housing Authority",null,null,null,null,null,null,null,null,null,null,null,null,null,null,"MD021","No"]
[null,null,null,null,"ME","ME023","Bar Harbor Housing Authority",null,null,null,null,null,null,null,null,null,null,null,null,null,null,"MD022","No"]
[null,null,null,null,"ME","ME024","Mount Desert Housing Authority",null,null,null,null,null,null,null,null,null,null,null,null,null,null,"MD023","No"]
[null,null,null,null,"ME","ME026","Tremont Housing Authority",null,null,null,null,null,null,null,null,null,null,null,null,null,null,"MD028","No"]
[null,null,null,null,"ME","ME027","Ellsworth Housing Authority",null,null,null,null,null,null,null,null,null,null,null,null,null,null,"MD030","No"]
[null,null,null,null,"MI","MI001","Detroit Housing Commission",null,null,null,null,null,null,null,null,null,null,null,null,null,null,"MD034","No"]
[null,null,null,null,"MI","MI003","Dearborn Housing Commission",null,null,null,null,null,null,null,null,null,null,null,null,null,null,"ME001","Yes"]
[null,null,null,null,"MI","MI004","Hamtramck Housing Commission",null,null,null,null,null,null,null,null,null,null,null,null,null,null,"ME002","No"]
[null,null,null,null,"MI","MI005","Pontiac Housing Commission",null,null,null,null,null,null,null,null,null,null,null,null,null,null,"ME003","No"]
[null,null,null,null,{"$f":"LEFT(F1283,2)","v":"MI"},"MI006","Saginaw Housing Commission",null,null,null,null,null,null,null,null,null,null,null,null,null,null,"ME004","No"]
[null,null,null,null,"MI","MI007","Ecorse Housing Commission",null,null,null,null,null,null,null,null,null,null,null,null,null,null,"ME005","No"]
[null,null,null,null,"MI","MI008","River Rouge Housing Commission",null,null,null,null,null,null,null,null,null,null,null,null,null,null,"ME006","No"]
[null,null,null,null,"MI","MI009","Flint Housing Commission",null,null,null,null,null,null,null,null,null,null,null,null,null,null,"ME007","No"]
[null,null,null,null,"MI","MI010","Benton Harbor Housing Commission",null,null,null,null,null,null,null,null,null,null,null,null,null,null,"ME008","No"]
[null,null,null,null,"MI","MI011","Monroe Housing Commission",null,null,null,null,null,null,null,null,null,null,null,null,null,null,"ME009","No"]
[null,null,null,null,"MI","MI012","Bessemer Housing Commission",null,null,null,null,null,null,null,null,null,null,null,null,null,null,"ME011","No"]
[null,null,null,null,"MI","MI013","Iron Mountain Housing Commission",null,null,null,null,null,null,null,null,null,null,null,null,null,null,"ME015","No"]
[null,null,null,null,"MI","MI014","Albion Housing Commission",null,null,null,null,null,null,null,null,null,null,null,null,null,null,"ME018","No"]
[null,null,null,null,"MI","MI015","Wakefield Housing Commission",null,null,null,null,null,null,null,null,null,null,null,null,null,null,"ME019","Yes"]
[null,null,null,null,"MI","MI016","Bronson Housing Commission",null,null,null,null,null,null,null,null,null,null,null,null,null,null,"ME020","No"]
[null,null,null,null,"MI","MI018","Ironwood Housing Commission",null,null,null,null,null,null,null,null,null,null,null,null,null,null,"ME021","No"]
[null,null,null,null,"MI","MI019","Baraga Housing Commission",null,null,null,null,null,null,null,null,null,null,null,null,null,null,"ME022","No"]
[null,null,null,null,"MI","MI020","Reed City Housing Commission",null,null,null,null,null,null,null,null,null,null,null,null,null,null,"ME023","No"]
[null,null,null,null,"MI","MI021","South Lyon Housing Commission",null,null,null,null,null,null,null,null,null,null,null,null,null,null,"ME024","No"]
[null,null,null,null,"MI","MI022","Alpena Housing Commission",null,null,null,null,null,null,null,null,null,null,null,null,null,null,"ME026","No"]
[null,null,null,null,"MI","MI023","Greenville Housing Commission",null,null,null,null,null,null,null,null,null,null,null,null,null,null,"ME027","No"]
[null,null,null,null,"MI","MI024","Bay City Housing Commission",null,null,null,null,null,null,null,null,null,null,null,null,null,null,"MI001","No"]
[null,null,null,null,"MI","MI025","Belding Housing Commission",null,null,null,null,null,null,null,null,null,null,null,null,null,null,"MI003","No"]
[null,null,null,null,"MI","MI026","Ypsilanti Housing Commission",null,null,null,null,null,null,null,null,null,null,null,null,null,null,"MI004","Yes"]
[null,null,null,null,"MI","MI027","Inkster Housing Commission",null,null,null,null,null,null,null,null,null,null,null,null,null,null,"MI005","No"]
[null,null,null,null,"MI","MI028","Mount Clemens Housing Commission",null,null,null,null,null,null,null,null,null,null,null,null,null,null,"MI006","No"]
[null,null,null,null,"MI","MI029","Wayne Housing Commission",null,null,null,null,null,null,null,null,null,null,null,null,null,null,"MI007","Yes"]
[null,null,null,null,"MI","MI030","Cheboygan Housing Commission",null,null,null,null,null,null,null,null,null,null,null,null,null,null,"MI008","No"]
[null,null,null,null,"MI","MI031","Muskegon Heights Housing Commission",null,null,null,null,null,null,null,null,null,null,null,null,null,null,"MI009","No"]
[null,null,null,null,"MI","MI032","Benton Township Housing Commission",null,null,null,null,null,null,null,null,null,null,null,null,null,null,"MI010","No"]
[null,null,null,null,"MI","MI033","Royal Oak Township Housing Commission",null,null,null,null,null,null,null,null,null,null,null,null,null,null,"MI011","No"]
[null,null,null,null,"MI","MI035","Battle Creek Housing Commission",null,null,null,null,null,null,null,null,null,null,null,null,null,null,"MI012","No"]
[null,null,null,null,"MI","MI036","Sault Ste Marie Housing Commission",null,null,null,null,null,null,null,null,null,null,null,null,null,null,"MI013","No"]
[null,null,null,null,"MI","MI037","Roseville Housing Commission",null,null,null,null,null,null,null,null,null,null,null,null,null,null,"MI014","No"]
[null,null,null,null,"MI","MI038","Jackson Housing Commission",null,null,null,null,null,null,null,null,null,null,null,null,null,null,"MI015","No"]
[null,null,null,null,"MI","MI039","Port Huron Housing Commission",null,null,null,null,null,null,null,null,null,null,null,null,null,null,"MI016","No"]
[null,null,null,null,"MI","MI040","Clinton Township Housing Commission",null,null,null,null,null,null,null,null,null,null,null,null,null,null,"MI018","No"]
[null,null,null,null,"MI","MI041","Big Rapids Housing Commission",null,null,null,null,null,null,null,null,null,null,null,null,null,null,"MI019","No"]
[null,null,null,null,"MI","MI042","Ontonagon Housing Commission",null,null,null,null,null,null,null,null,null,null,null,null,null,null,"MI020","No"]
[null,null,null,null,"MI","MI044","Eastpointe Housing Commission",null,null,null,null,null,null,null,null,null,null,null,null,null,null,"MI021","No"]
[null,null,null,null,"MI","MI045","Plymouth Housing Commission",null,null,null,null,null,null,null,null,null,null,null,null,null,null,"MI022","No"]
[null,null,null,null,"MI","MI046","Saint Joseph Housing Commission",null,null,null,null,null,null,null,null,null,null,null,null,null,null,"MI023","No"]
[null,null,null,null,"MI","MI047","Grayling Housing Commission",null,null,null,null,null,null,null,null,null,null,null,null,null,null,"MI024","No"]
[null,null,null,null,"MI","MI048","Melvindale Housing Commission",null,null,null,null,null,null,null,null,null,null,null,null,null,null,"MI025","Yes"]
[null,null,null,null,"MI","MI049","Manistique Housing Commission",null,null,null,null,null,null,null,null,null,null,null,null,null,null,"MI026","No"]
[null,null,null,null,"MI","MI050","Baldwin Housing Commission",null,null,null,null,null,null,null,null,null,null,null,null,null,null,"MI027","No"]
[null,null,null,null,"MI","MI051","Lincoln Park Housing Commission",null,null,null,null,null,null,null,null,null,null,null,null,null,null,"MI028","No"]
[null,null,null,null,"MI","MI052","Saint Clair Housing Commission",null,null,null,null,null,null,null,null,null,null,null,null,null,null,"MI029","No"]
[null,null,null,null,"MI","MI053","Allen Park Housing Commission",null,null,null,null,null,null,null,null,null,null,null,null,null,null,"MI030","Yes"]
[null,null,null,null,"MI","MI054","Laurium Housing Commission",null,null,null,null,null,null,null,null,null,null,null,null,null,null,"MI031","No"]
[null,null,null,null,"MI","MI055","Livonia Housing Commission",null,null,null,null,null,null,null,null,null,null,null,null,null,null,"MI032","No"]
[null,null,null,null,"MI","MI056","Coldwater Housing Commission",null,null,null,null,null,null,null,null,null,null,null,null,null,null,"MI033","No"]
[null,null,null,null,"MI","MI057","Calumet Housing Commission",null,null,null,null,null,null,null,null,null,null,null,null,null,null,"MI035","No"]
[null,null,null,null,"MI","MI058","Lansing Housing Commission",null,null,null,null,null,null,null,null,null,null,null,null,null,null,"MI036","Yes"]
[null,null,null,null,"MI","MI059","St Clair Shores Housing Commission",null,null,null,null,null,null,null,null,null,null,null,null,null,null,"MI037","Yes"]
[null,null,null,null,"MI","MI060","Cadillac Housing Commission",null,null,null,null,null,null,null,null,null,null,null,null,null,null,"MI038","No"]
[null,null,null,null,"MI","MI061","Saint Louis Housing Commission",null,null,null,null,null,null,null,null,null,null,null,null,null,null,"MI039","No"]
[null,null,null,null,"MI","MI063","Hancock Housing Commission",null,null,null,null,null,null,null,null,null,null,null,null,null,null,"MI040","No"]
[null,null,null,null,"MI","MI064","Ann Arbor Housing Commission",null,null,null,null,null,null,null,null,null,null,null,null,null,null,"MI041","No"]
[null,null,null,null,"MI","MI066","Muskegon Housing Commission",null,null,null,null,null,null,null,null,null,null,null,null,null,null,"MI042","Yes"]
[null,null,null,null,"MI","MI068","Negaunee Housing Commission",null,null,null,null,null,null,null,null,null,null,null,null,null,null,"MI044","No"]
[null,null,null,null,"MI","MI069","Sturgis Housing Commission",null,null,null,null,null,null,null,null,null,null,null,null,null,null,"MI045","No"]
[null,null,null,null,"MI","MI070","Marquette Housing Commission",null,null,null,null,null,null,null,null,null,null,null,null,null,null,"MI046","No"]
[null,null,null,null,"MI","MI072","Romulus Housing Commission",null,null,null,null,null,null,null,null,null,null,null,null,null,null,"MI047","No"]
[null,null,null,null,"MI","MI073","Grand Rapids Housing Commission",null,null,null,null,null,null,null,null,null,null,null,null,null,null,"MI048","No"]
[null,null,null,null,"MI","MI074","Mount Pleasant Housing Commission",null,null,null,null,null,null,null,null,null,null,null,null,null,null,"MI049","No"]
[null,null,null,null,"MI","MI076","Niles Housing Commission",null,null,null,null,null,null,null,null,null,null,null,null,null,null,"MI050","No"]
[null,null,null,null,"MI","MI077","Gladstone Housing Commission",null,null,null,null,null,null,null,null,null,null,null,null,null,null,"MI051","No"]
[null,null,null,null,{"$f":"LEFT(F1347,2)","v":"MI"},"MI078","Manistee Housing Commission",null,null,null,null,null,null,null,null,null,null,null,null,null,null,"MI052","No"]
[null,null,null,null,"MI","MI079","Rogers City Housing Commission",null,null,null,null,null,null,null,null,null,null,null,null,null,null,"MI053","No"]
[null,null,null,null,"MI","MI080","Traverse City Housing Commission",null,null,null,null,null,null,null,null,null,null,null,null,null,null,"MI054","No"]
[null,null,null,null,"MI","MI081","Rockwood Housing Commission",null,null,null,null,null,null,null,null,null,null,null,null,null,null,"MI055","No"]
[null,null,null,null,"MI","MI082","South Haven Housing Commission",null,null,null,null,null,null,null,null,null,null,null,null,null,null,"MI056","No"]
[null,null,null,null,"MI","MI083","Escanaba Housing Commission",null,null,null,null,null,null,null,null,null,null,null,null,null,null,"MI057","No"]
[null,null,null,null,"MI","MI084","Boyne City Housing Commission",null,null,null,null,null,null,null,null,null,null,null,null,null,null,"MI058","No"]
[null,null,null,null,"MI","MI087","Menominee Housing Commission",null,null,null,null,null,null,null,null,null,null,null,null,null,null,"MI059","No"]
[null,null,null,null,"MI","MI088","Paw Paw Housing Commission",null,null,null,null,null,null,null,null,null,null,null,null,null,null,"MI060","No"]
[null,null,null,null,"MI","MI089","Taylor Housing Commission",null,null,null,null,null,null,null,null,null,null,null,null,null,null,"MI061","Yes"]
[null,null,null,null,"MI","MI090","Iron River Housing Commission",null,null,null,null,null,null,null,null,null,null,null,null,null,null,"MI063","No"]
[null,null,null,null,"MI","MI091","Kingsford Housing Commission",null,null,null,null,null,null,null,null,null,null,null,null,null,null,"MI064","No"]
[null,null,null,null,"MI","MI093","Rockford Housing Commission",null,null,null,null,null,null,null,null,null,null,null,null,null,null,"MI066","No"]
[null,null,null,null,"MI","MI094","Munising Housing Commission",null,null,null,null,null,null,null,null,null,null,null,null,null,null,"MI068","No"]
[null,null,null,null,"MI","MI095","Gladwin City Housing Commission",null,null,null,null,null,null,null,null,null,null,null,null,null,null,"MI069","No"]
[null,null,null,null,"MI","MI096","Ferndale Housing Commission",null,null,null,null,null,null,null,null,null,null,null,null,null,null,"MI070","No"]
[null,null,null,null,"MI","MI098","Luna Pier Housing Commission",null,null,null,null,null,null,null,null,null,null,null,null,null,null,"MI071","No"]
[null,null,null,null,"MI","MI100","Lapeer Housing Commission",null,null,null,null,null,null,null,null,null,null,null,null,null,null,"MI072","No"]
[null,null,null,null,"MI","MI101","Ishpeming Housing Commission",null,null,null,null,null,null,null,null,null,null,null,null,null,null,"MI073","No"]
[null,null,null,null,"MI","MI102","East Tawas Housing Commission",null,null,null,null,null,null,null,null,null,null,null,null,null,null,"MI074","No"]
[null,null,null,null,"MI","MI103","Hillsdale Housing Commission",null,null,null,null,null,null,null,null,null,null,null,null,null,null,"MI076","No"]
[null,null,null,null,"MI","MI104","Lake Linden Housing Commission",null,null,null,null,null,null,null,null,null,null,null,null,null,null,"MI077","No"]
[null,null,null,null,"MI","MI105","Highland Park Housing Commission",null,null,null,null,null,null,null,null,null,null,null,null,null,null,"MI078","No"]
[null,null,null,null,"MI","MI107","Houghton Housing Commission",null,null,null,null,null,null,null,null,null,null,null,null,null,null,"MI079","No"]
[null,null,null,null,"MI","MI108","L'Anse Housing Commission",null,null,null,null,null,null,null,null,null,null,null,null,null,null,"MI080","No"]
[null,null,null,null,"MI","MI112","Evart Housing Commission",null,null,null,null,null,null,null,null,null,null,null,null,null,null,"MI081","No"]
[null,null,null,null,"MI","MI114","Algonac Housing Commission",null,null,null,null,null,null,null,null,null,null,null,null,null,null,"MI082","No"]
[null,null,null,null,"MI","MI115","Wyoming Housing Commission",null,null,null,null,null,null,null,null,null,null,null,null,null,null,"MI083","No"]
[null,null,null,null,"MI","MI116","Elk Rapids Housing Commission",null,null,null,null,null,null,null,null,null,null,null,null,null,null,"MI084","No"]
[null,null,null,null,"MI","MI117","Ionia Housing Commission",null,null,null,null,null,null,null,null,null,null,null,null,null,null,"MI087","No"]
[null,null,null,null,"MI","MI118","East Jordan Housing Commission",null,null,null,null,null,null,null,null,null,null,null,null,null,null,"MI088","No"]
[null,null,null,null,"MI","MI119","Iron County Housing Commission",null,null,null,null,null,null,null,null,null,null,null,null,null,null,"MI089","No"]
[null,null,null,null,"MI","MI120","Dowagiac Housing Commission",null,null,null,null,null,null,null,null,null,null,null,null,null,null,"MI090","No"]
[null,null,null,null,"MI","MI121","Alma Housing Commission",null,null,null,null,null,null,null,null,null,null,null,null,null,null,"MI091","No"]
[null,null,null,null,"MI","MI124","Saranac Housing Commission",null,null,null,null,null,null,null,null,null,null,null,null,null,null,"MI093","No"]
[null,null,null,null,"MI","MI142","Dundee Housing Commission",null,null,null,null,null,null,null,null,null,null,null,null,null,null,"MI094","No"]
[null,null,null,null,"MI","MI156","Bedford Township Housing Commission",null,null,null,null,null,null,null,null,null,null,null,null,null,null,"MI095","No"]
[null,null,null,null,"MI","MI157","Sterling Heights Housing Commission",null,null,null,null,null,null,null,null,null,null,null,null,null,null,"MI096","No"]
[null,null,null,null,"MI","MI158","Mackinac County Housing Commission",null,null,null,null,null,null,null,null,null,null,null,null,null,null,"MI098","No"]
[null,null,null,null,"MI","MI161","Marysville Housing Commission",null,null,null,null,null,null,null,null,null,null,null,null,null,null,"MI100","No"]
[null,null,null,null,"MI","MI166","Bay County Housing Department",null,null,null,null,null,null,null,null,null,null,null,null,null,null,"MI101","No"]
[null,null,null,null,"MI","MI167","Potterville Housing Commission",null,null,null,null,null,null,null,null,null,null,null,null,null,null,"MI102","No"]
[null,null,null,null,"MI","MI168","Ingham County Housing Commission",null,null,null,null,null,null,null,null,null,null,null,null,null,null,"MI103","No"]
[null,null,null,null,"MI","MI178","Schoolcraft County Housing Commission",null,null,null,null,null,null,null,null,null,null,null,null,null,null,"MI104","No"]
[null,null,null,null,"MI","MI180","New Haven Housing Commission",null,null,null,null,null,null,null,null,null,null,null,null,null,null,"MI105","No"]
[null,null,null,null,"MI","MI181","Bangor Housing Commission",null,null,null,null,null,null,null,null,null,null,null,null,null,null,"MI107","No"]
[null,null,null,null,"MI","MI182","Charlevoix Housing Commission",null,null,null,null,null,null,null,null,null,null,null,null,null,null,"MI108","No"]
[null,null,null,null,"MI","MI183","Middleville Housing Commission",null,null,null,null,null,null,null,null,null,null,null,null,null,null,"MI112","No"]
[null,null,null,null,"MI","MI186","Montcalm Housing Commission",null,null,null,null,null,null,null,null,null,null,null,null,null,null,"MI114","No"]
[null,null,null,null,"MI","MI187","Rapid River Housing Commission",null,null,null,null,null,null,null,null,null,null,null,null,null,null,"MI115","No"]
[null,null,null,null,"MI","MI189","Covert Public Housing Commission",null,null,null,null,null,null,null,null,null,null,null,null,null,null,"MI116","No"]
[null,null,null,null,"MI","MI191","Caseville Housing Commission",null,null,null,null,null,null,null,null,null,null,null,null,null,null,"MI117","No"]
[null,null,null,null,"MI","MI192","Hermansville Housing Commission",null,null,null,null,null,null,null,null,null,null,null,null,null,null,"MI118","No"]
[null,null,null,null,"MI","MI194","Bath Charter Township Housing Commission",null,null,null,null,null,null,null,null,null,null,null,null,null,null,"MI119","No"]
[null,null,null,null,"MN","MN001","Public Housing Agency of the City of Saint Paul",null,null,null,null,null,null,null,null,null,null,null,null,null,null,"MI120","No"]
[null,null,null,null,"MN","MN002","Minneapolis PHA In And for the City of Mineapolis",null,null,null,null,null,null,null,null,null,null,null,null,null,null,"MI121","No"]
[null,null,null,null,"MN","MN003","HRA of Duluth, Minnesota",null,null,null,null,null,null,null,null,null,null,null,null,null,null,"MI124","No"]
[null,null,null,null,"MN","MN004","The HRA of Hibbing, Minnesota",null,null,null,null,null,null,null,null,null,null,null,null,null,null,"MI142","No"]
[null,null,null,null,"MN","MN005","HRA of Chisholm, Minnesota",null,null,null,null,null,null,null,null,null,null,null,null,null,null,"MI156","No"]
[null,null,null,null,"MN","MN006","HRA of Winona, Minnesota",null,null,null,null,null,null,null,null,null,null,null,null,null,null,"MI157","No"]
[null,null,null,null,"MN","MN007","HRA of Virginia, Minnesota",null,null,null,null,null,null,null,null,null,null,null,null,null,null,"MI158","No"]
[null,null,null,null,"MN","MN008","HRA of Fergus Falls, Minnesota",null,null,null,null,null,null,null,null,null,null,null,null,null,null,"MI161","No"]
[null,null,null,null,"MN","MN009","HRA of Bemidji, Minnesota",null,null,null,null,null,null,null,null,null,null,null,null,null,null,"MI166","No"]
[null,null,null,null,"MN","MN010","HRA of the City of South St Paul, Minnesota",null,null,null,null,null,null,null,null,null,null,null,null,null,null,"MI167","No"]
[null,null,null,null,{"$f":"LEFT(F1411,2)","v":"MN"},"MN011","HRA of Eveleth, Minnesota",null,null,null,null,null,null,null,null,null,null,null,null,null,null,"MI168","No"]
[null,null,null,null,"MN","MN014","HRA of Benson, Minnesota",null,null,null,null,null,null,null,null,null,null,null,null,null,null,"MI178","No"]
[null,null,null,null,"MN","MN017","Moorhead Public Housing Agency",null,null,null,null,null,null,null,null,null,null,null,null,null,null,"MI180","No"]
[null,null,null,null,"MN","MN018","HRA of Wadena, Minnesota",null,null,null,null,null,null,null,null,null,null,null,null,null,null,"MI181","No"]
[null,null,null,null,"MN","MN019","North Mankato Housing And Redevelopment Autho",null,null,null,null,null,null,null,null,null,null,null,null,null,null,"MI182","No"]
[null,null,null,null,"MN","MN020","HRA of Perham, Minnesota",null,null,null,null,null,null,null,null,null,null,null,null,null,null,"MI183","No"]
[null,null,null,null,"MN","MN021","Crookston Housing and Economic Development Authority",null,null,null,null,null,null,null,null,null,null,null,null,null,null,"MI186","No"]
[null,null,null,null,"MN","MN022","HRA of the City of Blue Earth, Minnesota",null,null,null,null,null,null,null,null,null,null,null,null,null,null,"MI187","No"]
[null,null,null,null,"MN","MN023","HRA of International Falls, Minnesota",null,null,null,null,null,null,null,null,null,null,null,null,null,null,"MI189","No"]
[null,null,null,null,"MN","MN024","HRA of Two Harbors, Minnesota",null,null,null,null,null,null,null,null,null,null,null,null,null,null,"MI191","No"]
[null,null,null,null,"MN","MN025","HRA of Walker, Minnesota",null,null,null,null,null,null,null,null,null,null,null,null,null,null,"MI192","Yes"]
[null,null,null,null,"MN","MN026","HRA of Montevideo, Minnesota",null,null,null,null,null,null,null,null,null,null,null,null,null,null,"MI194","Yes"]
[null,null,null,null,"MN","MN027","Thief River Falls Housing & Redevelopment Aut",null,null,null,null,null,null,null,null,null,null,null,null,null,null,"MN001","Yes"]
[null,null,null,null,"MN","MN028","HRA of Sauk Centre, Minnesota",null,null,null,null,null,null,null,null,null,null,null,null,null,null,"MN002","No"]
[null,null,null,null,"MN","MN029","HRA of Madison, Minnesota",null,null,null,null,null,null,null,null,null,null,null,null,null,null,"MN003","No"]
[null,null,null,null,"MN","MN030","HRA of Morris, Minnesota",null,null,null,null,null,null,null,null,null,null,null,null,null,null,"MN004","No"]
[null,null,null,null,"MN","MN031","HRA of St. James, Minnesota",null,null,null,null,null,null,null,null,null,null,null,null,null,null,"MN005","No"]
[null,null,null,null,"MN","MN032","HRA In And for the City of Brainerd, Minnesota",null,null,null,null,null,null,null,null,null,null,null,null,null,null,"MN006","No"]
[null,null,null,null,"MN","MN034","HRA of Worthington, Minnesota",null,null,null,null,null,null,null,null,null,null,null,null,null,null,"MN007","No"]
[null,null,null,null,"MN","MN035","HRA of Alexandria, Minnesota",null,null,null,null,null,null,null,null,null,null,null,null,null,null,"MN008","Yes"]
[null,null,null,null,"MN","MN036","HRA of Redwood Falls, Minnesota",null,null,null,null,null,null,null,null,null,null,null,null,null,null,"MN009","No"]
[null,null,null,null,"MN","MN037","HRA of Aitkin County, Minnesota",null,null,null,null,null,null,null,null,null,null,null,null,null,null,"MN010","No"]
[null,null,null,null,"MN","MN038","HRA of St. Cloud, Minnesota",null,null,null,null,null,null,null,null,null,null,null,null,null,null,"MN011","No"]
[null,null,null,null,"MN","MN039","HRA of Le Sueur, Minnesota",null,null,null,null,null,null,null,null,null,null,null,null,null,null,"MN014","No"]
[null,null,null,null,"MN","MN040","HRA of Tracy, Minnesota",null,null,null,null,null,null,null,null,null,null,null,null,null,null,"MN017","No"]
[null,null,null,null,"MN","MN041","Public Housing Commission of the City of Marshall",null,null,null,null,null,null,null,null,null,null,null,null,null,null,"MN018","No"]
[null,null,null,null,"MN","MN042","HRA of Little Falls, Minnesota",null,null,null,null,null,null,null,null,null,null,null,null,null,null,"MN019","No"]
[null,null,null,null,"MN","MN043","HRA of Park Rapids, Minnesota",null,null,null,null,null,null,null,null,null,null,null,null,null,null,"MN020","No"]
[null,null,null,null,"MN","MN044","HRA of Forest Lake, Minnesota",null,null,null,null,null,null,null,null,null,null,null,null,null,null,"MN021","No"]
[null,null,null,null,"MN","MN046","HRA of St. Peter, Minnesota",null,null,null,null,null,null,null,null,null,null,null,null,null,null,"MN022","No"]
[null,null,null,null,"MN","MN047","HRA of Bagley, Minnesota",null,null,null,null,null,null,null,null,null,null,null,null,null,null,"MN023","No"]
[null,null,null,null,"MN","MN048","HRA of Luverne, Minnesota",null,null,null,null,null,null,null,null,null,null,null,null,null,null,"MN024","No"]
[null,null,null,null,"MN","MN049","HRA of Pipestone, Minnesota",null,null,null,null,null,null,null,null,null,null,null,null,null,null,"MN025","No"]
[null,null,null,null,"MN","MN051","HRA In And for the City of Willmar, Minnesota",null,null,null,null,null,null,null,null,null,null,null,null,null,null,"MN026","No"]
[null,null,null,null,"MN","MN052","HRA of Braham, Minnesota",null,null,null,null,null,null,null,null,null,null,null,null,null,null,"MN027","No"]
[null,null,null,null,"MN","MN053","HRA of Ely, Minnesota",null,null,null,null,null,null,null,null,null,null,null,null,null,null,"MN028","No"]
[null,null,null,null,"MN","MN054","HRA of Fairmont, Minnesota",null,null,null,null,null,null,null,null,null,null,null,null,null,null,"MN029","No"]
[null,null,null,null,"MN","MN055","HRA of Carlton, Minnesota",null,null,null,null,null,null,null,null,null,null,null,null,null,null,"MN030","No"]
[null,null,null,null,"MN","MN056","HRA of Glenwood, Minnesota",null,null,null,null,null,null,null,null,null,null,null,null,null,null,"MN031","No"]
[null,null,null,null,"MN","MN057","HRA of Grand Rapids, Minnesota",null,null,null,null,null,null,null,null,null,null,null,null,null,null,"MN032","No"]
[null,null,null,null,"MN","MN058","HRA of Mountain Lake, Minnesota",null,null,null,null,null,null,null,null,null,null,null,null,null,null,"MN033","No"]
[null,null,null,null,"MN","MN059","HRA of Pine City, Minnesota",null,null,null,null,null,null,null,null,null,null,null,null,null,null,"MN034","No"]
[null,null,null,null,"MN","MN060","HRA of Sleepy Eye, Minnesota",null,null,null,null,null,null,null,null,null,null,null,null,null,null,"MN035","No"]
[null,null,null,null,"MN","MN061","HRA of Warroad, Minnesota",null,null,null,null,null,null,null,null,null,null,null,null,null,null,"MN036","No"]
[null,null,null,null,"MN","MN062","HRA of City of Delano, Minnesota",null,null,null,null,null,null,null,null,null,null,null,null,null,null,"MN037","No"]
[null,null,null,null,"MN","MN063","Mankato EDA",null,null,null,null,null,null,null,null,null,null,null,null,null,null,"MN038","No"]
[null,null,null,null,"MN","MN064","HRA of Princeton, Minnesota",null,null,null,null,null,null,null,null,null,null,null,null,null,null,"MN039","No"]
[null,null,null,null,"MN","MN065","HRA of City of Melrose, Minnesota",null,null,null,null,null,null,null,null,null,null,null,null,null,null,"MN040","No"]
[null,null,null,null,"MN","MN067","Cambridge Economic Development Authority",null,null,null,null,null,null,null,null,null,null,null,null,null,null,"MN041","No"]
[null,null,null,null,"MN","MN068","HRA of Barnesville, Minnesota",null,null,null,null,null,null,null,null,null,null,null,null,null,null,"MN042","No"]
[null,null,null,null,"MN","MN069","HRA of Clarkfield, Minnesota",null,null,null,null,null,null,null,null,null,null,null,null,null,null,"MN043","No"]
[null,null,null,null,"MN","MN070","HRA of Litchfield, Minnesota",null,null,null,null,null,null,null,null,null,null,null,null,null,null,"MN044","No"]
[null,null,null,null,"MN","MN071","HRA of Red Lake Falls, Minnesota",null,null,null,null,null,null,null,null,null,null,null,null,null,null,"MN046","No"]
[null,null,null,null,"MN","MN072","Breckenridge HRA of Breckenridge, Minnesota",null,null,null,null,null,null,null,null,null,null,null,null,null,null,"MN047","No"]
[null,null,null,null,"MN","MN073","HRA of Cloquet, Minnesota",null,null,null,null,null,null,null,null,null,null,null,null,null,null,"MN048","No"]
[null,null,null,null,"MN","MN074","HRA of the City of Mound, Minnesota",null,null,null,null,null,null,null,null,null,null,null,null,null,null,"MN049","No"]
[null,null,null,null,"MN","MN075","HRA of Staples",null,null,null,null,null,null,null,null,null,null,null,null,null,null,"MN051","No"]
[null,null,null,null,"MN","MN076","HRA of Warren, Minnesota",null,null,null,null,null,null,null,null,null,null,null,null,null,null,"MN052","No"]
[null,null,null,null,"MN","MN077","HRA In And for the City of Albert Lea, Minnesota",null,null,null,null,null,null,null,null,null,null,null,null,null,null,"MN053","No"]
[null,null,null,null,"MN","MN078","HRA of Hopkins, Minnesota",null,null,null,null,null,null,null,null,null,null,null,null,null,null,"MN054","No"]
[null,null,null,null,"MN","MN080","HRA of Windom, Minnesota",null,null,null,null,null,null,null,null,null,null,null,null,null,null,"MN055","No"]
[null,null,null,null,"MN","MN082","HRA of Crosby, Minnesota",null,null,null,null,null,null,null,null,null,null,null,null,null,null,"MN056","No"]
[null,null,null,null,"MN","MN083","HRA of Henning, Minnesota",null,null,null,null,null,null,null,null,null,null,null,null,null,null,"MN057","No"]
[null,null,null,null,"MN","MN085","Housing & Redevelopment Authority of Austin",null,null,null,null,null,null,null,null,null,null,null,null,null,null,"MN058","No"]
[null,null,null,null,{"$f":"LEFT(F1475,2)","v":"MN"},"MN086","HRA of Village of Greenbush, Minnesota",null,null,null,null,null,null,null,null,null,null,null,null,null,null,"MN059","No"]
[null,null,null,null,"MN","MN087","HRA of Waseca, Minnesota",null,null,null,null,null,null,null,null,null,null,null,null,null,null,"MN060","No"]
[null,null,null,null,"MN","MN088","HRA of Long Prairie, Minnesota",null,null,null,null,null,null,null,null,null,null,null,null,null,null,"MN061","No"]
[null,null,null,null,"MN","MN089","HRA of Jackson, Minnesota",null,null,null,null,null,null,null,null,null,null,null,null,null,null,"MN062","No"]
[null,null,null,null,"MN","MN090","HRA of Red Wing, Minnesota",null,null,null,null,null,null,null,null,null,null,null,null,null,null,"MN063","No"]
[null,null,null,null,"MN","MN091","HRA of Moose Lake, Minnesota",null,null,null,null,null,null,null,null,null,null,null,null,null,null,"MN064","No"]
[null,null,null,null,"MN","MN092","HRA of Pine River, Minnesota",null,null,null,null,null,null,null,null,null,null,null,null,null,null,"MN065","No"]
[null,null,null,null,"MN","MN095","HRA of Pequot Lakes, Minnesota",null,null,null,null,null,null,null,null,null,null,null,null,null,null,"MN067","No"]
[null,null,null,null,"MN","MN096","HRA of Cook, Minnesota",null,null,null,null,null,null,null,null,null,null,null,null,null,null,"MN068","No"]
[null,null,null,null,"MN","MN097","HRA of New Richland, Minnesota",null,null,null,null,null,null,null,null,null,null,null,null,null,null,"MN069","No"]
[null,null,null,null,"MN","MN098","HRA of Cottonwood, Minnesota",null,null,null,null,null,null,null,null,null,null,null,null,null,null,"MN070","No"]
[null,null,null,null,"MN","MN100","HRA of Cass Lake, Minnesota",null,null,null,null,null,null,null,null,null,null,null,null,null,null,"MN071","No"]
[null,null,null,null,"MN","MN101","HRA of Mora, Minnesota",null,null,null,null,null,null,null,null,null,null,null,null,null,null,"MN072","No"]
[null,null,null,null,"MN","MN102","HRA of Lindstrom, Minnesota",null,null,null,null,null,null,null,null,null,null,null,null,null,null,"MN073","No"]
[null,null,null,null,"MN","MN103","HRA of Hutchinson, Minnesota",null,null,null,null,null,null,null,null,null,null,null,null,null,null,"MN074","No"]
[null,null,null,null,"MN","MN105","HRA of Columbia Heights",null,null,null,null,null,null,null,null,null,null,null,null,null,null,"MN075","No"]
[null,null,null,null,"MN","MN107","HRA of Detroit Lakes, Minnesota",null,null,null,null,null,null,null,null,null,null,null,null,null,null,"MN076","No"]
[null,null,null,null,"MN","MN108","HRA of Lake Benton, Minnesota",null,null,null,null,null,null,null,null,null,null,null,null,null,null,"MN077","No"]
[null,null,null,null,"MN","MN113","HRA of Baudette, Minnesota",null,null,null,null,null,null,null,null,null,null,null,null,null,null,"MN078","No"]
[null,null,null,null,"MN","MN117","HRA of Gilbert, Minnesota",null,null,null,null,null,null,null,null,null,null,null,null,null,null,"MN080","No"]
[null,null,null,null,"MN","MN128","New Ulm EDA",null,null,null,null,null,null,null,null,null,null,null,null,null,null,"MN082","No"]
[null,null,null,null,"MN","MN144","Housing Authority of St Louis Park, Minnesota",null,null,null,null,null,null,null,null,null,null,null,null,null,null,"MN083","No"]
[null,null,null,null,"MN","MN147","Dakota County CDA",null,null,null,null,null,null,null,null,null,null,null,null,null,null,"MN085","No"]
[null,null,null,null,"MN","MN151","Olmsted County HRA",null,null,null,null,null,null,null,null,null,null,null,null,null,null,"MN086","No"]
[null,null,null,null,"MN","MN152","HRA In And for the City of Bloomington",null,null,null,null,null,null,null,null,null,null,null,null,null,null,"MN087","No"]
[null,null,null,null,"MN","MN154","Itasca County HRA",null,null,null,null,null,null,null,null,null,null,null,null,null,null,"MN088","No"]
[null,null,null,null,"MN","MN157","Housing & Redevelopment Authority of Faribault",null,null,null,null,null,null,null,null,null,null,null,null,null,null,"MN089","No"]
[null,null,null,null,"MN","MN158","NW MN Multi-County HRA",null,null,null,null,null,null,null,null,null,null,null,null,null,null,"MN090","No"]
[null,null,null,null,"MN","MN161","Renville County HRA",null,null,null,null,null,null,null,null,null,null,null,null,null,null,"MN091","No"]
[null,null,null,null,"MN","MN164","Clay County HRA",null,null,null,null,null,null,null,null,null,null,null,null,null,null,"MN092","No"]
[null,null,null,null,"MN","MN167","Blue Earth County EDA",null,null,null,null,null,null,null,null,null,null,null,null,null,null,"MN095","No"]
[null,null,null,null,"MN","MN169","Grant County HRA",null,null,null,null,null,null,null,null,null,null,null,null,null,null,"MN096","No"]
[null,null,null,null,"MN","MN172","Stearns County HRA",null,null,null,null,null,null,null,null,null,null,null,null,null,null,"MN097","No"]
[null,null,null,null,"MN","MN176","Big Stone County HRA",null,null,null,null,null,null,null,null,null,null,null,null,null,null,"MN098","No"]
[null,null,null,null,"MN","MN177","Otter Tail County HRA",null,null,null,null,null,null,null,null,null,null,null,null,null,null,"MN100","No"]
[null,null,null,null,"MN","MN178","Meeker County HRA",null,null,null,null,null,null,null,null,null,null,null,null,null,null,"MN101","No"]
[null,null,null,null,"MN","MN180","Todd County HRA",null,null,null,null,null,null,null,null,null,null,null,null,null,null,"MN102","No"]
[null,null,null,null,"MN","MN183","Housing & Redevelopment Authority of Lincoln",null,null,null,null,null,null,null,null,null,null,null,null,null,null,"MN103","No"]
[null,null,null,null,"MN","MN184","Scott County CDA",null,null,null,null,null,null,null,null,null,null,null,null,null,null,"MN105","No"]
[null,null,null,null,"MN","MN188","Cass County HRA",null,null,null,null,null,null,null,null,null,null,null,null,null,null,"MN107","No"]
[null,null,null,null,"MN","MN190","Becker County Economic Development Authority MN190",null,null,null,null,null,null,null,null,null,null,null,null,null,null,"MN108","No"]
[null,null,null,null,"MN","MN191","Mower County HRA",null,null,null,null,null,null,null,null,null,null,null,null,null,null,"MN113","No"]
[null,null,null,null,"MN","MN192","Douglas County HRA",null,null,null,null,null,null,null,null,null,null,null,null,null,null,"MN117","No"]
[null,null,null,null,"MN","MN197","Southeast MN Multi-County HRA",null,null,null,null,null,null,null,null,null,null,null,null,null,null,"MN128","No"]
[null,null,null,null,"MN","MN206","Housing & Redevelopment Authority of Dodge Center",null,null,null,null,null,null,null,null,null,null,null,null,null,null,"MN144","No"]
[null,null,null,null,"MN","MN208","Housing & Redevelopment Authority of Janesville",null,null,null,null,null,null,null,null,null,null,null,null,null,null,"MN147","No"]
[null,null,null,null,"MN","MN211","Carver County HRA",null,null,null,null,null,null,null,null,null,null,null,null,null,null,"MN151","No"]
[null,null,null,null,"MN","MN212","Washington County HRA",null,null,null,null,null,null,null,null,null,null,null,null,null,null,"MN152","No"]
[null,null,null,null,"MO","MO001","Housing Authority of the City of St. Louis",null,null,null,null,null,null,null,null,null,null,null,null,null,null,"MN154","No"]
[null,null,null,null,"MO","MO002","Housing Authority of Kansas City, Missouri",null,null,null,null,null,null,null,null,null,null,null,null,null,null,"MN157","No"]
[null,null,null,null,"MO","MO003","St. Joseph Housing Authority",null,null,null,null,null,null,null,null,null,null,null,null,null,null,"MN158","No"]
[null,null,null,null,"MO","MO004","Housing Authority of St. Louis County",null,null,null,null,null,null,null,null,null,null,null,null,null,null,"MN161","No"]
[null,null,null,null,"MO","MO006","Housing Authority of the City of St. Charles",null,null,null,null,null,null,null,null,null,null,null,null,null,null,"MN163","No"]
[null,null,null,null,"MO","MO007","Housing Authority of the City of Columbia, MO",null,null,null,null,null,null,null,null,null,null,null,null,null,null,"MN164","No"]
[null,null,null,null,"MO","MO008","Housing Authority of the City of Sikeston",null,null,null,null,null,null,null,null,null,null,null,null,null,null,"MN167","No"]
[null,null,null,null,"MO","MO009","Housing Authority of the City of Jefferson",null,null,null,null,null,null,null,null,null,null,null,null,null,null,"MN169","No"]
[null,null,null,null,"MO","MO010","Housing Authority of the City of Mexico",null,null,null,null,null,null,null,null,null,null,null,null,null,null,"MN172","No"]
[null,null,null,null,"MO","MO011","Housing Authority of the City of Moberly",null,null,null,null,null,null,null,null,null,null,null,null,null,null,"MN176","No"]
[null,null,null,null,"MO","MO012","Housing Authority of the City of Charleston",null,null,null,null,null,null,null,null,null,null,null,null,null,null,"MN177","No"]
[null,null,null,null,"MO","MO013","Housing Authority of the City of Poplar Bluff",null,null,null,null,null,null,null,null,null,null,null,null,null,null,"MN178","No"]
[null,null,null,null,"MO","MO014","Housing Authority of the City of Fulton",null,null,null,null,null,null,null,null,null,null,null,null,null,null,"MN180","No"]
[null,null,null,null,"MO","MO016","Marshall Housing Authority",null,null,null,null,null,null,null,null,null,null,null,null,null,null,"MN183","No"]
[null,null,null,null,"MO","MO017","Independence Housing Authority",null,null,null,null,null,null,null,null,null,null,null,null,null,null,"MN184","No"]
[null,null,null,null,"MO","MO018","Housing Authority of the City of Kennett",null,null,null,null,null,null,null,null,null,null,null,null,null,null,"MN188","No"]
[null,null,null,null,{"$f":"LEFT(F1539,2)","v":"MO"},"MO019","Housing Authority of the City of Bloomfield",null,null,null,null,null,null,null,null,null,null,null,null,null,null,"MN190","No"]
[null,null,null,null,"MO","MO020","Housing Authority of the City of Hayti",null,null,null,null,null,null,null,null,null,null,null,null,null,null,"MN191","No"]
[null,null,null,null,"MO","MO021","Housing Authority of the City of Potosi",null,null,null,null,null,null,null,null,null,null,null,null,null,null,"MN192","No"]
[null,null,null,null,"MO","MO022","Housing Authority of the City of Steele",null,null,null,null,null,null,null,null,null,null,null,null,null,null,"MN197","No"]
[null,null,null,null,"MO","MO023","Housing Authority of the City of Senath",null,null,null,null,null,null,null,null,null,null,null,null,null,null,"MN206","No"]
[null,null,null,null,"MO","MO024","Housing Authority of the City of Bernie",null,null,null,null,null,null,null,null,null,null,null,null,null,null,"MN208","No"]
[null,null,null,null,"MO","MO025","Housing Authority of the City of Clarkton",null,null,null,null,null,null,null,null,null,null,null,null,null,null,"MN211","Yes"]
[null,null,null,null,"MO","MO026","Housing Authority of the City of Campbell",null,null,null,null,null,null,null,null,null,null,null,null,null,null,"MN212","Yes"]
[null,null,null,null,"MO","MO027","Housing Authority of the City of Cardwell",null,null,null,null,null,null,null,null,null,null,null,null,null,null,"MO001","Yes"]
[null,null,null,null,"MO","MO028","Housing Authority of the City of Malden",null,null,null,null,null,null,null,null,null,null,null,null,null,null,"MO002","No"]
[null,null,null,null,"MO","MO029","Housing Authority of the City of Hornersville",null,null,null,null,null,null,null,null,null,null,null,null,null,null,"MO003","No"]
[null,null,null,null,"MO","MO030","Lee's Summit Housing Authority",null,null,null,null,null,null,null,null,null,null,null,null,null,null,"MO004","Yes"]
[null,null,null,null,"MO","MO031","Clinton Housing Authority",null,null,null,null,null,null,null,null,null,null,null,null,null,null,"MO006","No"]
[null,null,null,null,"MO","MO032","Tarkio Housing Authority",null,null,null,null,null,null,null,null,null,null,null,null,null,null,"MO007","No"]
[null,null,null,null,"MO","MO033","Mound City Housing Authority",null,null,null,null,null,null,null,null,null,null,null,null,null,null,"MO008","No"]
[null,null,null,null,"MO","MO034","Housing Authority of the City of Dexter",null,null,null,null,null,null,null,null,null,null,null,null,null,null,"MO009","No"]
[null,null,null,null,"MO","MO035","Housing Authority of the City of Holcomb",null,null,null,null,null,null,null,null,null,null,null,null,null,null,"MO010","No"]
[null,null,null,null,"MO","MO036","Housing Authority of the City of Caruthersville",null,null,null,null,null,null,null,null,null,null,null,null,null,null,"MO011","No"]
[null,null,null,null,"MO","MO037","Housing Authority of the City of West Plains",null,null,null,null,null,null,null,null,null,null,null,null,null,null,"MO012","No"]
[null,null,null,null,"MO","MO038","Osceola Housing Authority",null,null,null,null,null,null,null,null,null,null,null,null,null,null,"MO013","No"]
[null,null,null,null,"MO","MO039","Housing Authority of the City of Glasgow",null,null,null,null,null,null,null,null,null,null,null,null,null,null,"MO014","No"]
[null,null,null,null,"MO","MO040","Housing Authority of the City of Houston",null,null,null,null,null,null,null,null,null,null,null,null,null,null,"MO016","No"]
[null,null,null,null,"MO","MO041","Smithville Housing Authority",null,null,null,null,null,null,null,null,null,null,null,null,null,null,"MO017","No"]
[null,null,null,null,"MO","MO042","Housing Authority of the City of Portageville",null,null,null,null,null,null,null,null,null,null,null,null,null,null,"MO018","No"]
[null,null,null,null,"MO","MO043","Plattsburg Housing Authority",null,null,null,null,null,null,null,null,null,null,null,null,null,null,"MO019","No"]
[null,null,null,null,"MO","MO044","Housing Authority of the City of Gideon",null,null,null,null,null,null,null,null,null,null,null,null,null,null,"MO020","No"]
[null,null,null,null,"MO","MO045","Branson Housing Authority",null,null,null,null,null,null,null,null,null,null,null,null,null,null,"MO021","No"]
[null,null,null,null,"MO","MO046","Marceline Housing Authority",null,null,null,null,null,null,null,null,null,null,null,null,null,null,"MO022","No"]
[null,null,null,null,"MO","MO047","Anderson Housing Authority",null,null,null,null,null,null,null,null,null,null,null,null,null,null,"MO023","No"]
[null,null,null,null,"MO","MO048","Lanagan Housing Authority",null,null,null,null,null,null,null,null,null,null,null,null,null,null,"MO024","No"]
[null,null,null,null,"MO","MO049","Noel Housing Authority",null,null,null,null,null,null,null,null,null,null,null,null,null,null,"MO025","No"]
[null,null,null,null,"MO","MO050","Pineville Housing Authority",null,null,null,null,null,null,null,null,null,null,null,null,null,null,"MO026","No"]
[null,null,null,null,"MO","MO051","Housing Authority of Southwest City",null,null,null,null,null,null,null,null,null,null,null,null,null,null,"MO027","No"]
[null,null,null,null,"MO","MO052","Housing Authority of the City of Salem",null,null,null,null,null,null,null,null,null,null,null,null,null,null,"MO028","No"]
[null,null,null,null,"MO","MO053","Excelsior Springs Housing Authority",null,null,null,null,null,null,null,null,null,null,null,null,null,null,"MO029","No"]
[null,null,null,null,"MO","MO054","Housing Authority of the City of Boonville",null,null,null,null,null,null,null,null,null,null,null,null,null,null,"MO030","No"]
[null,null,null,null,"MO","MO056","Housing Authority of the City of Fayette",null,null,null,null,null,null,null,null,null,null,null,null,null,null,"MO031","No"]
[null,null,null,null,"MO","MO057","Housing Authority of the City of Illmo",null,null,null,null,null,null,null,null,null,null,null,null,null,null,"MO032","No"]
[null,null,null,null,"MO","MO058","Springfield Housing Authority",null,null,null,null,null,null,null,null,null,null,null,null,null,null,"MO033","No"]
[null,null,null,null,"MO","MO059","Brunswick Housing Authority",null,null,null,null,null,null,null,null,null,null,null,null,null,null,"MO034","No"]
[null,null,null,null,"MO","MO060","Housing Authority of the City of Mountain Grove",null,null,null,null,null,null,null,null,null,null,null,null,null,null,"MO035","No"]
[null,null,null,null,"MO","MO061","Webb City Housing Authority",null,null,null,null,null,null,null,null,null,null,null,null,null,null,"MO036","No"]
[null,null,null,null,"MO","MO062","Neosho Housing Authority",null,null,null,null,null,null,null,null,null,null,null,null,null,null,"MO037","No"]
[null,null,null,null,"MO","MO063","Housing Authority of the City of Wardell",null,null,null,null,null,null,null,null,null,null,null,null,null,null,"MO038","No"]
[null,null,null,null,"MO","MO064","Housing Authority of the City of New Madrid",null,null,null,null,null,null,null,null,null,null,null,null,null,null,"MO039","No"]
[null,null,null,null,"MO","MO065","Chillicothe Housing Authority",null,null,null,null,null,null,null,null,null,null,null,null,null,null,"MO040","No"]
[null,null,null,null,"MO","MO066","Housing Authority of the City of Chaffee",null,null,null,null,null,null,null,null,null,null,null,null,null,null,"MO041","No"]
[null,null,null,null,"MO","MO067","Bethany Housing Authority",null,null,null,null,null,null,null,null,null,null,null,null,null,null,"MO042","No"]
[null,null,null,null,"MO","MO068","Richland Housing Authority",null,null,null,null,null,null,null,null,null,null,null,null,null,null,"MO043","No"]
[null,null,null,null,"MO","MO069","Slater Housing Authority",null,null,null,null,null,null,null,null,null,null,null,null,null,null,"MO044","No"]
[null,null,null,null,"MO","MO070","Richmond Housing Authority",null,null,null,null,null,null,null,null,null,null,null,null,null,null,"MO045","No"]
[null,null,null,null,"MO","MO071","Aurora Housing Authority",null,null,null,null,null,null,null,null,null,null,null,null,null,null,"MO046","No"]
[null,null,null,null,"MO","MO072","Maryville Housing Authority",null,null,null,null,null,null,null,null,null,null,null,null,null,null,"MO047","No"]
[null,null,null,null,"MO","MO073","Lawson Housing Authority",null,null,null,null,null,null,null,null,null,null,null,null,null,null,"MO048","No"]
[null,null,null,null,"MO","MO074","Housing Authority of the City of Sedalia, MO",null,null,null,null,null,null,null,null,null,null,null,null,null,null,"MO049","No"]
[null,null,null,null,"MO","MO075","Brookfield Housing Authority",null,null,null,null,null,null,null,null,null,null,null,null,null,null,"MO050","No"]
[null,null,null,null,"MO","MO076","Housing Authority of the City of East Prairie",null,null,null,null,null,null,null,null,null,null,null,null,null,null,"MO051","No"]
[null,null,null,null,"MO","MO077","Republic Housing Authority",null,null,null,null,null,null,null,null,null,null,null,null,null,null,"MO052","No"]
[null,null,null,null,"MO","MO078","Housing Authority of the City of Cameron",null,null,null,null,null,null,null,null,null,null,null,null,null,null,"MO053","No"]
[null,null,null,null,"MO","MO079","Lebanon Housing Authority",null,null,null,null,null,null,null,null,null,null,null,null,null,null,"MO054","No"]
[null,null,null,null,"MO","MO081","Marionville Housing Authority",null,null,null,null,null,null,null,null,null,null,null,null,null,null,"MO056","No"]
[null,null,null,null,"MO","MO090","Housing Authority of the City of Mansfield",null,null,null,null,null,null,null,null,null,null,null,null,null,null,"MO057","No"]
[null,null,null,null,"MO","MO092","Housing Authority of the City of Morehouse",null,null,null,null,null,null,null,null,null,null,null,null,null,null,"MO058","No"]
[null,null,null,null,"MO","MO096","Lexington Housing Authority",null,null,null,null,null,null,null,null,null,null,null,null,null,null,"MO059","No"]
[null,null,null,null,{"$f":"LEFT(F1603,2)","v":"MO"},"MO098","Housing Authority of the City of Thayer",null,null,null,null,null,null,null,null,null,null,null,null,null,null,"MO060","No"]
[null,null,null,null,"MO","MO103","Princeton Housing Authority",null,null,null,null,null,null,null,null,null,null,null,null,null,null,"MO061","No"]
[null,null,null,null,"MO","MO107","Carrollton Housing Authority",null,null,null,null,null,null,null,null,null,null,null,null,null,null,"MO062","No"]
[null,null,null,null,"MO","MO110","Higginsville Housing Authority",null,null,null,null,null,null,null,null,null,null,null,null,null,null,"MO063","No"]
[null,null,null,null,"MO","MO111","Housing Authority of the City of Macon",null,null,null,null,null,null,null,null,null,null,null,null,null,null,"MO064","No"]
[null,null,null,null,"MO","MO125","Housing Authority of the City of Bowling Green",null,null,null,null,null,null,null,null,null,null,null,null,null,null,"MO065","No"]
[null,null,null,null,"MO","MO129","Housing Authority of the City of Hannibal",null,null,null,null,null,null,null,null,null,null,null,null,null,null,"MO066","No"]
[null,null,null,null,"MO","MO132","Housing Authority of the City of Olivette",null,null,null,null,null,null,null,null,null,null,null,null,null,null,"MO067","No"]
[null,null,null,null,"MO","MO133","Nevada Housing Authority",null,null,null,null,null,null,null,null,null,null,null,null,null,null,"MO068","No"]
[null,null,null,null,"MO","MO138","Wellston Housing Authority",null,null,null,null,null,null,null,null,null,null,null,null,null,null,"MO069","No"]
[null,null,null,null,"MO","MO145","Housing Authority of the City of Kirksville",null,null,null,null,null,null,null,null,null,null,null,null,null,null,"MO070","No"]
[null,null,null,null,"MO","MO146","Housing Authority of the City of Memphis",null,null,null,null,null,null,null,null,null,null,null,null,null,null,"MO071","No"]
[null,null,null,null,"MO","MO147","Housing Authority of the City of Lancaster",null,null,null,null,null,null,null,null,null,null,null,null,null,null,"MO072","No"]
[null,null,null,null,"MO","MO149","Housing Authority of the City of Rolla",null,null,null,null,null,null,null,null,null,null,null,null,null,null,"MO073","No"]
[null,null,null,null,"MO","MO156","Housing Authority of the City of Alton",null,null,null,null,null,null,null,null,null,null,null,null,null,null,"MO074","No"]
[null,null,null,null,"MO","MO179","Housing Authority of the City of Vandalia",null,null,null,null,null,null,null,null,null,null,null,null,null,null,"MO075","No"]
[null,null,null,null,"MO","MO187","Housing Authority of the City of Kirkwood",null,null,null,null,null,null,null,null,null,null,null,null,null,null,"MO076","No"]
[null,null,null,null,"MO","MO188","Housing Authority of the City of Joplin, MO",null,null,null,null,null,null,null,null,null,null,null,null,null,null,"MO077","No"]
[null,null,null,null,"MO","MO189","Housing Authority of the City of Norwood",null,null,null,null,null,null,null,null,null,null,null,null,null,null,"MO078","No"]
[null,null,null,null,"MO","MO191","Housing Authority of the City of Sainte Genevieve",null,null,null,null,null,null,null,null,null,null,null,null,null,null,"MO079","No"]
[null,null,null,null,"MO","MO192","Housing Authority of the City of Ava",null,null,null,null,null,null,null,null,null,null,null,null,null,null,"MO081","No"]
[null,null,null,null,"MO","MO209","Housing Authority of the City of Cabool",null,null,null,null,null,null,null,null,null,null,null,null,null,null,"MO090","No"]
[null,null,null,null,"MO","MO218","Housing Authority of the City of Pagedale",null,null,null,null,null,null,null,null,null,null,null,null,null,null,"MO092","No"]
[null,null,null,null,"MO","MO220","Housing Authority of the City of Hillsdale",null,null,null,null,null,null,null,null,null,null,null,null,null,null,"MO096","No"]
[null,null,null,null,"MO","MO221","Housing Authority of the City of Festus",null,null,null,null,null,null,null,null,null,null,null,null,null,null,"MO098","No"]
[null,null,null,null,"MO","MO223","Housing Authority of the City of Hayti Heights",null,null,null,null,null,null,null,null,null,null,null,null,null,null,"MO103","No"]
[null,null,null,null,"MS","MS001","The Housing Authority of the City of Hattiesburg",null,null,null,null,null,null,null,null,null,null,null,null,null,null,"MO107","No"]
[null,null,null,null,"MS","MS002","The Housing Authority of the City of Laurel",null,null,null,null,null,null,null,null,null,null,null,null,null,null,"MO110","No"]
[null,null,null,null,"MS","MS003","The Housing Authority of the City of McComb",null,null,null,null,null,null,null,null,null,null,null,null,null,null,"MO111","No"]
[null,null,null,null,"MS","MS004","The Housing Authority of the City of Meridian",null,null,null,null,null,null,null,null,null,null,null,null,null,null,"MO125","No"]
[null,null,null,null,"MS","MS005","The Housing Authority of the City of Biloxi",null,null,null,null,null,null,null,null,null,null,null,null,null,null,"MO129","No"]
[null,null,null,null,"MS","MS006","Tennessee Valley Regional Housing Authority",null,null,null,null,null,null,null,null,null,null,null,null,null,null,"MO132","No"]
[null,null,null,null,"MS","MS007","The Housing Authority of the City of Clarksdale",null,null,null,null,null,null,null,null,null,null,null,null,null,null,"MO133","No"]
[null,null,null,null,"MS","MS019","Mississippi Regional Housing Authority No. IV",null,null,null,null,null,null,null,null,null,null,null,null,null,null,"MO138","No"]
[null,null,null,null,"MS","MS030","Mississippi Regional Housing Authority No. V",null,null,null,null,null,null,null,null,null,null,null,null,null,null,"MO145","No"]
[null,null,null,null,"MS","MS040","Mississippi Regional Housing Authority No. VIII",null,null,null,null,null,null,null,null,null,null,null,null,null,null,"MO146","No"]
[null,null,null,null,"MS","MS047","The Housing Authority of the City of Starkville",null,null,null,null,null,null,null,null,null,null,null,null,null,null,"MO147","No"]
[null,null,null,null,"MS","MS057","Mississippi Regional Housing Authority No. VII",null,null,null,null,null,null,null,null,null,null,null,null,null,null,"MO149","No"]
[null,null,null,null,"MS","MS058","Mississippi Regional Housing Authority No. VI",null,null,null,null,null,null,null,null,null,null,null,null,null,null,"MO156","No"]
[null,null,null,null,"MS","MS059","The Housing Authority of the City of West Point",null,null,null,null,null,null,null,null,null,null,null,null,null,null,"MO179","No"]
[null,null,null,null,"MS","MS060","The Housing Authority of the City of Brookhaven",null,null,null,null,null,null,null,null,null,null,null,null,null,null,"MO187","No"]
[null,null,null,null,"MS","MS061","The Housing Authority of the City of Canton",null,null,null,null,null,null,null,null,null,null,null,null,null,null,"MO188","No"]
[null,null,null,null,"MS","MS062","The Housing Authority of the City of Holly Springs",null,null,null,null,null,null,null,null,null,null,null,null,null,null,"MO189","No"]
[null,null,null,null,"MS","MS063","The Housing Authority of the City of Yazoo City",null,null,null,null,null,null,null,null,null,null,null,null,null,null,"MO191","No"]
[null,null,null,null,"MS","MS064","Bay Waveland Housing Authority (Bay Pines)",null,null,null,null,null,null,null,null,null,null,null,null,null,null,"MO192","No"]
[null,null,null,null,"MS","MS065","The Housing Authority of the City of Booneville",null,null,null,null,null,null,null,null,null,null,null,null,null,null,"MO209","No"]
[null,null,null,null,"MS","MS066","The Housing Authority of the City of Picayune",null,null,null,null,null,null,null,null,null,null,null,null,null,null,"MO218","No"]
[null,null,null,null,"MS","MS067","The Housing Authority of the City of Richton",null,null,null,null,null,null,null,null,null,null,null,null,null,null,"MO220","No"]
[null,null,null,null,"MS","MS068","The Housing Authority of the City of Waynesboro",null,null,null,null,null,null,null,null,null,null,null,null,null,null,"MO221","No"]
[null,null,null,null,"MS","MS070","The Housing Authority of the City of Okolona",null,null,null,null,null,null,null,null,null,null,null,null,null,null,"MO223","No"]
[null,null,null,null,"MS","MS071","The Housing Authority of the City of Aberdeen",null,null,null,null,null,null,null,null,null,null,null,null,null,null,"MS001","No"]
[null,null,null,null,"MS","MS072","The Housing Authority of the City of Corinth",null,null,null,null,null,null,null,null,null,null,null,null,null,null,"MS002","Yes"]
[null,null,null,null,"MS","MS075","The Housing Authority of the City of Iuka",null,null,null,null,null,null,null,null,null,null,null,null,null,null,"MS003","Yes"]
[null,null,null,null,"MS","MS076","The Housing Authority of the City of Columbus",null,null,null,null,null,null,null,null,null,null,null,null,null,null,"MS004","Yes"]
[null,null,null,null,"MS","MS077","The Housing Authority of the City of Tupelo",null,null,null,null,null,null,null,null,null,null,null,null,null,null,"MS005","No"]
[null,null,null,null,"MS","MS078","The Housing Authority of the City of Water Valley",null,null,null,null,null,null,null,null,null,null,null,null,null,null,"MS006","No"]
[null,null,null,null,"MS","MS079","The Housing Authority of the City of Louisville",null,null,null,null,null,null,null,null,null,null,null,null,null,null,"MS007","No"]
[null,null,null,null,"MS","MS080","The Housing Authority of the City of Walnut",null,null,null,null,null,null,null,null,null,null,null,null,null,null,"MS019","Yes"]
[null,null,null,null,"MS","MS081","The Housing Authority of the City of Sardis",null,null,null,null,null,null,null,null,null,null,null,null,null,null,"MS030","No"]
[null,null,null,null,"MS","MS082","The Housing Authority of the City of Winona",null,null,null,null,null,null,null,null,null,null,null,null,null,null,"MS040","No"]
[null,null,null,null,"MS","MS083","The Housing Authority of the City of Amory",null,null,null,null,null,null,null,null,null,null,null,null,null,null,"MS047","No"]
[null,null,null,null,"MS","MS084","The Housing Authority of the Town of Summit",null,null,null,null,null,null,null,null,null,null,null,null,null,null,"MS057","No"]
[null,null,null,null,"MS","MS085","The Housing Authority of the City of Baldwyn",null,null,null,null,null,null,null,null,null,null,null,null,null,null,"MS058","No"]
[null,null,null,null,"MS","MS086","The Housing Authority of the City of Vicksburg",null,null,null,null,null,null,null,null,null,null,null,null,null,null,"MS059","No"]
[null,null,null,null,{"$f":"LEFT(F1667,2)","v":"MS"},"MS090","The Housing Authority of the City of Senatobia",null,null,null,null,null,null,null,null,null,null,null,null,null,null,"MS060","No"]
[null,null,null,null,"MS","MS093","Oxford Housing Authority",null,null,null,null,null,null,null,null,null,null,null,null,null,null,"MS061","No"]
[null,null,null,null,"MS","MS094","The Housing Authority of the City of Hazlehurst",null,null,null,null,null,null,null,null,null,null,null,null,null,null,"MS062","No"]
[null,null,null,null,"MS","MS096","The Housing Authority of the City of Pontotoc",null,null,null,null,null,null,null,null,null,null,null,null,null,null,"MS063","No"]
[null,null,null,null,"MS","MS101","Housing Authoriyg of BayWaveland (Oakhaven)",null,null,null,null,null,null,null,null,null,null,null,null,null,null,"MS064","No"]
[null,null,null,null,"MS","MS103","The Housing Authority of the City of Jackson",null,null,null,null,null,null,null,null,null,null,null,null,null,null,"MS065","No"]
[null,null,null,null,"MS","MS105","The Housing Authority of the City of Natchez",null,null,null,null,null,null,null,null,null,null,null,null,null,null,"MS066","No"]
[null,null,null,null,"MS","MS107","The Housing Authority of the City of Greenwood",null,null,null,null,null,null,null,null,null,null,null,null,null,null,"MS067","No"]
[null,null,null,null,"MS","MS109","The Housing Authority of the City of Long Beach",null,null,null,null,null,null,null,null,null,null,null,null,null,null,"MS068","No"]
[null,null,null,null,"MS","MS110","The Housing Authority of the City of Mound Bayou",null,null,null,null,null,null,null,null,null,null,null,null,null,null,"MS070","No"]
[null,null,null,null,"MS","MS111","The Housing Authority of the City of Forest",null,null,null,null,null,null,null,null,null,null,null,null,null,null,"MS071","No"]
[null,null,null,null,"MS","MS117","The Housing Authority of Attala County",null,null,null,null,null,null,null,null,null,null,null,null,null,null,"MS072","No"]
[null,null,null,null,"MS","MS121","The Housing Authority of the City of Itta Bena",null,null,null,null,null,null,null,null,null,null,null,null,null,null,"MS075","No"]
[null,null,null,null,"MT","MT001","Housing Authority of Billings",null,null,null,null,null,null,null,null,null,null,null,null,null,null,"MS076","No"]
[null,null,null,null,"MT","MT002","Great Falls Housing Authority",null,null,null,null,null,null,null,null,null,null,null,null,null,null,"MS077","No"]
[null,null,null,null,"MT","MT003","Housing Authority of Butte",null,null,null,null,null,null,null,null,null,null,null,null,null,null,"MS078","No"]
[null,null,null,null,"MT","MT004","Helena Housing Authority",null,null,null,null,null,null,null,null,null,null,null,null,null,null,"MS079","No"]
[null,null,null,null,"MT","MT005","Housing Authority of the City of Anaconda",null,null,null,null,null,null,null,null,null,null,null,null,null,null,"MS080","No"]
[null,null,null,null,"MT","MT006","Richland County Housing Authority",null,null,null,null,null,null,null,null,null,null,null,null,null,null,"MS081","No"]
[null,null,null,null,"MT","MT007","Housing Authority of Glasgow",null,null,null,null,null,null,null,null,null,null,null,null,null,null,"MS082","No"]
[null,null,null,null,"MT","MT015","Whitefish Housing Authority",null,null,null,null,null,null,null,null,null,null,null,null,null,null,"MS083","No"]
[null,null,null,null,"MT","MT029","Dawson County Housing Authority",null,null,null,null,null,null,null,null,null,null,null,null,null,null,"MS084","No"]
[null,null,null,null,"MT","MT033","Missoula Housing Authority",null,null,null,null,null,null,null,null,null,null,null,null,null,null,"MS085","No"]
[null,null,null,null,"NC","NC001","Housing Authority of the City of Wilmington",null,null,null,null,null,null,null,null,null,null,null,null,null,null,"MS086","No"]
[null,null,null,null,"NC","NC002","Housing Authority of the City of Raleigh",null,null,null,null,null,null,null,null,null,null,null,null,null,null,"MS089","No"]
[null,null,null,null,"NC","NC003","HOUSING AUTHORITY OF THE CITY OF CHARLOTTE",null,null,null,null,null,null,null,null,null,null,null,null,null,null,"MS090","No"]
[null,null,null,null,"NC","NC004","Housing Authority of the City of Kinston",null,null,null,null,null,null,null,null,null,null,null,null,null,null,"MS093","No"]
[null,null,null,null,"NC","NC005","Housing Authority of the City of New Bern",null,null,null,null,null,null,null,null,null,null,null,null,null,null,"MS094","No"]
[null,null,null,null,"NC","NC006","Housing Authority of the City of High Point",null,null,null,null,null,null,null,null,null,null,null,null,null,null,"MS096","No"]
[null,null,null,null,"NC","NC007","Housing Authority of the City of Asheville",null,null,null,null,null,null,null,null,null,null,null,null,null,null,"MS099","No"]
[null,null,null,null,"NC","NC008","Housing Authority of the City of Concord",null,null,null,null,null,null,null,null,null,null,null,null,null,null,"MS101","No"]
[null,null,null,null,"NC","NC009","Fayetteville Metropolitan Housing Authority",null,null,null,null,null,null,null,null,null,null,null,null,null,null,"MS103","No"]
[null,null,null,null,"NC","NC010","Eastern Carolina Regional Housing Authority",null,null,null,null,null,null,null,null,null,null,null,null,null,null,"MS105","No"]
[null,null,null,null,"NC","NC011","Housing Authority of the City of Greensboro",null,null,null,null,null,null,null,null,null,null,null,null,null,null,"MS107","No"]
[null,null,null,null,"NC","NC012","Housing Authority of the City of Winston-Salem",null,null,null,null,null,null,null,null,null,null,null,null,null,null,"MS109","No"]
[null,null,null,null,"NC","NC013","The Housing Authority of the City of Durham",null,null,null,null,null,null,null,null,null,null,null,null,null,null,"MS110","No"]
[null,null,null,null,"NC","NC014","Housing Authority of the City of Lumberton",null,null,null,null,null,null,null,null,null,null,null,null,null,null,"MS111","No"]
[null,null,null,null,"NC","NC015","Housing Authority of the City of Goldsboro",null,null,null,null,null,null,null,null,null,null,null,null,null,null,"MS117","No"]
[null,null,null,null,"NC","NC016","Housing Authority of the City of Salisbury",null,null,null,null,null,null,null,null,null,null,null,null,null,null,"MS121","No"]
[null,null,null,null,"NC","NC017","Redevelopment Commission of the Town of Tarboro",null,null,null,null,null,null,null,null,null,null,null,null,null,null,"MT001","No"]
[null,null,null,null,"NC","NC018","Housing Authority of the Town of Laurinburg",null,null,null,null,null,null,null,null,null,null,null,null,null,null,"MT002","No"]
[null,null,null,null,"NC","NC019","Rocky Mount Housing Authority",null,null,null,null,null,null,null,null,null,null,null,null,null,null,"MT003","No"]
[null,null,null,null,"NC","NC020","Housing Authority of the City of Wilson",null,null,null,null,null,null,null,null,null,null,null,null,null,null,"MT004","No"]
[null,null,null,null,"NC","NC021","Housing Authority of the County of Wake",null,null,null,null,null,null,null,null,null,null,null,null,null,null,"MT005","No"]
[null,null,null,null,"NC","NC022","Housing Authority of the City of Greenville",null,null,null,null,null,null,null,null,null,null,null,null,null,null,"MT006","No"]
[null,null,null,null,"NC","NC023","Housing Authority of the Town of Mount Airy",null,null,null,null,null,null,null,null,null,null,null,null,null,null,"MT007","No"]
[null,null,null,null,"NC","NC024","Mooresville Housing Authority",null,null,null,null,null,null,null,null,null,null,null,null,null,null,"MT015","No"]
[null,null,null,null,"NC","NC025","Rockingham Housing Authority",null,null,null,null,null,null,null,null,null,null,null,null,null,null,"MT029","No"]
[null,null,null,null,"NC","NC026","Elizabeth City Housing Authority",null,null,null,null,null,null,null,null,null,null,null,null,null,null,"MT033","No"]
[null,null,null,null,"NC","NC027","Hendersonville Housing Authority",null,null,null,null,null,null,null,null,null,null,null,null,null,null,"NC001","No"]
[null,null,null,null,"NC","NC028","Benson Housing Authority",null,null,null,null,null,null,null,null,null,null,null,null,null,null,"NC002","No"]
[null,null,null,null,"NC","NC029","Star Housing Authority",null,null,null,null,null,null,null,null,null,null,null,null,null,null,"NC003","No"]
[null,null,null,null,"NC","NC030","Housing Programs of the Town of Murphy",null,null,null,null,null,null,null,null,null,null,null,null,null,null,"NC004","No"]
[null,null,null,null,"NC","NC031","Hertford Housing Authority",null,null,null,null,null,null,null,null,null,null,null,null,null,null,"NC005","Yes"]
[null,null,null,null,"NC","NC032","Washington Housing Authority",null,null,null,null,null,null,null,null,null,null,null,null,null,null,"NC006","No"]
[null,null,null,null,"NC","NC033","Spruce Pine Housing Authority",null,null,null,null,null,null,null,null,null,null,null,null,null,null,"NC007","No"]
[null,null,null,null,"NC","NC034","City of Shelby, Department of Housing",null,null,null,null,null,null,null,null,null,null,null,null,null,null,"NC008","No"]
[null,null,null,null,"NC","NC035","Sanford Housing Authority",null,null,null,null,null,null,null,null,null,null,null,null,null,null,"NC009","Yes"]
[null,null,null,null,"NC","NC036","Selma Housing Authority",null,null,null,null,null,null,null,null,null,null,null,null,null,null,"NC010","Yes"]
[null,null,null,null,"NC","NC037","Whiteville Housing Authority",null,null,null,null,null,null,null,null,null,null,null,null,null,null,"NC011","No"]
[null,null,null,null,"NC","NC039","Lexington Housing Authority",null,null,null,null,null,null,null,null,null,null,null,null,null,null,"NC012","No"]
[null,null,null,null,"NC","NC040","Smithfield Housing Authority",null,null,null,null,null,null,null,null,null,null,null,null,null,null,"NC013","No"]
[null,null,null,null,"NC","NC043","Troy Housing Authority",null,null,null,null,null,null,null,null,null,null,null,null,null,null,"NC014","No"]
[null,null,null,null,"NC","NC044","Mount Gilead Housing Authority",null,null,null,null,null,null,null,null,null,null,null,null,null,null,"NC015","No"]
[null,null,null,null,{"$f":"LEFT(F1731,2)","v":"NC"},"NC045","Hot Springs Housing Authority",null,null,null,null,null,null,null,null,null,null,null,null,null,null,"NC016","No"]
[null,null,null,null,"NC","NC046","Town of Chapel Hill Department of Housing",null,null,null,null,null,null,null,null,null,null,null,null,null,null,"NC017","No"]
[null,null,null,null,"NC","NC047","Fairmont Housing Authority",null,null,null,null,null,null,null,null,null,null,null,null,null,null,"NC018","No"]
[null,null,null,null,"NC","NC048","Maxton Housing Authority",null,null,null,null,null,null,null,null,null,null,null,null,null,null,"NC019","No"]
[null,null,null,null,"NC","NC049","Morganton Housing Authority",null,null,null,null,null,null,null,null,null,null,null,null,null,null,"NC020","No"]
[null,null,null,null,"NC","NC050","Wadesboro Housing Authority",null,null,null,null,null,null,null,null,null,null,null,null,null,null,"NC021","No"]
[null,null,null,null,"NC","NC051","Andrews Housing Authority",null,null,null,null,null,null,null,null,null,null,null,null,null,null,"NC022","No"]
[null,null,null,null,"NC","NC052","Southern Pines Housing Authority",null,null,null,null,null,null,null,null,null,null,null,null,null,null,"NC023","No"]
[null,null,null,null,"NC","NC053","Hamlet Housing Authority",null,null,null,null,null,null,null,null,null,null,null,null,null,null,"NC024","No"]
[null,null,null,null,"NC","NC054","Madison Housing Authority",null,null,null,null,null,null,null,null,null,null,null,null,null,null,"NC025","No"]
[null,null,null,null,"NC","NC055","Valdese Housing Authority",null,null,null,null,null,null,null,null,null,null,null,null,null,null,"NC026","No"]
[null,null,null,null,"NC","NC056","City of Hickory Public Housing Authority",null,null,null,null,null,null,null,null,null,null,null,null,null,null,"NC027","No"]
[null,null,null,null,"NC","NC057","Gastonia Housing Authority",null,null,null,null,null,null,null,null,null,null,null,null,null,null,"NC028","No"]
[null,null,null,null,"NC","NC058","Mars Hill Housing Authority",null,null,null,null,null,null,null,null,null,null,null,null,null,null,"NC029","No"]
[null,null,null,null,"NC","NC059","The Graham Housing Authority",null,null,null,null,null,null,null,null,null,null,null,null,null,null,"NC030","No"]
[null,null,null,null,"NC","NC060","Roxboro Housing Authority",null,null,null,null,null,null,null,null,null,null,null,null,null,null,"NC031","No"]
[null,null,null,null,"NC","NC061","Housing Authority of the Town of Beaufort",null,null,null,null,null,null,null,null,null,null,null,null,null,null,"NC032","No"]
[null,null,null,null,"NC","NC062","Waynesville Housing Authority",null,null,null,null,null,null,null,null,null,null,null,null,null,null,"NC033","No"]
[null,null,null,null,"NC","NC063","The New Randleman Housing Authority",null,null,null,null,null,null,null,null,null,null,null,null,null,null,"NC034","No"]
[null,null,null,null,"NC","NC064","Kings Mountain Housing Authority",null,null,null,null,null,null,null,null,null,null,null,null,null,null,"NC035","No"]
[null,null,null,null,"NC","NC065","Monroe Housing Authority",null,null,null,null,null,null,null,null,null,null,null,null,null,null,"NC036","No"]
[null,null,null,null,"NC","NC066","Burlington Housing Authority",null,null,null,null,null,null,null,null,null,null,null,null,null,null,"NC037","No"]
[null,null,null,null,"NC","NC067","Robersonville Housing Authority",null,null,null,null,null,null,null,null,null,null,null,null,null,null,"NC039","No"]
[null,null,null,null,"NC","NC068","The New Edenton Housing Authority",null,null,null,null,null,null,null,null,null,null,null,null,null,null,"NC040","No"]
[null,null,null,null,"NC","NC069","North Wilkesboro Dept. of Housing & Comm. Dev.",null,null,null,null,null,null,null,null,null,null,null,null,null,null,"NC043","No"]
[null,null,null,null,"NC","NC070","Lincolnton Housing Authority",null,null,null,null,null,null,null,null,null,null,null,null,null,null,"NC044","No"]
[null,null,null,null,"NC","NC071","Thomasville Housing Authority",null,null,null,null,null,null,null,null,null,null,null,null,null,null,"NC045","No"]
[null,null,null,null,"NC","NC072","Statesville Housing Authority",null,null,null,null,null,null,null,null,null,null,null,null,null,null,"NC046","No"]
[null,null,null,null,"NC","NC073","Oxford Housing Authority",null,null,null,null,null,null,null,null,null,null,null,null,null,null,"NC047","No"]
[null,null,null,null,"NC","NC074","Lenoir Housing Authority",null,null,null,null,null,null,null,null,null,null,null,null,null,null,"NC048","No"]
[null,null,null,null,"NC","NC075","City of Albemarle Department of Public Housing",null,null,null,null,null,null,null,null,null,null,null,null,null,null,"NC049","No"]
[null,null,null,null,"NC","NC076","Farmville Housing Authority",null,null,null,null,null,null,null,null,null,null,null,null,null,null,"NC050","No"]
[null,null,null,null,"NC","NC077","Williamston Housing Authority",null,null,null,null,null,null,null,null,null,null,null,null,null,null,"NC051","No"]
[null,null,null,null,"NC","NC078","Plymouth Housing Authority",null,null,null,null,null,null,null,null,null,null,null,null,null,null,"NC052","No"]
[null,null,null,null,"NC","NC079","Dunn Housing Authority",null,null,null,null,null,null,null,null,null,null,null,null,null,null,"NC053","No"]
[null,null,null,null,"NC","NC080","Marshall Housing Authority",null,null,null,null,null,null,null,null,null,null,null,null,null,null,"NC054","No"]
[null,null,null,null,"NC","NC081","Asheboro Housing Authority",null,null,null,null,null,null,null,null,null,null,null,null,null,null,"NC055","No"]
[null,null,null,null,"NC","NC082","Ayden Housing Authority",null,null,null,null,null,null,null,null,null,null,null,null,null,null,"NC056","No"]
[null,null,null,null,"NC","NC084","Robeson County, Department of Housing",null,null,null,null,null,null,null,null,null,null,null,null,null,null,"NC057","No"]
[null,null,null,null,"NC","NC085","Ahoskie Housing Authority",null,null,null,null,null,null,null,null,null,null,null,null,null,null,"NC058","No"]
[null,null,null,null,"NC","NC087","Mid-East Regional Housing Authority",null,null,null,null,null,null,null,null,null,null,null,null,null,null,"NC059","No"]
[null,null,null,null,"NC","NC088","Belmont Housing Authority",null,null,null,null,null,null,null,null,null,null,null,null,null,null,"NC060","No"]
[null,null,null,null,"NC","NC089","Bladenboro Housing Authority",null,null,null,null,null,null,null,null,null,null,null,null,null,null,"NC061","No"]
[null,null,null,null,"NC","NC090","Brevard Housing Authority",null,null,null,null,null,null,null,null,null,null,null,null,null,null,"NC062","No"]
[null,null,null,null,"NC","NC092","Clarkton Housing Authority",null,null,null,null,null,null,null,null,null,null,null,null,null,null,"NC063","No"]
[null,null,null,null,"NC","NC093","Elizabethtown Housing Authority",null,null,null,null,null,null,null,null,null,null,null,null,null,null,"NC064","No"]
[null,null,null,null,"NC","NC095","Forest City Housing Authority",null,null,null,null,null,null,null,null,null,null,null,null,null,null,"NC065","No"]
[null,null,null,null,"NC","NC098","The New Reidsville Housing Authority",null,null,null,null,null,null,null,null,null,null,null,null,null,null,"NC066","No"]
[null,null,null,null,"NC","NC102","Rowan County Housing Authority",null,null,null,null,null,null,null,null,null,null,null,null,null,null,"NC067","No"]
[null,null,null,null,"NC","NC105","Mount Olive Housing Authority",null,null,null,null,null,null,null,null,null,null,null,null,null,null,"NC068","No"]
[null,null,null,null,"NC","NC114","Pembroke Housing Authority",null,null,null,null,null,null,null,null,null,null,null,null,null,null,"NC069","No"]
[null,null,null,null,"NC","NC117","Roanoke Rapids Housing Authority",null,null,null,null,null,null,null,null,null,null,null,null,null,null,"NC070","No"]
[null,null,null,null,"NC","NC118","Roanoke-Chowan Regional Housing Authority",null,null,null,null,null,null,null,null,null,null,null,null,null,null,"NC071","No"]
[null,null,null,null,"NC","NC119","City of Mount Holly, Dept. of Housing",null,null,null,null,null,null,null,null,null,null,null,null,null,null,"NC072","No"]
[null,null,null,null,"NC","NC167","Northwestern Regional Housing Authority",null,null,null,null,null,null,null,null,null,null,null,null,null,null,"NC073","No"]
[null,null,null,null,"NC","NC169","Princeville Housing Authority",null,null,null,null,null,null,null,null,null,null,null,null,null,null,"NC074","No"]
[null,null,null,null,"NC","NC174","Vance County Housing Authority",null,null,null,null,null,null,null,null,null,null,null,null,null,null,"NC075","No"]
[null,null,null,null,"NC","NC175","Madison County Housing Authority",null,null,null,null,null,null,null,null,null,null,null,null,null,null,"NC076","No"]
[null,null,null,null,"ND","ND001","Housing Authority of Cass County",null,null,null,null,null,null,null,null,null,null,null,null,null,null,"NC077","No"]
[null,null,null,null,"ND","ND002","Housing Authority of the City of Williston",null,null,null,null,null,null,null,null,null,null,null,null,null,null,"NC078","No"]
[null,null,null,null,"ND","ND003","Rolette County Housing Authority",null,null,null,null,null,null,null,null,null,null,null,null,null,null,"NC079","No"]
[null,null,null,null,"ND","ND009","Towner County Housing Authority",null,null,null,null,null,null,null,null,null,null,null,null,null,null,"NC080","No"]
[null,null,null,null,"ND","ND013","Ramsey County Housing Authority",null,null,null,null,null,null,null,null,null,null,null,null,null,null,"NC081","No"]
[null,null,null,null,"ND","ND014","Fargo Housing And Redevelopment Authority",null,null,null,null,null,null,null,null,null,null,null,null,null,null,"NC082","No"]
[null,null,null,null,{"$f":"LEFT(F1795,2)","v":"ND"},"ND015","Mercer County Housing Authority",null,null,null,null,null,null,null,null,null,null,null,null,null,null,"NC084","No"]
[null,null,null,null,"ND","ND017","Minot Housing Authority",null,null,null,null,null,null,null,null,null,null,null,null,null,null,"NC085","No"]
[null,null,null,null,"ND","ND019","Traill County Housing Authority",null,null,null,null,null,null,null,null,null,null,null,null,null,null,"NC087","No"]
[null,null,null,null,"ND","ND021","Burleigh County Housing Authority",null,null,null,null,null,null,null,null,null,null,null,null,null,null,"NC088","No"]
[null,null,null,null,"ND","ND022","Barnes County Housing Authority",null,null,null,null,null,null,null,null,null,null,null,null,null,null,"NC089","No"]
[null,null,null,null,"ND","ND030","Benson County Housing Authority",null,null,null,null,null,null,null,null,null,null,null,null,null,null,"NC090","No"]
[null,null,null,null,"ND","ND039","McIntosh County Housing Authority",null,null,null,null,null,null,null,null,null,null,null,null,null,null,"NC092","No"]
[null,null,null,null,"ND","ND054","Emmons County Housing Authority",null,null,null,null,null,null,null,null,null,null,null,null,null,null,"NC093","No"]
[null,null,null,null,"ND","ND058","Nelson County Housing Authority",null,null,null,null,null,null,null,null,null,null,null,null,null,null,"NC095","No"]
[null,null,null,null,"NE","NE001","Omaha Housing Authority",null,null,null,null,null,null,null,null,null,null,null,null,null,null,"NC098","No"]
[null,null,null,null,"NE","NE002","Lincoln Housing Authority",null,null,null,null,null,null,null,null,null,null,null,null,null,null,"NC102","No"]
[null,null,null,null,"NE","NE003","Hall County Housing Authority",null,null,null,null,null,null,null,null,null,null,null,null,null,null,"NC105","No"]
[null,null,null,null,"NE","NE004","Kearney Housing Authority",null,null,null,null,null,null,null,null,null,null,null,null,null,null,"NC114","No"]
[null,null,null,null,"NE","NE005","Ord Housing Authority",null,null,null,null,null,null,null,null,null,null,null,null,null,null,"NC117","No"]
[null,null,null,null,"NE","NE006","Red Cloud Housing Authority",null,null,null,null,null,null,null,null,null,null,null,null,null,null,"NC118","No"]
[null,null,null,null,"NE","NE008","Loup City Housing Authority",null,null,null,null,null,null,null,null,null,null,null,null,null,null,"NC119","No"]
[null,null,null,null,"NE","NE010","Lexington Housing Authority",null,null,null,null,null,null,null,null,null,null,null,null,null,null,"NC167","No"]
[null,null,null,null,"NE","NE011","Gresham Housing Authority",null,null,null,null,null,null,null,null,null,null,null,null,null,null,"NC169","No"]
[null,null,null,null,"NE","NE012","Nebraska City Housing Authority",null,null,null,null,null,null,null,null,null,null,null,null,null,null,"NC174","No"]
[null,null,null,null,"NE","NE014","Humboldt Housing Authority",null,null,null,null,null,null,null,null,null,null,null,null,null,null,"NC175","No"]
[null,null,null,null,"NE","NE015","Syracuse Housing Authority",null,null,null,null,null,null,null,null,null,null,null,null,null,null,"ND001","No"]
[null,null,null,null,"NE","NE016","Benkelman Housing Authority",null,null,null,null,null,null,null,null,null,null,null,null,null,null,"ND002","No"]
[null,null,null,null,"NE","NE017","Stromsburg Housing Authority",null,null,null,null,null,null,null,null,null,null,null,null,null,null,"ND003","No"]
[null,null,null,null,"NE","NE018","Wymore Housing Authority",null,null,null,null,null,null,null,null,null,null,null,null,null,null,"ND009","No"]
[null,null,null,null,"NE","NE019","Clay Center Housing Authority",null,null,null,null,null,null,null,null,null,null,null,null,null,null,"ND013","No"]
[null,null,null,null,"NE","NE020","Grant Housing Authority",null,null,null,null,null,null,null,null,null,null,null,null,null,null,"ND014","Yes"]
[null,null,null,null,"NE","NE021","Imperial Housing Authority",null,null,null,null,null,null,null,null,null,null,null,null,null,null,"ND015","No"]
[null,null,null,null,"NE","NE022","Neligh Housing Authority",null,null,null,null,null,null,null,null,null,null,null,null,null,null,"ND017","No"]
[null,null,null,null,"NE","NE023","Schuyler Housing Authority",null,null,null,null,null,null,null,null,null,null,null,null,null,null,"ND019","No"]
[null,null,null,null,"NE","NE024","Alma Housing Authority",null,null,null,null,null,null,null,null,null,null,null,null,null,null,"ND021","No"]
[null,null,null,null,"NE","NE025","David City Housing Authority",null,null,null,null,null,null,null,null,null,null,null,null,null,null,"ND022","No"]
[null,null,null,null,"NE","NE026","Burwell Housing Authority",null,null,null,null,null,null,null,null,null,null,null,null,null,null,"ND030","No"]
[null,null,null,null,"NE","NE027","Clarkson Housing Authority",null,null,null,null,null,null,null,null,null,null,null,null,null,null,"ND039","No"]
[null,null,null,null,"NE","NE028","Pawnee City Housing Authority",null,null,null,null,null,null,null,null,null,null,null,null,null,null,"ND054","Yes"]
[null,null,null,null,"NE","NE029","Stanton Housing Authority",null,null,null,null,null,null,null,null,null,null,null,null,null,null,"ND058","No"]
[null,null,null,null,"NE","NE030","Fairbury Housing Authority",null,null,null,null,null,null,null,null,null,null,null,null,null,null,"NE001","No"]
[null,null,null,null,"NE","NE031","Blue Hill Housing Authority",null,null,null,null,null,null,null,null,null,null,null,null,null,null,"NE002","No"]
[null,null,null,null,"NE","NE032","Verdigre Housing Authority",null,null,null,null,null,null,null,null,null,null,null,null,null,null,"NE003","No"]
[null,null,null,null,"NE","NE033","Edgar Housing Authority",null,null,null,null,null,null,null,null,null,null,null,null,null,null,"NE004","No"]
[null,null,null,null,"NE","NE034","Creighton Housing Authority",null,null,null,null,null,null,null,null,null,null,null,null,null,null,"NE005","No"]
[null,null,null,null,"NE","NE035","Ainsworth Housing Authority",null,null,null,null,null,null,null,null,null,null,null,null,null,null,"NE006","No"]
[null,null,null,null,"NE","NE036","Deshler Housing Authority",null,null,null,null,null,null,null,null,null,null,null,null,null,null,"NE008","No"]
[null,null,null,null,"NE","NE037","Newman Grove Housing Authority",null,null,null,null,null,null,null,null,null,null,null,null,null,null,"NE010","No"]
[null,null,null,null,"NE","NE038","Henderson Housing Authority",null,null,null,null,null,null,null,null,null,null,null,null,null,null,"NE011","No"]
[null,null,null,null,"NE","NE039","Coleridge Housing Authority",null,null,null,null,null,null,null,null,null,null,null,null,null,null,"NE012","No"]
[null,null,null,null,"NE","NE040","Albion Housing Authority",null,null,null,null,null,null,null,null,null,null,null,null,null,null,"NE014","No"]
[null,null,null,null,"NE","NE041","Crete Housing Authority",null,null,null,null,null,null,null,null,null,null,null,null,null,null,"NE015","No"]
[null,null,null,null,"NE","NE042","Greeley Housing Authority",null,null,null,null,null,null,null,null,null,null,null,null,null,null,"NE016","No"]
[null,null,null,null,"NE","NE043","Lynch Housing Authority",null,null,null,null,null,null,null,null,null,null,null,null,null,null,"NE017","No"]
[null,null,null,null,"NE","NE046","Hay Springs Housing Authority",null,null,null,null,null,null,null,null,null,null,null,null,null,null,"NE018","No"]
[null,null,null,null,"NE","NE047","Wilber Housing Authority",null,null,null,null,null,null,null,null,null,null,null,null,null,null,"NE019","No"]
[null,null,null,null,"NE","NE049","Hooper Housing Authority",null,null,null,null,null,null,null,null,null,null,null,null,null,null,"NE020","No"]
[null,null,null,null,"NE","NE050","St. Paul Housing Authority",null,null,null,null,null,null,null,null,null,null,null,null,null,null,"NE021","No"]
[null,null,null,null,"NE","NE051","Minden Housing Authority",null,null,null,null,null,null,null,null,null,null,null,null,null,null,"NE022","No"]
[null,null,null,null,"NE","NE053","Sargent Housing Authority",null,null,null,null,null,null,null,null,null,null,null,null,null,null,"NE023","No"]
[null,null,null,null,"NE","NE057","Shelton Housing Authority",null,null,null,null,null,null,null,null,null,null,null,null,null,null,"NE024","No"]
[null,null,null,null,"NE","NE059","St. Edward Housing Authority",null,null,null,null,null,null,null,null,null,null,null,null,null,null,"NE025","No"]
[null,null,null,null,"NE","NE063","Friend Housing Authority",null,null,null,null,null,null,null,null,null,null,null,null,null,null,"NE026","No"]
[null,null,null,null,"NE","NE064","Fairmont Housing Authority",null,null,null,null,null,null,null,null,null,null,null,null,null,null,"NE027","No"]
[null,null,null,null,"NE","NE065","Auburn Housing Authority",null,null,null,null,null,null,null,null,null,null,null,null,null,null,"NE028","No"]
[null,null,null,null,"NE","NE067","Tilden Housing Authority",null,null,null,null,null,null,null,null,null,null,null,null,null,null,"NE029","No"]
[null,null,null,null,"NE","NE068","Harvard Housing Authority",null,null,null,null,null,null,null,null,null,null,null,null,null,null,"NE030","No"]
[null,null,null,null,"NE","NE069","Oxford Housing Authority",null,null,null,null,null,null,null,null,null,null,null,null,null,null,"NE031","No"]
[null,null,null,null,"NE","NE070","Cambridge Housing Authority",null,null,null,null,null,null,null,null,null,null,null,null,null,null,"NE032","No"]
[null,null,null,null,{"$f":"LEFT(F1859,2)","v":"NE"},"NE071","Bassett Housing Authority",null,null,null,null,null,null,null,null,null,null,null,null,null,null,"NE033","No"]
[null,null,null,null,"NE","NE072","Tekamah Housing Authority",null,null,null,null,null,null,null,null,null,null,null,null,null,null,"NE034","No"]
[null,null,null,null,"NE","NE073","Emerson Housing Authority",null,null,null,null,null,null,null,null,null,null,null,null,null,null,"NE035","No"]
[null,null,null,null,"NE","NE074","Plattsmouth Housing Authority",null,null,null,null,null,null,null,null,null,null,null,null,null,null,"NE036","No"]
[null,null,null,null,"NE","NE075","Indianola Housing Authority",null,null,null,null,null,null,null,null,null,null,null,null,null,null,"NE037","No"]
[null,null,null,null,"NE","NE076","Oshkosh Housing Authority",null,null,null,null,null,null,null,null,null,null,null,null,null,null,"NE038","No"]
[null,null,null,null,"NE","NE077","Niobrara Housing Authority",null,null,null,null,null,null,null,null,null,null,null,null,null,null,"NE039","No"]
[null,null,null,null,"NE","NE078","Scotts Bluff County Housing Authority",null,null,null,null,null,null,null,null,null,null,null,null,null,null,"NE040","No"]
[null,null,null,null,"NE","NE082","Nelson Housing Authority",null,null,null,null,null,null,null,null,null,null,null,null,null,null,"NE041","No"]
[null,null,null,null,"NE","NE083","Cozad Housing Authority",null,null,null,null,null,null,null,null,null,null,null,null,null,null,"NE042","No"]
[null,null,null,null,"NE","NE085","Weeping Water Housing Authority",null,null,null,null,null,null,null,null,null,null,null,null,null,null,"NE043","No"]
[null,null,null,null,"NE","NE086","Bayard Housing Authority",null,null,null,null,null,null,null,null,null,null,null,null,null,null,"NE046","No"]
[null,null,null,null,"NE","NE088","Lyons Housing Authority",null,null,null,null,null,null,null,null,null,null,null,null,null,null,"NE047","No"]
[null,null,null,null,"NE","NE090","Aurora Housing Authority",null,null,null,null,null,null,null,null,null,null,null,null,null,null,"NE049","No"]
[null,null,null,null,"NE","NE091","Wood River Housing Authority",null,null,null,null,null,null,null,null,null,null,null,null,null,null,"NE050","No"]
[null,null,null,null,"NE","NE092","Blair Housing Authority",null,null,null,null,null,null,null,null,null,null,null,null,null,null,"NE051","No"]
[null,null,null,null,"NE","NE093","Genoa Housing Authority",null,null,null,null,null,null,null,null,null,null,null,null,null,null,"NE053","No"]
[null,null,null,null,"NE","NE094","York Housing Authority",null,null,null,null,null,null,null,null,null,null,null,null,null,null,"NE057","No"]
[null,null,null,null,"NE","NE095","Falls City Housing Authority",null,null,null,null,null,null,null,null,null,null,null,null,null,null,"NE059","No"]
[null,null,null,null,"NE","NE096","Sutherland Housing Authority",null,null,null,null,null,null,null,null,null,null,null,null,null,null,"NE063","No"]
[null,null,null,null,"NE","NE097","Curtis Housing Authority",null,null,null,null,null,null,null,null,null,null,null,null,null,null,"NE064","No"]
[null,null,null,null,"NE","NE098","Tecumseh Housing Authority",null,null,null,null,null,null,null,null,null,null,null,null,null,null,"NE065","No"]
[null,null,null,null,"NE","NE099","Beemer Housing Authority",null,null,null,null,null,null,null,null,null,null,null,null,null,null,"NE067","No"]
[null,null,null,null,"NE","NE100","Fremont Housing Authority",null,null,null,null,null,null,null,null,null,null,null,null,null,null,"NE068","No"]
[null,null,null,null,"NE","NE101","Cairo Housing Authority",null,null,null,null,null,null,null,null,null,null,null,null,null,null,"NE069","No"]
[null,null,null,null,"NE","NE102","Hemingford Housing Authority",null,null,null,null,null,null,null,null,null,null,null,null,null,null,"NE070","No"]
[null,null,null,null,"NE","NE103","Oakland Housing Authority",null,null,null,null,null,null,null,null,null,null,null,null,null,null,"NE071","No"]
[null,null,null,null,"NE","NE104","Columbus Housing Authority",null,null,null,null,null,null,null,null,null,null,null,null,null,null,"NE072","No"]
[null,null,null,null,"NE","NE106","Bridgeport Housing Authority",null,null,null,null,null,null,null,null,null,null,null,null,null,null,"NE073","No"]
[null,null,null,null,"NE","NE107","Gordon Housing Authority",null,null,null,null,null,null,null,null,null,null,null,null,null,null,"NE074","No"]
[null,null,null,null,"NE","NE108","Ravenna Housing Authority",null,null,null,null,null,null,null,null,null,null,null,null,null,null,"NE075","No"]
[null,null,null,null,"NE","NE109","Wayne Housing Authority",null,null,null,null,null,null,null,null,null,null,null,null,null,null,"NE076","No"]
[null,null,null,null,"NE","NE110","Gibbon Housing Authority",null,null,null,null,null,null,null,null,null,null,null,null,null,null,"NE077","No"]
[null,null,null,null,"NE","NE111","Ansley Housing Authority",null,null,null,null,null,null,null,null,null,null,null,null,null,null,"NE078","No"]
[null,null,null,null,"NE","NE115","Chappell Housing Authority",null,null,null,null,null,null,null,null,null,null,null,null,null,null,"NE082","No"]
[null,null,null,null,"NE","NE117","Broken Bow Housing Authority",null,null,null,null,null,null,null,null,null,null,null,null,null,null,"NE083","No"]
[null,null,null,null,"NE","NE120","Gothenburg Housing Authority",null,null,null,null,null,null,null,null,null,null,null,null,null,null,"NE085","No"]
[null,null,null,null,"NE","NE123","McCook Housing Authority",null,null,null,null,null,null,null,null,null,null,null,null,null,null,"NE086","No"]
[null,null,null,null,"NE","NE125","North Platte Housing Authority",null,null,null,null,null,null,null,null,null,null,null,null,null,null,"NE088","No"]
[null,null,null,null,"NE","NE131","North Loup Housing Authority",null,null,null,null,null,null,null,null,null,null,null,null,null,null,"NE090","No"]
[null,null,null,null,"NE","NE141","Alliance Housing Authority",null,null,null,null,null,null,null,null,null,null,null,null,null,null,"NE091","No"]
[null,null,null,null,"NE","NE153","Douglas County Housing Authority",null,null,null,null,null,null,null,null,null,null,null,null,null,null,"NE092","No"]
[null,null,null,null,"NE","NE174","Bellevue Housing Authority",null,null,null,null,null,null,null,null,null,null,null,null,null,null,"NE093","No"]
[null,null,null,null,"NH","NH001","Manchester Housing Authority",null,null,null,null,null,null,null,null,null,null,null,null,null,null,"NE094","No"]
[null,null,null,null,"NH","NH002","Nashua Housing Authority",null,null,null,null,null,null,null,null,null,null,null,null,null,null,"NE095","No"]
[null,null,null,null,"NH","NH003","Dover Housing Authority",null,null,null,null,null,null,null,null,null,null,null,null,null,null,"NE096","No"]
[null,null,null,null,"NH","NH004","Portsmouth Housing Authority",null,null,null,null,null,null,null,null,null,null,null,null,null,null,"NE097","No"]
[null,null,null,null,"NH","NH005","Concord Housing Authority",null,null,null,null,null,null,null,null,null,null,null,null,null,null,"NE098","No"]
[null,null,null,null,"NH","NH006","Somersworth Housing Authority",null,null,null,null,null,null,null,null,null,null,null,null,null,null,"NE099","No"]
[null,null,null,null,"NH","NH007","Laconia Housing & Redevelopment Authority",null,null,null,null,null,null,null,null,null,null,null,null,null,null,"NE100","No"]
[null,null,null,null,"NH","NH008","Housing Authority of the City of Rochester NH",null,null,null,null,null,null,null,null,null,null,null,null,null,null,"NE101","No"]
[null,null,null,null,"NH","NH009","Lebanon Housing Authority",null,null,null,null,null,null,null,null,null,null,null,null,null,null,"NE102","No"]
[null,null,null,null,"NH","NH010","Keene Housing Authority",null,null,null,null,null,null,null,null,null,null,null,null,null,null,"NE103","No"]
[null,null,null,null,"NH","NH011","Berlin Housing Authority",null,null,null,null,null,null,null,null,null,null,null,null,null,null,"NE104","No"]
[null,null,null,null,"NH","NH012","Claremont Housing Authority",null,null,null,null,null,null,null,null,null,null,null,null,null,null,"NE106","No"]
[null,null,null,null,"NH","NH013","Newmarket Housing Authority",null,null,null,null,null,null,null,null,null,null,null,null,null,null,"NE107","No"]
[null,null,null,null,"NH","NH014","Exeter Housing Authority",null,null,null,null,null,null,null,null,null,null,null,null,null,null,"NE108","No"]
[null,null,null,null,"NH","NH017","Housing Authority of the Town of Salem",null,null,null,null,null,null,null,null,null,null,null,null,null,null,"NE109","No"]
[null,null,null,null,"NJ","NJ002","Newark Housing Authority",null,null,null,null,null,null,null,null,null,null,null,null,null,null,"NE110","No"]
[null,null,null,null,"NJ","NJ003","Elizabeth Housing Authority",null,null,null,null,null,null,null,null,null,null,null,null,null,null,"NE111","No"]
[null,null,null,null,"NJ","NJ004","North Bergen Housing Authority",null,null,null,null,null,null,null,null,null,null,null,null,null,null,"NE115","No"]
[null,null,null,null,"NJ","NJ005","Trenton Housing Authority",null,null,null,null,null,null,null,null,null,null,null,null,null,null,"NE117","No"]
[null,null,null,null,"NJ","NJ006","Perth Amboy Housing Authority",null,null,null,null,null,null,null,null,null,null,null,null,null,null,"NE120","No"]
[null,null,null,null,"NJ","NJ007","Asbury Park Housing Authority",null,null,null,null,null,null,null,null,null,null,null,null,null,null,"NE123","No"]
[null,null,null,null,{"$f":"LEFT(F1923,2)","v":"NJ"},"NJ008","Long Branch Housing Authority",null,null,null,null,null,null,null,null,null,null,null,null,null,null,"NE125","No"]
[null,null,null,null,"NJ","NJ009","Jersey City Housing Authority",null,null,null,null,null,null,null,null,null,null,null,null,null,null,"NE131","No"]
[null,null,null,null,"NJ","NJ010","Camden Housing Authority",null,null,null,null,null,null,null,null,null,null,null,null,null,null,"NE141","No"]
[null,null,null,null,"NJ","NJ011","Housing Authority of the Borough of Lodi",null,null,null,null,null,null,null,null,null,null,null,null,null,null,"NE153","Yes"]
[null,null,null,null,"NJ","NJ012","Bayonne Housing Authority",null,null,null,null,null,null,null,null,null,null,null,null,null,null,"NE174","No"]
[null,null,null,null,"NJ","NJ013","Passaic Housing Authority",null,null,null,null,null,null,null,null,null,null,null,null,null,null,"NH001","No"]
[null,null,null,null,"NJ","NJ014","Atlantic City Housing Authority",null,null,null,null,null,null,null,null,null,null,null,null,null,null,"NH002","No"]
[null,null,null,null,"NJ","NJ015","Hoboken Housing Authority",null,null,null,null,null,null,null,null,null,null,null,null,null,null,"NH003","No"]
[null,null,null,null,"NJ","NJ016","Harrison Housing Authority",null,null,null,null,null,null,null,null,null,null,null,null,null,null,"NH004","No"]
[null,null,null,null,"NJ","NJ017","Summit Housing Authority",null,null,null,null,null,null,null,null,null,null,null,null,null,null,"NH005","Yes"]
[null,null,null,null,"NJ","NJ018","Beverly Housing Authority",null,null,null,null,null,null,null,null,null,null,null,null,null,null,"NH006","No"]
[null,null,null,null,"NJ","NJ020","Burlington Housing Authority",null,null,null,null,null,null,null,null,null,null,null,null,null,null,"NH007","No"]
[null,null,null,null,"NJ","NJ021","Paterson Housing Authority",null,null,null,null,null,null,null,null,null,null,null,null,null,null,"NH008","No"]
[null,null,null,null,"NJ","NJ022","New Brunswick Housing Authority",null,null,null,null,null,null,null,null,null,null,null,null,null,null,"NH009","No"]
[null,null,null,null,"NJ","NJ023","Morristown Housing Authority",null,null,null,null,null,null,null,null,null,null,null,null,null,null,"NH010","No"]
[null,null,null,null,"NJ","NJ024","Phillipsburg Housing Authority",null,null,null,null,null,null,null,null,null,null,null,null,null,null,"NH011","No"]
[null,null,null,null,"NJ","NJ025","Housing Authority of the City of Orange",null,null,null,null,null,null,null,null,null,null,null,null,null,null,"NH012","No"]
[null,null,null,null,"NJ","NJ026","Union City Housing Authority",null,null,null,null,null,null,null,null,null,null,null,null,null,null,"NH013","No"]
[null,null,null,null,"NJ","NJ027","Princeton Housing Authority",null,null,null,null,null,null,null,null,null,null,null,null,null,null,"NH014","No"]
[null,null,null,null,"NJ","NJ028","Hackensack Housing Authority",null,null,null,null,null,null,null,null,null,null,null,null,null,null,"NH017","No"]
[null,null,null,null,"NJ","NJ030","West New York Housing Authority",null,null,null,null,null,null,null,null,null,null,null,null,null,null,"NJ002","No"]
[null,null,null,null,"NJ","NJ032","Rahway Housing Authority",null,null,null,null,null,null,null,null,null,null,null,null,null,null,"NJ003","Yes"]
[null,null,null,null,"NJ","NJ033","Woodbridge Housing Authority",null,null,null,null,null,null,null,null,null,null,null,null,null,null,"NJ004","Yes"]
[null,null,null,null,"NJ","NJ034","Garfield Housing Authority",null,null,null,null,null,null,null,null,null,null,null,null,null,null,"NJ005","No"]
[null,null,null,null,"NJ","NJ035","South Amboy Housing Authority",null,null,null,null,null,null,null,null,null,null,null,null,null,null,"NJ006","No"]
[null,null,null,null,"NJ","NJ036","Guttenberg Housing Authority",null,null,null,null,null,null,null,null,null,null,null,null,null,null,"NJ007","No"]
[null,null,null,null,"NJ","NJ037","Irvington Housing Authority",null,null,null,null,null,null,null,null,null,null,null,null,null,null,"NJ008","No"]
[null,null,null,null,"NJ","NJ038","Florence Housing Authority",null,null,null,null,null,null,null,null,null,null,null,null,null,null,"NJ009","No"]
[null,null,null,null,"NJ","NJ039","Plainfield Housing Authority",null,null,null,null,null,null,null,null,null,null,null,null,null,null,"NJ010","No"]
[null,null,null,null,"NJ","NJ041","Highlands Housing Authority",null,null,null,null,null,null,null,null,null,null,null,null,null,null,"NJ011","No"]
[null,null,null,null,"NJ","NJ042","Franklin Housing Authority",null,null,null,null,null,null,null,null,null,null,null,null,null,null,"NJ012","Yes"]
[null,null,null,null,"NJ","NJ043","Edison Housing Authority",null,null,null,null,null,null,null,null,null,null,null,null,null,null,"NJ013","No"]
[null,null,null,null,"NJ","NJ044","Highland Park Housing Authority",null,null,null,null,null,null,null,null,null,null,null,null,null,null,"NJ014","No"]
[null,null,null,null,"NJ","NJ045","Hightstown Housing Authority",null,null,null,null,null,null,null,null,null,null,null,null,null,null,"NJ015","No"]
[null,null,null,null,"NJ","NJ046","Red Bank Housing Authority",null,null,null,null,null,null,null,null,null,null,null,null,null,null,"NJ016","No"]
[null,null,null,null,"NJ","NJ047","Carteret Housing Authority",null,null,null,null,null,null,null,null,null,null,null,null,null,null,"NJ017","No"]
[null,null,null,null,"NJ","NJ048","Neptune Housing Authority",null,null,null,null,null,null,null,null,null,null,null,null,null,null,"NJ018","No"]
[null,null,null,null,"NJ","NJ049","Bridgeton Housing Authority",null,null,null,null,null,null,null,null,null,null,null,null,null,null,"NJ020","No"]
[null,null,null,null,"NJ","NJ050","East Orange Housing Authority",null,null,null,null,null,null,null,null,null,null,null,null,null,null,"NJ021","No"]
[null,null,null,null,"NJ","NJ051","Glassboro Housing Authority",null,null,null,null,null,null,null,null,null,null,null,null,null,null,"NJ022","No"]
[null,null,null,null,"NJ","NJ052","Boonton Housing Authority",null,null,null,null,null,null,null,null,null,null,null,null,null,null,"NJ023","No"]
[null,null,null,null,"NJ","NJ053","Ocean City Housing Authority",null,null,null,null,null,null,null,null,null,null,null,null,null,null,"NJ024","No"]
[null,null,null,null,"NJ","NJ054","Housing Authority of the Township of Lakewood",null,null,null,null,null,null,null,null,null,null,null,null,null,null,"NJ025","No"]
[null,null,null,null,"NJ","NJ055","Englewood Housing Authority",null,null,null,null,null,null,null,null,null,null,null,null,null,null,"NJ026","No"]
[null,null,null,null,"NJ","NJ056","Berkeley Housing Authority",null,null,null,null,null,null,null,null,null,null,null,null,null,null,"NJ027","No"]
[null,null,null,null,"NJ","NJ057","Belmar Housing Authority",null,null,null,null,null,null,null,null,null,null,null,null,null,null,"NJ028","No"]
[null,null,null,null,"NJ","NJ058","Salem Housing Authority",null,null,null,null,null,null,null,null,null,null,null,null,null,null,"NJ030","No"]
[null,null,null,null,"NJ","NJ059","Pleasantville Housing Authority",null,null,null,null,null,null,null,null,null,null,null,null,null,null,"NJ032","No"]
[null,null,null,null,"NJ","NJ060","Keansburg Housing Authority",null,null,null,null,null,null,null,null,null,null,null,null,null,null,"NJ033","No"]
[null,null,null,null,"NJ","NJ061","Millville Housing Authority",null,null,null,null,null,null,null,null,null,null,null,null,null,null,"NJ034","No"]
[null,null,null,null,"NJ","NJ062","Cape May Housing Authority",null,null,null,null,null,null,null,null,null,null,null,null,null,null,"NJ035","No"]
[null,null,null,null,"NJ","NJ063","Vineland Housing Authority",null,null,null,null,null,null,null,null,null,null,null,null,null,null,"NJ036","No"]
[null,null,null,null,"NJ","NJ064","Haddon Housing Authority",null,null,null,null,null,null,null,null,null,null,null,null,null,null,"NJ037","No"]
[null,null,null,null,"NJ","NJ065","Brick Housing Authority",null,null,null,null,null,null,null,null,null,null,null,null,null,null,"NJ038","No"]
[null,null,null,null,"NJ","NJ066","Housing Authority City of Linden",null,null,null,null,null,null,null,null,null,null,null,null,null,null,"NJ039","No"]
[null,null,null,null,"NJ","NJ067","Bergen County Housing Authority",null,null,null,null,null,null,null,null,null,null,null,null,null,null,"NJ041","No"]
[null,null,null,null,"NJ","NJ068","Dover Housing Authority",null,null,null,null,null,null,null,null,null,null,null,null,null,null,"NJ042","No"]
[null,null,null,null,"NJ","NJ069","Freehold Housing Authority",null,null,null,null,null,null,null,null,null,null,null,null,null,null,"NJ043","No"]
[null,null,null,null,"NJ","NJ070","Cliffside Park Housing Authority",null,null,null,null,null,null,null,null,null,null,null,null,null,null,"NJ044","No"]
[null,null,null,null,"NJ","NJ071","Fort Lee Housing Authority",null,null,null,null,null,null,null,null,null,null,null,null,null,null,"NJ045","No"]
[null,null,null,null,"NJ","NJ073","Borough of Clementon Housing Authority",null,null,null,null,null,null,null,null,null,null,null,null,null,null,"NJ046","No"]
[null,null,null,null,"NJ","NJ074","Penns Grove Housing Authority",null,null,null,null,null,null,null,null,null,null,null,null,null,null,"NJ047","No"]
[null,null,null,null,"NJ","NJ075","Edgewater Housing Authority",null,null,null,null,null,null,null,null,null,null,null,null,null,null,"NJ048","No"]
[null,null,null,null,"NJ","NJ076","Newton Housing Authority",null,null,null,null,null,null,null,null,null,null,null,null,null,null,"NJ049","No"]
[null,null,null,null,{"$f":"LEFT(F1987,2)","v":"NJ"},"NJ077","Weehawken Housing Authority",null,null,null,null,null,null,null,null,null,null,null,null,null,null,"NJ050","No"]
[null,null,null,null,"NJ","NJ079","Collingswood Housing Authority",null,null,null,null,null,null,null,null,null,null,null,null,null,null,"NJ051","No"]
[null,null,null,null,"NJ","NJ080","Wildwood Housing Authority",null,null,null,null,null,null,null,null,null,null,null,null,null,null,"NJ052","No"]
[null,null,null,null,"NJ","NJ081","Middletown Housing Authority",null,null,null,null,null,null,null,null,null,null,null,null,null,null,"NJ053","No"]
[null,null,null,null,"NJ","NJ083","Secaucus Housing Authority",null,null,null,null,null,null,null,null,null,null,null,null,null,null,"NJ054","No"]
[null,null,null,null,"NJ","NJ092","Morris County Housing Authority",null,null,null,null,null,null,null,null,null,null,null,null,null,null,"NJ055","No"]
[null,null,null,null,"NJ","NJ105","Madison Housing Authority",null,null,null,null,null,null,null,null,null,null,null,null,null,null,"NJ056","No"]
[null,null,null,null,"NJ","NJ202","Buena Housing Authority",null,null,null,null,null,null,null,null,null,null,null,null,null,null,"NJ057","No"]
[null,null,null,null,"NJ","NJ204","Gloucester County Housing Authority",null,null,null,null,null,null,null,null,null,null,null,null,null,null,"NJ058","No"]
[null,null,null,null,"NJ","NJ218","Gloucester City Housing Authority",null,null,null,null,null,null,null,null,null,null,null,null,null,null,"NJ059","Yes"]
[null,null,null,null,"NM","NM001","City of Albuquerque Housing Division",null,null,null,null,null,null,null,null,null,null,null,null,null,null,"NJ060","No"]
[null,null,null,null,"NM","NM002","Clovis Housing And Redevelopment Agency, Inc.",null,null,null,null,null,null,null,null,null,null,null,null,null,null,"NJ061","No"]
[null,null,null,null,"NM","NM003","Housing Authority of the City of Las Cruces",null,null,null,null,null,null,null,null,null,null,null,null,null,null,"NJ062","No"]
[null,null,null,null,"NM","NM004","Housing Authority of the City of Alamogordo",null,null,null,null,null,null,null,null,null,null,null,null,null,null,"NJ063","No"]
[null,null,null,null,"NM","NM006","Housing Authority of the City of Gallup",null,null,null,null,null,null,null,null,null,null,null,null,null,null,"NJ064","No"]
[null,null,null,null,"NM","NM007","Housing Authority of the City of Las Vegas",null,null,null,null,null,null,null,null,null,null,null,null,null,null,"NJ065","No"]
[null,null,null,null,"NM","NM008","Housing Authority of the City of Raton",null,null,null,null,null,null,null,null,null,null,null,null,null,null,"NJ066","No"]
[null,null,null,null,"NM","NM009","Santa Fe Civic Housing Authority",null,null,null,null,null,null,null,null,null,null,null,null,null,null,"NJ067","No"]
[null,null,null,null,"NM","NM010","Housing Authority of the City of Espanola",null,null,null,null,null,null,null,null,null,null,null,null,null,null,"NJ068","No"]
[null,null,null,null,"NM","NM020","Housing Authority of the City of Truth Or Consequences",null,null,null,null,null,null,null,null,null,null,null,null,null,null,"NJ069","No"]
[null,null,null,null,"NM","NM021","Housing Authority of the City of Artesia",null,null,null,null,null,null,null,null,null,null,null,null,null,null,"NJ070","No"]
[null,null,null,null,"NM","NM022","Housing Authority of the Town of Springer",null,null,null,null,null,null,null,null,null,null,null,null,null,null,"NJ071","No"]
[null,null,null,null,"NM","NM023","Housing Authority of the City of Lovington",null,null,null,null,null,null,null,null,null,null,null,null,null,null,"NJ073","No"]
[null,null,null,null,"NM","NM024","Housing Authority of the Town of Bayard",null,null,null,null,null,null,null,null,null,null,null,null,null,null,"NJ074","No"]
[null,null,null,null,"NM","NM025","Housing Authority of the Village of Fort Sumner",null,null,null,null,null,null,null,null,null,null,null,null,null,null,"NJ075","No"]
[null,null,null,null,"NM","NM026","Housing Authority of the Village of Maxwell",null,null,null,null,null,null,null,null,null,null,null,null,null,null,"NJ076","No"]
[null,null,null,null,"NM","NM027","Housing Authority of the City of Eunice",null,null,null,null,null,null,null,null,null,null,null,null,null,null,"NJ077","No"]
[null,null,null,null,"NM","NM029","Santa Clara Housing Authority",null,null,null,null,null,null,null,null,null,null,null,null,null,null,"NJ079","No"]
[null,null,null,null,"NM","NM030","Housing Authority of the City of Grants",null,null,null,null,null,null,null,null,null,null,null,null,null,null,"NJ080","Yes"]
[null,null,null,null,"NM","NM032","Housing Authority of the Village of Wagon Mound",null,null,null,null,null,null,null,null,null,null,null,null,null,null,"NJ081","Yes"]
[null,null,null,null,"NM","NM033","Housing Authority of the City of Tucumcari",null,null,null,null,null,null,null,null,null,null,null,null,null,null,"NJ083","No"]
[null,null,null,null,"NM","NM034","Housing Authority of the City of Lordsburg",null,null,null,null,null,null,null,null,null,null,null,null,null,null,"NJ092","No"]
[null,null,null,null,"NM","NM035","Town of Bernalillo Dept of Housing Services",null,null,null,null,null,null,null,null,null,null,null,null,null,null,"NJ105","No"]
[null,null,null,null,"NM","NM038","Housing Authority of the County of Taos",null,null,null,null,null,null,null,null,null,null,null,null,null,null,"NJ202","No"]
[null,null,null,null,"NM","NM039","Housing Authority of the County of Rio Arriba",null,null,null,null,null,null,null,null,null,null,null,null,null,null,"NJ204","No"]
[null,null,null,null,"NM","NM045","Housing Authority of the Town of Vaughn",null,null,null,null,null,null,null,null,null,null,null,null,null,null,"NJ218","No"]
[null,null,null,null,"NM","NM047","Housing Authority of the Village of Chama",null,null,null,null,null,null,null,null,null,null,null,null,null,null,"NM001","No"]
[null,null,null,null,"NM","NM048","Housing Authority of the Village of Cimarron",null,null,null,null,null,null,null,null,null,null,null,null,null,null,"NM002","No"]
[null,null,null,null,"NM","NM050","Housing Authority of the County of Santa Fe",null,null,null,null,null,null,null,null,null,null,null,null,null,null,"NM003","No"]
[null,null,null,null,"NM","NM054","Housing Authority of the Village of Pecos",null,null,null,null,null,null,null,null,null,null,null,null,null,null,"NM004","No"]
[null,null,null,null,"NM","NM055","Housing Authority of the Town of Clayton",null,null,null,null,null,null,null,null,null,null,null,null,null,null,"NM006","No"]
[null,null,null,null,"NM","NM057","Bernalillo County Housing Department",null,null,null,null,null,null,null,null,null,null,null,null,null,null,"NM007","Yes"]
[null,null,null,null,"NM","NM062","Housing Authority of the County of Dona Ana",null,null,null,null,null,null,null,null,null,null,null,null,null,null,"NM008","No"]
[null,null,null,null,"NM","NM063","Region VI Housing Authority",null,null,null,null,null,null,null,null,null,null,null,null,null,null,"NM009","No"]
[null,null,null,null,"NM","NM067","Western Regional Housing Authority",null,null,null,null,null,null,null,null,null,null,null,null,null,null,"NM010","No"]
[null,null,null,null,"NM","NM071","Housing Authority of the Village of Cuba",null,null,null,null,null,null,null,null,null,null,null,null,null,null,"NM020","No"]
[null,null,null,null,"NM","NM075","Housing Authority of the City of Sunland Park",null,null,null,null,null,null,null,null,null,null,null,null,null,null,"NM021","No"]
[null,null,null,null,"NV","NV001","City of Reno Housing Authority",null,null,null,null,null,null,null,null,null,null,null,null,null,null,"NM022","No"]
[null,null,null,null,"NV","NV002","Housing Authority of the City of Las Vegas",null,null,null,null,null,null,null,null,null,null,null,null,null,null,"NM023","No"]
[null,null,null,null,"NV","NV007","Housing Authority of the City of North Las Ve",null,null,null,null,null,null,null,null,null,null,null,null,null,null,"NM024","No"]
[null,null,null,null,"NV","NV013","County of Clark Housing Authority",null,null,null,null,null,null,null,null,null,null,null,null,null,null,"NM025","No"]
[null,null,null,null,"NY","NY001","SYRACUSE HOUSING AUTHORITY",null,null,null,null,null,null,null,null,null,null,null,null,null,null,"NM026","No"]
[null,null,null,null,"NY","NY002","Buffalo Municipal Housing Authority",null,null,null,null,null,null,null,null,null,null,null,null,null,null,"NM027","No"]
[null,null,null,null,"NY","NY003","The Municipal Hsng Authority City Yonkers",null,null,null,null,null,null,null,null,null,null,null,null,null,null,"NM029","No"]
[null,null,null,null,"NY","NY005","New York City Housing Authority",null,null,null,null,null,null,null,null,null,null,null,null,null,null,"NM030","No"]
[null,null,null,null,"NY","NY006","UTICA HOUSING AUTHORITY",null,null,null,null,null,null,null,null,null,null,null,null,null,null,"NM032","No"]
[null,null,null,null,"NY","NY008","Tuckahoe Housing Authority",null,null,null,null,null,null,null,null,null,null,null,null,null,null,"NM033","No"]
[null,null,null,null,"NY","NY009","Albany Housing Authority",null,null,null,null,null,null,null,null,null,null,null,null,null,null,"NM034","No"]
[null,null,null,null,"NY","NY010","Watertown Housing Authority",null,null,null,null,null,null,null,null,null,null,null,null,null,null,"NM035","No"]
[null,null,null,null,"NY","NY011","Niagara Falls Housing Authority",null,null,null,null,null,null,null,null,null,null,null,null,null,null,"NM038","No"]
[null,null,null,null,"NY","NY012","Troy Housing Authority",null,null,null,null,null,null,null,null,null,null,null,null,null,null,"NM039","No"]
[null,null,null,null,"NY","NY013","Tarrytown Municipal Housing Authority",null,null,null,null,null,null,null,null,null,null,null,null,null,null,"NM045","No"]
[null,null,null,null,"NY","NY014","Port Chester Housing Authority",null,null,null,null,null,null,null,null,null,null,null,null,null,null,"NM047","No"]
[null,null,null,null,"NY","NY015","Mechanicville Housing Authority",null,null,null,null,null,null,null,null,null,null,null,null,null,null,"NM048","No"]
[null,null,null,null,{"$f":"LEFT(F2051,2)","v":"NY"},"NY016","Binghamton Housing Authority",null,null,null,null,null,null,null,null,null,null,null,null,null,null,"NM050","No"]
[null,null,null,null,"NY","NY017","Jamestown Housing Authority",null,null,null,null,null,null,null,null,null,null,null,null,null,null,"NM054","No"]
[null,null,null,null,"NY","NY018","Plattsburgh Housing Authority",null,null,null,null,null,null,null,null,null,null,null,null,null,null,"NM055","No"]
[null,null,null,null,"NY","NY019","Herkimer Housing Authority",null,null,null,null,null,null,null,null,null,null,null,null,null,null,"NM057","No"]
[null,null,null,null,"NY","NY020","Saratoga Springs Housing Authority",null,null,null,null,null,null,null,null,null,null,null,null,null,null,"NM062","No"]
[null,null,null,null,"NY","NY021","Cortland Housing Authority",null,null,null,null,null,null,null,null,null,null,null,null,null,null,"NM063","No"]
[null,null,null,null,"NY","NY022","Cohoes Housing Authority",null,null,null,null,null,null,null,null,null,null,null,null,null,null,"NM067","No"]
[null,null,null,null,"NY","NY023","Freeport Housing Authority",null,null,null,null,null,null,null,null,null,null,null,null,null,null,"NM071","No"]
[null,null,null,null,"NY","NY025","Watervliet Housing Authority",null,null,null,null,null,null,null,null,null,null,null,null,null,null,"NM075","Yes"]
[null,null,null,null,"NY","NY026","North Tarrytown Housing Authority",null,null,null,null,null,null,null,null,null,null,null,null,null,null,"NV001","No"]
[null,null,null,null,"NY","NY028","Schenectady Municipal Housing Authority",null,null,null,null,null,null,null,null,null,null,null,null,null,null,"NV002","Yes"]
[null,null,null,null,"NY","NY029","Lackawanna Municipal Housing Authority",null,null,null,null,null,null,null,null,null,null,null,null,null,null,"NV007","Yes"]
[null,null,null,null,"NY","NY030","Elmira Housing Authority",null,null,null,null,null,null,null,null,null,null,null,null,null,null,"NV013","Yes"]
[null,null,null,null,"NY","NY031","Massena Housing Authority",null,null,null,null,null,null,null,null,null,null,null,null,null,null,"NY001","No"]
[null,null,null,null,"NY","NY032","Catskill Housing Authority",null,null,null,null,null,null,null,null,null,null,null,null,null,null,"NY002","Yes"]
[null,null,null,null,"NY","NY033","Rensselaer Housing Authority",null,null,null,null,null,null,null,null,null,null,null,null,null,null,"NY003","No"]
[null,null,null,null,"NY","NY034","Rome Housing Authority",null,null,null,null,null,null,null,null,null,null,null,null,null,null,"NY005","No"]
[null,null,null,null,"NY","NY035","Town of Huntington Housing Authority",null,null,null,null,null,null,null,null,null,null,null,null,null,null,"NY006","Yes"]
[null,null,null,null,"NY","NY038","Mount Kisco Housing Authority",null,null,null,null,null,null,null,null,null,null,null,null,null,null,"NY008","No"]
[null,null,null,null,"NY","NY039","Ogdensburg Housing Authority",null,null,null,null,null,null,null,null,null,null,null,null,null,null,"NY009","Yes"]
[null,null,null,null,"NY","NY041","Rochester Housing Authority",null,null,null,null,null,null,null,null,null,null,null,null,null,null,"NY010","No"]
[null,null,null,null,"NY","NY042","White Plains Housing Authority",null,null,null,null,null,null,null,null,null,null,null,null,null,null,"NY011","No"]
[null,null,null,null,"NY","NY044","Geneva Housing Authority",null,null,null,null,null,null,null,null,null,null,null,null,null,null,"NY012","No"]
[null,null,null,null,"NY","NY045","Kingston Housing Authority",null,null,null,null,null,null,null,null,null,null,null,null,null,null,"NY013","No"]
[null,null,null,null,"NY","NY046","Town of Hempstead Housing Authority",null,null,null,null,null,null,null,null,null,null,null,null,null,null,"NY014","Yes"]
[null,null,null,null,"NY","NY048","Gloversville Housing Authority",null,null,null,null,null,null,null,null,null,null,null,null,null,null,"NY015","Yes"]
[null,null,null,null,"NY","NY049","The City of Beacon Housing Authority",null,null,null,null,null,null,null,null,null,null,null,null,null,null,"NY016","Yes"]
[null,null,null,null,"NY","NY050","Housing Authority of Long Beach",null,null,null,null,null,null,null,null,null,null,null,null,null,null,"NY017","No"]
[null,null,null,null,"NY","NY051","Housing Authority of Newburgh",null,null,null,null,null,null,null,null,null,null,null,null,null,null,"NY018","No"]
[null,null,null,null,"NY","NY052","Batavia Housing Authority",null,null,null,null,null,null,null,null,null,null,null,null,null,null,"NY019","No"]
[null,null,null,null,"NY","NY054","Ithaca Housing Authority",null,null,null,null,null,null,null,null,null,null,null,null,null,null,"NY020","No"]
[null,null,null,null,"NY","NY055","Town of Oyster Bay Housing Authority",null,null,null,null,null,null,null,null,null,null,null,null,null,null,"NY021","No"]
[null,null,null,null,"NY","NY056","Village of Spring Valley Housing Authority",null,null,null,null,null,null,null,null,null,null,null,null,null,null,"NY022","No"]
[null,null,null,null,"NY","NY057","Greenburgh Housing Authority",null,null,null,null,null,null,null,null,null,null,null,null,null,null,"NY023","No"]
[null,null,null,null,"NY","NY058","Wilna Housing Authority",null,null,null,null,null,null,null,null,null,null,null,null,null,null,"NY025","Yes"]
[null,null,null,null,"NY","NY059","Ilion Housing Authority",null,null,null,null,null,null,null,null,null,null,null,null,null,null,"NY026","No"]
[null,null,null,null,"NY","NY060","Amsterdam Housing Authority",null,null,null,null,null,null,null,null,null,null,null,null,null,null,"NY028","Yes"]
[null,null,null,null,"NY","NY061","Hudson Housing Authority",null,null,null,null,null,null,null,null,null,null,null,null,null,null,"NY029","No"]
[null,null,null,null,"NY","NY062","Poughkeepsie Housing Authority",null,null,null,null,null,null,null,null,null,null,null,null,null,null,"NY030","No"]
[null,null,null,null,"NY","NY063","Dunkirk Housing Authority",null,null,null,null,null,null,null,null,null,null,null,null,null,null,"NY031","No"]
[null,null,null,null,"NY","NY064","Woodridge Housing Authority",null,null,null,null,null,null,null,null,null,null,null,null,null,null,"NY032","No"]
[null,null,null,null,"NY","NY065","Norwich Housing Authority",null,null,null,null,null,null,null,null,null,null,null,null,null,null,"NY033","No"]
[null,null,null,null,"NY","NY066","Auburn Housing Authority",null,null,null,null,null,null,null,null,null,null,null,null,null,null,"NY034","No"]
[null,null,null,null,"NY","NY067","Hornell Housing Authority",null,null,null,null,null,null,null,null,null,null,null,null,null,null,"NY035","No"]
[null,null,null,null,"NY","NY068","Oneonta Housing Authority",null,null,null,null,null,null,null,null,null,null,null,null,null,null,"NY038","Yes"]
[null,null,null,null,"NY","NY069","Glen Cove Public Housing Authority",null,null,null,null,null,null,null,null,null,null,null,null,null,null,"NY039","No"]
[null,null,null,null,"NY","NY070","Lockport Housing Authority",null,null,null,null,null,null,null,null,null,null,null,null,null,null,"NY041","No"]
[null,null,null,null,"NY","NY071","Monticello Housing Authority",null,null,null,null,null,null,null,null,null,null,null,null,null,null,"NY042","No"]
[null,null,null,null,"NY","NY077","Town of Islip Housing Authority",null,null,null,null,null,null,null,null,null,null,null,null,null,null,"NY044","No"]
[null,null,null,null,"NY","NY079","Glens Falls Housing Authority",null,null,null,null,null,null,null,null,null,null,null,null,null,null,"NY045","No"]
[null,null,null,null,"NY","NY080","Malone Housing Authority",null,null,null,null,null,null,null,null,null,null,null,null,null,null,"NY046","No"]
[null,null,null,null,"NY","NY081","Tupper Lake Housing Authority",null,null,null,null,null,null,null,null,null,null,null,null,null,null,"NY048","No"]
[null,null,null,null,"NY","NY082","Peekskill Housing Authority",null,null,null,null,null,null,null,null,null,null,null,null,null,null,"NY049","No"]
[null,null,null,null,"NY","NY084","Town of Ramapo Housing Authority",null,null,null,null,null,null,null,null,null,null,null,null,null,null,"NY050","No"]
[null,null,null,null,"NY","NY085","Village of Hempstead HA",null,null,null,null,null,null,null,null,null,null,null,null,null,null,"NY051","No"]
[null,null,null,null,"NY","NY086","North Hempstead Housing Authority",null,null,null,null,null,null,null,null,null,null,null,null,null,null,"NY052","No"]
[null,null,null,null,"NY","NY087","Harrietstown Housing Authority",null,null,null,null,null,null,null,null,null,null,null,null,null,null,"NY054","No"]
[null,null,null,null,"NY","NY088","New Rochelle Housing Authority",null,null,null,null,null,null,null,null,null,null,null,null,null,null,"NY055","No"]
[null,null,null,null,"NY","NY089","Newark Housing Authority",null,null,null,null,null,null,null,null,null,null,null,null,null,null,"NY056","No"]
[null,null,null,null,"NY","NY093","Olean Housing Authority",null,null,null,null,null,null,null,null,null,null,null,null,null,null,"NY057","No"]
[null,null,null,null,"NY","NY097","Canton Housing Authority",null,null,null,null,null,null,null,null,null,null,null,null,null,null,"NY058","No"]
[null,null,null,null,"NY","NY098","St. Johnsville Housing Authority",null,null,null,null,null,null,null,null,null,null,null,null,null,null,"NY059","No"]
[null,null,null,null,"NY","NY099","Port Jervis Housing Authority",null,null,null,null,null,null,null,null,null,null,null,null,null,null,"NY060","No"]
[null,null,null,null,"NY","NY100","Rockville Centre HA",null,null,null,null,null,null,null,null,null,null,null,null,null,null,"NY061","Yes"]
[null,null,null,null,{"$f":"LEFT(F2115,2)","v":"NY"},"NY102","Oneida Housing Authority",null,null,null,null,null,null,null,null,null,null,null,null,null,null,"NY062","No"]
[null,null,null,null,"NY","NY103","Ellenville Housing Authority",null,null,null,null,null,null,null,null,null,null,null,null,null,null,"NY063","No"]
[null,null,null,null,"NY","NY144","Village of Great Neck Housing Authority",null,null,null,null,null,null,null,null,null,null,null,null,null,null,"NY064","No"]
[null,null,null,null,"NY","NY158","Village of Kiryas Joel HA",null,null,null,null,null,null,null,null,null,null,null,null,null,null,"NY065","No"]
[null,null,null,null,"NY","NY400","Kenmore Municipal Housing Authority",null,null,null,null,null,null,null,null,null,null,null,null,null,null,"NY066","No"]
[null,null,null,null,"NY","NY414","West Carthage Housing Authority",null,null,null,null,null,null,null,null,null,null,null,null,null,null,"NY067","No"]
[null,null,null,null,"NY","NY501","Hoosick Housing Authority",null,null,null,null,null,null,null,null,null,null,null,null,null,null,"NY068","No"]
[null,null,null,null,"OH","OH001","Columbus Metropolitan Housing Authority",null,null,null,null,null,null,null,null,null,null,null,null,null,null,"NY069","No"]
[null,null,null,null,"OH","OH002","Youngstown Metropolitan Housing Authority",null,null,null,null,null,null,null,null,null,null,null,null,null,null,"NY070","No"]
[null,null,null,null,"OH","OH003","CUYAHOGA METROPOLITAN HOUSING AUTHORITY",null,null,null,null,null,null,null,null,null,null,null,null,null,null,"NY071","No"]
[null,null,null,null,"OH","OH004","Cincinnati Metropolitan Housing Authority",null,null,null,null,null,null,null,null,null,null,null,null,null,null,"NY077","No"]
[null,null,null,null,"OH","OH005","Dayton Metropolitan Housing Authority",null,null,null,null,null,null,null,null,null,null,null,null,null,null,"NY079","No"]
[null,null,null,null,"OH","OH006","Lucas Metropolitan Housing Authority",null,null,null,null,null,null,null,null,null,null,null,null,null,null,"NY080","No"]
[null,null,null,null,"OH","OH007","AKRON METROPOLITAN HOUSING AUTHORITY",null,null,null,null,null,null,null,null,null,null,null,null,null,null,"NY081","No"]
[null,null,null,null,"OH","OH008","Trumbull Metropolitan Housing Authority",null,null,null,null,null,null,null,null,null,null,null,null,null,null,"NY082","Yes"]
[null,null,null,null,"OH","OH009","Zanesville Metropolitan Housing Authority",null,null,null,null,null,null,null,null,null,null,null,null,null,null,"NY084","No"]
[null,null,null,null,"OH","OH010","Portsmouth Metropolitan Housing Authority",null,null,null,null,null,null,null,null,null,null,null,null,null,null,"NY085","No"]
[null,null,null,null,"OH","OH012","Lorain Metropolitan Housing Authority",null,null,null,null,null,null,null,null,null,null,null,null,null,null,"NY086","No"]
[null,null,null,null,"OH","OH014","Jefferson Metropolitan Housing Authority",null,null,null,null,null,null,null,null,null,null,null,null,null,null,"NY087","No"]
[null,null,null,null,"OH","OH015","Butler Metropolitan Housing Authority",null,null,null,null,null,null,null,null,null,null,null,null,null,null,"NY088","No"]
[null,null,null,null,"OH","OH018","Stark Metropolitan Housing Authority",null,null,null,null,null,null,null,null,null,null,null,null,null,null,"NY089","No"]
[null,null,null,null,"OH","OH019","Ironton Metropolitan Housing Authority",null,null,null,null,null,null,null,null,null,null,null,null,null,null,"NY093","No"]
[null,null,null,null,"OH","OH020","Belmont Metropolitan Housing Authority",null,null,null,null,null,null,null,null,null,null,null,null,null,null,"NY097","No"]
[null,null,null,null,"OH","OH021","Springfield Metropolitan Housing Authority",null,null,null,null,null,null,null,null,null,null,null,null,null,null,"NY098","No"]
[null,null,null,null,"OH","OH022","Greene Metropolitan Housing Authority",null,null,null,null,null,null,null,null,null,null,null,null,null,null,"NY099","No"]
[null,null,null,null,"OH","OH023","London Metropolitan Housing Authority",null,null,null,null,null,null,null,null,null,null,null,null,null,null,"NY100","No"]
[null,null,null,null,"OH","OH024","Chillicothe Metropolitan Housing Authority",null,null,null,null,null,null,null,null,null,null,null,null,null,null,"NY102","No"]
[null,null,null,null,"OH","OH025","Lake Metropolitan Housing Authority",null,null,null,null,null,null,null,null,null,null,null,null,null,null,"NY103","No"]
[null,null,null,null,"OH","OH026","Columbiana Metropolitan Housing Authority",null,null,null,null,null,null,null,null,null,null,null,null,null,null,"NY144","No"]
[null,null,null,null,"OH","OH027","Medina Metropolitan Housing Authority",null,null,null,null,null,null,null,null,null,null,null,null,null,null,"NY158","No"]
[null,null,null,null,"OH","OH028","Erie Metropolitan Housing Authority",null,null,null,null,null,null,null,null,null,null,null,null,null,null,"NY400","No"]
[null,null,null,null,"OH","OH029","Ashtabula Metropolitan Housing Authority",null,null,null,null,null,null,null,null,null,null,null,null,null,null,"NY414","No"]
[null,null,null,null,"OH","OH031","Portage Metropolitan Housing Authority",null,null,null,null,null,null,null,null,null,null,null,null,null,null,"NY501","Yes"]
[null,null,null,null,"OH","OH032","Hocking Metropolitan Housing Authority",null,null,null,null,null,null,null,null,null,null,null,null,null,null,"OH001","Yes"]
[null,null,null,null,"OH","OH033","Cambridge Metropolitan Housing Authority",null,null,null,null,null,null,null,null,null,null,null,null,null,null,"OH002","Yes"]
[null,null,null,null,"OH","OH034","Perry County Metropolitan Housing Authority",null,null,null,null,null,null,null,null,null,null,null,null,null,null,"OH003","No"]
[null,null,null,null,"OH","OH036","Wayne Metropolitan Housing Authority",null,null,null,null,null,null,null,null,null,null,null,null,null,null,"OH004","Yes"]
[null,null,null,null,"OH","OH037","Coshocton Metropolitan Housing Authority",null,null,null,null,null,null,null,null,null,null,null,null,null,null,"OH005","Yes"]
[null,null,null,null,"OH","OH038","Clermont Metropolitan Housing Authority",null,null,null,null,null,null,null,null,null,null,null,null,null,null,"OH006","No"]
[null,null,null,null,"OH","OH040","Jackson County Metropolitan Housing Authority",null,null,null,null,null,null,null,null,null,null,null,null,null,null,"OH007","Yes"]
[null,null,null,null,"OH","OH041","ATHENS METROPOLITAN HOUSING AUTHORITY",null,null,null,null,null,null,null,null,null,null,null,null,null,null,"OH008","No"]
[null,null,null,null,"OH","OH042","Geauga Metropolitan Housing Authority",null,null,null,null,null,null,null,null,null,null,null,null,null,null,"OH009","No"]
[null,null,null,null,"OH","OH043","Licking Metropolitan Housing Authority",null,null,null,null,null,null,null,null,null,null,null,null,null,null,"OH010","Yes"]
[null,null,null,null,"OH","OH044","Allen Metropolitan Housing Authority",null,null,null,null,null,null,null,null,null,null,null,null,null,null,"OH012","No"]
[null,null,null,null,"OH","OH046","Adams Metropolitan Housing Authority",null,null,null,null,null,null,null,null,null,null,null,null,null,null,"OH014","No"]
[null,null,null,null,"OH","OH047","Gallia Metropolitan Housing Authority",null,null,null,null,null,null,null,null,null,null,null,null,null,null,"OH015","No"]
[null,null,null,null,"OH","OH049","Warren Metropolitan Housing Authority",null,null,null,null,null,null,null,null,null,null,null,null,null,null,"OH018","No"]
[null,null,null,null,"OH","OH054","Sandusky Metropolitan Housing Authority",null,null,null,null,null,null,null,null,null,null,null,null,null,null,"OH019","No"]
[null,null,null,null,"OH","OH059","Pickaway Metropolitan Housing Authority",null,null,null,null,null,null,null,null,null,null,null,null,null,null,"OH020","No"]
[null,null,null,null,"OH","OH060","Pike Metropolitan Housing Authority",null,null,null,null,null,null,null,null,null,null,null,null,null,null,"OH021","No"]
[null,null,null,null,"OH","OH061","Shelby Metropolitan Housing Authority",null,null,null,null,null,null,null,null,null,null,null,null,null,null,"OH022","No"]
[null,null,null,null,"OH","OH062","Miami Metropolitan Housing Authority",null,null,null,null,null,null,null,null,null,null,null,null,null,null,"OH023","No"]
[null,null,null,null,"OH","OH066","Morgan Metropolitan Housing Authority",null,null,null,null,null,null,null,null,null,null,null,null,null,null,"OH024","No"]
[null,null,null,null,"OH","OH067","Harrison Metropolitan Housing Authority",null,null,null,null,null,null,null,null,null,null,null,null,null,null,"OH025","No"]
[null,null,null,null,"OH","OH069","Noble Metropolitan Housing Authority",null,null,null,null,null,null,null,null,null,null,null,null,null,null,"OH026","No"]
[null,null,null,null,"OH","OH070","Fairfield Metropolitan Housing Authority",null,null,null,null,null,null,null,null,null,null,null,null,null,null,"OH027","Yes"]
[null,null,null,null,"OH","OH072","LOGAN COUNTY METROPOLITAN HOUSING AUTHORITY",null,null,null,null,null,null,null,null,null,null,null,null,null,null,"OH028","No"]
[null,null,null,null,"OH","OH073","Parma Public Housing Agency",null,null,null,null,null,null,null,null,null,null,null,null,null,null,"OH029","No"]
[null,null,null,null,"OH","OH081","Brown Metropolitan Housing Authority",null,null,null,null,null,null,null,null,null,null,null,null,null,null,"OH031","No"]
[null,null,null,null,"OK","OK002","Oklahoma City Housing Authority",null,null,null,null,null,null,null,null,null,null,null,null,null,null,"OH032","No"]
[null,null,null,null,"OK","OK003","Housing Authority of the City of Comanche",null,null,null,null,null,null,null,null,null,null,null,null,null,null,"OH033","No"]
[null,null,null,null,"OK","OK004","Housing Authority of the City of Idabel",null,null,null,null,null,null,null,null,null,null,null,null,null,null,"OH034","No"]
[null,null,null,null,"OK","OK005","Housing Authority of the City of Lawton",null,null,null,null,null,null,null,null,null,null,null,null,null,null,"OH036","No"]
[null,null,null,null,"OK","OK006","Housing Authority of the City of Broken Bow",null,null,null,null,null,null,null,null,null,null,null,null,null,null,"OH037","No"]
[null,null,null,null,{"$f":"LEFT(F2179,2)","v":"OK"},"OK007","Housing Authority of the City of Heavener",null,null,null,null,null,null,null,null,null,null,null,null,null,null,"OH038","No"]
[null,null,null,null,"OK","OK008","Housing Authority of the City of Anadarko",null,null,null,null,null,null,null,null,null,null,null,null,null,null,"OH040","No"]
[null,null,null,null,"OK","OK010","Housing Authority of the City of Drumright",null,null,null,null,null,null,null,null,null,null,null,null,null,null,"OH041","No"]
[null,null,null,null,"OK","OK011","Housing Authority of the Town of Prague",null,null,null,null,null,null,null,null,null,null,null,null,null,null,"OH042","No"]
[null,null,null,null,"OK","OK012","Housing Authority of the City of Picher",null,null,null,null,null,null,null,null,null,null,null,null,null,null,"OH043","No"]
[null,null,null,null,"OK","OK013","Housing Authority of the City of Stigler",null,null,null,null,null,null,null,null,null,null,null,null,null,null,"OH044","No"]
[null,null,null,null,"OK","OK015","Housing Authority of the City of Elk City",null,null,null,null,null,null,null,null,null,null,null,null,null,null,"OH046","No"]
[null,null,null,null,"OK","OK016","Housing Authority of the Town of Temple",null,null,null,null,null,null,null,null,null,null,null,null,null,null,"OH047","No"]
[null,null,null,null,"OK","OK017","Housing Authority of the City of Walters",null,null,null,null,null,null,null,null,null,null,null,null,null,null,"OH049","No"]
[null,null,null,null,"OK","OK018","Housing Authority of the City of Snyder",null,null,null,null,null,null,null,null,null,null,null,null,null,null,"OH054","No"]
[null,null,null,null,"OK","OK020","Housing Authority of the City of Coalgate",null,null,null,null,null,null,null,null,null,null,null,null,null,null,"OH059","No"]
[null,null,null,null,"OK","OK021","Housing Authority of the City of Grandfield",null,null,null,null,null,null,null,null,null,null,null,null,null,null,"OH060","No"]
[null,null,null,null,"OK","OK022","Housing Authority of the City of Oilton",null,null,null,null,null,null,null,null,null,null,null,null,null,null,"OH061","No"]
[null,null,null,null,"OK","OK023","Housing Authority of the City of Watonga",null,null,null,null,null,null,null,null,null,null,null,null,null,null,"OH062","No"]
[null,null,null,null,"OK","OK024","Housing Authority of the City of Ada",null,null,null,null,null,null,null,null,null,null,null,null,null,null,"OH066","No"]
[null,null,null,null,"OK","OK025","Housing Authority of the Town of Antlers",null,null,null,null,null,null,null,null,null,null,null,null,null,null,"OH067","No"]
[null,null,null,null,"OK","OK026","Housing Authority of the Town of Cache",null,null,null,null,null,null,null,null,null,null,null,null,null,null,"OH069","No"]
[null,null,null,null,"OK","OK027","Housing Authority of Miami, Oklahoma",null,null,null,null,null,null,null,null,null,null,null,null,null,null,"OH070","No"]
[null,null,null,null,"OK","OK028","Housing Authority of the Town of Weleetka",null,null,null,null,null,null,null,null,null,null,null,null,null,null,"OH072","No"]
[null,null,null,null,"OK","OK029","Housing Authority of the City of Wilburton",null,null,null,null,null,null,null,null,null,null,null,null,null,null,"OH073","Yes"]
[null,null,null,null,"OK","OK030","HOUSING AUTHORITY OF THE CITY OF MADILL",null,null,null,null,null,null,null,null,null,null,null,null,null,null,"OH081","No"]
[null,null,null,null,"OK","OK031","Housing Authority of the City of Wetumka",null,null,null,null,null,null,null,null,null,null,null,null,null,null,"OK002","No"]
[null,null,null,null,"OK","OK032","Housing Authority of the City of Seminole",null,null,null,null,null,null,null,null,null,null,null,null,null,null,"OK003","No"]
[null,null,null,null,"OK","OK033","Housing Authority of the City of Bristow",null,null,null,null,null,null,null,null,null,null,null,null,null,null,"OK004","No"]
[null,null,null,null,"OK","OK034","Housing Authority of the Town of Apache",null,null,null,null,null,null,null,null,null,null,null,null,null,null,"OK005","No"]
[null,null,null,null,"OK","OK035","Housing Authority of the Town of Cement",null,null,null,null,null,null,null,null,null,null,null,null,null,null,"OK006","No"]
[null,null,null,null,"OK","OK036","Housing Authority of the Town of Cyril",null,null,null,null,null,null,null,null,null,null,null,null,null,null,"OK007","No"]
[null,null,null,null,"OK","OK037","Housing Authority of the Town of Sterling",null,null,null,null,null,null,null,null,null,null,null,null,null,null,"OK008","No"]
[null,null,null,null,"OK","OK039","Housing Authority of the Town of Mangum",null,null,null,null,null,null,null,null,null,null,null,null,null,null,"OK010","No"]
[null,null,null,null,"OK","OK040","Housing Authority of the City of Sayre",null,null,null,null,null,null,null,null,null,null,null,null,null,null,"OK011","No"]
[null,null,null,null,"OK","OK041","Housing Authority of the Town of Ringling",null,null,null,null,null,null,null,null,null,null,null,null,null,null,"OK012","No"]
[null,null,null,null,"OK","OK042","Housing Authority of the Town of Roosevelt",null,null,null,null,null,null,null,null,null,null,null,null,null,null,"OK013","No"]
[null,null,null,null,"OK","OK044","Housing Authority of the City of Hugo",null,null,null,null,null,null,null,null,null,null,null,null,null,null,"OK015","No"]
[null,null,null,null,"OK","OK046","Housing Authority of the Town of Hydro",null,null,null,null,null,null,null,null,null,null,null,null,null,null,"OK016","No"]
[null,null,null,null,"OK","OK048","Housing Authority of the City of Holdenville",null,null,null,null,null,null,null,null,null,null,null,null,null,null,"OK017","No"]
[null,null,null,null,"OK","OK050","Housing Authority of the City of Stroud",null,null,null,null,null,null,null,null,null,null,null,null,null,null,"OK018","No"]
[null,null,null,null,"OK","OK052","Housing Authority of the City of Boley",null,null,null,null,null,null,null,null,null,null,null,null,null,null,"OK020","No"]
[null,null,null,null,"OK","OK053","Housing Authority of the Town of Indiahoma",null,null,null,null,null,null,null,null,null,null,null,null,null,null,"OK021","No"]
[null,null,null,null,"OK","OK055","Housing Authority of the City of Guthrie",null,null,null,null,null,null,null,null,null,null,null,null,null,null,"OK022","No"]
[null,null,null,null,"OK","OK056","Housing Authority of the City of Newkirk",null,null,null,null,null,null,null,null,null,null,null,null,null,null,"OK023","No"]
[null,null,null,null,"OK","OK057","Housing Authority of the City of Geary",null,null,null,null,null,null,null,null,null,null,null,null,null,null,"OK024","No"]
[null,null,null,null,"OK","OK060","Housing Authority of the City of Pawnee",null,null,null,null,null,null,null,null,null,null,null,null,null,null,"OK025","Yes"]
[null,null,null,null,"OK","OK061","Housing Authority of the Town of Valliant",null,null,null,null,null,null,null,null,null,null,null,null,null,null,"OK026","No"]
[null,null,null,null,"OK","OK062","Housing Authority of the City of McAlester",null,null,null,null,null,null,null,null,null,null,null,null,null,null,"OK027","No"]
[null,null,null,null,"OK","OK063","Housing Authority of the City of Commerce",null,null,null,null,null,null,null,null,null,null,null,null,null,null,"OK028","No"]
[null,null,null,null,"OK","OK064","Housing Authority of the Town of Seiling",null,null,null,null,null,null,null,null,null,null,null,null,null,null,"OK029","No"]
[null,null,null,null,"OK","OK065","Housing Authority of the City of Wynnewood",null,null,null,null,null,null,null,null,null,null,null,null,null,null,"OK030","No"]
[null,null,null,null,"OK","OK066","HOUSING AUTHORITY OF THE TOWN OF TISHOMINGO",null,null,null,null,null,null,null,null,null,null,null,null,null,null,"OK031","No"]
[null,null,null,null,"OK","OK067","Housing Authority of the City of Stilwell",null,null,null,null,null,null,null,null,null,null,null,null,null,null,"OK032","No"]
[null,null,null,null,"OK","OK068","Housing Authority of the City of Haileyville",null,null,null,null,null,null,null,null,null,null,null,null,null,null,"OK033","No"]
[null,null,null,null,"OK","OK069","Housing Authority of the Town of Clayton",null,null,null,null,null,null,null,null,null,null,null,null,null,null,"OK034","No"]
[null,null,null,null,"OK","OK070","Housing Authority of the Town of Terral",null,null,null,null,null,null,null,null,null,null,null,null,null,null,"OK035","No"]
[null,null,null,null,"OK","OK071","Housing Authority of the Town of Tuttle",null,null,null,null,null,null,null,null,null,null,null,null,null,null,"OK036","No"]
[null,null,null,null,"OK","OK072","Housing Authority of the City of Hartshorne",null,null,null,null,null,null,null,null,null,null,null,null,null,null,"OK037","No"]
[null,null,null,null,"OK","OK073","Housing Authority of the City of Tulsa",null,null,null,null,null,null,null,null,null,null,null,null,null,null,"OK039","No"]
[null,null,null,null,"OK","OK075","Housing Authority of the City of Beggs",null,null,null,null,null,null,null,null,null,null,null,null,null,null,"OK040","No"]
[null,null,null,null,"OK","OK076","Housing Authority of the City of Kingston",null,null,null,null,null,null,null,null,null,null,null,null,null,null,"OK041","No"]
[null,null,null,null,"OK","OK078","Housing Authority of the City of Krebs",null,null,null,null,null,null,null,null,null,null,null,null,null,null,"OK042","No"]
[null,null,null,null,"OK","OK079","Housing Authority of the City of Waurika",null,null,null,null,null,null,null,null,null,null,null,null,null,null,"OK044","No"]
[null,null,null,null,"OK","OK083","Housing Authority of the City of Maud",null,null,null,null,null,null,null,null,null,null,null,null,null,null,"OK046","No"]
[null,null,null,null,"OK","OK084","Housing Authority of the City of Minco",null,null,null,null,null,null,null,null,null,null,null,null,null,null,"OK048","No"]
[null,null,null,null,"OK","OK085","Housing Authority of the Town of Ryan",null,null,null,null,null,null,null,null,null,null,null,null,null,null,"OK050","No"]
[null,null,null,null,"OK","OK086","Housing Authority of the Town of Stratford",null,null,null,null,null,null,null,null,null,null,null,null,null,null,"OK052","No"]
[null,null,null,null,"OK","OK087","Housing Authority of the Town of Wister",null,null,null,null,null,null,null,null,null,null,null,null,null,null,"OK053","No"]
[null,null,null,null,{"$f":"LEFT(F2243,2)","v":"OK"},"OK088","Housing Authority of the Town of Talihina",null,null,null,null,null,null,null,null,null,null,null,null,null,null,"OK055","No"]
[null,null,null,null,"OK","OK089","Housing Authority of the City of Hobart",null,null,null,null,null,null,null,null,null,null,null,null,null,null,"OK056","No"]
[null,null,null,null,"OK","OK092","Housing Authority of the Town of Granite",null,null,null,null,null,null,null,null,null,null,null,null,null,null,"OK057","No"]
[null,null,null,null,"OK","OK095","Housing Authority of the City of Shawnee",null,null,null,null,null,null,null,null,null,null,null,null,null,null,"OK060","No"]
[null,null,null,null,"OK","OK096","Housing Authority of the City of Wewoka",null,null,null,null,null,null,null,null,null,null,null,null,null,null,"OK061","No"]
[null,null,null,null,"OK","OK097","Housing Authority of the Town of Cheyenne",null,null,null,null,null,null,null,null,null,null,null,null,null,null,"OK062","No"]
[null,null,null,null,"OK","OK099","Housing Authority of the City of Muskogee",null,null,null,null,null,null,null,null,null,null,null,null,null,null,"OK063","No"]
[null,null,null,null,"OK","OK101","Housing Authority of the City of Boswell",null,null,null,null,null,null,null,null,null,null,null,null,null,null,"OK064","No"]
[null,null,null,null,"OK","OK103","Housing Authority of the City of Waynoka",null,null,null,null,null,null,null,null,null,null,null,null,null,null,"OK065","No"]
[null,null,null,null,"OK","OK105","Housing Authority of the City of Konawa",null,null,null,null,null,null,null,null,null,null,null,null,null,null,"OK066","No"]
[null,null,null,null,"OK","OK106","Housing Authority of the City of Langston",null,null,null,null,null,null,null,null,null,null,null,null,null,null,"OK067","No"]
[null,null,null,null,"OK","OK108","Housing Authority of the Town of Mountain Park",null,null,null,null,null,null,null,null,null,null,null,null,null,null,"OK068","No"]
[null,null,null,null,"OK","OK111","Housing Authority of the City of Ponca City",null,null,null,null,null,null,null,null,null,null,null,null,null,null,"OK069","No"]
[null,null,null,null,"OK","OK113","Housing Authority of the Town of Fort Cobb",null,null,null,null,null,null,null,null,null,null,null,null,null,null,"OK070","No"]
[null,null,null,null,"OK","OK116","Housing Authority of the Town of Tipton",null,null,null,null,null,null,null,null,null,null,null,null,null,null,"OK071","Yes"]
[null,null,null,null,"OK","OK118","Housing Authority of the Town of Fort Gibson",null,null,null,null,null,null,null,null,null,null,null,null,null,null,"OK072","No"]
[null,null,null,null,"OK","OK119","Housing Authority of the City of Afton",null,null,null,null,null,null,null,null,null,null,null,null,null,null,"OK073","No"]
[null,null,null,null,"OK","OK120","Housing Authority of the City of Yale",null,null,null,null,null,null,null,null,null,null,null,null,null,null,"OK075","No"]
[null,null,null,null,"OK","OK121","Housing Authority of the City of Keota",null,null,null,null,null,null,null,null,null,null,null,null,null,null,"OK076","No"]
[null,null,null,null,"OK","OK123","Housing Authority of Osage County",null,null,null,null,null,null,null,null,null,null,null,null,null,null,"OK078","No"]
[null,null,null,null,"OK","OK124","Housing Authority of the City of Atoka",null,null,null,null,null,null,null,null,null,null,null,null,null,null,"OK079","No"]
[null,null,null,null,"OK","OK131","Housing Authority of the Kiamichi Electric Coop",null,null,null,null,null,null,null,null,null,null,null,null,null,null,"OK083","No"]
[null,null,null,null,"OK","OK132","Housing Authority of the Town of Cushing",null,null,null,null,null,null,null,null,null,null,null,null,null,null,"OK084","No"]
[null,null,null,null,"OK","OK134","Housing Authority of the Caddo Electric Cooperativ",null,null,null,null,null,null,null,null,null,null,null,null,null,null,"OK085","No"]
[null,null,null,null,"OK","OK136","Housing Authority of the Cookson Hills Electric Co",null,null,null,null,null,null,null,null,null,null,null,null,null,null,"OK086","No"]
[null,null,null,null,"OK","OK137","Housing Authority of the Choctaw Electric Cooperat",null,null,null,null,null,null,null,null,null,null,null,null,null,null,"OK087","No"]
[null,null,null,null,"OK","OK139","Housing Authority of the City of Norman",null,null,null,null,null,null,null,null,null,null,null,null,null,null,"OK088","No"]
[null,null,null,null,"OK","OK142","Housing Authority of the City of Henryetta",null,null,null,null,null,null,null,null,null,null,null,null,null,null,"OK089","No"]
[null,null,null,null,"OK","OK146","Housing Authority of the City of Stillwater",null,null,null,null,null,null,null,null,null,null,null,null,null,null,"OK092","No"]
[null,null,null,null,"OK","OK147","Housing Authority of the Town of Lone Wolf",null,null,null,null,null,null,null,null,null,null,null,null,null,null,"OK095","No"]
[null,null,null,null,"OK","OK148","Housing Authority of the City of Tecumseh",null,null,null,null,null,null,null,null,null,null,null,null,null,null,"OK096","No"]
[null,null,null,null,"OK","OK149","Housing Authority of the City of Pauls Valley",null,null,null,null,null,null,null,null,null,null,null,null,null,null,"OK097","No"]
[null,null,null,null,"OK","OK150","Housing Authority of the City of Del City",null,null,null,null,null,null,null,null,null,null,null,null,null,null,"OK099","No"]
[null,null,null,null,"OK","OK154","Housing Authority of the Town of Mountain View",null,null,null,null,null,null,null,null,null,null,null,null,null,null,"OK101","No"]
[null,null,null,null,"OR","OR001","Housing Authority of Clackamas County",null,null,null,null,null,null,null,null,null,null,null,null,null,null,"OK103","No"]
[null,null,null,null,"OR","OR002","Housing Authority of Portland",null,null,null,null,null,null,null,null,null,null,null,null,null,null,"OK105","No"]
[null,null,null,null,"OR","OR003","Housing Authority of Douglas County",null,null,null,null,null,null,null,null,null,null,null,null,null,null,"OK106","No"]
[null,null,null,null,"OR","OR005","Housing Authority of Lincoln County",null,null,null,null,null,null,null,null,null,null,null,null,null,null,"OK108","No"]
[null,null,null,null,"OR","OR006","Housing Authority & Comm Svcs of Lane Co",null,null,null,null,null,null,null,null,null,null,null,null,null,null,"OK111","No"]
[null,null,null,null,"OR","OR007","Housing Authority of the County of Umatilla",null,null,null,null,null,null,null,null,null,null,null,null,null,null,"OK113","No"]
[null,null,null,null,"OR","OR008","Housing Authority & Urban Renewal Agency of Polk County",null,null,null,null,null,null,null,null,null,null,null,null,null,null,"OK116","No"]
[null,null,null,null,"OR","OR009","North Bend City Housing Authority",null,null,null,null,null,null,null,null,null,null,null,null,null,null,"OK118","No"]
[null,null,null,null,"OR","OR011","Housing Authority of the City of Salem",null,null,null,null,null,null,null,null,null,null,null,null,null,null,"OK119","No"]
[null,null,null,null,"OR","OR014","Marion County Housing Authority",null,null,null,null,null,null,null,null,null,null,null,null,null,null,"OK120","No"]
[null,null,null,null,"OR","OR016","Housing Authority of Yamhill County",null,null,null,null,null,null,null,null,null,null,null,null,null,null,"OK121","No"]
[null,null,null,null,"OR","OR017","Klamath Housing Authority",null,null,null,null,null,null,null,null,null,null,null,null,null,null,"OK123","No"]
[null,null,null,null,"OR","OR020","Coos-Curry Housing Authority",null,null,null,null,null,null,null,null,null,null,null,null,null,null,"OK124","No"]
[null,null,null,null,"OR","OR022","Housing Authority of Washington County",null,null,null,null,null,null,null,null,null,null,null,null,null,null,"OK131","No"]
[null,null,null,null,"OR","OR027","Housing Authority of Malheur County",null,null,null,null,null,null,null,null,null,null,null,null,null,null,"OK132","No"]
[null,null,null,null,"OR","OR032","Northeast Oregon Housing Authority",null,null,null,null,null,null,null,null,null,null,null,null,null,null,"OK134","No"]
[null,null,null,null,"PA","PA001","Housing Auth City of Pittsburgh",null,null,null,null,null,null,null,null,null,null,null,null,null,null,"OK136","No"]
[null,null,null,null,"PA","PA002","PHILADELPHIA HOUSING AUTHORITY",null,null,null,null,null,null,null,null,null,null,null,null,null,null,"OK137","No"]
[null,null,null,null,"PA","PA003","Scranton Housing Authority",null,null,null,null,null,null,null,null,null,null,null,null,null,null,"OK139","No"]
[null,null,null,null,"PA","PA004","Allentown Housing Authority",null,null,null,null,null,null,null,null,null,null,null,null,null,null,"OK142","No"]
[null,null,null,null,"PA","PA005","McKeesport Housing Authority",null,null,null,null,null,null,null,null,null,null,null,null,null,null,"OK146","No"]
[null,null,null,null,"PA","PA006","Allegheny County Housing Authority",null,null,null,null,null,null,null,null,null,null,null,null,null,null,"OK147","No"]
[null,null,null,null,"PA","PA007","Chester Housing Authority",null,null,null,null,null,null,null,null,null,null,null,null,null,null,"OK148","No"]
[null,null,null,null,"PA","PA008","Harrisburg Housing Authority",null,null,null,null,null,null,null,null,null,null,null,null,null,null,"OK149","No"]
[null,null,null,null,"PA","PA009","Reading Housing Authority",null,null,null,null,null,null,null,null,null,null,null,null,null,null,"OK150","No"]
[null,null,null,null,"PA","PA010","Butler County Housing Authority",null,null,null,null,null,null,null,null,null,null,null,null,null,null,"OK154","Yes"]
[null,null,null,null,"PA","PA011","Bethlehem Housing Authority",null,null,null,null,null,null,null,null,null,null,null,null,null,null,"OR001","No"]
[null,null,null,null,"PA","PA012","Montgomery County Housing Authority",null,null,null,null,null,null,null,null,null,null,null,null,null,null,"OR002","No"]
[null,null,null,null,"PA","PA013","Housing Authority of the City of Erie",null,null,null,null,null,null,null,null,null,null,null,null,null,null,"OR003","No"]
[null,null,null,null,"PA","PA014","Housing Authority of the County of Beaver",null,null,null,null,null,null,null,null,null,null,null,null,null,null,"OR005","No"]
[null,null,null,null,{"$f":"LEFT(F2307,2)","v":"PA"},"PA015","Fayette County Housing Authority",null,null,null,null,null,null,null,null,null,null,null,null,null,null,"OR006","Yes"]
[null,null,null,null,"PA","PA016","Schuylkill County Housing Authority",null,null,null,null,null,null,null,null,null,null,null,null,null,null,"OR007","No"]
[null,null,null,null,"PA","PA017","Washington County Housing Authority",null,null,null,null,null,null,null,null,null,null,null,null,null,null,"OR008","Yes"]
[null,null,null,null,"PA","PA018","Westmoreland County Hsg Authority",null,null,null,null,null,null,null,null,null,null,null,null,null,null,"OR009","No"]
[null,null,null,null,"PA","PA019","Johnstown Housing Authority",null,null,null,null,null,null,null,null,null,null,null,null,null,null,"OR011","No"]
[null,null,null,null,"PA","PA020","Mercer County Housing Authority",null,null,null,null,null,null,null,null,null,null,null,null,null,null,"OR014","No"]
[null,null,null,null,"PA","PA021","Housing Authority of the County of Lycoming",null,null,null,null,null,null,null,null,null,null,null,null,null,null,"OR015","No"]
[null,null,null,null,"PA","PA022","Housing Authority of the City of York",null,null,null,null,null,null,null,null,null,null,null,null,null,null,"OR016","No"]
[null,null,null,null,"PA","PA023","Housing Authority County of Delaware",null,null,null,null,null,null,null,null,null,null,null,null,null,null,"OR017","No"]
[null,null,null,null,"PA","PA024","Easton Housing Authority",null,null,null,null,null,null,null,null,null,null,null,null,null,null,"OR020","No"]
[null,null,null,null,"PA","PA025","Connellsville Housing Authority",null,null,null,null,null,null,null,null,null,null,null,null,null,null,"OR022","No"]
[null,null,null,null,"PA","PA026","Housing Auth Co of Lawrence",null,null,null,null,null,null,null,null,null,null,null,null,null,null,"OR027","No"]
[null,null,null,null,"PA","PA027","Huntingdon County Housing Authority",null,null,null,null,null,null,null,null,null,null,null,null,null,null,"OR032","No"]
[null,null,null,null,"PA","PA028","The Housing Authority of Monroe County",null,null,null,null,null,null,null,null,null,null,null,null,null,null,"OR034","Yes"]
[null,null,null,null,"PA","PA029","Somerset County Housing Authority",null,null,null,null,null,null,null,null,null,null,null,null,null,null,"PA001","No"]
[null,null,null,null,"PA","PA030","The Housing Auth of the City of Carbondale",null,null,null,null,null,null,null,null,null,null,null,null,null,null,"PA002","No"]
[null,null,null,null,"PA","PA031","Altoona Housing Authority",null,null,null,null,null,null,null,null,null,null,null,null,null,null,"PA003","No"]
[null,null,null,null,"PA","PA032","The Housing Authority of Montour County",null,null,null,null,null,null,null,null,null,null,null,null,null,null,"PA004","No"]
[null,null,null,null,"PA","PA033","Meadville Housing Authority",null,null,null,null,null,null,null,null,null,null,null,null,null,null,"PA005","No"]
[null,null,null,null,"PA","PA034","Housing Authority of the County of Franklin",null,null,null,null,null,null,null,null,null,null,null,null,null,null,"PA006","No"]
[null,null,null,null,"PA","PA035","Housing Authority of the County of Dauphin",null,null,null,null,null,null,null,null,null,null,null,null,null,null,"PA007","No"]
[null,null,null,null,"PA","PA036","The Housing Auth of the City of Lancaster",null,null,null,null,null,null,null,null,null,null,null,null,null,null,"PA008","Yes"]
[null,null,null,null,"PA","PA037","Housing Authority of the City of Pottsville",null,null,null,null,null,null,null,null,null,null,null,null,null,null,"PA009","No"]
[null,null,null,null,"PA","PA038","Lackawanna County Housing Authority",null,null,null,null,null,null,null,null,null,null,null,null,null,null,"PA010","No"]
[null,null,null,null,"PA","PA039","Armstrong County Housing Authority",null,null,null,null,null,null,null,null,null,null,null,null,null,null,"PA011","No"]
[null,null,null,null,"PA","PA040","The Housing Authority of Clinton County",null,null,null,null,null,null,null,null,null,null,null,null,null,null,"PA012","Yes"]
[null,null,null,null,"PA","PA041","The Housing Auth of the County of Mifflin",null,null,null,null,null,null,null,null,null,null,null,null,null,null,"PA013","No"]
[null,null,null,null,"PA","PA042","Housing Authority of the City of Pittston",null,null,null,null,null,null,null,null,null,null,null,null,null,null,"PA014","No"]
[null,null,null,null,"PA","PA043","The Housing Auth of the City of Nanticoke",null,null,null,null,null,null,null,null,null,null,null,null,null,null,"PA015","No"]
[null,null,null,null,"PA","PA044","The Housing Authority of the City of Hazleton",null,null,null,null,null,null,null,null,null,null,null,null,null,null,"PA016","No"]
[null,null,null,null,"PA","PA045","Greene County Housing Authority",null,null,null,null,null,null,null,null,null,null,null,null,null,null,"PA017","No"]
[null,null,null,null,"PA","PA046","Housing Authority of the County of Chester",null,null,null,null,null,null,null,null,null,null,null,null,null,null,"PA018","No"]
[null,null,null,null,"PA","PA047","Wilkes Barre Housing Authority",null,null,null,null,null,null,null,null,null,null,null,null,null,null,"PA019","No"]
[null,null,null,null,"PA","PA048","Indiana County Housing Authority",null,null,null,null,null,null,null,null,null,null,null,null,null,null,"PA020","Yes"]
[null,null,null,null,"PA","PA049","Bradford City Housing Authority",null,null,null,null,null,null,null,null,null,null,null,null,null,null,"PA021","No"]
[null,null,null,null,"PA","PA050","Tioga County Housing Authority",null,null,null,null,null,null,null,null,null,null,null,null,null,null,"PA022","No"]
[null,null,null,null,"PA","PA051","Bucks County Housing Authority",null,null,null,null,null,null,null,null,null,null,null,null,null,null,"PA023","No"]
[null,null,null,null,"PA","PA052","Housing Authority of the County of Lebanon",null,null,null,null,null,null,null,null,null,null,null,null,null,null,"PA024","No"]
[null,null,null,null,"PA","PA053","Sunbury Housing Authority",null,null,null,null,null,null,null,null,null,null,null,null,null,null,"PA025","No"]
[null,null,null,null,"PA","PA054","Elk County Housing Authority",null,null,null,null,null,null,null,null,null,null,null,null,null,null,"PA026","No"]
[null,null,null,null,"PA","PA055","Shamokin Housing Authority",null,null,null,null,null,null,null,null,null,null,null,null,null,null,"PA027","No"]
[null,null,null,null,"PA","PA056","Housing Authority of the City of Franklin",null,null,null,null,null,null,null,null,null,null,null,null,null,null,"PA028","No"]
[null,null,null,null,"PA","PA057","Housing Authority of the County of Luzerne",null,null,null,null,null,null,null,null,null,null,null,null,null,null,"PA029","Yes"]
[null,null,null,null,"PA","PA058","Titusville Housing Authority",null,null,null,null,null,null,null,null,null,null,null,null,null,null,"PA030","No"]
[null,null,null,null,"PA","PA059","Oil City Housing Authority",null,null,null,null,null,null,null,null,null,null,null,null,null,null,"PA031","No"]
[null,null,null,null,"PA","PA060","Housing Auth of the County of Northumberland",null,null,null,null,null,null,null,null,null,null,null,null,null,null,"PA032","No"]
[null,null,null,null,"PA","PA061","Jefferson County Housing Authority",null,null,null,null,null,null,null,null,null,null,null,null,null,null,"PA033","Yes"]
[null,null,null,null,"PA","PA063","Dubois Housing Authority",null,null,null,null,null,null,null,null,null,null,null,null,null,null,"PA034","Yes"]
[null,null,null,null,"PA","PA064","Bradford County Housing Authority",null,null,null,null,null,null,null,null,null,null,null,null,null,null,"PA035","No"]
[null,null,null,null,"PA","PA065","Clearfield County Housing Authority",null,null,null,null,null,null,null,null,null,null,null,null,null,null,"PA036","No"]
[null,null,null,null,"PA","PA066","Corry Housing Authority",null,null,null,null,null,null,null,null,null,null,null,null,null,null,"PA037","No"]
[null,null,null,null,"PA","PA067","Carbon County Housing Authority",null,null,null,null,null,null,null,null,null,null,null,null,null,null,"PA038","No"]
[null,null,null,null,"PA","PA069","Blair County Housing Authority",null,null,null,null,null,null,null,null,null,null,null,null,null,null,"PA039","No"]
[null,null,null,null,"PA","PA071","Housing Authority of the County of Berks",null,null,null,null,null,null,null,null,null,null,null,null,null,null,"PA040","No"]
[null,null,null,null,"PA","PA073","The Wyoming Co Housing & Redevelopment Auth",null,null,null,null,null,null,null,null,null,null,null,null,null,null,"PA041","No"]
[null,null,null,null,"PA","PA074","Susquehanna Co Housing/Redevelopment Auth",null,null,null,null,null,null,null,null,null,null,null,null,null,null,"PA042","No"]
[null,null,null,null,"PA","PA075","Cumberland Co Redevelopment & Housing Auth",null,null,null,null,null,null,null,null,null,null,null,null,null,null,"PA043","No"]
[null,null,null,null,"PA","PA076","Northampton County Housing Authority",null,null,null,null,null,null,null,null,null,null,null,null,null,null,"PA044","No"]
[null,null,null,null,"PA","PA079","Housing Authority of the County of Warren",null,null,null,null,null,null,null,null,null,null,null,null,null,null,"PA045","No"]
[null,null,null,null,"PA","PA080","McKean County Housing Authority",null,null,null,null,null,null,null,null,null,null,null,null,null,null,"PA046","No"]
[null,null,null,null,"PA","PA081","Lehigh County Housing Authority",null,null,null,null,null,null,null,null,null,null,null,null,null,null,"PA047","No"]
[null,null,null,null,"PA","PA083","Columbia County Housing Authority",null,null,null,null,null,null,null,null,null,null,null,null,null,null,"PA048","No"]
[null,null,null,null,"PA","PA085","Bedford County Housing Authority",null,null,null,null,null,null,null,null,null,null,null,null,null,null,"PA049","No"]
[null,null,null,null,"PA","PA086","Clarion County Housing Authority",null,null,null,null,null,null,null,null,null,null,null,null,null,null,"PA050","No"]
[null,null,null,null,{"$f":"LEFT(F2371,2)","v":"PA"},"PA087","Erie County Housing Authority",null,null,null,null,null,null,null,null,null,null,null,null,null,null,"PA051","No"]
[null,null,null,null,"PA","PA088","Centre County Housing Authority",null,null,null,null,null,null,null,null,null,null,null,null,null,null,"PA052","No"]
[null,null,null,null,"PA","PA089","Venango County Housing Authority",null,null,null,null,null,null,null,null,null,null,null,null,null,null,"PA053","No"]
[null,null,null,null,"PA","PA092","Snyder County Housing Authority",null,null,null,null,null,null,null,null,null,null,null,null,null,null,"PA054","No"]
[null,null,null,null,"RI","RI001","Housing Authority Providence",null,null,null,null,null,null,null,null,null,null,null,null,null,null,"PA055","No"]
[null,null,null,null,"RI","RI002","Housing Authority of the City of Pawtucket",null,null,null,null,null,null,null,null,null,null,null,null,null,null,"PA056","No"]
[null,null,null,null,"RI","RI003","Woonsocket Housing Authority",null,null,null,null,null,null,null,null,null,null,null,null,null,null,"PA057","No"]
[null,null,null,null,"RI","RI004","Central Falls Housing Authority",null,null,null,null,null,null,null,null,null,null,null,null,null,null,"PA058","Yes"]
[null,null,null,null,"RI","RI005","The Housing Authority of the City of Newport",null,null,null,null,null,null,null,null,null,null,null,null,null,null,"PA059","No"]
[null,null,null,null,"RI","RI006","Cranston Housing Authority",null,null,null,null,null,null,null,null,null,null,null,null,null,null,"PA060","No"]
[null,null,null,null,"RI","RI007","East Providence Housing Authority",null,null,null,null,null,null,null,null,null,null,null,null,null,null,"PA061","No"]
[null,null,null,null,"RI","RI008","Westerly Housing Authority",null,null,null,null,null,null,null,null,null,null,null,null,null,null,"PA063","No"]
[null,null,null,null,"RI","RI009","Johnston Housing Authority",null,null,null,null,null,null,null,null,null,null,null,null,null,null,"PA064","No"]
[null,null,null,null,"RI","RI010","Cumberland Housing Authority",null,null,null,null,null,null,null,null,null,null,null,null,null,null,"PA065","No"]
[null,null,null,null,"RI","RI011","Warwick Housing Authority",null,null,null,null,null,null,null,null,null,null,null,null,null,null,"PA066","No"]
[null,null,null,null,"RI","RI012","South Kingstown Housing Authority",null,null,null,null,null,null,null,null,null,null,null,null,null,null,"PA067","No"]
[null,null,null,null,"RI","RI013","Portsmouth Housing Authority",null,null,null,null,null,null,null,null,null,null,null,null,null,null,"PA069","No"]
[null,null,null,null,"RI","RI014","Burrillville Housing Authority",null,null,null,null,null,null,null,null,null,null,null,null,null,null,"PA071","No"]
[null,null,null,null,"RI","RI015","West Warwick Housing Authority",null,null,null,null,null,null,null,null,null,null,null,null,null,null,"PA073","No"]
[null,null,null,null,"RI","RI016","Coventry Housing Authority",null,null,null,null,null,null,null,null,null,null,null,null,null,null,"PA074","No"]
[null,null,null,null,"RI","RI017","North Providence Housing Authority",null,null,null,null,null,null,null,null,null,null,null,null,null,null,"PA075","No"]
[null,null,null,null,"RI","RI018","Lincoln Housing Authority",null,null,null,null,null,null,null,null,null,null,null,null,null,null,"PA076","No"]
[null,null,null,null,"RI","RI019","Bristol Housing Authority",null,null,null,null,null,null,null,null,null,null,null,null,null,null,"PA079","No"]
[null,null,null,null,"RI","RI020","Smithfield Housing Authority",null,null,null,null,null,null,null,null,null,null,null,null,null,null,"PA080","No"]
[null,null,null,null,"RI","RI021","Jamestown Housing Authority",null,null,null,null,null,null,null,null,null,null,null,null,null,null,"PA081","No"]
[null,null,null,null,"RI","RI022","Warren Housing Authority",null,null,null,null,null,null,null,null,null,null,null,null,null,null,"PA083","No"]
[null,null,null,null,"RI","RI024","East Greenwich Housing Authority",null,null,null,null,null,null,null,null,null,null,null,null,null,null,"PA085","No"]
[null,null,null,null,"RI","RI026","Narragansett Housing Authority",null,null,null,null,null,null,null,null,null,null,null,null,null,null,"PA086","No"]
[null,null,null,null,"RI","RI027","Tiverton Housing Authority",null,null,null,null,null,null,null,null,null,null,null,null,null,null,"PA087","No"]
[null,null,null,null,"RQ","RQ005","Puerto Rico Public Housing Administration",null,null,null,null,null,null,null,null,null,null,null,null,null,null,"PA088","No"]
[null,null,null,null,"SC","SC001","Housing Authority of Charleston",null,null,null,null,null,null,null,null,null,null,null,null,null,null,"PA089","Yes"]
[null,null,null,null,"SC","SC002","Housing Authority Of Columbia",null,null,null,null,null,null,null,null,null,null,null,null,null,null,"PA092","Yes"]
[null,null,null,null,"SC","SC003","Housing Authority of Spartanburg",null,null,null,null,null,null,null,null,null,null,null,null,null,null,"RI001","Yes"]
[null,null,null,null,"SC","SC004","Housing Authority of Greenville",null,null,null,null,null,null,null,null,null,null,null,null,null,null,"RI002","No"]
[null,null,null,null,"SC","SC005","Housing Authority of Darlington",null,null,null,null,null,null,null,null,null,null,null,null,null,null,"RI003","Yes"]
[null,null,null,null,"SC","SC007","Housing Authority of Aiken",null,null,null,null,null,null,null,null,null,null,null,null,null,null,"RI004","Yes"]
[null,null,null,null,"SC","SC008","SC Regional Housing Authority No 1",null,null,null,null,null,null,null,null,null,null,null,null,null,null,"RI005","No"]
[null,null,null,null,"SC","SC011","Housing Authority of Laurens",null,null,null,null,null,null,null,null,null,null,null,null,null,null,"RI006","No"]
[null,null,null,null,"SC","SC012","Housing Authority of Abbeville",null,null,null,null,null,null,null,null,null,null,null,null,null,null,"RI007","No"]
[null,null,null,null,"SC","SC015","Housing Authority of Bennettsville",null,null,null,null,null,null,null,null,null,null,null,null,null,null,"RI008","Yes"]
[null,null,null,null,"SC","SC016","Housing Authority of Greer",null,null,null,null,null,null,null,null,null,null,null,null,null,null,"RI009","No"]
[null,null,null,null,"SC","SC017","Housing Authority of Gaffney",null,null,null,null,null,null,null,null,null,null,null,null,null,null,"RI010","No"]
[null,null,null,null,"SC","SC018","Housing Authority of Lake City",null,null,null,null,null,null,null,null,null,null,null,null,null,null,"RI011","No"]
[null,null,null,null,"SC","SC019","Housing Authority of Union",null,null,null,null,null,null,null,null,null,null,null,null,null,null,"RI012","No"]
[null,null,null,null,"SC","SC020","Housing Authority of Chester",null,null,null,null,null,null,null,null,null,null,null,null,null,null,"RI013","No"]
[null,null,null,null,"SC","SC021","Housing Authority of Marion",null,null,null,null,null,null,null,null,null,null,null,null,null,null,"RI014","No"]
[null,null,null,null,"SC","SC022","Housing Authority of Rock Hill",null,null,null,null,null,null,null,null,null,null,null,null,null,null,"RI015","No"]
[null,null,null,null,"SC","SC023","Housing Authority of Sumter",null,null,null,null,null,null,null,null,null,null,null,null,null,null,"RI016","No"]
[null,null,null,null,"SC","SC024","SC Regional Housing Authority No 3",null,null,null,null,null,null,null,null,null,null,null,null,null,null,"RI017","No"]
[null,null,null,null,"SC","SC025","Housing Authority of Conway",null,null,null,null,null,null,null,null,null,null,null,null,null,null,"RI018","No"]
[null,null,null,null,"SC","SC026","Housing Authority of Beaufort",null,null,null,null,null,null,null,null,null,null,null,null,null,null,"RI019","No"]
[null,null,null,null,"SC","SC027","Housing Authority of Florence",null,null,null,null,null,null,null,null,null,null,null,null,null,null,"RI020","No"]
[null,null,null,null,"SC","SC028","Housing Authority of Georgetown",null,null,null,null,null,null,null,null,null,null,null,null,null,null,"RI021","No"]
[null,null,null,null,"SC","SC029","Housing Authority of Hartsville",null,null,null,null,null,null,null,null,null,null,null,null,null,null,"RI022","No"]
[null,null,null,null,"SC","SC030","Housing Authority of Greenwood",null,null,null,null,null,null,null,null,null,null,null,null,null,null,"RI024","No"]
[null,null,null,null,"SC","SC031","Housing Authority of Cheraw",null,null,null,null,null,null,null,null,null,null,null,null,null,null,"RI026","No"]
[null,null,null,null,"SC","SC032","Housing Authority of Lancaster",null,null,null,null,null,null,null,null,null,null,null,null,null,null,"RI027","Yes"]
[null,null,null,null,"SC","SC033","Housing Authority of Mullins",null,null,null,null,null,null,null,null,null,null,null,null,null,null,"RQ005","Yes"]
[null,null,null,null,"SC","SC035","Housing Authority of Newberry",null,null,null,null,null,null,null,null,null,null,null,null,null,null,"SC001","Yes"]
[null,null,null,null,"SC","SC036","Housing Authority of Fort Mill",null,null,null,null,null,null,null,null,null,null,null,null,null,null,"SC002","No"]
[null,null,null,null,"SC","SC037","Housing Authority of Anderson",null,null,null,null,null,null,null,null,null,null,null,null,null,null,"SC003","No"]
[null,null,null,null,"SC","SC039","Housing Authority of Kingstree",null,null,null,null,null,null,null,null,null,null,null,null,null,null,"SC004","No"]
[null,null,null,null,"SC","SC040","Housing Authority of Woodruff",null,null,null,null,null,null,null,null,null,null,null,null,null,null,"SC005","No"]
[null,null,null,null,"SC","SC046","Housing Authority of York",null,null,null,null,null,null,null,null,null,null,null,null,null,null,"SC007","No"]
[null,null,null,null,{"$f":"LEFT(F2435,2)","v":"SC"},"SC048","Housing Authority of McColl",null,null,null,null,null,null,null,null,null,null,null,null,null,null,"SC008","No"]
[null,null,null,null,"SC","SC053","Housing Authority of Easley",null,null,null,null,null,null,null,null,null,null,null,null,null,null,"SC011","No"]
[null,null,null,null,"SC","SC056","Charleston County Housing and Redevelopment Authority",null,null,null,null,null,null,null,null,null,null,null,null,null,null,"SC012","No"]
[null,null,null,null,"SC","SC057","Housing Authority of N Charleston",null,null,null,null,null,null,null,null,null,null,null,null,null,null,"SC015","No"]
[null,null,null,null,"SC","SC059","Marlboro Co Hsg & Redev Authority",null,null,null,null,null,null,null,null,null,null,null,null,null,null,"SC016","No"]
[null,null,null,null,"SC","SC060","Housing Authority of Atlantic Beach",null,null,null,null,null,null,null,null,null,null,null,null,null,null,"SC017","No"]
[null,null,null,null,"SC","SC061","Housing Authority of the City of Cayce",null,null,null,null,null,null,null,null,null,null,null,null,null,null,"SC018","No"]
[null,null,null,null,"SD","SD007","Burke Housing And Redevelopment Commission",null,null,null,null,null,null,null,null,null,null,null,null,null,null,"SC019","No"]
[null,null,null,null,"SD","SD008","Kennebec Housing & Redevelopment Commission",null,null,null,null,null,null,null,null,null,null,null,null,null,null,"SC020","No"]
[null,null,null,null,"SD","SD009","De Smet Housing & Redevelopment Commission",null,null,null,null,null,null,null,null,null,null,null,null,null,null,"SC021","No"]
[null,null,null,null,"SD","SD010","City of Lennox Housing And Redevelopment Commission",null,null,null,null,null,null,null,null,null,null,null,null,null,null,"SC022","No"]
[null,null,null,null,"SD","SD011","Madison Housing And Redevelopment Commission",null,null,null,null,null,null,null,null,null,null,null,null,null,null,"SC023","No"]
[null,null,null,null,"SD","SD013","Howard Housing And Redevelopment Commission",null,null,null,null,null,null,null,null,null,null,null,null,null,null,"SC024","No"]
[null,null,null,null,"SD","SD014","City of Mitchell Housing And Redevolpment Commission",null,null,null,null,null,null,null,null,null,null,null,null,null,null,"SC025","No"]
[null,null,null,null,"SD","SD016","Sioux Falls Housing And Redevelopment Commission",null,null,null,null,null,null,null,null,null,null,null,null,null,null,"SC026","No"]
[null,null,null,null,"SD","SD017","Parker Housing & Redevelopment Commission",null,null,null,null,null,null,null,null,null,null,null,null,null,null,"SC027","No"]
[null,null,null,null,"SD","SD018","Lake Andes Housing And Redevelopment Commission",null,null,null,null,null,null,null,null,null,null,null,null,null,null,"SC028","No"]
[null,null,null,null,"SD","SD019","Hot Springs Housing And Redevelopment Commission",null,null,null,null,null,null,null,null,null,null,null,null,null,null,"SC029","No"]
[null,null,null,null,"SD","SD020","Sisseton Housing & Redevelopment Commission",null,null,null,null,null,null,null,null,null,null,null,null,null,null,"SC030","No"]
[null,null,null,null,"SD","SD021","Wessington Springs Housing And Redevelopment Commission",null,null,null,null,null,null,null,null,null,null,null,null,null,null,"SC031","No"]
[null,null,null,null,"SD","SD022","Martin Housing & Redevelopment Commission",null,null,null,null,null,null,null,null,null,null,null,null,null,null,"SC032","No"]
[null,null,null,null,"SD","SD023","Murdo Housing And Redevelopment Commission",null,null,null,null,null,null,null,null,null,null,null,null,null,null,"SC033","No"]
[null,null,null,null,"SD","SD024","Lake Norden Housing And Redevelopment Commission",null,null,null,null,null,null,null,null,null,null,null,null,null,null,"SC035","No"]
[null,null,null,null,"SD","SD025","Lemmon Housing & Redevelopment Commission",null,null,null,null,null,null,null,null,null,null,null,null,null,null,"SC036","No"]
[null,null,null,null,"SD","SD031","Volga Housing And Redevelopment Commission",null,null,null,null,null,null,null,null,null,null,null,null,null,null,"SC037","No"]
[null,null,null,null,"SD","SD034","Aberdeen Housing & Redevelopment Commission",null,null,null,null,null,null,null,null,null,null,null,null,null,null,"SC039","No"]
[null,null,null,null,"SD","SD035","Pierre Housing & Redevelopment Commision",null,null,null,null,null,null,null,null,null,null,null,null,null,null,"SC040","No"]
[null,null,null,null,"SD","SD038","Miller Housing & Redevelopment Commision",null,null,null,null,null,null,null,null,null,null,null,null,null,null,"SC046","No"]
[null,null,null,null,"SD","SD039","Canton Housing & Redevopment Commission",null,null,null,null,null,null,null,null,null,null,null,null,null,null,"SC048","No"]
[null,null,null,null,"SD","SD040","Webster Housing And Redevelopment Commision",null,null,null,null,null,null,null,null,null,null,null,null,null,null,"SC053","No"]
[null,null,null,null,"SD","SD043","Watertown Housing And Redevelopment Commission",null,null,null,null,null,null,null,null,null,null,null,null,null,null,"SC056","No"]
[null,null,null,null,"SD","SD045","Pennington County Housing And Redevelopment Commission",null,null,null,null,null,null,null,null,null,null,null,null,null,null,"SC057","No"]
[null,null,null,null,"SD","SD047","Meade County Housing And Redevelopment Commission",null,null,null,null,null,null,null,null,null,null,null,null,null,null,"SC059","No"]
[null,null,null,null,"TN","TN001","Memphis Housing Authority",null,null,null,null,null,null,null,null,null,null,null,null,null,null,"SC060","No"]
[null,null,null,null,"TN","TN002","Johnson City Housing Authority",null,null,null,null,null,null,null,null,null,null,null,null,null,null,"SC061","No"]
[null,null,null,null,"TN","TN003","Knoxville's Community Development Corp.",null,null,null,null,null,null,null,null,null,null,null,null,null,null,"SD007","No"]
[null,null,null,null,"TN","TN004","Chattanooga Housing Authority",null,null,null,null,null,null,null,null,null,null,null,null,null,null,"SD008","No"]
[null,null,null,null,"TN","TN005","Metropolitan Development & Housing Agency",null,null,null,null,null,null,null,null,null,null,null,null,null,null,"SD009","No"]
[null,null,null,null,"TN","TN006","Kingsport Housing And Redevelopment Authority",null,null,null,null,null,null,null,null,null,null,null,null,null,null,"SD010","No"]
[null,null,null,null,"TN","TN007","Jackson Housing Authority",null,null,null,null,null,null,null,null,null,null,null,null,null,null,"SD011","No"]
[null,null,null,null,"TN","TN008","Paris Housing Authority",null,null,null,null,null,null,null,null,null,null,null,null,null,null,"SD013","No"]
[null,null,null,null,"TN","TN009","Union City Housing Authority",null,null,null,null,null,null,null,null,null,null,null,null,null,null,"SD014","No"]
[null,null,null,null,"TN","TN010","The Clarksville Housing Authority",null,null,null,null,null,null,null,null,null,null,null,null,null,null,"SD016","No"]
[null,null,null,null,"TN","TN011","Pulaski Housing Authority",null,null,null,null,null,null,null,null,null,null,null,null,null,null,"SD017","No"]
[null,null,null,null,"TN","TN012","Lafollette Housing Authority",null,null,null,null,null,null,null,null,null,null,null,null,null,null,"SD018","No"]
[null,null,null,null,"TN","TN013","Brownsville Housing Authority",null,null,null,null,null,null,null,null,null,null,null,null,null,null,"SD019","No"]
[null,null,null,null,"TN","TN014","Fayetteville Housing Authority",null,null,null,null,null,null,null,null,null,null,null,null,null,null,"SD020","No"]
[null,null,null,null,"TN","TN015","Athens Housing Authority",null,null,null,null,null,null,null,null,null,null,null,null,null,null,"SD021","No"]
[null,null,null,null,"TN","TN016","Sweetwater Housing Authority",null,null,null,null,null,null,null,null,null,null,null,null,null,null,"SD022","No"]
[null,null,null,null,"TN","TN017","Lebanon Housing Authority",null,null,null,null,null,null,null,null,null,null,null,null,null,null,"SD023","No"]
[null,null,null,null,"TN","TN018","Rockwood Housing Authority",null,null,null,null,null,null,null,null,null,null,null,null,null,null,"SD024","No"]
[null,null,null,null,"TN","TN019","Jefferson City Housing Authority",null,null,null,null,null,null,null,null,null,null,null,null,null,null,"SD025","No"]
[null,null,null,null,"TN","TN020","Murfreesboro Housing Authority",null,null,null,null,null,null,null,null,null,null,null,null,null,null,"SD031","No"]
[null,null,null,null,"TN","TN021","Dyersburg Housing Authority",null,null,null,null,null,null,null,null,null,null,null,null,null,null,"SD034","No"]
[null,null,null,null,"TN","TN022","Clinton Housing Authority",null,null,null,null,null,null,null,null,null,null,null,null,null,null,"SD035","No"]
[null,null,null,null,"TN","TN024","Tullahoma Housing Authority",null,null,null,null,null,null,null,null,null,null,null,null,null,null,"SD038","No"]
[null,null,null,null,"TN","TN025","Trenton Housing Authority",null,null,null,null,null,null,null,null,null,null,null,null,null,null,"SD039","No"]
[null,null,null,null,"TN","TN026","Etowah Housing Authority",null,null,null,null,null,null,null,null,null,null,null,null,null,null,"SD040","No"]
[null,null,null,null,"TN","TN027","Humboldt Housing Authority",null,null,null,null,null,null,null,null,null,null,null,null,null,null,"SD043","No"]
[null,null,null,null,"TN","TN028","Manchester Housing Authority",null,null,null,null,null,null,null,null,null,null,null,null,null,null,"SD045","Yes"]
[null,null,null,null,"TN","TN029","Gallatin Housing Authority",null,null,null,null,null,null,null,null,null,null,null,null,null,null,"SD047","No"]
[null,null,null,null,"TN","TN030","Waverly Housing Authority",null,null,null,null,null,null,null,null,null,null,null,null,null,null,"TN001","Yes"]
[null,null,null,null,"TN","TN031","Milan Housing Authority",null,null,null,null,null,null,null,null,null,null,null,null,null,null,"TN002","Yes"]
[null,null,null,null,"TN","TN032","Lewisburg Housing Authority",null,null,null,null,null,null,null,null,null,null,null,null,null,null,"TN003","Yes"]
[null,null,null,null,{"$f":"LEFT(F2499,2)","v":"TN"},"TN033","Cookeville Housing Authority",null,null,null,null,null,null,null,null,null,null,null,null,null,null,"TN004","No"]
[null,null,null,null,"TN","TN034","Jellico Housing Authority",null,null,null,null,null,null,null,null,null,null,null,null,null,null,"TN005","No"]
[null,null,null,null,"TN","TN035","Franklin Housing Authority",null,null,null,null,null,null,null,null,null,null,null,null,null,null,"TN006","No"]
[null,null,null,null,"TN","TN036","Springfield Housing Authority",null,null,null,null,null,null,null,null,null,null,null,null,null,null,"TN007","No"]
[null,null,null,null,"TN","TN037","South Pittsburg Housing Authority",null,null,null,null,null,null,null,null,null,null,null,null,null,null,"TN008","No"]
[null,null,null,null,"TN","TN038","Morristown Housing Authority",null,null,null,null,null,null,null,null,null,null,null,null,null,null,"TN009","No"]
[null,null,null,null,"TN","TN039","Shelbyville Housing Authority",null,null,null,null,null,null,null,null,null,null,null,null,null,null,"TN010","No"]
[null,null,null,null,"TN","TN040","Lexington Housing Authority",null,null,null,null,null,null,null,null,null,null,null,null,null,null,"TN011","No"]
[null,null,null,null,"TN","TN041","Covington Housing Authority",null,null,null,null,null,null,null,null,null,null,null,null,null,null,"TN012","No"]
[null,null,null,null,"TN","TN042","Crossville Housing Authority",null,null,null,null,null,null,null,null,null,null,null,null,null,null,"TN013","No"]
[null,null,null,null,"TN","TN043","Rogersville Housing Authority",null,null,null,null,null,null,null,null,null,null,null,null,null,null,"TN014","No"]
[null,null,null,null,"TN","TN044","Sparta Housing Authority",null,null,null,null,null,null,null,null,null,null,null,null,null,null,"TN015","No"]
[null,null,null,null,"TN","TN045","Millington Housing Authority",null,null,null,null,null,null,null,null,null,null,null,null,null,null,"TN016","No"]
[null,null,null,null,"TN","TN046","Columbia Housing Authority",null,null,null,null,null,null,null,null,null,null,null,null,null,null,"TN017","No"]
[null,null,null,null,"TN","TN047","Mt. Pleasant Housing Authority",null,null,null,null,null,null,null,null,null,null,null,null,null,null,"TN018","No"]
[null,null,null,null,"TN","TN048","Lawrenceburg Housing Authority",null,null,null,null,null,null,null,null,null,null,null,null,null,null,"TN019","No"]
[null,null,null,null,"TN","TN049","Savannah Housing Authority",null,null,null,null,null,null,null,null,null,null,null,null,null,null,"TN020","No"]
[null,null,null,null,"TN","TN050","Bolivar Housing Authority",null,null,null,null,null,null,null,null,null,null,null,null,null,null,"TN021","No"]
[null,null,null,null,"TN","TN051","Parsons-Decaturville Housing Authority",null,null,null,null,null,null,null,null,null,null,null,null,null,null,"TN022","No"]
[null,null,null,null,"TN","TN052","Huntingdon Housing Authority",null,null,null,null,null,null,null,null,null,null,null,null,null,null,"TN024","No"]
[null,null,null,null,"TN","TN053","McMinnville Housing Authority",null,null,null,null,null,null,null,null,null,null,null,null,null,null,"TN025","No"]
[null,null,null,null,"TN","TN054","Cleveland Housing Authority",null,null,null,null,null,null,null,null,null,null,null,null,null,null,"TN026","No"]
[null,null,null,null,"TN","TN055","Harriman Housing Authority",null,null,null,null,null,null,null,null,null,null,null,null,null,null,"TN027","No"]
[null,null,null,null,"TN","TN056","Livingston Housing Authority",null,null,null,null,null,null,null,null,null,null,null,null,null,null,"TN028","No"]
[null,null,null,null,"TN","TN057","Ripley Housing Authority",null,null,null,null,null,null,null,null,null,null,null,null,null,null,"TN029","No"]
[null,null,null,null,"TN","TN058","Greeneville Housing Authority",null,null,null,null,null,null,null,null,null,null,null,null,null,null,"TN030","No"]
[null,null,null,null,"TN","TN059","Hohenwald Housing Authority",null,null,null,null,null,null,null,null,null,null,null,null,null,null,"TN031","No"]
[null,null,null,null,"TN","TN060","Newport Housing Authority",null,null,null,null,null,null,null,null,null,null,null,null,null,null,"TN032","No"]
[null,null,null,null,"TN","TN061","Lenoir City Housing Authority",null,null,null,null,null,null,null,null,null,null,null,null,null,null,"TN033","No"]
[null,null,null,null,"TN","TN062","Dayton Housing Authority",null,null,null,null,null,null,null,null,null,null,null,null,null,null,"TN034","No"]
[null,null,null,null,"TN","TN063","Sevierville Housing Authority",null,null,null,null,null,null,null,null,null,null,null,null,null,null,"TN035","No"]
[null,null,null,null,"TN","TN064","Loudon Housing Authority",null,null,null,null,null,null,null,null,null,null,null,null,null,null,"TN036","No"]
[null,null,null,null,"TN","TN065","Maryville Housing Authority",null,null,null,null,null,null,null,null,null,null,null,null,null,null,"TN037","No"]
[null,null,null,null,"TN","TN066","Bristol Tennessee Housing & Redevelopment Authority",null,null,null,null,null,null,null,null,null,null,null,null,null,null,"TN038","No"]
[null,null,null,null,"TN","TN068","Smithville Housing Authority",null,null,null,null,null,null,null,null,null,null,null,null,null,null,"TN039","No"]
[null,null,null,null,"TN","TN069","Martin Housing Authority",null,null,null,null,null,null,null,null,null,null,null,null,null,null,"TN040","No"]
[null,null,null,null,"TN","TN071","Hartsville Housing Authority",null,null,null,null,null,null,null,null,null,null,null,null,null,null,"TN041","No"]
[null,null,null,null,"TN","TN072","South Carthage Housing Authority",null,null,null,null,null,null,null,null,null,null,null,null,null,null,"TN042","No"]
[null,null,null,null,"TN","TN073","Portland Housing Authority",null,null,null,null,null,null,null,null,null,null,null,null,null,null,"TN043","No"]
[null,null,null,null,"TN","TN074","Erin Housing Authority",null,null,null,null,null,null,null,null,null,null,null,null,null,null,"TN044","No"]
[null,null,null,null,"TN","TN075","Newbern Housing Authority",null,null,null,null,null,null,null,null,null,null,null,null,null,null,"TN045","No"]
[null,null,null,null,"TN","TN076","Elizabethton Housing And Development Agency",null,null,null,null,null,null,null,null,null,null,null,null,null,null,"TN046","No"]
[null,null,null,null,"TN","TN077","Woodbury Housing Authority",null,null,null,null,null,null,null,null,null,null,null,null,null,null,"TN047","No"]
[null,null,null,null,"TN","TN078","Oliver Springs Housing Authority",null,null,null,null,null,null,null,null,null,null,null,null,null,null,"TN048","No"]
[null,null,null,null,"TN","TN079","Dickson Housing Authority",null,null,null,null,null,null,null,null,null,null,null,null,null,null,"TN049","No"]
[null,null,null,null,"TN","TN081","Erwin Housing Authority",null,null,null,null,null,null,null,null,null,null,null,null,null,null,"TN050","No"]
[null,null,null,null,"TN","TN082","McKenzie Housing Authority",null,null,null,null,null,null,null,null,null,null,null,null,null,null,"TN051","No"]
[null,null,null,null,"TN","TN084","Gallaway Housing Authority",null,null,null,null,null,null,null,null,null,null,null,null,null,null,"TN052","No"]
[null,null,null,null,"TN","TN088","Oak Ridge Housing Authority",null,null,null,null,null,null,null,null,null,null,null,null,null,null,"TN053","No"]
[null,null,null,null,"TN","TN090","Lafayette Housing Authority",null,null,null,null,null,null,null,null,null,null,null,null,null,null,"TN054","No"]
[null,null,null,null,"TN","TN092","Grundy Housing Authority",null,null,null,null,null,null,null,null,null,null,null,null,null,null,"TN055","No"]
[null,null,null,null,"TN","TN095","Shelby County Housing Authority",null,null,null,null,null,null,null,null,null,null,null,null,null,null,"TN056","No"]
[null,null,null,null,"TN","TN125","Franklin County Consolidated Housing Authority",null,null,null,null,null,null,null,null,null,null,null,null,null,null,"TN057","No"]
[null,null,null,null,"TX","TX001","Austin Housing Authority",null,null,null,null,null,null,null,null,null,null,null,null,null,null,"TN058","No"]
[null,null,null,null,"TX","TX003","HOUSING AUTHORITY OF THE CITY OF EL PASO, TX",null,null,null,null,null,null,null,null,null,null,null,null,null,null,"TN059","No"]
[null,null,null,null,"TX","TX004","Housing Authority of Fort Worth",null,null,null,null,null,null,null,null,null,null,null,null,null,null,"TN060","No"]
[null,null,null,null,"TX","TX005","Houston Housing Authority",null,null,null,null,null,null,null,null,null,null,null,null,null,null,"TN061","No"]
[null,null,null,null,"TX","TX006","San Antonio Housing Authority",null,null,null,null,null,null,null,null,null,null,null,null,null,null,"TN062","No"]
[null,null,null,null,"TX","TX007","Brownsville Housing Authority",null,null,null,null,null,null,null,null,null,null,null,null,null,null,"TN063","No"]
[null,null,null,null,"TX","TX008","Corpus Christi Housing Authority",null,null,null,null,null,null,null,null,null,null,null,null,null,null,"TN064","No"]
[null,null,null,null,"TX","TX009","Housing Authority of the City of Dallas, Texa",null,null,null,null,null,null,null,null,null,null,null,null,null,null,"TN065","No"]
[null,null,null,null,"TX","TX010","Housing Authority of the City of Waco",null,null,null,null,null,null,null,null,null,null,null,null,null,null,"TN066","No"]
[null,null,null,null,"TX","TX011","Laredo Housing Authority",null,null,null,null,null,null,null,null,null,null,null,null,null,null,"TN068","No"]
[null,null,null,null,"TX","TX012","Housing Authority of the City of Baytown",null,null,null,null,null,null,null,null,null,null,null,null,null,null,"TN069","No"]
[null,null,null,null,{"$f":"LEFT(F2563,2)","v":"TX"},"TX014","Housing Authority of Texarkana",null,null,null,null,null,null,null,null,null,null,null,null,null,null,"TN071","No"]
[null,null,null,null,"TX","TX015","Housing Authority of Waxahachie",null,null,null,null,null,null,null,null,null,null,null,null,null,null,"TN072","No"]
[null,null,null,null,"TX","TX016","Del Rio Housing Authority",null,null,null,null,null,null,null,null,null,null,null,null,null,null,"TN073","No"]
[null,null,null,null,"TX","TX017","Housing Authority of the City of Galveston",null,null,null,null,null,null,null,null,null,null,null,null,null,null,"TN074","No"]
[null,null,null,null,"TX","TX018","Housing Authority of Lubbock",null,null,null,null,null,null,null,null,null,null,null,null,null,null,"TN075","No"]
[null,null,null,null,"TX","TX019","Eagle Pass Housing Authority",null,null,null,null,null,null,null,null,null,null,null,null,null,null,"TN076","No"]
[null,null,null,null,"TX","TX020","Housing Authority of the City of Bryan",null,null,null,null,null,null,null,null,null,null,null,null,null,null,"TN077","No"]
[null,null,null,null,"TX","TX021","Housing Authority of Brownwood",null,null,null,null,null,null,null,null,null,null,null,null,null,null,"TN078","No"]
[null,null,null,null,"TX","TX022","Housing Authority of Wichita Falls",null,null,null,null,null,null,null,null,null,null,null,null,null,null,"TN079","No"]
[null,null,null,null,"TX","TX023","Housing Authority of the City of Beaumont",null,null,null,null,null,null,null,null,null,null,null,null,null,null,"TN081","No"]
[null,null,null,null,"TX","TX024","Housing Authority of Commerce",null,null,null,null,null,null,null,null,null,null,null,null,null,null,"TN082","No"]
[null,null,null,null,"TX","TX025","San Benito Housing Authority",null,null,null,null,null,null,null,null,null,null,null,null,null,null,"TN084","No"]
[null,null,null,null,"TX","TX026","Housing Authority of Denison",null,null,null,null,null,null,null,null,null,null,null,null,null,null,"TN088","No"]
[null,null,null,null,"TX","TX027","Housing Authority of McKinney",null,null,null,null,null,null,null,null,null,null,null,null,null,null,"TN090","No"]
[null,null,null,null,"TX","TX028","McAllen Housing Authority",null,null,null,null,null,null,null,null,null,null,null,null,null,null,"TN092","No"]
[null,null,null,null,"TX","TX029","Mercedes Housing Authority",null,null,null,null,null,null,null,null,null,null,null,null,null,null,"TN095","No"]
[null,null,null,null,"TX","TX030","Housing Authority of Temple",null,null,null,null,null,null,null,null,null,null,null,null,null,null,"TN111","Yes"]
[null,null,null,null,"TX","TX031","Taylor Housing Authority",null,null,null,null,null,null,null,null,null,null,null,null,null,null,"TN125","No"]
[null,null,null,null,"TX","TX032","Housing Authority of the City of Texas City",null,null,null,null,null,null,null,null,null,null,null,null,null,null,"TX001","Yes"]
[null,null,null,null,"TX","TX033","Housing Authority of Corsicana",null,null,null,null,null,null,null,null,null,null,null,null,null,null,"TX003","Yes"]
[null,null,null,null,"TX","TX034","Housing Authority of Port Arthur",null,null,null,null,null,null,null,null,null,null,null,null,null,null,"TX004","Yes"]
[null,null,null,null,"TX","TX035","Housing Authority of the City of Bay City",null,null,null,null,null,null,null,null,null,null,null,null,null,null,"TX005","Yes"]
[null,null,null,null,"TX","TX036","Housing Authority of Borger",null,null,null,null,null,null,null,null,null,null,null,null,null,null,"TX006","Yes"]
[null,null,null,null,"TX","TX037","Housing Authority City of Orange",null,null,null,null,null,null,null,null,null,null,null,null,null,null,"TX007","Yes"]
[null,null,null,null,"TX","TX038","Housing Authority of Bonham",null,null,null,null,null,null,null,null,null,null,null,null,null,null,"TX008","Yes"]
[null,null,null,null,"TX","TX039","Housing Authority of Breckenridge",null,null,null,null,null,null,null,null,null,null,null,null,null,null,"TX009","Yes"]
[null,null,null,null,"TX","TX041","Housing Authority of Olney",null,null,null,null,null,null,null,null,null,null,null,null,null,null,"TX010","No"]
[null,null,null,null,"TX","TX042","Housing Authority of Cisco",null,null,null,null,null,null,null,null,null,null,null,null,null,null,"TX011","No"]
[null,null,null,null,"TX","TX043","Housing Authority of Ranger",null,null,null,null,null,null,null,null,null,null,null,null,null,null,"TX012","No"]
[null,null,null,null,"TX","TX044","Housing Authority of Jefferson",null,null,null,null,null,null,null,null,null,null,null,null,null,null,"TX014","No"]
[null,null,null,null,"TX","TX045","Housing Authority of Canyon",null,null,null,null,null,null,null,null,null,null,null,null,null,null,"TX015","Yes"]
[null,null,null,null,"TX","TX046","Mission Housing Authority",null,null,null,null,null,null,null,null,null,null,null,null,null,null,"TX016","No"]
[null,null,null,null,"TX","TX047","Housing Authority of Dublin",null,null,null,null,null,null,null,null,null,null,null,null,null,null,"TX017","No"]
[null,null,null,null,"TX","TX048","Housing Authority of Paris",null,null,null,null,null,null,null,null,null,null,null,null,null,null,"TX018","No"]
[null,null,null,null,"TX","TX049","Housing Authority of Pittsburg",null,null,null,null,null,null,null,null,null,null,null,null,null,null,"TX019","No"]
[null,null,null,null,"TX","TX050","Housing Authority of Henderson",null,null,null,null,null,null,null,null,null,null,null,null,null,null,"TX020","No"]
[null,null,null,null,"TX","TX051","Weslaco Housing Authority",null,null,null,null,null,null,null,null,null,null,null,null,null,null,"TX021","Yes"]
[null,null,null,null,"TX","TX052","Housing Authority of Seymour",null,null,null,null,null,null,null,null,null,null,null,null,null,null,"TX022","No"]
[null,null,null,null,"TX","TX053","Housing Authority of Haskell",null,null,null,null,null,null,null,null,null,null,null,null,null,null,"TX023","No"]
[null,null,null,null,"TX","TX054","Housing Authority of the City of New Boston",null,null,null,null,null,null,null,null,null,null,null,null,null,null,"TX024","No"]
[null,null,null,null,"TX","TX056","Housing Authority of Colorado City",null,null,null,null,null,null,null,null,null,null,null,null,null,null,"TX025","No"]
[null,null,null,null,"TX","TX058","Housing Authority of the City of Gladewater",null,null,null,null,null,null,null,null,null,null,null,null,null,null,"TX026","No"]
[null,null,null,null,"TX","TX059","Housing Authority of Center",null,null,null,null,null,null,null,null,null,null,null,null,null,null,"TX027","No"]
[null,null,null,null,"TX","TX060","Housing Authority of the City of Mineola",null,null,null,null,null,null,null,null,null,null,null,null,null,null,"TX028","Yes"]
[null,null,null,null,"TX","TX061","Housing Authority of Sweetwater",null,null,null,null,null,null,null,null,null,null,null,null,null,null,"TX029","No"]
[null,null,null,null,"TX","TX062","Edinburg Housing Authority",null,null,null,null,null,null,null,null,null,null,null,null,null,null,"TX030","No"]
[null,null,null,null,"TX","TX063","Housing Authority of the City of Hearne",null,null,null,null,null,null,null,null,null,null,null,null,null,null,"TX031","No"]
[null,null,null,null,"TX","TX064","Alamo Housing Authority",null,null,null,null,null,null,null,null,null,null,null,null,null,null,"TX032","No"]
[null,null,null,null,"TX","TX065","Harlingen Housing Authority",null,null,null,null,null,null,null,null,null,null,null,null,null,null,"TX033","No"]
[null,null,null,null,"TX","TX066","Electra Housing Authority",null,null,null,null,null,null,null,null,null,null,null,null,null,null,"TX034","No"]
[null,null,null,null,"TX","TX067","Housing Authority of Bridgeport",null,null,null,null,null,null,null,null,null,null,null,null,null,null,"TX035","No"]
[null,null,null,null,"TX","TX068","Housing Authority of Overton",null,null,null,null,null,null,null,null,null,null,null,null,null,null,"TX036","No"]
[null,null,null,null,"TX","TX069","Housing Authority of Deleon",null,null,null,null,null,null,null,null,null,null,null,null,null,null,"TX037","No"]
[null,null,null,null,"TX","TX070","Housing Authority of Ennis",null,null,null,null,null,null,null,null,null,null,null,null,null,null,"TX038","No"]
[null,null,null,null,"TX","TX071","Housing Authority of Gilmer",null,null,null,null,null,null,null,null,null,null,null,null,null,null,"TX039","No"]
[null,null,null,null,"TX","TX073","Pharr Housing Authority",null,null,null,null,null,null,null,null,null,null,null,null,null,null,"TX041","No"]
[null,null,null,null,"TX","TX074","Luling Housing Authority",null,null,null,null,null,null,null,null,null,null,null,null,null,null,"TX042","No"]
[null,null,null,null,"TX","TX075","Housing Authority of Quanah",null,null,null,null,null,null,null,null,null,null,null,null,null,null,"TX043","No"]
[null,null,null,null,"TX","TX076","Housing Authority of Cooper",null,null,null,null,null,null,null,null,null,null,null,null,null,null,"TX044","No"]
[null,null,null,null,"TX","TX077","Housing Authority of Ballinger",null,null,null,null,null,null,null,null,null,null,null,null,null,null,"TX045","No"]
[null,null,null,null,"TX","TX078","Housing Authority of Sherman",null,null,null,null,null,null,null,null,null,null,null,null,null,null,"TX046","No"]
[null,null,null,null,"TX","TX079","Housing Authority of the City of Killeen",null,null,null,null,null,null,null,null,null,null,null,null,null,null,"TX047","No"]
[null,null,null,null,"TX","TX080","Housing Authority of Anson",null,null,null,null,null,null,null,null,null,null,null,null,null,null,"TX048","No"]
[null,null,null,null,"TX","TX081","Gonzales Housing Authority",null,null,null,null,null,null,null,null,null,null,null,null,null,null,"TX049","No"]
[null,null,null,null,{"$f":"LEFT(F2627,2)","v":"TX"},"TX082","Housing Authority of Henrietta",null,null,null,null,null,null,null,null,null,null,null,null,null,null,"TX050","No"]
[null,null,null,null,"TX","TX083","Housing Authority of Hamilton",null,null,null,null,null,null,null,null,null,null,null,null,null,null,"TX051","No"]
[null,null,null,null,"TX","TX084","Housing Authority of Paducah",null,null,null,null,null,null,null,null,null,null,null,null,null,null,"TX052","No"]
[null,null,null,null,"TX","TX085","Victoria Housing Authority",null,null,null,null,null,null,null,null,null,null,null,null,null,null,"TX053","No"]
[null,null,null,null,"TX","TX086","Housing Authority of Wortham",null,null,null,null,null,null,null,null,null,null,null,null,null,null,"TX054","No"]
[null,null,null,null,"TX","TX087","San Marcos Housing Authority",null,null,null,null,null,null,null,null,null,null,null,null,null,null,"TX056","No"]
[null,null,null,null,"TX","TX088","Housing Authority of Ector",null,null,null,null,null,null,null,null,null,null,null,null,null,null,"TX058","No"]
[null,null,null,null,"TX","TX089","Housing Authority of Bells",null,null,null,null,null,null,null,null,null,null,null,null,null,null,"TX059","No"]
[null,null,null,null,"TX","TX090","Housing Authority of Hico",null,null,null,null,null,null,null,null,null,null,null,null,null,null,"TX060","No"]
[null,null,null,null,"TX","TX091","Housing Authority of Pottsboro",null,null,null,null,null,null,null,null,null,null,null,null,null,null,"TX061","No"]
[null,null,null,null,"TX","TX092","Housing Authority of Ladonia",null,null,null,null,null,null,null,null,null,null,null,null,null,null,"TX062","No"]
[null,null,null,null,"TX","TX093","Housing Authority of Honey Grove",null,null,null,null,null,null,null,null,null,null,null,null,null,null,"TX063","No"]
[null,null,null,null,"TX","TX094","Housing Authority of Archer City",null,null,null,null,null,null,null,null,null,null,null,null,null,null,"TX064","No"]
[null,null,null,null,"TX","TX095","Housing Authority of Rockwall",null,null,null,null,null,null,null,null,null,null,null,null,null,null,"TX065","No"]
[null,null,null,null,"TX","TX096","Edna Housing Authority",null,null,null,null,null,null,null,null,null,null,null,null,null,null,"TX066","No"]
[null,null,null,null,"TX","TX097","Housing Authority of Savoy",null,null,null,null,null,null,null,null,null,null,null,null,null,null,"TX067","No"]
[null,null,null,null,"TX","TX099","Housing Authority of Bryson",null,null,null,null,null,null,null,null,null,null,null,null,null,null,"TX068","No"]
[null,null,null,null,"TX","TX100","Housing Authority of City of Leonard",null,null,null,null,null,null,null,null,null,null,null,null,null,null,"TX069","No"]
[null,null,null,null,"TX","TX101","Housing Authority of Avinger",null,null,null,null,null,null,null,null,null,null,null,null,null,null,"TX070","No"]
[null,null,null,null,"TX","TX102","Housing Authority of McGregor",null,null,null,null,null,null,null,null,null,null,null,null,null,null,"TX071","No"]
[null,null,null,null,"TX","TX103","Smiley Housing Authority",null,null,null,null,null,null,null,null,null,null,null,null,null,null,"TX073","No"]
[null,null,null,null,"TX","TX104","Housing Authority of Wolfe City",null,null,null,null,null,null,null,null,null,null,null,null,null,null,"TX074","No"]
[null,null,null,null,"TX","TX105","Crystal City Housing Authority",null,null,null,null,null,null,null,null,null,null,null,null,null,null,"TX075","No"]
[null,null,null,null,"TX","TX106","Housing Authority of Daingerfield",null,null,null,null,null,null,null,null,null,null,null,null,null,null,"TX076","No"]
[null,null,null,null,"TX","TX107","Housing Authority of Whitewright",null,null,null,null,null,null,null,null,null,null,null,null,null,null,"TX077","No"]
[null,null,null,null,"TX","TX108","Housing Authority of Howe",null,null,null,null,null,null,null,null,null,null,null,null,null,null,"TX078","No"]
[null,null,null,null,"TX","TX109","Waelder Housing Authority",null,null,null,null,null,null,null,null,null,null,null,null,null,null,"TX079","No"]
[null,null,null,null,"TX","TX111","Housing Authority of Burkburnett",null,null,null,null,null,null,null,null,null,null,null,null,null,null,"TX080","No"]
[null,null,null,null,"TX","TX112","Hughes Springs Housing Authority",null,null,null,null,null,null,null,null,null,null,null,null,null,null,"TX081","No"]
[null,null,null,null,"TX","TX114","Kingsville Housing Authority",null,null,null,null,null,null,null,null,null,null,null,null,null,null,"TX082","No"]
[null,null,null,null,"TX","TX115","Housing Authority of Tom Bean",null,null,null,null,null,null,null,null,null,null,null,null,null,null,"TX083","No"]
[null,null,null,null,"TX","TX116","Housing Authority of City of Moody",null,null,null,null,null,null,null,null,null,null,null,null,null,null,"TX084","No"]
[null,null,null,null,"TX","TX117","Housing Authority of Deport",null,null,null,null,null,null,null,null,null,null,null,null,null,null,"TX085","No"]
[null,null,null,null,"TX","TX118","Housing Authority of the City of Caldwell",null,null,null,null,null,null,null,null,null,null,null,null,null,null,"TX086","No"]
[null,null,null,null,"TX","TX120","Housing Authority of the City of Munday",null,null,null,null,null,null,null,null,null,null,null,null,null,null,"TX087","No"]
[null,null,null,null,"TX","TX121","Housing Authority of Naples",null,null,null,null,null,null,null,null,null,null,null,null,null,null,"TX088","No"]
[null,null,null,null,"TX","TX122","Housing Authority of Omaha",null,null,null,null,null,null,null,null,null,null,null,null,null,null,"TX089","No"]
[null,null,null,null,"TX","TX124","Housing Authority of the City of Knox City",null,null,null,null,null,null,null,null,null,null,null,null,null,null,"TX090","No"]
[null,null,null,null,"TX","TX126","Housing Authority of Celeste",null,null,null,null,null,null,null,null,null,null,null,null,null,null,"TX091","No"]
[null,null,null,null,"TX","TX127","Housing Authority of Trenton",null,null,null,null,null,null,null,null,null,null,null,null,null,null,"TX092","No"]
[null,null,null,null,"TX","TX128","Housing Authority of Plano",null,null,null,null,null,null,null,null,null,null,null,null,null,null,"TX093","No"]
[null,null,null,null,"TX","TX132","Housing Authority of Van Alstyne",null,null,null,null,null,null,null,null,null,null,null,null,null,null,"TX094","No"]
[null,null,null,null,"TX","TX133","Housing Authority of Princeton",null,null,null,null,null,null,null,null,null,null,null,null,null,null,"TX095","No"]
[null,null,null,null,"TX","TX134","Housing Authority of Cameron",null,null,null,null,null,null,null,null,null,null,null,null,null,null,"TX096","No"]
[null,null,null,null,"TX","TX135","Housing Authority of Linden",null,null,null,null,null,null,null,null,null,null,null,null,null,null,"TX097","No"]
[null,null,null,null,"TX","TX137","Housing Authority of De Kalb",null,null,null,null,null,null,null,null,null,null,null,null,null,null,"TX099","No"]
[null,null,null,null,"TX","TX138","Housing Authority of Bogata",null,null,null,null,null,null,null,null,null,null,null,null,null,null,"TX100","No"]
[null,null,null,null,"TX","TX139","Housing Authority of Gunter",null,null,null,null,null,null,null,null,null,null,null,null,null,null,"TX101","No"]
[null,null,null,null,"TX","TX144","Housing Authority of the City of Frisco",null,null,null,null,null,null,null,null,null,null,null,null,null,null,"TX102","No"]
[null,null,null,null,"TX","TX145","Housing Authority of Talco",null,null,null,null,null,null,null,null,null,null,null,null,null,null,"TX103","No"]
[null,null,null,null,"TX","TX147","Kenedy Housing Authority",null,null,null,null,null,null,null,null,null,null,null,null,null,null,"TX104","No"]
[null,null,null,null,"TX","TX150","Housing Authority of the City of Calvert",null,null,null,null,null,null,null,null,null,null,null,null,null,null,"TX105","No"]
[null,null,null,null,"TX","TX151","Housing Authority of Wellington",null,null,null,null,null,null,null,null,null,null,null,null,null,null,"TX106","No"]
[null,null,null,null,"TX","TX152","Beeville Housing Authority",null,null,null,null,null,null,null,null,null,null,null,null,null,null,"TX107","No"]
[null,null,null,null,"TX","TX153","Housing Authority of Haltom City",null,null,null,null,null,null,null,null,null,null,null,null,null,null,"TX108","No"]
[null,null,null,null,"TX","TX155","Housing Authority of Decatur",null,null,null,null,null,null,null,null,null,null,null,null,null,null,"TX109","No"]
[null,null,null,null,"TX","TX156","Housing Authority of Spearman",null,null,null,null,null,null,null,null,null,null,null,null,null,null,"TX111","No"]
[null,null,null,null,"TX","TX157","Housing Authority of McLean",null,null,null,null,null,null,null,null,null,null,null,null,null,null,"TX112","No"]
[null,null,null,null,"TX","TX158","Housing Authority of Merkel",null,null,null,null,null,null,null,null,null,null,null,null,null,null,"TX113","No"]
[null,null,null,null,"TX","TX160","Housing Authority of Wink",null,null,null,null,null,null,null,null,null,null,null,null,null,null,"TX114","No"]
[null,null,null,null,"TX","TX162","Housing Authority of Clarendon",null,null,null,null,null,null,null,null,null,null,null,null,null,null,"TX115","No"]
[null,null,null,null,"TX","TX163","ROBSTOWN HOUSING AUTHORITY",null,null,null,null,null,null,null,null,null,null,null,null,null,null,"TX116","No"]
[null,null,null,null,"TX","TX164","Mathis Housing Authority",null,null,null,null,null,null,null,null,null,null,null,null,null,null,"TX117","No"]
[null,null,null,null,"TX","TX165","Runge Housing Authority",null,null,null,null,null,null,null,null,null,null,null,null,null,null,"TX118","No"]
[null,null,null,null,{"$f":"LEFT(F2691,2)","v":"TX"},"TX166","Housing Authority of Tahoka",null,null,null,null,null,null,null,null,null,null,null,null,null,null,"TX120","No"]
[null,null,null,null,"TX","TX167","Housing Authority of Stamford",null,null,null,null,null,null,null,null,null,null,null,null,null,null,"TX121","No"]
[null,null,null,null,"TX","TX168","Housing Authority of the City of Dayton",null,null,null,null,null,null,null,null,null,null,null,null,null,null,"TX122","No"]
[null,null,null,null,"TX","TX169","Housing Authority of Comanche",null,null,null,null,null,null,null,null,null,null,null,null,null,null,"TX124","No"]
[null,null,null,null,"TX","TX170","Housing Authority of Rising Star",null,null,null,null,null,null,null,null,null,null,null,null,null,null,"TX126","No"]
[null,null,null,null,"TX","TX171","Housing Authority of Levelland",null,null,null,null,null,null,null,null,null,null,null,null,null,null,"TX127","No"]
[null,null,null,null,"TX","TX172","Housing Authority of Cross Plains",null,null,null,null,null,null,null,null,null,null,null,null,null,null,"TX128","No"]
[null,null,null,null,"TX","TX173","Port Isabel Housing Authority",null,null,null,null,null,null,null,null,null,null,null,null,null,null,"TX132","No"]
[null,null,null,null,"TX","TX174","Sinton Housing Authority",null,null,null,null,null,null,null,null,null,null,null,null,null,null,"TX133","No"]
[null,null,null,null,"TX","TX175","Nixon Housing Authority",null,null,null,null,null,null,null,null,null,null,null,null,null,null,"TX134","No"]
[null,null,null,null,"TX","TX176","Three Rivers Housing Authority",null,null,null,null,null,null,null,null,null,null,null,null,null,null,"TX135","No"]
[null,null,null,null,"TX","TX177","DONNA HOUSING AUTHORITY",null,null,null,null,null,null,null,null,null,null,null,null,null,null,"TX137","No"]
[null,null,null,null,"TX","TX178","Alice Housing Authority",null,null,null,null,null,null,null,null,null,null,null,null,null,null,"TX138","No"]
[null,null,null,null,"TX","TX179","Housing Authority of Post",null,null,null,null,null,null,null,null,null,null,null,null,null,null,"TX139","No"]
[null,null,null,null,"TX","TX180","Housing Authority of Roby",null,null,null,null,null,null,null,null,null,null,null,null,null,null,"TX144","No"]
[null,null,null,null,"TX","TX182","Housing Authority of Rotan",null,null,null,null,null,null,null,null,null,null,null,null,null,null,"TX145","No"]
[null,null,null,null,"TX","TX183","Housing Authority of Tulia",null,null,null,null,null,null,null,null,null,null,null,null,null,null,"TX147","No"]
[null,null,null,null,"TX","TX184","Housing Authority of Crosbyton",null,null,null,null,null,null,null,null,null,null,null,null,null,null,"TX150","No"]
[null,null,null,null,"TX","TX186","Housing Authority of Nocona",null,null,null,null,null,null,null,null,null,null,null,null,null,null,"TX151","No"]
[null,null,null,null,"TX","TX187","Housing Authority of Pineland",null,null,null,null,null,null,null,null,null,null,null,null,null,null,"TX152","No"]
[null,null,null,null,"TX","TX188","Housing Authority of Maud",null,null,null,null,null,null,null,null,null,null,null,null,null,null,"TX153","No"]
[null,null,null,null,"TX","TX189","Housing Authority of Floydada",null,null,null,null,null,null,null,null,null,null,null,null,null,null,"TX155","No"]
[null,null,null,null,"TX","TX190","Housing Authority of Stanton",null,null,null,null,null,null,null,null,null,null,null,null,null,null,"TX156","No"]
[null,null,null,null,"TX","TX191","Taft Housing Authority",null,null,null,null,null,null,null,null,null,null,null,null,null,null,"TX157","No"]
[null,null,null,null,"TX","TX192","Housing Authority of Gorman",null,null,null,null,null,null,null,null,null,null,null,null,null,null,"TX158","No"]
[null,null,null,null,"TX","TX193","Floresville Housing Authority",null,null,null,null,null,null,null,null,null,null,null,null,null,null,"TX160","No"]
[null,null,null,null,"TX","TX194","Housing Authority of Childress",null,null,null,null,null,null,null,null,null,null,null,null,null,null,"TX162","No"]
[null,null,null,null,"TX","TX195","Housing Authority of Hamlin",null,null,null,null,null,null,null,null,null,null,null,null,null,null,"TX163","No"]
[null,null,null,null,"TX","TX196","Housing Authority of Olton",null,null,null,null,null,null,null,null,null,null,null,null,null,null,"TX164","No"]
[null,null,null,null,"TX","TX197","Housing Authority of Baird",null,null,null,null,null,null,null,null,null,null,null,null,null,null,"TX165","No"]
[null,null,null,null,"TX","TX198","Housing Authority of Cleveland",null,null,null,null,null,null,null,null,null,null,null,null,null,null,"TX166","No"]
[null,null,null,null,"TX","TX199","Housing Authority of Tioga",null,null,null,null,null,null,null,null,null,null,null,null,null,null,"TX167","No"]
[null,null,null,null,"TX","TX200","Housing Authority of Aspermont",null,null,null,null,null,null,null,null,null,null,null,null,null,null,"TX168","No"]
[null,null,null,null,"TX","TX201","Falfurrias Housing Authority",null,null,null,null,null,null,null,null,null,null,null,null,null,null,"TX169","No"]
[null,null,null,null,"TX","TX202","Edcouch Housing Authority",null,null,null,null,null,null,null,null,null,null,null,null,null,null,"TX170","No"]
[null,null,null,null,"TX","TX204","Housing Authority of Santa Anna",null,null,null,null,null,null,null,null,null,null,null,null,null,null,"TX171","No"]
[null,null,null,null,"TX","TX206","Los Fresnos Housing Authority",null,null,null,null,null,null,null,null,null,null,null,null,null,null,"TX172","No"]
[null,null,null,null,"TX","TX207","Housing Authority of the City of Clarksville",null,null,null,null,null,null,null,null,null,null,null,null,null,null,"TX173","No"]
[null,null,null,null,"TX","TX208","Pleasanton Housing Authority",null,null,null,null,null,null,null,null,null,null,null,null,null,null,"TX174","No"]
[null,null,null,null,"TX","TX209","Housing Authority of Malakoff",null,null,null,null,null,null,null,null,null,null,null,null,null,null,"TX175","No"]
[null,null,null,null,"TX","TX210","Devine Housing Authority",null,null,null,null,null,null,null,null,null,null,null,null,null,null,"TX176","No"]
[null,null,null,null,"TX","TX211","Lockhart Housing Authority",null,null,null,null,null,null,null,null,null,null,null,null,null,null,"TX177","No"]
[null,null,null,null,"TX","TX212","Housing Authority of Mabank",null,null,null,null,null,null,null,null,null,null,null,null,null,null,"TX178","No"]
[null,null,null,null,"TX","TX213","Housing Authority of Belton",null,null,null,null,null,null,null,null,null,null,null,null,null,null,"TX179","No"]
[null,null,null,null,"TX","TX214","Housing Authority of Granbury",null,null,null,null,null,null,null,null,null,null,null,null,null,null,"TX180","No"]
[null,null,null,null,"TX","TX215","Housing Authority of Spur",null,null,null,null,null,null,null,null,null,null,null,null,null,null,"TX182","No"]
[null,null,null,null,"TX","TX216","Housing Authority of Newcastle",null,null,null,null,null,null,null,null,null,null,null,null,null,null,"TX183","No"]
[null,null,null,null,"TX","TX217","Housing Authority of Wills Point",null,null,null,null,null,null,null,null,null,null,null,null,null,null,"TX184","No"]
[null,null,null,null,"TX","TX218","Housing Authority of Whitney",null,null,null,null,null,null,null,null,null,null,null,null,null,null,"TX186","No"]
[null,null,null,null,"TX","TX219","Housing Authority of Groesbeck",null,null,null,null,null,null,null,null,null,null,null,null,null,null,"TX187","No"]
[null,null,null,null,"TX","TX220","Housing Authority of Windom",null,null,null,null,null,null,null,null,null,null,null,null,null,null,"TX188","No"]
[null,null,null,null,"TX","TX221","Housing Authority of Farmersville",null,null,null,null,null,null,null,null,null,null,null,null,null,null,"TX189","No"]
[null,null,null,null,"TX","TX222","Housing Authority of Crockett",null,null,null,null,null,null,null,null,null,null,null,null,null,null,"TX190","No"]
[null,null,null,null,"TX","TX223","Housing Authority of Newton",null,null,null,null,null,null,null,null,null,null,null,null,null,null,"TX191","No"]
[null,null,null,null,"TX","TX224","Elsa Housing Authority",null,null,null,null,null,null,null,null,null,null,null,null,null,null,"TX192","No"]
[null,null,null,null,"TX","TX225","Housing Authority of the City of Woodville",null,null,null,null,null,null,null,null,null,null,null,null,null,null,"TX193","No"]
[null,null,null,null,"TX","TX226","Housing Authority of Timpson",null,null,null,null,null,null,null,null,null,null,null,null,null,null,"TX194","No"]
[null,null,null,null,"TX","TX227","Housing Authority of Hemphill",null,null,null,null,null,null,null,null,null,null,null,null,null,null,"TX195","No"]
[null,null,null,null,"TX","TX228","Housing Authority of Coolidge",null,null,null,null,null,null,null,null,null,null,null,null,null,null,"TX196","No"]
[null,null,null,null,"TX","TX229","Housing Authority of Diboll",null,null,null,null,null,null,null,null,null,null,null,null,null,null,"TX197","No"]
[null,null,null,null,"TX","TX230","Housing Authority of Corrigan",null,null,null,null,null,null,null,null,null,null,null,null,null,null,"TX198","No"]
[null,null,null,null,"TX","TX231","Housing Authority of the City of Groveton",null,null,null,null,null,null,null,null,null,null,null,null,null,null,"TX199","No"]
[null,null,null,null,"TX","TX232","Housing Authority of Beckville",null,null,null,null,null,null,null,null,null,null,null,null,null,null,"TX200","No"]
[null,null,null,null,"TX","TX233","Housing Authority of Garrison",null,null,null,null,null,null,null,null,null,null,null,null,null,null,"TX201","No"]
[null,null,null,null,{"$f":"LEFT(F2755,2)","v":"TX"},"TX235","Housing Authority of Bangs",null,null,null,null,null,null,null,null,null,null,null,null,null,null,"TX202","No"]
[null,null,null,null,"TX","TX236","Poteet Housing Authority",null,null,null,null,null,null,null,null,null,null,null,null,null,null,"TX204","No"]
[null,null,null,null,"TX","TX237","Housing Authority of Trinidad",null,null,null,null,null,null,null,null,null,null,null,null,null,null,"TX206","No"]
[null,null,null,null,"TX","TX238","Housing Authority of Blooming Grove",null,null,null,null,null,null,null,null,null,null,null,null,null,null,"TX207","No"]
[null,null,null,null,"TX","TX239","Brackettville Housing Authority",null,null,null,null,null,null,null,null,null,null,null,null,null,null,"TX208","No"]
[null,null,null,null,"TX","TX240","Housing Authority of Vernon",null,null,null,null,null,null,null,null,null,null,null,null,null,null,"TX209","No"]
[null,null,null,null,"TX","TX241","Housing Authority of Alba",null,null,null,null,null,null,null,null,null,null,null,null,null,null,"TX210","No"]
[null,null,null,null,"TX","TX242","Housing Authority of Edgewood",null,null,null,null,null,null,null,null,null,null,null,null,null,null,"TX211","No"]
[null,null,null,null,"TX","TX243","Stockdale Housing Authority",null,null,null,null,null,null,null,null,null,null,null,null,null,null,"TX212","No"]
[null,null,null,null,"TX","TX244","Housing Authority of Mount Pleasant",null,null,null,null,null,null,null,null,null,null,null,null,null,null,"TX213","No"]
[null,null,null,null,"TX","TX245","Housing Authority of the City of Madisonville",null,null,null,null,null,null,null,null,null,null,null,null,null,null,"TX214","No"]
[null,null,null,null,"TX","TX246","Housing Authority of Marlin",null,null,null,null,null,null,null,null,null,null,null,null,null,null,"TX215","No"]
[null,null,null,null,"TX","TX247","Housing Authority of Royse City",null,null,null,null,null,null,null,null,null,null,null,null,null,null,"TX216","No"]
[null,null,null,null,"TX","TX249","Housing Authority of Dawson",null,null,null,null,null,null,null,null,null,null,null,null,null,null,"TX217","No"]
[null,null,null,null,"TX","TX250","Housing Authority of Detroit",null,null,null,null,null,null,null,null,null,null,null,null,null,null,"TX218","No"]
[null,null,null,null,"TX","TX251","Housing Authority of Brady",null,null,null,null,null,null,null,null,null,null,null,null,null,null,"TX219","No"]
[null,null,null,null,"TX","TX252","Housing Authority of Lott",null,null,null,null,null,null,null,null,null,null,null,null,null,null,"TX220","No"]
[null,null,null,null,"TX","TX253","Housing Authority of the City of Centerville",null,null,null,null,null,null,null,null,null,null,null,null,null,null,"TX221","No"]
[null,null,null,null,"TX","TX255","Housing Authority of Rosebud",null,null,null,null,null,null,null,null,null,null,null,null,null,null,"TX222","No"]
[null,null,null,null,"TX","TX256","Johnson City Housing Authority",null,null,null,null,null,null,null,null,null,null,null,null,null,null,"TX223","No"]
[null,null,null,null,"TX","TX257","Housing Authority of Slaton",null,null,null,null,null,null,null,null,null,null,null,null,null,null,"TX224","No"]
[null,null,null,null,"TX","TX258","Housing Authority of Loraine",null,null,null,null,null,null,null,null,null,null,null,null,null,null,"TX225","No"]
[null,null,null,null,"TX","TX259","Bastrop Housing Authority",null,null,null,null,null,null,null,null,null,null,null,null,null,null,"TX226","No"]
[null,null,null,null,"TX","TX260","Housing Authority of Eden",null,null,null,null,null,null,null,null,null,null,null,null,null,null,"TX227","No"]
[null,null,null,null,"TX","TX261","Housing Authority of Mason",null,null,null,null,null,null,null,null,null,null,null,null,null,null,"TX228","No"]
[null,null,null,null,"TX","TX262","Housing Authority of Tenaha",null,null,null,null,null,null,null,null,null,null,null,null,null,null,"TX229","No"]
[null,null,null,null,"TX","TX264","Georgetown Housing Authority",null,null,null,null,null,null,null,null,null,null,null,null,null,null,"TX230","No"]
[null,null,null,null,"TX","TX265","Housing Authority of Rogers",null,null,null,null,null,null,null,null,null,null,null,null,null,null,"TX231","No"]
[null,null,null,null,"TX","TX266","Smithville Housing Authority",null,null,null,null,null,null,null,null,null,null,null,null,null,null,"TX232","No"]
[null,null,null,null,"TX","TX267","Housing Authority of Grandfalls",null,null,null,null,null,null,null,null,null,null,null,null,null,null,"TX233","No"]
[null,null,null,null,"TX","TX269","Housing Authority of Goldthwaite",null,null,null,null,null,null,null,null,null,null,null,null,null,null,"TX235","No"]
[null,null,null,null,"TX","TX270","Housing Authority of Robert Lee",null,null,null,null,null,null,null,null,null,null,null,null,null,null,"TX236","No"]
[null,null,null,null,"TX","TX271","Housing Authority of City of Oglesby",null,null,null,null,null,null,null,null,null,null,null,null,null,null,"TX237","No"]
[null,null,null,null,"TX","TX272","Housing Authority of Alto",null,null,null,null,null,null,null,null,null,null,null,null,null,null,"TX238","No"]
[null,null,null,null,"TX","TX273","Housing Authority of Teague",null,null,null,null,null,null,null,null,null,null,null,null,null,null,"TX239","No"]
[null,null,null,null,"TX","TX274","Housing Authority of Bartlett",null,null,null,null,null,null,null,null,null,null,null,null,null,null,"TX240","No"]
[null,null,null,null,"TX","TX275","Housing Authority of Seagraves",null,null,null,null,null,null,null,null,null,null,null,null,null,null,"TX241","No"]
[null,null,null,null,"TX","TX276","Housing Authority of Meridian",null,null,null,null,null,null,null,null,null,null,null,null,null,null,"TX242","No"]
[null,null,null,null,"TX","TX277","Housing Authority of Hale Center",null,null,null,null,null,null,null,null,null,null,null,null,null,null,"TX243","No"]
[null,null,null,null,"TX","TX278","Housing Authority of Bronte",null,null,null,null,null,null,null,null,null,null,null,null,null,null,"TX244","No"]
[null,null,null,null,"TX","TX279","Housing Authority of Eldorado",null,null,null,null,null,null,null,null,null,null,null,null,null,null,"TX245","No"]
[null,null,null,null,"TX","TX280","Karnes City Housing Authority",null,null,null,null,null,null,null,null,null,null,null,null,null,null,"TX246","No"]
[null,null,null,null,"TX","TX281","Granger Housing Authority",null,null,null,null,null,null,null,null,null,null,null,null,null,null,"TX247","No"]
[null,null,null,null,"TX","TX282","Housing Authority of Kirbyville",null,null,null,null,null,null,null,null,null,null,null,null,null,null,"TX249","No"]
[null,null,null,null,"TX","TX283","Housing Authority of Gatesville",null,null,null,null,null,null,null,null,null,null,null,null,null,null,"TX250","No"]
[null,null,null,null,"TX","TX284","Housing Authority City of Alpine",null,null,null,null,null,null,null,null,null,null,null,null,null,null,"TX251","No"]
[null,null,null,null,"TX","TX286","Housing Authority of Memphis",null,null,null,null,null,null,null,null,null,null,null,null,null,null,"TX252","No"]
[null,null,null,null,"TX","TX287","Housing Authority of Como",null,null,null,null,null,null,null,null,null,null,null,null,null,null,"TX253","No"]
[null,null,null,null,"TX","TX288","Housing Authority of Winnsboro",null,null,null,null,null,null,null,null,null,null,null,null,null,null,"TX255","No"]
[null,null,null,null,"TX","TX289","Housing Authority of Cumby",null,null,null,null,null,null,null,null,null,null,null,null,null,null,"TX256","No"]
[null,null,null,null,"TX","TX290","Housing Authority of Strawn",null,null,null,null,null,null,null,null,null,null,null,null,null,null,"TX257","No"]
[null,null,null,null,"TX","TX291","Housing Authority of Grapevine",null,null,null,null,null,null,null,null,null,null,null,null,null,null,"TX258","No"]
[null,null,null,null,"TX","TX293","Housing Authority of Rankin",null,null,null,null,null,null,null,null,null,null,null,null,null,null,"TX259","No"]
[null,null,null,null,"TX","TX295","Housing Authority of Grapeland",null,null,null,null,null,null,null,null,null,null,null,null,null,null,"TX260","No"]
[null,null,null,null,"TX","TX296","Schulenburg Housing Authority",null,null,null,null,null,null,null,null,null,null,null,null,null,null,"TX261","No"]
[null,null,null,null,"TX","TX297","Flatonia Housing Authority",null,null,null,null,null,null,null,null,null,null,null,null,null,null,"TX262","No"]
[null,null,null,null,"TX","TX298","Housing Authority the City of Mineral Wells",null,null,null,null,null,null,null,null,null,null,null,null,null,null,"TX263","No"]
[null,null,null,null,"TX","TX300","Carrizo Springs Housing Authority",null,null,null,null,null,null,null,null,null,null,null,null,null,null,"TX264","No"]
[null,null,null,null,"TX","TX301","Housing Authority of Thorndale",null,null,null,null,null,null,null,null,null,null,null,null,null,null,"TX265","No"]
[null,null,null,null,"TX","TX302","Gregory Housing Authority",null,null,null,null,null,null,null,null,null,null,null,null,null,null,"TX266","No"]
[null,null,null,null,"TX","TX303","Seguin Housing Authority",null,null,null,null,null,null,null,null,null,null,null,null,null,null,"TX267","No"]
[null,null,null,null,"TX","TX304","Housing Authority of the City of Bellville",null,null,null,null,null,null,null,null,null,null,null,null,null,null,"TX269","No"]
[null,null,null,null,"TX","TX305","Housing Authority of Kerens",null,null,null,null,null,null,null,null,null,null,null,null,null,null,"TX270","No"]
[null,null,null,null,"TX","TX306","Housing Authority of Junction",null,null,null,null,null,null,null,null,null,null,null,null,null,null,"TX271","No"]
[null,null,null,null,{"$f":"LEFT(F2819,2)","v":"TX"},"TX307","Housing Authority of Caddo Mills",null,null,null,null,null,null,null,null,null,null,null,null,null,null,"TX272","No"]
[null,null,null,null,"TX","TX308","Housing Authority of Crowell",null,null,null,null,null,null,null,null,null,null,null,null,null,null,"TX273","No"]
[null,null,null,null,"TX","TX309","Cuero Housing Authority",null,null,null,null,null,null,null,null,null,null,null,null,null,null,"TX274","No"]
[null,null,null,null,"TX","TX310","Housing Authority of Avery",null,null,null,null,null,null,null,null,null,null,null,null,null,null,"TX275","No"]
[null,null,null,null,"TX","TX311","Housing Authority of Whitesboro",null,null,null,null,null,null,null,null,null,null,null,null,null,null,"TX276","No"]
[null,null,null,null,"TX","TX312","Yorktown Housing Authority",null,null,null,null,null,null,null,null,null,null,null,null,null,null,"TX277","No"]
[null,null,null,null,"TX","TX313","Aransas Pass Housing Authority",null,null,null,null,null,null,null,null,null,null,null,null,null,null,"TX278","No"]
[null,null,null,null,"TX","TX316","Housing Authority of Balmorhea",null,null,null,null,null,null,null,null,null,null,null,null,null,null,"TX279","No"]
[null,null,null,null,"TX","TX317","Ingleside Housing Authority",null,null,null,null,null,null,null,null,null,null,null,null,null,null,"TX280","No"]
[null,null,null,null,"TX","TX318","Housing Authority of Marfa",null,null,null,null,null,null,null,null,null,null,null,null,null,null,"TX281","No"]
[null,null,null,null,"TX","TX320","Housing Authority of Pecos",null,null,null,null,null,null,null,null,null,null,null,null,null,null,"TX282","No"]
[null,null,null,null,"TX","TX321","Housing Authority of Coleman",null,null,null,null,null,null,null,null,null,null,null,null,null,null,"TX283","No"]
[null,null,null,null,"TX","TX322","Round Rock Housing Authority",null,null,null,null,null,null,null,null,null,null,null,null,null,null,"TX284","No"]
[null,null,null,null,"TX","TX323","Falls City Housing Authority",null,null,null,null,null,null,null,null,null,null,null,null,null,null,"TX286","No"]
[null,null,null,null,"TX","TX325","Housing Authority of Throckmorton",null,null,null,null,null,null,null,null,null,null,null,null,null,null,"TX287","No"]
[null,null,null,null,"TX","TX326","Yoakum Housing Authority",null,null,null,null,null,null,null,null,null,null,null,null,null,null,"TX288","No"]
[null,null,null,null,"TX","TX327","Housing Authority of Abilene",null,null,null,null,null,null,null,null,null,null,null,null,null,null,"TX289","No"]
[null,null,null,null,"TX","TX328","Llano Housing Authority",null,null,null,null,null,null,null,null,null,null,null,null,null,null,"TX290","No"]
[null,null,null,null,"TX","TX329","Housing Authority of the City of Winters",null,null,null,null,null,null,null,null,null,null,null,null,null,null,"TX291","No"]
[null,null,null,null,"TX","TX330","Housing Authority of the City of Brenham",null,null,null,null,null,null,null,null,null,null,null,null,null,null,"TX293","No"]
[null,null,null,null,"TX","TX332","Pearsall Housing Authority",null,null,null,null,null,null,null,null,null,null,null,null,null,null,"TX295","No"]
[null,null,null,null,"TX","TX333","Housing Authority of Mart",null,null,null,null,null,null,null,null,null,null,null,null,null,null,"TX296","No"]
[null,null,null,null,"TX","TX334","Housing Authority of City of San Saba",null,null,null,null,null,null,null,null,null,null,null,null,null,null,"TX297","No"]
[null,null,null,null,"TX","TX335","Cotulla Housing Authority",null,null,null,null,null,null,null,null,null,null,null,null,null,null,"TX298","No"]
[null,null,null,null,"TX","TX336","Housing Authority of Grand Saline",null,null,null,null,null,null,null,null,null,null,null,null,null,null,"TX300","No"]
[null,null,null,null,"TX","TX337","Housing Authority of Mount Vernon",null,null,null,null,null,null,null,null,null,null,null,null,null,null,"TX301","No"]
[null,null,null,null,"TX","TX339","Housing Authority of Clifton",null,null,null,null,null,null,null,null,null,null,null,null,null,null,"TX302","No"]
[null,null,null,null,"TX","TX340","Housing Authority of the City of Franklin",null,null,null,null,null,null,null,null,null,null,null,null,null,null,"TX303","No"]
[null,null,null,null,"TX","TX341","Housing Authority of Tatum",null,null,null,null,null,null,null,null,null,null,null,null,null,null,"TX304","No"]
[null,null,null,null,"TX","TX342","Housing Authority of Ferris",null,null,null,null,null,null,null,null,null,null,null,null,null,null,"TX305","No"]
[null,null,null,null,"TX","TX343","New Braunfels Housing Authority",null,null,null,null,null,null,null,null,null,null,null,null,null,null,"TX306","No"]
[null,null,null,null,"TX","TX344","Housing Authority of Van",null,null,null,null,null,null,null,null,null,null,null,null,null,null,"TX307","No"]
[null,null,null,null,"TX","TX345","Housing Authority of Lometa",null,null,null,null,null,null,null,null,null,null,null,null,null,null,"TX308","No"]
[null,null,null,null,"TX","TX347","Housing Authority of Grandview",null,null,null,null,null,null,null,null,null,null,null,null,null,null,"TX309","No"]
[null,null,null,null,"TX","TX348","Housing Authority of Huntington",null,null,null,null,null,null,null,null,null,null,null,null,null,null,"TX310","No"]
[null,null,null,null,"TX","TX350","Schertz Housing Authority",null,null,null,null,null,null,null,null,null,null,null,null,null,null,"TX311","No"]
[null,null,null,null,"TX","TX351","Housing Authority of the City of Bremond",null,null,null,null,null,null,null,null,null,null,null,null,null,null,"TX312","No"]
[null,null,null,null,"TX","TX352","Housing Authority of Livingston",null,null,null,null,null,null,null,null,null,null,null,null,null,null,"TX313","No"]
[null,null,null,null,"TX","TX353","Housing Authority of Copperas Cove",null,null,null,null,null,null,null,null,null,null,null,null,null,null,"TX316","No"]
[null,null,null,null,"TX","TX354","Mexia Housing Authority",null,null,null,null,null,null,null,null,null,null,null,null,null,null,"TX317","No"]
[null,null,null,null,"TX","TX355","Housing Authority of the City of El Campo",null,null,null,null,null,null,null,null,null,null,null,null,null,null,"TX318","No"]
[null,null,null,null,"TX","TX356","Housing Authority of Big Sandy",null,null,null,null,null,null,null,null,null,null,null,null,null,null,"TX320","No"]
[null,null,null,null,"TX","TX357","Housing Authority of the City of Buffalo",null,null,null,null,null,null,null,null,null,null,null,null,null,null,"TX321","No"]
[null,null,null,null,"TX","TX358","Burnet Housing Authority",null,null,null,null,null,null,null,null,null,null,null,null,null,null,"TX322","No"]
[null,null,null,null,"TX","TX367","Kyle Housing Authority",null,null,null,null,null,null,null,null,null,null,null,null,null,null,"TX323","No"]
[null,null,null,null,"TX","TX370","Housing Authority of Point",null,null,null,null,null,null,null,null,null,null,null,null,null,null,"TX325","No"]
[null,null,null,null,"TX","TX376","Duval County Housing Authority",null,null,null,null,null,null,null,null,null,null,null,null,null,null,"TX326","No"]
[null,null,null,null,"TX","TX377","Elgin Housing Authority",null,null,null,null,null,null,null,null,null,null,null,null,null,null,"TX327","No"]
[null,null,null,null,"TX","TX378","Housing Authority of the City of Palacios",null,null,null,null,null,null,null,null,null,null,null,null,null,null,"TX328","No"]
[null,null,null,null,"TX","TX379","Housing Authority of Midland",null,null,null,null,null,null,null,null,null,null,null,null,null,null,"TX329","No"]
[null,null,null,null,"TX","TX380","Housing Authority of Rockdale",null,null,null,null,null,null,null,null,null,null,null,null,null,null,"TX330","No"]
[null,null,null,null,"TX","TX381","La Grange Housing Authority",null,null,null,null,null,null,null,null,null,null,null,null,null,null,"TX332","No"]
[null,null,null,null,"TX","TX383","Housing Authority of San Augustine",null,null,null,null,null,null,null,null,null,null,null,null,null,null,"TX333","No"]
[null,null,null,null,"TX","TX387","Housing Authority of Kemp",null,null,null,null,null,null,null,null,null,null,null,null,null,null,"TX334","No"]
[null,null,null,null,"TX","TX395","Port Lavaca Housing Authority",null,null,null,null,null,null,null,null,null,null,null,null,null,null,"TX335","No"]
[null,null,null,null,"TX","TX396","Starr County Housing Authority",null,null,null,null,null,null,null,null,null,null,null,null,null,null,"TX336","No"]
[null,null,null,null,"TX","TX405","Housing Authority of Hubbard",null,null,null,null,null,null,null,null,null,null,null,null,null,null,"TX337","No"]
[null,null,null,null,"TX","TX406","Housing Authority of the City of Huntsville",null,null,null,null,null,null,null,null,null,null,null,null,null,null,"TX339","No"]
[null,null,null,null,"TX","TX408","Housing Authority of the City of Monahans",null,null,null,null,null,null,null,null,null,null,null,null,null,null,"TX340","No"]
[null,null,null,null,"TX","TX421","Uvalde Housing Authority",null,null,null,null,null,null,null,null,null,null,null,null,null,null,"TX341","No"]
[null,null,null,null,"TX","TX439","Housing Authority of Anthony",null,null,null,null,null,null,null,null,null,null,null,null,null,null,"TX342","No"]
[null,null,null,null,"TX","TX448","La Joya Housing Authority",null,null,null,null,null,null,null,null,null,null,null,null,null,null,"TX343","No"]
[null,null,null,null,"TX","TX449","Roma Housing Authority",null,null,null,null,null,null,null,null,null,null,null,null,null,null,"TX344","No"]
[null,null,null,null,"TX","TX452","Bexar County Housing Authority",null,null,null,null,null,null,null,null,null,null,null,null,null,null,"TX345","No"]
[null,null,null,null,{"$f":"LEFT(F2883,2)","v":"TX"},"TX455","Housing Authority of Odessa",null,null,null,null,null,null,null,null,null,null,null,null,null,null,"TX347","No"]
[null,null,null,null,"TX","TX457","Housing Authority of Marshall",null,null,null,null,null,null,null,null,null,null,null,null,null,null,"TX348","No"]
[null,null,null,null,"TX","TX469","Housing Authority of City of Navasota",null,null,null,null,null,null,null,null,null,null,null,null,null,null,"TX350","No"]
[null,null,null,null,"TX","TX470","San Angelo Housing Authority",null,null,null,null,null,null,null,null,null,null,null,null,null,null,"TX351","No"]
[null,null,null,null,"TX","TX480","Housing Authority of Travis County",null,null,null,null,null,null,null,null,null,null,null,null,null,null,"TX352","No"]
[null,null,null,null,"TX","TX486","Housing Authority of the City of Nacogdoches",null,null,null,null,null,null,null,null,null,null,null,null,null,null,"TX353","No"]
[null,null,null,null,"TX","TX492","Housing Authority of Jasper",null,null,null,null,null,null,null,null,null,null,null,null,null,null,"TX354","No"]
[null,null,null,null,"TX","TX497","Hidalgo County Housing Authority",null,null,null,null,null,null,null,null,null,null,null,null,null,null,"TX355","No"]
[null,null,null,null,"TX","TX509","Cameron County Housing Authority",null,null,null,null,null,null,null,null,null,null,null,null,null,null,"TX356","No"]
[null,null,null,null,"TX","TX510","Goliad Housing Authority",null,null,null,null,null,null,null,null,null,null,null,null,null,null,"TX357","No"]
[null,null,null,null,"TX","TX525","Housing Authority of Fruitvale",null,null,null,null,null,null,null,null,null,null,null,null,null,null,"TX358","No"]
[null,null,null,null,"TX","TX531","Housing Authority of Atlanta",null,null,null,null,null,null,null,null,null,null,null,null,null,null,"TX367","No"]
[null,null,null,null,"TX","TX538","El Paso County Housing Authority",null,null,null,null,null,null,null,null,null,null,null,null,null,null,"TX370","No"]
[null,null,null,null,"TX","TX539","Housing Authority of Blossom",null,null,null,null,null,null,null,null,null,null,null,null,null,null,"TX376","No"]
[null,null,null,null,"TX","TX543","Housing Authority of Van Horn",null,null,null,null,null,null,null,null,null,null,null,null,null,null,"TX377","No"]
[null,null,null,null,"TX","TX546","Housing Authority of Ralls",null,null,null,null,null,null,null,null,null,null,null,null,null,null,"TX378","No"]
[null,null,null,null,"TX","TX549","Housing Authority of O'Donnell",null,null,null,null,null,null,null,null,null,null,null,null,null,null,"TX379","No"]
[null,null,null,null,"TX","TX550","Housing Authority of Bowie County",null,null,null,null,null,null,null,null,null,null,null,null,null,null,"TX380","No"]
[null,null,null,null,"TX","TX552","Housing Authority of Lockney",null,null,null,null,null,null,null,null,null,null,null,null,null,null,"TX381","No"]
[null,null,null,null,"UT","UT002","Housing Authority of the City of Ogden",null,null,null,null,null,null,null,null,null,null,null,null,null,null,"TX383","No"]
[null,null,null,null,"UT","UT003","Housing Authority of the County of Salt Lake",null,null,null,null,null,null,null,null,null,null,null,null,null,null,"TX387","No"]
[null,null,null,null,"UT","UT004","Housing Authority of Salt Lake City",null,null,null,null,null,null,null,null,null,null,null,null,null,null,"TX395","No"]
[null,null,null,null,"UT","UT006","Beaver City Housing Authority",null,null,null,null,null,null,null,null,null,null,null,null,null,null,"TX396","No"]
[null,null,null,null,"UT","UT007","Housing Authority of the City of Provo",null,null,null,null,null,null,null,null,null,null,null,null,null,null,"TX405","No"]
[null,null,null,null,"UT","UT009","Davis Community Housing Authority",null,null,null,null,null,null,null,null,null,null,null,null,null,null,"TX406","No"]
[null,null,null,null,"UT","UT011","Utah County Housing Authority",null,null,null,null,null,null,null,null,null,null,null,null,null,null,"TX408","No"]
[null,null,null,null,"UT","UT015","Emery County Housing Authority",null,null,null,null,null,null,null,null,null,null,null,null,null,null,"TX421","No"]
[null,null,null,null,"UT","UT016","Housing Authority of Carbon County",null,null,null,null,null,null,null,null,null,null,null,null,null,null,"TX439","No"]
[null,null,null,null,"UT","UT020","Tooele County Housing Authority",null,null,null,null,null,null,null,null,null,null,null,null,null,null,"TX448","No"]
[null,null,null,null,"UT","UT021","St. George Housing Authority",null,null,null,null,null,null,null,null,null,null,null,null,null,null,"TX449","No"]
[null,null,null,null,"UT","UT025","West Valley City Housing Authority",null,null,null,null,null,null,null,null,null,null,null,null,null,null,"TX452","No"]
[null,null,null,null,"VA","VA001","Portsmouth Redevelopment & Housing Authority",null,null,null,null,null,null,null,null,null,null,null,null,null,null,"TX455","No"]
[null,null,null,null,"VA","VA002","Bristol Redevelopment & Housing Authority",null,null,null,null,null,null,null,null,null,null,null,null,null,null,"TX457","No"]
[null,null,null,null,"VA","VA003","Newport News Redevelopment & Housng Authority",null,null,null,null,null,null,null,null,null,null,null,null,null,null,"TX469","No"]
[null,null,null,null,"VA","VA004","Alexandria Redevelopment & Housing Authority",null,null,null,null,null,null,null,null,null,null,null,null,null,null,"TX470","No"]
[null,null,null,null,"VA","VA005","Hopewell Redevelopment & Housing Authority",null,null,null,null,null,null,null,null,null,null,null,null,null,null,"TX480","No"]
[null,null,null,null,"VA","VA006","Norfolk Redevelopment & Housing Authority",null,null,null,null,null,null,null,null,null,null,null,null,null,null,"TX486","No"]
[null,null,null,null,"VA","VA007","Richmond Redevelopment & Housing Authority",null,null,null,null,null,null,null,null,null,null,null,null,null,null,"TX492","No"]
[null,null,null,null,"VA","VA010","Danville Redevelopment & Housing Authority",null,null,null,null,null,null,null,null,null,null,null,null,null,null,"TX497","No"]
[null,null,null,null,"VA","VA011","Roanoke Redevelopment & Housing Authority",null,null,null,null,null,null,null,null,null,null,null,null,null,null,"TX509","No"]
[null,null,null,null,"VA","VA012","Chesapeake Redevelopment & Housing Authority",null,null,null,null,null,null,null,null,null,null,null,null,null,null,"TX510","No"]
[null,null,null,null,"VA","VA013","Lynchburg Redevelopment & Housing Authority",null,null,null,null,null,null,null,null,null,null,null,null,null,null,"TX525","No"]
[null,null,null,null,"VA","VA015","Norton Redevelopment & Housing Authority",null,null,null,null,null,null,null,null,null,null,null,null,null,null,"TX531","No"]
[null,null,null,null,"VA","VA016","Charlottesville Redev & Housing Authority",null,null,null,null,null,null,null,null,null,null,null,null,null,null,"TX538","No"]
[null,null,null,null,"VA","VA017","Hampton Redevelopment & Housing Authority",null,null,null,null,null,null,null,null,null,null,null,null,null,null,"TX539","No"]
[null,null,null,null,"VA","VA018","Franklin Redevelopment And Housing Authority",null,null,null,null,null,null,null,null,null,null,null,null,null,null,"TX543","No"]
[null,null,null,null,"VA","VA019","Fairfax County Redevelopment & Hsg Authority",null,null,null,null,null,null,null,null,null,null,null,null,null,null,"TX546","No"]
[null,null,null,null,"VA","VA020","Petersburg Redevelopment & Housing Authority",null,null,null,null,null,null,null,null,null,null,null,null,null,null,"TX549","No"]
[null,null,null,null,"VA","VA021","Wytheville Redev. & Housing Authority",null,null,null,null,null,null,null,null,null,null,null,null,null,null,"TX550","No"]
[null,null,null,null,"VA","VA022","Waynesboro Redevelopment & Housing Authority",null,null,null,null,null,null,null,null,null,null,null,null,null,null,"TX552","No"]
[null,null,null,null,"VA","VA023","Staunton Redevelopment & Housing Authority",null,null,null,null,null,null,null,null,null,null,null,null,null,null,"UT002","No"]
[null,null,null,null,"VA","VA024","Wise County Redevelopment & Housing Authority",null,null,null,null,null,null,null,null,null,null,null,null,null,null,"UT003","No"]
[null,null,null,null,"VA","VA025","Suffolk Redevelopment And Housing Authority",null,null,null,null,null,null,null,null,null,null,null,null,null,null,"UT004","No"]
[null,null,null,null,"VA","VA026","Williamsburg Redevelopment & Housing Auth.",null,null,null,null,null,null,null,null,null,null,null,null,null,null,"UT006","No"]
[null,null,null,null,"VA","VA029","Cumberland Plateau Regional Housing Authority",null,null,null,null,null,null,null,null,null,null,null,null,null,null,"UT007","No"]
[null,null,null,null,"VA","VA030","Marion Redevelopment & Housing Authority",null,null,null,null,null,null,null,null,null,null,null,null,null,null,"UT009","No"]
[null,null,null,null,"VA","VA031","Scott County Redev. & Housing Authority",null,null,null,null,null,null,null,null,null,null,null,null,null,null,"UT011","No"]
[null,null,null,null,"VA","VA032","Abingdon Redevelopment And Housing Authority",null,null,null,null,null,null,null,null,null,null,null,null,null,null,"UT015","No"]
[null,null,null,null,"VA","VA034","Lee County Redevelopment & Housing Authority",null,null,null,null,null,null,null,null,null,null,null,null,null,null,"UT016","No"]
[null,null,null,null,"VQ","VQ001","Virgin Islands Housing Authority",null,null,null,null,null,null,null,null,null,null,null,null,null,null,"UT020","No"]
[null,null,null,null,"VT","VT001","Burlington Housing Authority",null,null,null,null,null,null,null,null,null,null,null,null,null,null,"UT021","No"]
[null,null,null,null,"VT","VT002","Brattleboro Housing Authority",null,null,null,null,null,null,null,null,null,null,null,null,null,null,"UT025","Yes"]
[null,null,null,null,"VT","VT003","Rutland Housing Authority",null,null,null,null,null,null,null,null,null,null,null,null,null,null,"VA001","Yes"]
[null,null,null,null,"VT","VT004","Springfield Housing Authority",null,null,null,null,null,null,null,null,null,null,null,null,null,null,"VA002","Yes"]
[null,null,null,null,{"$f":"LEFT(F2947,2)","v":"VT"},"VT005","Barre Housing Authority",null,null,null,null,null,null,null,null,null,null,null,null,null,null,"VA003","No"]
[null,null,null,null,"VT","VT006","Winooski Housing Authority",null,null,null,null,null,null,null,null,null,null,null,null,null,null,"VA004","Yes"]
[null,null,null,null,"VT","VT008","Montpelier Housing Authority",null,null,null,null,null,null,null,null,null,null,null,null,null,null,"VA005","Yes"]
[null,null,null,null,"VT","VT009","Bennington Housing Authority",null,null,null,null,null,null,null,null,null,null,null,null,null,null,"VA006","No"]
[null,null,null,null,"WA","WA001","SEATTLE HOUSING AUTHORITY",null,null,null,null,null,null,null,null,null,null,null,null,null,null,"VA007","No"]
[null,null,null,null,"WA","WA002","HA of King County",null,null,null,null,null,null,null,null,null,null,null,null,null,null,"VA010","No"]
[null,null,null,null,"WA","WA003","HA City of Bremerton",null,null,null,null,null,null,null,null,null,null,null,null,null,null,"VA011","No"]
[null,null,null,null,"WA","WA004","HA County of Clallam",null,null,null,null,null,null,null,null,null,null,null,null,null,null,"VA012","No"]
[null,null,null,null,"WA","WA005","HA City of Tacoma",null,null,null,null,null,null,null,null,null,null,null,null,null,null,"VA013","Yes"]
[null,null,null,null,"WA","WA006","HA City of Everett",null,null,null,null,null,null,null,null,null,null,null,null,null,null,"VA014","No"]
[null,null,null,null,"WA","WA008","Housing Authority of the City of Vancouver",null,null,null,null,null,null,null,null,null,null,null,null,null,null,"VA015","Yes"]
[null,null,null,null,"WA","WA009","HA County of Kittitas",null,null,null,null,null,null,null,null,null,null,null,null,null,null,"VA016","No"]
[null,null,null,null,"WA","WA010","HA City of Anacortes",null,null,null,null,null,null,null,null,null,null,null,null,null,null,"VA017","No"]
[null,null,null,null,"WA","WA011","HA City of Renton",null,null,null,null,null,null,null,null,null,null,null,null,null,null,"VA018","No"]
[null,null,null,null,"WA","WA012","HA City of Kennewick",null,null,null,null,null,null,null,null,null,null,null,null,null,null,"VA019","Yes"]
[null,null,null,null,"WA","WA014","HA of Grant County",null,null,null,null,null,null,null,null,null,null,null,null,null,null,"VA020","No"]
[null,null,null,null,"WA","WA017","HA of Asotin County",null,null,null,null,null,null,null,null,null,null,null,null,null,null,"VA021","No"]
[null,null,null,null,"WA","WA018","HA of Grays Harbor County",null,null,null,null,null,null,null,null,null,null,null,null,null,null,"VA022","Yes"]
[null,null,null,null,"WA","WA019","HA CITY OF KALAMA",null,null,null,null,null,null,null,null,null,null,null,null,null,null,"VA023","No"]
[null,null,null,null,"WA","WA020","HA City of Kelso",null,null,null,null,null,null,null,null,null,null,null,null,null,null,"VA024","No"]
[null,null,null,null,"WA","WA021","HA City of Pasco And Franklin County",null,null,null,null,null,null,null,null,null,null,null,null,null,null,"VA025","Yes"]
[null,null,null,null,"WA","WA024","HA of Island County",null,null,null,null,null,null,null,null,null,null,null,null,null,null,"VA026","Yes"]
[null,null,null,null,"WA","WA025","Housing Authority City of Bellingham",null,null,null,null,null,null,null,null,null,null,null,null,null,null,"VA029","Yes"]
[null,null,null,null,"WA","WA026","Housing Authority City of Othello",null,null,null,null,null,null,null,null,null,null,null,null,null,null,"VA030","No"]
[null,null,null,null,"WA","WA030","HA City of Sedro Woolley",null,null,null,null,null,null,null,null,null,null,null,null,null,null,"VA031","Yes"]
[null,null,null,null,"WA","WA035","HA City of Sunnyside",null,null,null,null,null,null,null,null,null,null,null,null,null,null,"VA032","No"]
[null,null,null,null,"WA","WA036","Kitsap County Consolidated Housing Auth",null,null,null,null,null,null,null,null,null,null,null,null,null,null,"VA034","No"]
[null,null,null,null,"WA","WA039","Housing Authority of Snohomish County",null,null,null,null,null,null,null,null,null,null,null,null,null,null,"VQ001","No"]
[null,null,null,null,"WA","WA041","Housing Authority of Whatcom County",null,null,null,null,null,null,null,null,null,null,null,null,null,null,"VT001","No"]
[null,null,null,null,"WA","WA042","HA City of Yakima",null,null,null,null,null,null,null,null,null,null,null,null,null,null,"VT002","No"]
[null,null,null,null,"WA","WA054","HA of Pierce County",null,null,null,null,null,null,null,null,null,null,null,null,null,null,"VT003","Yes"]
[null,null,null,null,"WA","WA055","HA City of Spokane",null,null,null,null,null,null,null,null,null,null,null,null,null,null,"VT004","No"]
[null,null,null,null,"WA","WA057","HA City of Walla Walla",null,null,null,null,null,null,null,null,null,null,null,null,null,null,"VT005","No"]
[null,null,null,null,"WI","WI001","Housing Authority of the City of Superior",null,null,null,null,null,null,null,null,null,null,null,null,null,null,"VT006","No"]
[null,null,null,null,"WI","WI002","Housing Authority of the City of Milwaukee",null,null,null,null,null,null,null,null,null,null,null,null,null,null,"VT008","Yes"]
[null,null,null,null,"WI","WI003","Madison Community Development Authority",null,null,null,null,null,null,null,null,null,null,null,null,null,null,"VT009","Yes"]
[null,null,null,null,"WI","WI004","Menomonie Housing Authority",null,null,null,null,null,null,null,null,null,null,null,null,null,null,"WA001","No"]
[null,null,null,null,"WI","WI006","La Crosse Housing Authority",null,null,null,null,null,null,null,null,null,null,null,null,null,null,"WA002","No"]
[null,null,null,null,"WI","WI008","South Milwaukee Community Development Auth.",null,null,null,null,null,null,null,null,null,null,null,null,null,null,"WA003","Yes"]
[null,null,null,null,"WI","WI011","Marshfield Community Development Authority",null,null,null,null,null,null,null,null,null,null,null,null,null,null,"WA004","Yes"]
[null,null,null,null,"WI","WI015","Stanley Housing Authority",null,null,null,null,null,null,null,null,null,null,null,null,null,null,"WA005","No"]
[null,null,null,null,"WI","WI016","Spooner Housing Authority",null,null,null,null,null,null,null,null,null,null,null,null,null,null,"WA006","No"]
[null,null,null,null,"WI","WI017","Merrill Housing Authority",null,null,null,null,null,null,null,null,null,null,null,null,null,null,"WA008","No"]
[null,null,null,null,"WI","WI018","Plymouth Housing Authority",null,null,null,null,null,null,null,null,null,null,null,null,null,null,"WA009","No"]
[null,null,null,null,"WI","WI019","Amery Housing Authority",null,null,null,null,null,null,null,null,null,null,null,null,null,null,"WA010","No"]
[null,null,null,null,"WI","WI020","Housing Authority of the City of New Richmond",null,null,null,null,null,null,null,null,null,null,null,null,null,null,"WA011","No"]
[null,null,null,null,"WI","WI021","Brillion Housing Authority",null,null,null,null,null,null,null,null,null,null,null,null,null,null,"WA012","No"]
[null,null,null,null,"WI","WI023","Housing Authority of the City of Barron",null,null,null,null,null,null,null,null,null,null,null,null,null,null,"WA014","No"]
[null,null,null,null,"WI","WI024","Manitowoc Housing Authority",null,null,null,null,null,null,null,null,null,null,null,null,null,null,"WA017","No"]
[null,null,null,null,"WI","WI025","City of Edgerton Housing Authority",null,null,null,null,null,null,null,null,null,null,null,null,null,null,"WA018","No"]
[null,null,null,null,"WI","WI026","Abbotsford Housing Authority",null,null,null,null,null,null,null,null,null,null,null,null,null,null,"WA019","No"]
[null,null,null,null,"WI","WI028","Monroe Housing Authority",null,null,null,null,null,null,null,null,null,null,null,null,null,null,"WA020","No"]
[null,null,null,null,"WI","WI029","Bruce Housing Authority",null,null,null,null,null,null,null,null,null,null,null,null,null,null,"WA021","No"]
[null,null,null,null,"WI","WI030","Reedsville Housing Authority",null,null,null,null,null,null,null,null,null,null,null,null,null,null,"WA024","No"]
[null,null,null,null,"WI","WI031","Wausau Community Development Authority",null,null,null,null,null,null,null,null,null,null,null,null,null,null,"WA025","No"]
[null,null,null,null,"WI","WI032","Greenwood Housing Authority",null,null,null,null,null,null,null,null,null,null,null,null,null,null,"WA026","No"]
[null,null,null,null,"WI","WI033","Altoona Housing Authority",null,null,null,null,null,null,null,null,null,null,null,null,null,null,"WA030","No"]
[null,null,null,null,"WI","WI034","Algoma Housing Authority",null,null,null,null,null,null,null,null,null,null,null,null,null,null,"WA035","No"]
[null,null,null,null,"WI","WI037","Stevens Point Housing Authority",null,null,null,null,null,null,null,null,null,null,null,null,null,null,"WA036","No"]
[null,null,null,null,"WI","WI038","Fond Du Lac Housing Authority",null,null,null,null,null,null,null,null,null,null,null,null,null,null,"WA039","No"]
[null,null,null,null,"WI","WI040","Hurley Housing Authority",null,null,null,null,null,null,null,null,null,null,null,null,null,null,"WA041","No"]
[null,null,null,null,"WI","WI041","Lake Mills Housing Authority",null,null,null,null,null,null,null,null,null,null,null,null,null,null,"WA042","No"]
[null,null,null,null,"WI","WI042","Hudson Housing Authority",null,null,null,null,null,null,null,null,null,null,null,null,null,null,"WA054","No"]
[null,null,null,null,"WI","WI043","Kaukauna Housing Authority",null,null,null,null,null,null,null,null,null,null,null,null,null,null,"WA055","No"]
[null,null,null,null,{"$f":"LEFT(F3011,2)","v":"WI"},"WI044","Oconto Housing Authority",null,null,null,null,null,null,null,null,null,null,null,null,null,null,"WA057","Yes"]
[null,null,null,null,"WI","WI045","Shawano Housing Authority",null,null,null,null,null,null,null,null,null,null,null,null,null,null,"WI001","Yes"]
[null,null,null,null,"WI","WI046","Richland Center Housing Authority",null,null,null,null,null,null,null,null,null,null,null,null,null,null,"WI002","No"]
[null,null,null,null,"WI","WI048","New London Housing Authority",null,null,null,null,null,null,null,null,null,null,null,null,null,null,"WI003","No"]
[null,null,null,null,"WI","WI049","Marinette Housing Authority",null,null,null,null,null,null,null,null,null,null,null,null,null,null,"WI004","No"]
[null,null,null,null,"WI","WI050","Rice Lake Housing Authority",null,null,null,null,null,null,null,null,null,null,null,null,null,null,"WI006","No"]
[null,null,null,null,"WI","WI051","Chetek Housing Authority",null,null,null,null,null,null,null,null,null,null,null,null,null,null,"WI008","No"]
[null,null,null,null,"WI","WI052","Housing Authority of the City of Cumberland",null,null,null,null,null,null,null,null,null,null,null,null,null,null,"WI011","No"]
[null,null,null,null,"WI","WI055","Albany Housing Authority",null,null,null,null,null,null,null,null,null,null,null,null,null,null,"WI015","No"]
[null,null,null,null,"WI","WI056","Frederic Housing Authority",null,null,null,null,null,null,null,null,null,null,null,null,null,null,"WI016","No"]
[null,null,null,null,"WI","WI057","Luck Housing Authority",null,null,null,null,null,null,null,null,null,null,null,null,null,null,"WI017","No"]
[null,null,null,null,"WI","WI058","Sparta Housing Authority",null,null,null,null,null,null,null,null,null,null,null,null,null,null,"WI018","No"]
[null,null,null,null,"WI","WI059","Woodville Housing Authority",null,null,null,null,null,null,null,null,null,null,null,null,null,null,"WI019","No"]
[null,null,null,null,"WI","WI060","River Falls Housing Authority",null,null,null,null,null,null,null,null,null,null,null,null,null,null,"WI020","No"]
[null,null,null,null,"WI","WI061","Housing Authority of the City of Shell Lake",null,null,null,null,null,null,null,null,null,null,null,null,null,null,"WI021","No"]
[null,null,null,null,"WI","WI063","Wausaukee Housing Authority",null,null,null,null,null,null,null,null,null,null,null,null,null,null,"WI023","No"]
[null,null,null,null,"WI","WI064","Beloit Housing Authority",null,null,null,null,null,null,null,null,null,null,null,null,null,null,"WI024","No"]
[null,null,null,null,"WI","WI065","City of Appleton Housing Authority",null,null,null,null,null,null,null,null,null,null,null,null,null,null,"WI025","No"]
[null,null,null,null,"WI","WI066","Mondovi Housing Authority",null,null,null,null,null,null,null,null,null,null,null,null,null,null,"WI026","No"]
[null,null,null,null,"WI","WI067","Prairie Du Chien Housing Authority",null,null,null,null,null,null,null,null,null,null,null,null,null,null,"WI028","No"]
[null,null,null,null,"WI","WI068","Wisconsin Rapids Housing Authority",null,null,null,null,null,null,null,null,null,null,null,null,null,null,"WI029","No"]
[null,null,null,null,"WI","WI069","Mauston Housing Authority",null,null,null,null,null,null,null,null,null,null,null,null,null,null,"WI030","No"]
[null,null,null,null,"WI","WI070","Rhinelander Housing Authority",null,null,null,null,null,null,null,null,null,null,null,null,null,null,"WI031","No"]
[null,null,null,null,"WI","WI071","Grantsburg Housing Authority",null,null,null,null,null,null,null,null,null,null,null,null,null,null,"WI032","No"]
[null,null,null,null,"WI","WI072","Clintonville Housing Authority",null,null,null,null,null,null,null,null,null,null,null,null,null,null,"WI033","No"]
[null,null,null,null,"WI","WI073","Osceola Housing Authority",null,null,null,null,null,null,null,null,null,null,null,null,null,null,"WI034","No"]
[null,null,null,null,"WI","WI074","Green Bay Housing Authority",null,null,null,null,null,null,null,null,null,null,null,null,null,null,"WI037","No"]
[null,null,null,null,"WI","WI075","Pulaski Housing Authority",null,null,null,null,null,null,null,null,null,null,null,null,null,null,"WI038","No"]
[null,null,null,null,"WI","WI076","Watertown Housing Authority",null,null,null,null,null,null,null,null,null,null,null,null,null,null,"WI040","No"]
[null,null,null,null,"WI","WI077","Thorp Housing Authority",null,null,null,null,null,null,null,null,null,null,null,null,null,null,"WI041","No"]
[null,null,null,null,"WI","WI083","West Bend Housing Authority",null,null,null,null,null,null,null,null,null,null,null,null,null,null,"WI042","No"]
[null,null,null,null,"WI","WI085","Antigo Housing Authority",null,null,null,null,null,null,null,null,null,null,null,null,null,null,"WI043","No"]
[null,null,null,null,"WI","WI086","Jefferson Housing Authority",null,null,null,null,null,null,null,null,null,null,null,null,null,null,"WI044","No"]
[null,null,null,null,"WI","WI090","Baraboo Community Development Authority",null,null,null,null,null,null,null,null,null,null,null,null,null,null,"WI045","No"]
[null,null,null,null,"WI","WI093","Sauk City Housing Authority",null,null,null,null,null,null,null,null,null,null,null,null,null,null,"WI046","No"]
[null,null,null,null,"WI","WI096","Tomah Housing Authority",null,null,null,null,null,null,null,null,null,null,null,null,null,null,"WI047","No"]
[null,null,null,null,"WI","WI098","Park Falls Housing Authority",null,null,null,null,null,null,null,null,null,null,null,null,null,null,"WI048","No"]
[null,null,null,null,"WI","WI102","Depere Housing Authority",null,null,null,null,null,null,null,null,null,null,null,null,null,null,"WI049","No"]
[null,null,null,null,"WI","WI111","Ladysmith Housing Authority",null,null,null,null,null,null,null,null,null,null,null,null,null,null,"WI050","No"]
[null,null,null,null,"WI","WI113","OSHKOSH HOUSING AUTHORITY",null,null,null,null,null,null,null,null,null,null,null,null,null,null,"WI051","No"]
[null,null,null,null,"WI","WI117","Westby Housing Authority",null,null,null,null,null,null,null,null,null,null,null,null,null,null,"WI052","No"]
[null,null,null,null,"WI","WI118","Viroqua Housing Authority",null,null,null,null,null,null,null,null,null,null,null,null,null,null,"WI055","No"]
[null,null,null,null,"WI","WI127","Washburn Housing Authority",null,null,null,null,null,null,null,null,null,null,null,null,null,null,"WI056","No"]
[null,null,null,null,"WI","WI129","Peshtigo Housing Authority",null,null,null,null,null,null,null,null,null,null,null,null,null,null,"WI057","No"]
[null,null,null,null,"WI","WI131","Ashland Housing Authority",null,null,null,null,null,null,null,null,null,null,null,null,null,null,"WI058","No"]
[null,null,null,null,"WI","WI139","Shawano County Housing Authority",null,null,null,null,null,null,null,null,null,null,null,null,null,null,"WI059","No"]
[null,null,null,null,"WI","WI142","Waukesha Housing Authority",null,null,null,null,null,null,null,null,null,null,null,null,null,null,"WI060","No"]
[null,null,null,null,"WI","WI158","Boscobel Housing Authority",null,null,null,null,null,null,null,null,null,null,null,null,null,null,"WI061","No"]
[null,null,null,null,"WI","WI166","Trempealeau County Housing Authority",null,null,null,null,null,null,null,null,null,null,null,null,null,null,"WI063","Yes"]
[null,null,null,null,"WI","WI183","Racine County Housing Authority",null,null,null,null,null,null,null,null,null,null,null,null,null,null,"WI064","No"]
[null,null,null,null,"WI","WI193","Eau Claire County Housing Authority",null,null,null,null,null,null,null,null,null,null,null,null,null,null,"WI065","No"]
[null,null,null,null,"WI","WI204","Sauk County Housing Authority",null,null,null,null,null,null,null,null,null,null,null,null,null,null,"WI066","No"]
[null,null,null,null,"WI","WI207","Eau Claire Housing Authority",null,null,null,null,null,null,null,null,null,null,null,null,null,null,"WI067","No"]
[null,null,null,null,"WI","WI213","Winnebago County Housing Authority",null,null,null,null,null,null,null,null,null,null,null,null,null,null,"WI068","No"]
[null,null,null,null,"WI","WI214","Dane County Housing Authority",null,null,null,null,null,null,null,null,null,null,null,null,null,null,"WI069","No"]
[null,null,null,null,"WI","WI221","Lafayette County Housing Authority",null,null,null,null,null,null,null,null,null,null,null,null,null,null,"WI070","No"]
[null,null,null,null,"WI","WI226","Lincoln County Housing Authority",null,null,null,null,null,null,null,null,null,null,null,null,null,null,"WI071","No"]
[null,null,null,null,"WI","WI231","Ashland County Housing Authority",null,null,null,null,null,null,null,null,null,null,null,null,null,null,"WI072","No"]
[null,null,null,null,"WI","WI242","Burnett County Housing Authority",null,null,null,null,null,null,null,null,null,null,null,null,null,null,"WI073","No"]
[null,null,null,null,"WI","WI246","Fond Du Lac County Housing Authority",null,null,null,null,null,null,null,null,null,null,null,null,null,null,"WI074","No"]
[null,null,null,null,"WI","WI247","Slinger Housing Authority",null,null,null,null,null,null,null,null,null,null,null,null,null,null,"WI075","No"]
[null,null,null,null,"WI","WI249","Deforest Housing Authority",null,null,null,null,null,null,null,null,null,null,null,null,null,null,"WI076","No"]
[null,null,null,null,"WI","WI251","Chilton Housing Authority",null,null,null,null,null,null,null,null,null,null,null,null,null,null,"WI077","No"]
[null,null,null,null,"WI","WI253","Lacrosse County Housing Authority",null,null,null,null,null,null,null,null,null,null,null,null,null,null,"WI083","No"]
[null,null,null,null,{"$f":"LEFT(F3075,2)","v":"WV"},"WV001","Charleston-Kanawha Housing Authority",null,null,null,null,null,null,null,null,null,null,null,null,null,null,"WI085","No"]
[null,null,null,null,"WV","WV003","Housing Authority of the City of Wheeling",null,null,null,null,null,null,null,null,null,null,null,null,null,null,"WI086","No"]
[null,null,null,null,"WV","WV004","Housing Authority of the City of Huntington",null,null,null,null,null,null,null,null,null,null,null,null,null,null,"WI090","No"]
[null,null,null,null,"WV","WV005","Housing Authority of the City of Parkersburg",null,null,null,null,null,null,null,null,null,null,null,null,null,null,"WI093","No"]
[null,null,null,null,"WV","WV006","Housing Authority of the City of Martinsburg",null,null,null,null,null,null,null,null,null,null,null,null,null,null,"WI096","No"]
[null,null,null,null,"WV","WV007","Housing Authority of the City of Mount Hope",null,null,null,null,null,null,null,null,null,null,null,null,null,null,"WI098","No"]
[null,null,null,null,"WV","WV008","Housing Authority of the City of Williamson",null,null,null,null,null,null,null,null,null,null,null,null,null,null,"WI102","Yes"]
[null,null,null,null,"WV","WV009","Housing Authority of the City of Fairmont",null,null,null,null,null,null,null,null,null,null,null,null,null,null,"WI111","No"]
[null,null,null,null,"WV","WV010","Housing Authority of the City of Keyser",null,null,null,null,null,null,null,null,null,null,null,null,null,null,"WI113","No"]
[null,null,null,null,"WV","WV011","Housing Authority of the City of Moundsville",null,null,null,null,null,null,null,null,null,null,null,null,null,null,"WI117","No"]
[null,null,null,null,"WV","WV012","Housing Authority of the City of Grafton",null,null,null,null,null,null,null,null,null,null,null,null,null,null,"WI118","No"]
[null,null,null,null,"WV","WV013","Housing Authority of the City of Buckhannon",null,null,null,null,null,null,null,null,null,null,null,null,null,null,"WI127","No"]
[null,null,null,null,"WV","WV014","Housing Authority of the City of Benwood",null,null,null,null,null,null,null,null,null,null,null,null,null,null,"WI129","No"]
[null,null,null,null,"WV","WV015","Housing Authority of the City of Beckley",null,null,null,null,null,null,null,null,null,null,null,null,null,null,"WI131","No"]
[null,null,null,null,"WV","WV016","Housing Authority of the City of Weirton",null,null,null,null,null,null,null,null,null,null,null,null,null,null,"WI139","No"]
[null,null,null,null,"WV","WV017","Housing Authority of the City of Pt. Pleasant",null,null,null,null,null,null,null,null,null,null,null,null,null,null,"WI142","No"]
[null,null,null,null,"WV","WV018","Housing Authority of the City of Bluefield",null,null,null,null,null,null,null,null,null,null,null,null,null,null,"WI158","No"]
[null,null,null,null,"WV","WV020","Housing Authority of the City of Elkins",null,null,null,null,null,null,null,null,null,null,null,null,null,null,"WI166","No"]
[null,null,null,null,"WV","WV021","Housing Authority of the City of St. Albans",null,null,null,null,null,null,null,null,null,null,null,null,null,null,"WI183","No"]
[null,null,null,null,"WV","WV022","Housing Authority of the City of South Charleston",null,null,null,null,null,null,null,null,null,null,null,null,null,null,"WI193","No"]
[null,null,null,null,"WV","WV024","Housing Authority of the City of Dunbar",null,null,null,null,null,null,null,null,null,null,null,null,null,null,"WI204","No"]
[null,null,null,null,"WV","WV026","Housing Authority of the City of Spencer",null,null,null,null,null,null,null,null,null,null,null,null,null,null,"WI207","No"]
[null,null,null,null,"WV","WV027","Housing Authority of the City of Clarksburg",null,null,null,null,null,null,null,null,null,null,null,null,null,null,"WI213","No"]
[null,null,null,null,"WV","WV028","Housing Authority of the City of Weston",null,null,null,null,null,null,null,null,null,null,null,null,null,null,"WI214","No"]
[null,null,null,null,"WV","WV029","Housing Authority of the City of Piedmont",null,null,null,null,null,null,null,null,null,null,null,null,null,null,"WI221","No"]
[null,null,null,null,"WV","WV035","Housing Authority of the County of Jackson",null,null,null,null,null,null,null,null,null,null,null,null,null,null,"WI226","No"]
[null,null,null,null,"WV","WV037","Housing Authority of Mingo County",null,null,null,null,null,null,null,null,null,null,null,null,null,null,"WI231","No"]
[null,null,null,null,"WV","WV039","Housing Authority of Raleigh County",null,null,null,null,null,null,null,null,null,null,null,null,null,null,"WI242","No"]
[null,null,null,null,"WV","WV042","Housing Authority of Boone County",null,null,null,null,null,null,null,null,null,null,null,null,null,null,"WI246","No"]
[null,null,null,null,"WV","WV044","Housing Authority of the City of Romney",null,null,null,null,null,null,null,null,null,null,null,null,null,null,"WI247","No"]
[null,null,null,null,"WY","WY002","Housing Authority of the City of Cheyenne",null,null,null,null,null,null,null,null,null,null,null,null,null,null,"WI249","No"]
[null,null,null,null,"WY","WY003","Rock Springs Housing Authority",null,null,null,null,null,null,null,null,null,null,null,null,null,null,"WI251","Yes"]
[null,null,null,null,"WY","WY004","Housing Authority of the City of Casper",null,null,null,null,null,null,null,null,null,null,null,null,null,null,"WI253","No"]
[null,null,null,null,"WY","WY005","Housing Authority of the Town of Douglas",null,null,null,null,null,null,null,null,null,null,null,null,null,null,"WV001","Yes"]
[null,null,null,null,"WY","WY008","Lusk Housing Authority",null,null,null,null,null,null,null,null,null,null,null,null,null,null,"WV003","No"]
[null,null,null,null,"WY","WY010","Hanna Housing Authority",null,null,null,null,null,null,null,null,null,null,null,null,null,null,"WV004","No"]
[null,null,null,null,"WY","WY013","Evanston Housing Authority",null,null,null,null,null,null,null,null,null,null,null,null,null,null,"WV005","No"]
[null,null,null,null,"WY","WY015","Housing Authority of the City of Buffalo",null,null,null,null,null,null,null,null,null,null,null,null,null,null,"WV006","No"]
[null,null,null,null,"WV","WV027","Housing Authority of the City of Clarksburg",null,null,null,null,null,null,null,null,null,null,null,null,null,null,"WV007","No"]
[null,null,null,null,"WV","WV028","Housing Authority of the City of Weston",null,null,null,null,null,null,null,null,null,null,null,null,null,null,"WV008","No"]
[null,null,null,null,"WV","WV029","Housing Authority of the City of Piedmont",null,null,null,null,null,null,null,null,null,null,null,null,null,null,"WV009","No"]
[null,null,null,null,"WV","WV035","Housing Authority of the County of Jackson",null,null,null,null,null,null,null,null,null,null,null,null,null,null,"WV010","No"]
[null,null,null,null,"WV","WV037","Housing Authority of Mingo County",null,null,null,null,null,null,null,null,null,null,null,null,null,null,"WV011","No"]
[null,null,null,null,"WV","WV039","Housing Authority of Raleigh County",null,null,null,null,null,null,null,null,null,null,null,null,null,null,"WV012","No"]
[null,null,null,null,"WV","WV042","Housing Authority of Boone County",null,null,null,null,null,null,null,null,null,null,null,null,null,null,"WV013","No"]
[null,null,null,null,"WV","WV044","Housing Authority of the City of Romney",null,null,null,null,null,null,null,null,null,null,null,null,null,null,"WV014","No"]
[null,null,null,null,"WY","WY002","Housing Authority of the City of Cheyenne",null,null,null,null,null,null,null,null,null,null,null,null,null,null,"WV015","No"]
[null,null,null,null,"WY","WY003","Rock Springs Housing Authority",null,null,null,null,null,null,null,null,null,null,null,null,null,null,"WV016","No"]
[null,null,null,null,"WY","WY004","Housing Authority of the City of Casper",null,null,null,null,null,null,null,null,null,null,null,null,null,null,"WV017","No"]
[null,null,null,null,"WY","WY005","Housing Authority of the Town of Douglas",null,null,null,null,null,null,null,null,null,null,null,null,null,null,"WV018","No"]
[null,null,null,null,"WY","WY008","Lusk Housing Authority",null,null,null,null,null,null,null,null,null,null,null,null,null,null,"WV020","No"]
[null,null,null,null,"WY","WY010","Hanna Housing Authority",null,null,null,null,null,null,null,null,null,null,null,null,null,null,"WV021","No"]
[null,null,null,null,"WY","WY013","Evanston Housing Authority",null,null,null,null,null,null,null,null,null,null,null,null,null,null,"WV022","No"]
[null,null,null,null,"WY","WY015","Housing Authority of the City of Buffalo",null,null,null,null,null,null,null,null,null,null,null,null,null,null,"WV024","No"]
[null,null,null,null,"WY","WY015","WV027",null,null,null,null,null,null,null,null,null,null,null,null,null,null,"WV026","No"]
[null,null,null,null,"",null,"WV028",null,null,null,null,null,null,null,null,null,null,null,null,null,null,"WV027","No"]
[null,null,null,null,"",null,"WV029",null,null,null,null,null,null,null,null,null,null,null,null,null,null,"WV028","No"]
[null,null,null,null,"",null,"WV035",null,null,null,null,null,null,null,null,null,null,null,null,null,null,"WV029","No"]
[null,null,null,null,"",null,"WV036",null,null,null,null,null,null,null,null,null,null,null,null,null,null,"WV035","No"]
[null,null,null,null,"",null,"WV037",null,null,null,null,null,null,null,null,null,null,null,null,null,null,"WV036","No"]
[null,null,null,null,"",null,"WV039",null,null,null,null,null,null,null,null,null,null,null,null,null,null,"WV037","No"]
[null,null,null,null,"",null,"WV042",null,null,null,null,null,null,null,null,null,null,null,null,null,null,"WV039","No"]
[null,null,null,null,"",null,"WV044",null,null,null,null,null,null,null,null,null,null,null,null,null,null,"WV042","No"]
[null,null,null,null,"",null,"WY002",null,null,null,null,null,null,null,null,null,null,null,null,null,null,"WV044","No"]
[null,null,null,null,{"$f":"LEFT(F3139,2)","v":""},null,"WY003",null,null,null,null,null,null,null,null,null,null,null,null,null,null,"WY002","No"]
[null,null,null,null,"",null,"WY004",null,null,null,null,null,null,null,null,null,null,null,null,null,null,"WY003","No"]
[null,null,null,null,"",null,"WY005",null,null,null,null,null,null,null,null,null,null,null,null,null,null,"WY004","No"]
[null,null,null,null,"",null,"WY008",null,null,null,null,null,null,null,null,null,null,null,null,null,null,"WY005","No"]
[null,null,null,null,"",null,"WY010",null,null,null,null,null,null,null,null,null,null,null,null,null,null,"WY008","No"]
[null,null,null,null,"",null,"WY013",null,null,null,null,null,null,null,null,null,null,null,null,null,null,"WY010","No"]
[null,null,null,null,"",null,"WY015"]

{"sheet":"Sheet2","index":4,"n_rows":0,"n_cols":0,"rows_kept":0,"cut":false,"hidden":true,"merged":[]}

{"sheet":"Blank","index":5,"n_rows":0,"n_cols":0,"rows_kept":0,"cut":false,"hidden":false,"merged":[]}